{"text_format":"2","workbook":"xlsx","n_sheets":11,"sheets":["RESUMO","SINTÉTICO","CURVA ABC","ANALÍTICO","MEMÓRIA DE CÁLCULO","BDI","CPUs","CRONOGRAMA 1","CRONOGRAMA 2","CRONOGRAMA 3","CRONOGRAMA 4"],"not_rendered":{"charts":0,"images":1,"macros":0,"external_links":0,"defined_names":10,"comments":0,"pivot_tables":0},"unopened":[],"bounds":{"document_bytes":16777216,"sheet_cells":100000,"run_cost":"one","rows_first":2000,"rows_last":500,"rows_between":2000,"halvings":0,"cell_chars":16384,"cell_head_chars":4096},"cells_cut":0,"cells_raw":0,"read":"whole","date_system":"1900"}

{"sheet":"RESUMO","index":0,"n_rows":24,"n_cols":15,"rows_kept":24,"cut":false,"hidden":false,"merged":[[1,1,1,13],[2,1,2,13],[4,1,4,13],[22,12,22,13],[9,8,10,9],[9,2,10,7],[9,1,10,1],[13,8,13,9],[22,8,22,9],[13,2,13,7],[22,2,22,7],[10,10,10,11],[10,12,10,13],[13,10,13,11],[22,10,22,11],[16,2,16,7],[16,8,16,9],[11,12,12,13],[11,10,12,11],[16,12,16,13],[11,1,12,1],[11,2,12,7],[11,8,12,9],[13,12,13,13],[14,8,15,9],[14,10,15,11],[9,0,10,0],[11,0,13,0],[23,14,23,15],[23,0,23,13],[20,12,21,13],[10,14,10,15],[20,14,22,15],[20,0,22,0],[20,1,21,1],[20,2,21,7],[20,8,21,9],[20,10,21,11],[17,12,18,13],[14,0,16,0],[14,1,15,1],[14,2,15,7],[6,0,8,15],[9,10,9,15],[11,14,13,15],[14,14,16,15],[17,14,19,15],[14,12,15,13],[19,12,19,13],[16,10,16,11],[17,0,19,0],[17,1,18,1],[17,2,18,7],[17,8,18,9],[17,10,18,11],[19,10,19,11],[19,8,19,9],[19,2,19,7]]}
[]
[null,"Ministério do Desenvolvimento Regional - MDR"]
[null,"Companhia de Desenvolvimento dos Vales do São Francisco e do Parnaíba"]
[]
[null,"RESUMO"]
[]
["OBJETO: FORNECIMENTO, TRANSPORTE, INSTALAÇÃO E HOMOLOGAÇÃO, POR SISTEMA DE REGISTRO DE PREÇOS (SRP), DE SISTEMAS DE GERAÇÃO DE ENERGIA SOLAR FOTOVOLTAICA ON-GRID, DESTINADOS A ATENDER MUNICÍPIOS DA ÁREA DE ATUAÇÃO DA 11ª SUPERINTENDÊNCIA REGIONAL DA CODEVASF NO ESTADO DO AMAPÁ"]
[]
[]
["GRUPO","ITEM","SERVIÇO",{"$nulls":5},"QUANTIDADE",null,"VALORES (R$)"]
[{"$nulls":10},"VALOR UNITÁRIO (R$)",null,"VALOR TOTAL POR ITEM (R$)",null,"VALOR TOTAL POR GRUPO (R$)"]
[1,1,"SISTEMA DE GERAÇÃO FOTOVOLTAICA ON-GRID, COM ESTRUTURA PARA SOLO, COM POTÊNCIA MÍNIMA DE 4,5 KWP",{"$nulls":5},45,null,19000,null,{"$f":"TRUNC(K12*I12,2)","v":855000},null,{"$f":"TRUNC(M12+M14,2)","v":1332743.69}]
[]
[null,2,"SERVIÇOS COMPLEMENTARES AO SISTEMA DE GERAÇÃO DE 4,5 KWP",{"$nulls":5},45,null,{"$f":"TRUNC(SUM(SINTÉTICO!J16:J19),2)","v":10616.51},null,{"$f":"TRUNC(SUM(SINTÉTICO!K16:K19),2)","v":477743.69}]
[2,3,"SISTEMA DE GERAÇÃO FOTOVOLTAICA ON-GRID, COM ESTRUTURA PARA SOLO, COM POTÊNCIA MÍNIMA DE 9,0 KWP",{"$nulls":5},30,null,31622.63,null,{"$f":"TRUNC(I15*K15,2)","v":948678.9},null,{"$f":"TRUNC(M15+M17,2)","v":1345421.43}]
[]
[null,4,"SERVIÇOS COMPLEMENTARES AO SISTEMA DE GERAÇÃO DE 9,0 KWP",{"$nulls":5},30,null,{"$f":"TRUNC(SUM(SINTÉTICO!J25:J28),2)","v":13224.74},null,{"$f":"TRUNC(SUM(SINTÉTICO!K25:K28),2)","v":396742.53}]
[3,5,"SISTEMA DE GERAÇÃO FOTOVOLTAICA ON-GRID, COM ESTRUTURA PARA SOLO, COM POTÊNCIA MÍNIMA DE 13,5 KWP",{"$nulls":5},15,null,47433.94,null,{"$f":"TRUNC(I18*K18,2)","v":711509.1},null,{"$f":"TRUNC(M18+M20,2)","v":937529.99}]
[]
[null,6,"SERVIÇOS COMPLEMENTARES AO SISTEMA DE GERAÇÃO DE 13,5 KWP",{"$nulls":5},15,null,{"$f":"TRUNC(SUM(SINTÉTICO!J34:J37),2)","v":15068.04},null,{"$f":"TRUNC(SUM(SINTÉTICO!K34:K37),2)","v":226020.89}]
[4,7,"SISTEMA DE GERAÇÃO FOTOVOLTAICA ON-GRID, COM ESTRUTURA PARA SOLO, COM POTÊNCIA MÍNIMA DE 18,0 KWP",{"$nulls":5},10,null,60170.36,null,{"$f":"TRUNC(I21*K21,2)","v":601703.6},null,{"$f":"TRUNC(M21+M23,2)","v":769659.17}]
[]
[null,8,"SERVIÇOS COMPLEMENTARES AO SISTEMA DE GERAÇÃO DE 18,0 KWP",{"$nulls":5},10,null,{"$f":"TRUNC(SUM(SINTÉTICO!J43:J46),2)","v":16795.54},null,{"$f":"TRUNC(SUM(SINTÉTICO!K43:K46),2)","v":167955.57}]
["VALOR TOTAL COM BDI",{"$nulls":13},{"$f":"TRUNC(SUM(O12:P23),2)","v":4385354.28}]

{"sheet":"SINTÉTICO","index":1,"n_rows":49,"n_cols":11,"rows_kept":49,"cut":false,"hidden":false,"merged":[[10,6,10,7],[48,9,48,10],[2,3,2,5],[10,0,10,2],[10,4,10,5],[48,0,48,8],[10,8,10,10],[4,0,4,10],[6,0,8,10],[19,0,19,8],[19,9,19,10],[20,0,20,8],[20,9,20,10],[28,0,28,8],[28,9,28,10],[29,0,29,8],[51,0,51,2],[51,5,51,7],[51,8,51,10],[49,0,49,2],[49,5,49,7],[49,8,49,10],[50,0,50,2],[50,5,50,7],[50,8,50,10],[6,15,6,17],[7,15,7,16],[9,0,9,2],[9,4,9,5],[9,8,9,10],[9,6,9,7],[46,0,46,8],[46,9,46,10],[47,0,47,8],[47,9,47,10],[29,9,29,10],[37,0,37,8],[37,9,37,10],[38,0,38,8],[38,9,38,10]]}
[]
[null,null,null,"Ministério do Desenvolvimento Regional - MDR"]
[null,null,null,"Companhia de Desenvolvimento dos Vales do São Francisco e do Parnaíba"]
[]
["ORÇAMENTO SINTÉTICO"]
[]
["OBJETO: FORNECIMENTO, TRANSPORTE, INSTALAÇÃO E HOMOLOGAÇÃO, POR SISTEMA DE REGISTRO DE PREÇOS (SRP), DE SISTEMAS DE GERAÇÃO DE ENERGIA SOLAR FOTOVOLTAICA ON-GRID, DESTINADOS A ATENDER MUNICÍPIOS DA ÁREA DE ATUAÇÃO DA 11ª SUPERINTENDÊNCIA REGIONAL DA CODEVASF NO ESTADO DO AMAPÁ"]
[]
[]
["ENCARGOS SOCIAIS",null,null,"HORISTA","MENSALISTA",null,"BDI",null,"BANCO DE DADOS:"]
["Não Desonerado",null,null,1.1408,0.69,null,0.24199999999999999,null,"SINAPI AP 08/2025 - SBC AP 10/2025"]
["ITEM","CÓDIGO","FONTE","DESCRIÇÃO DOS SERVIÇOS","UND.","QUANT. UNITÁRIA","QUANT. TOTAL","PREÇO UNITÁRIO S/BDI","PREÇO UNITÁRIO C/ BDI","VALOR UNITÁRIO C/BDI","VALOR TOTAL C/ BDI"]
[1,null,null,"SISTEMA DE GERAÇÃO FOTOVOLTAICA ON-GRID, COM ESTRUTURA PARA SOLO, COM POTÊNCIA MÍNIMA DE 4,5 KWP"]
["1.1","-","COTAÇÃO","SISTEMA DE GERAÇÃO DE ENERGIA SOLAR, COM ESTRUTURA PARA SOLO, COM POTÊNCIA MÍNIMA DE 4,5 KWP, SENDO CAPAZ DE GERAR NO MÍNIMO 500 KWH/MÊS POR UM PERÍODO MÍNIMO DE 12 MESES. INCLUINDO FORNECIMENTO, TRANSPORTE, INSTALAÇÃO E HOMOLOGAÇÃO, LOGOMARCA NO MODELO DA CODEVASF, E TODOS OS MATERIAIS E EQUIPAMENTOS NECESSÁRIOS À PERFEITA EXECUÇÃO DOS SERVIÇOS, DESTINADOS A ATENDER TODOS OS MUNICÍPIOS DA ÁREA DE ATUAÇÃO DA 11ª SUPERINTENDÊNCIA REGIONAL DA CODEVASF, NO ESTADO DO AMAPÁ","UND.",1,45,"-",19000,19000,{"$f":"TRUNC(G14*I14,2)","v":855000}]
[2,"  ",null,"SERVIÇOS COMPLEMENTARES AO SISTEMA DE GERAÇÃO DE 4,5 KWP",null,null,null,""]
["2.1","-","CP-01","TRANSPORTE DE MÃO DE OBRA, MATERIAIS E EQUIPAMENTOS PARA EXECUÇÃO DOS SERVIÇOS COMPLEMENTARES","KM",203.97,{"$f":"F16*45","v":9178.65},6.47,{"$f":"TRUNC(((H16*24.2%)+H16),2)","v":8.0299999999999994},{"$f":"TRUNC(F16*I16,2)","v":1637.87},{"$f":"TRUNC(G16*I16,2)","v":73704.55}]
["2.2","-","CP-02","CERCA COM MOURÕES DE CONCRETO, RETO, H=2,30 M, ESPAÇAMENTO DE 2,5 M, CRAVADOS 0,5 M, ESCORAS DE 10 X 10 CM NOS CANTOS, COM 8 FIOS DE ARAME FARPADO Nº 14 CLASSE 250 - FORNECIMENTO E INSTALAÇÃO","M",29.22,{"$f":"F17*45","v":1314.8999999999999},89.14,{"$f":"TRUNC(((H17*24.2%)+H17),2)","v":110.71},{"$f":"TRUNC(F17*I17,2)","v":3234.94},{"$f":"TRUNC(G17*I17,2)","v":145572.57}]
["2.3",100322,"SINAPI","LASTRO COM MATERIAL GRANULAR (PEDRA BRITADA N.3), APLICADO EM PISOS OU LAJES SOBRE SOLO, ESPESSURA DE *10 CM*. AF_01/2024","M³",5.0199999999999996,{"$f":"F18*45","v":225.89999999999998},389.76,484.08,{"$f":"TRUNC(F18*I18,2)","v":2430.08},{"$f":"TRUNC(G18*I18,2)","v":109353.67}]
["2.4",111632,"SBC","PORTAO FERRO ABRIR COM PINTURA EM DUAS FACES","M²",3,{"$f":"F19*45","v":135},889.33,1104.54,{"$f":"TRUNC(F19*I19,2)","v":3313.62},{"$f":"TRUNC(G19*I19,2)","v":149112.9}]
["VALOR UNITÁRIO COM BDI",{"$nulls":8},{"$f":"TRUNC(SUM(J14:J19),2)","v":29616.51}]
["VALOR GLOBAL COM BDI",{"$nulls":8},{"$f":"TRUNC(SUM(K14:K19),2)","v":1332743.69}]
[3,null,null,"SISTEMA DE GERAÇÃO FOTOVOLTAICA ON-GRID, COM ESTRUTURA PARA SOLO, COM POTÊNCIA MÍNIMA DE 9,0 KWP"]
["3.1","-","COTAÇÃO","SISTEMA DE GERAÇÃO DE ENERGIA SOLAR, COM ESTRUTURA PARA SOLO, COM POTÊNCIA MÍNIMA DE 9,0 KWP, SENDO CAPAZ DE GERAR NO MÍNIMO 1000 KWH/MÊS POR UM PERÍODO MÍNIMO DE 12 MESES. INCLUINDO FORNECIMENTO, TRANSPORTE, INSTALAÇÃO E HOMOLOGAÇÃO, LOGOMARCA NO MODELO DA CODEVASF, E TODOS OS MATERIAIS E EQUIPAMENTOS NECESSÁRIOS À PERFEITA EXECUÇÃO DOS SERVIÇOS, DESTINADOS A ATENDER TODOS OS MUNICÍPIOS DA ÁREA DE ATUAÇÃO DA 11ª SUPERINTENDÊNCIA REGIONAL DA CODEVASF, NO ESTADO DO AMAPÁ","UND.",1,30,"-",31622.63,31622.63,{"$f":"TRUNC(G23*I23,2)","v":948678.9}]
[4,"  ",null,"SERVIÇOS COMPLEMENTARES AO SISTEMA DE GERAÇÃO DE 9,0 KWP",null,null,null,""]
["4.1","-","CP-01","TRANSPORTE DE MÃO DE OBRA, MATERIAIS E EQUIPAMENTOS PARA EXECUÇÃO DOS SERVIÇOS COMPLEMENTARES","KM",203.97,{"$f":"F25*30","v":6119.1},6.47,{"$f":"TRUNC(((H25*24.2%)+H25),2)","v":8.0299999999999994},{"$f":"TRUNC(F25*I25,2)","v":1637.87},{"$f":"TRUNC(G25*I25,2)","v":49136.37}]
["4.2","-","CP-02","CERCA COM MOURÕES DE CONCRETO, RETO, H=2,30 M, ESPAÇAMENTO DE 2,5 M, CRAVADOS 0,5 M, ESCORAS DE 10 X 10 CM NOS CANTOS, COM 8 FIOS DE ARAME FARPADO Nº 14 CLASSE 250 - FORNECIMENTO E INSTALAÇÃO","M",38,{"$f":"F26*30","v":1140},89.14,{"$f":"TRUNC(((H26*24.2%)+H26),2)","v":110.71},{"$f":"TRUNC(F26*I26,2)","v":4206.9799999999996},{"$f":"TRUNC(G26*I26,2)","v":126209.4}]
["4.3",100322,"SINAPI","LASTRO COM MATERIAL GRANULAR (PEDRA BRITADA N.3), APLICADO EM PISOS OU LAJES SOBRE SOLO, ESPESSURA DE *10 CM*. AF_01/2024","M³",8.4,252,389.76,484.08,{"$f":"TRUNC(F27*I27,2)","v":4066.27},{"$f":"TRUNC(G27*I27,2)","v":121988.16}]
["4.4",111632,"SBC","PORTAO FERRO ABRIR COM PINTURA EM DUAS FACES","M²",3,90,889.33,1104.54,{"$f":"TRUNC(F28*I28,2)","v":3313.62},{"$f":"TRUNC(G28*I28,2)","v":99408.6}]
["VALOR UNITÁRIO COM BDI",{"$nulls":8},{"$f":"TRUNC(SUM(J23:J28),2)","v":44847.37}]
["VALOR GLOBAL COM BDI",{"$nulls":8},{"$f":"TRUNC(SUM(K23:K28),2)","v":1345421.43}]
[5,null,null,"SISTEMA DE GERAÇÃO FOTOVOLTAICA ON-GRID, COM ESTRUTURA PARA SOLO, COM POTÊNCIA MÍNIMA DE 13,5 KWP"]
["5.1","-","COTAÇÃO","SISTEMA DE GERAÇÃO DE ENERGIA SOLAR, COM ESTRUTURA PARA SOLO, COM POTÊNCIA MÍNIMA DE 13,5 KWP, SENDO CAPAZ DE GERAR NO MÍNIMO 1500 KWH/MÊS POR UM PERÍODO MÍNIMO DE 12 MESES. INCLUINDO FORNECIMENTO, TRANSPORTE, INSTALAÇÃO E HOMOLOGAÇÃO, LOGOMARCA NO MODELO DA CODEVASF, E TODOS OS MATERIAIS E EQUIPAMENTOS NECESSÁRIOS À PERFEITA EXECUÇÃO DOS SERVIÇOS, DESTINADOS A ATENDER TODOS OS MUNICÍPIOS DA ÁREA DE ATUAÇÃO DA 11ª SUPERINTENDÊNCIA REGIONAL DA CODEVASF, NO ESTADO DO AMAPÁ","UND.",1,15,"-",47433.94,47433.94,{"$f":"TRUNC(G32*I32,2)","v":711509.1}]
[6,"  ",null,"SERVIÇOS COMPLEMENTARES AO SISTEMA DE GERAÇÃO DE 13,5 KWP",null,null,null,""]
["6.1","-","CP-01","TRANSPORTE DE MÃO DE OBRA, MATERIAIS E EQUIPAMENTOS PARA EXECUÇÃO DOS SERVIÇOS COMPLEMENTARES","KM",203.97,{"$f":"F34*15","v":3059.55},6.47,{"$f":"TRUNC(((H34*24.2%)+H34),2)","v":8.0299999999999994},{"$f":"TRUNC(F34*I34,2)","v":1637.87},{"$f":"TRUNC(G34*I34,2)","v":24568.18}]
["6.2","-","CP-02","CERCA COM MOURÕES DE CONCRETO, RETO, H=2,30 M, ESPAÇAMENTO DE 2,5 M, CRAVADOS 0,5 M, ESCORAS DE 10 X 10 CM NOS CANTOS, COM 8 FIOS DE ARAME FARPADO Nº 14 CLASSE 250 - FORNECIMENTO E INSTALAÇÃO","M",43.5,{"$f":"F35*15","v":652.5},89.14,{"$f":"TRUNC(((H35*24.2%)+H35),2)","v":110.71},{"$f":"TRUNC(F35*I35,2)","v":4815.88},{"$f":"TRUNC(G35*I35,2)","v":72238.27}]
["6.3",100322,"SINAPI","LASTRO COM MATERIAL GRANULAR (PEDRA BRITADA N.3), APLICADO EM PISOS OU LAJES SOBRE SOLO, ESPESSURA DE *10 CM*. AF_01/2024","M³",10.95,164.25,389.76,484.08,{"$f":"TRUNC(F36*I36,2)","v":5300.67},{"$f":"TRUNC(G36*I36,2)","v":79510.14}]
["6.4",111632,"SBC","PORTAO FERRO ABRIR COM PINTURA EM DUAS FACES","M²",3,45,889.33,1104.54,{"$f":"TRUNC(F37*I37,2)","v":3313.62},{"$f":"TRUNC(G37*I37,2)","v":49704.3}]
["VALOR UNITÁRIO COM BDI",{"$nulls":8},{"$f":"TRUNC(SUM(J32:J37),2)","v":62501.98}]
["VALOR GLOBAL COM BDI",{"$nulls":8},{"$f":"TRUNC(SUM(K32:K37),2)","v":937529.99}]
[7,null,null,"SISTEMA DE GERAÇÃO FOTOVOLTAICA ON-GRID, COM ESTRUTURA PARA SOLO, COM POTÊNCIA MÍNIMA DE 18,0 KWP"]
["7.1","-","COTAÇÃO","SISTEMA DE GERAÇÃO DE ENERGIA SOLAR, COM ESTRUTURA PARA SOLO, COM POTÊNCIA MÍNIMA DE 18,0 KWP, SENDO CAPAZ DE GERAR NO MÍNIMO 2000 KWH/MÊS POR UM PERÍODO MÍNIMO DE 12 MESES. INCLUINDO FORNECIMENTO, TRANSPORTE, INSTALAÇÃO E HOMOLOGAÇÃO, LOGOMARCA NO MODELO DA CODEVASF, E TODOS OS MATERIAIS E EQUIPAMENTOS NECESSÁRIOS À PERFEITA EXECUÇÃO DOS SERVIÇOS, DESTINADOS A ATENDER TODOS OS MUNICÍPIOS DA ÁREA DE ATUAÇÃO DA 11ª SUPERINTENDÊNCIA REGIONAL DA CODEVASF, NO ESTADO DO AMAPÁ","UND.",1,10,"-",60170.36,60170.36,{"$f":"TRUNC(G41*I41,2)","v":601703.6}]
[8,"  ",null,"SERVIÇOS COMPLEMENTARES AO SISTEMA DE GERAÇÃO DE 18,0 KWP",null,null,null,""]
["8.1","-","CP-01","TRANSPORTE DE MÃO DE OBRA, MATERIAIS E EQUIPAMENTOS PARA EXECUÇÃO DOS SERVIÇOS COMPLEMENTARES","KM",203.97,{"$f":"F43*10","v":2039.7},6.47,{"$f":"TRUNC(((H43*24.2%)+H43),2)","v":8.0299999999999994},{"$f":"TRUNC(F43*I43,2)","v":1637.87},{"$f":"TRUNC(G43*I43,2)","v":16378.79}]
["8.2","-","CP-02","CERCA COM MOURÕES DE CONCRETO, RETO, H=2,30 M, ESPAÇAMENTO DE 2,5 M, CRAVADOS 0,5 M, ESCORAS DE 10 X 10 CM NOS CANTOS, COM 8 FIOS DE ARAME FARPADO Nº 14 CLASSE 250 - FORNECIMENTO E INSTALAÇÃO","M",48.26,{"$f":"F44*10","v":482.59999999999997},89.14,{"$f":"TRUNC(((H44*24.2%)+H44),2)","v":110.71},{"$f":"TRUNC(F44*I44,2)","v":5342.86},{"$f":"TRUNC(G44*I44,2)","v":53428.639999999999}]
["8.3",100322,"SINAPI","LASTRO COM MATERIAL GRANULAR (PEDRA BRITADA N.3), APLICADO EM PISOS OU LAJES SOBRE SOLO, ESPESSURA DE *10 CM*. AF_01/2024","M³",13.43,134.30000000000001,389.76,484.08,{"$f":"TRUNC(F45*I45,2)","v":6501.19},{"$f":"TRUNC(G45*I45,2)","v":65011.94}]
["8.4",111632,"SBC","PORTAO FERRO ABRIR COM PINTURA EM DUAS FACES","M²",3,30,889.33,1104.54,{"$f":"TRUNC(F46*I46,2)","v":3313.62},{"$f":"TRUNC(G46*I46,2)","v":33136.199999999997}]
["VALOR UNITÁRIO COM BDI",{"$nulls":8},{"$f":"TRUNC(SUM(J41:J46),2)","v":76965.899999999994}]
["VALOR GLOBAL COM BDI",{"$nulls":8},{"$f":"TRUNC(SUM(K41:K46),2)","v":769659.17}]
["VALOR GLOBAL TOTAL COM BDI",{"$nulls":8},{"$f":"TRUNC((J21+J30+J39+J48),2)","v":4385354.28}]

{"sheet":"CURVA ABC","index":2,"n_rows":248,"n_cols":11,"rows_kept":248,"cut":false,"hidden":true,"merged":[[250,0,250,2],[250,5,250,6],[250,7,250,8],[247,0,247,7],[248,0,248,2],[248,5,248,6],[248,7,248,8],[249,0,249,2],[249,5,249,6],[249,7,249,8]]}
["ITEM","CÓDIGO","FONTE","DESCRIÇÃO DOS SERVIÇOS","UND.","QUANT.","PREÇO UNITÁRIO S/BDI","PREÇO UNITÁRIO C/ BDI","PREÇO TOTAL C/ BDI","PORCENTAGEM INDIVIDUAL"]
["7.6.1","104314","SINAPI","TRAMA DE AÇO COMPOSTA POR TERÇAS PARA TELHADOS DE ATÉ 2 ÁGUAS PARA TELHA ONDULADA DE FIBROCIMENTO, METÁLICA, PLÁSTICA OU TERMOACÚSTICA, INCLUSO TRANSPORTE VERTICAL (EM KG). AF_07/2019","KG",16805.580000000002,10.75,{"$f":"(G2*26.24%)+G2","v":13.5708},{"$f":"ROUND(F2*H2,2)","v":228065.17},{"$f":"I2/$I$248","v":8.3198874217725418}]
["7.5.6","101747","SINAPI","PISO EM CONCRETO 20 MPA PREPARO MECÂNICO, ESPESSURA 7CM. AF_09/2020","M2",619,118.47,149.55652799999999,92575.49,3.377182297566216]
["10.6",94213,"SINAPI","TELHAMENTO COM TELHA DE AÇO/ALUMÍNIO E = 0,5 MM, COM ATÉ 2 ÁGUAS, INCLUSO IÇAMENTO. AF_07/2019","M2",{"$f":"0.72+562.5+187.5","v":750.72},65.010000000000005,82.068624,61610.559999999998,2.2475721443671666,1526415.75]
["12.2","87535","SINAPI","EMBOÇO, EM ARGAMASSA TRAÇO 1:2:8, PREPARO MECÂNICO, APLICADO MANUALMENTE EM PAREDES INTERNAS DE AMBIENTES COM ÁREA MAIOR QUE 10M², E = 17,5MM, COM TALISCAS. AF_03/2024","M2",1032.57,35.39,44.676335999999999,46131.44,1.6828890943946184,{"$f":"K4-#REF!","v":{"$error":"#REF!"}}]
["13.3","87632","SINAPI","CONTRAPISO EM ARGAMASSA TRAÇO 1:4 (CIMENTO E AREIA), PREPARO MANUAL, APLICADO EM ÁREAS SECAS SOBRE LAJE, ADERIDO, ACABAMENTO NÃO REFORÇADO, ESPESSURA 3CM. AF_07/2021","M2",619,54.78,69.154271999999992,42806.49,1.5615938975742418]
["4.3",90777,"SINAPI","ENGENHEIRO CIVIL DE OBRA JUNIOR COM ENCARGOS COMPLEMENTARES","H",240,136.41,172.20398399999999,41328.959999999999,1.5076931495455463]
["10.5",170099,"SBC","CANTONEIRA (ABAS IGUAIS) EM FERRO GALVANIZADO, 50,8mmx9,53mm","M",298,102.71,129.66110399999999,38639.01,1.4095629476817677]
["4.2",93572,"SINAPI","ENCARREGADO GERAL DE OBRAS COM ENCARGOS COMPLEMENTARES","MÊS",{"$f":"3*2","v":6},5045.37,6369.2750879999994,38215.65,1.3941186449025154]
["8.3.1","102253","SINAPI","DIVISORIA SANITÁRIA, TIPO CABINE, EM GRANITO CINZA POLIDO, ESP = 3CM, ASSENTADO COM ARGAMASSA COLANTE AC III-E, EXCLUSIVE FERRAGENS. AF_01/2021","M2",25.43,1160.01,1464.396624,37239.61,1.358512406040409]
["21.3","96974","SINAPI","CORDOALHA DE COBRE NU 50 MM², NÃO ENTERRADA, COM ISOLADOR - FORNECIMENTO E INSTALAÇÃO. AF_08/2023","M",255,102.71,129.66110399999999,33063.58,1.2061695495229288]
["12.3","87543","SINAPI","MASSA ÚNICA, EM ARGAMASSA INDUSTRIALIZADA, PREPARO MECÂNICO, APLICADA COM EQUIPAMENTO DE MISTURA E PROJEÇÃO DE ARGAMASSA EM PAREDES INTERNAS, E = 5MM, SEM TALISCAS. AF_03/2024","M2",897.78,28.8,36.357120000000002,32640.7,1.1907427572910452]
["4.1",93563,"SINAPI","ALMOXARIFE COM ENCARGOS COMPLEMENTARES","MÊS",{"$f":"3*2","v":6},4284.8500000000004,5409.1946400000006,32455.17,1.1839745659299468]
["8.2.1","103322","SINAPI","ALVENARIA DE VEDAÇÃO DE BLOCOS CERÂMICOS FURADOS NA VERTICAL DE 9X19X39 CM (ESPESSURA 9 CM) E ARGAMASSA DE ASSENTAMENTO COM PREPARO EM BETONEIRA. AF_12/2021","M2",395.31,63.46,80.111903999999996,31669.040000000001,1.1552963021736791]
["6.1.1","100896","SINAPI","ESTACA ESCAVADA MECANICAMENTE, SEM FLUIDO ESTABILIZANTE, COM 25CM DE DIÂMETRO, CONCRETO LANÇADO POR CAMINHÃO BETONEIRA (EXCLUSIVE MOBILIZAÇÃO E DESMOBILIZAÇÃO). AF_01/2020_PA","M",270,82.84,104.57721599999999,28235.85,1.0300524769216457]
["3.10","*","SICRO3","MOBILIZAÇÃO E DESMOBILIZAÇÃO","KM",{"$f":"(101+36.1+23.5/3)+1","v":145.93333333333334},{"$f":"CPUs!#REF!","v":{"$error":"#REF!"}},{"$error":"#REF!"},{"$error":"#REF!"},{"$error":"#REF!"},{"$f":"2*5*4*6","v":240}]
["8.1.1","101161","SINAPI","ALVENARIA DE VEDAÇÃO COM ELEMENTO VAZADO DE CONCRETO (COBOGÓ) DE 7X50X50CM E ARGAMASSA DE ASSENTAMENTO COM PREPARO EM BETONEIRA. AF_05/2020","M2",84.2,247.42,312.34300799999994,26299.279999999999,0.95940580875928638]
["6.1.9","96557","SINAPI","CONCRETAGEM DE BLOCO DE COROAMENTO OU VIGA BALDRAME, FCK 30 MPA, COM USO DE BOMBA - LANÇAMENTO, ADENSAMENTO E ACABAMENTO. AF_01/2024","M3",16.96,1177.6500000000001,1486.66536,25213.84,0.91980862430938215]
["20.4.5","92988","SINAPI","CABO DE COBRE FLEXÍVEL ISOLADO, 50 MM², ANTI-CHAMA 0,6/1,0 KV, PARA REDE ENTERRADA DE DISTRIBUIÇÃO DE ENERGIA ELÉTRICA - FORNECIMENTO E INSTALAÇÃO. AF_12/2021","M",231.5,67.7,85.464480000000009,19785.03,0.72176396876556104]
["7.5.3","96622","SINAPI","LASTRO COM MATERIAL GRANULAR, APLICADO EM PISOS OU LAJES SOBRE SOLO, ESPESSURA DE *5 CM*. AF_01/2024","M3",30.95,483.3,610.11792000000003,18883.150000000001,0.6888631094719293]
["7.4.1","101964","SINAPI","LAJE PRÉ-MOLDADA UNIDIRECIONAL, BIAPOIADA, PARA FORRO, ENCHIMENTO EM CERÂMICA, VIGOTA CONVENCIONAL, ALTURA TOTAL DA LAJE (ENCHIMENTO+CAPA) = (8+3). AF_11/2020_PA","M2",80.739999999999995,181.81,229.516944,18531.2,0.67602386541685133]
["14.7",102491,"SINAPI","PINTURA DE PISO COM TINTA ACRÍLICA, APLICAÇÃO MANUAL, 2 DEMÃOS, INCLUSO FUNDO PREPARADOR. AF_05/2021","M2",659.8,21.04,26.560896,17524.88,0.639313002858232]
["7.1.6","103672","SINAPI","CONCRETAGEM DE PILARES, FCK = 25 MPA, COM USO DE BOMBA - LANÇAMENTO, ADENSAMENTO E ACABAMENTO. AF_02/2022_PS","M3",12.92,1047.5999999999999,1322.4902399999999,17086.57,0.62332331948905673]
["14.5",100739,"SINAPI","PINTURA COM TINTA ALQUÍDICA DE ACABAMENTO (ESMALTE SINTÉTICO ACETINADO) PULVERIZADA SOBRE PERFIL METÁLICO EXECUTADO EM FÁBRICA (POR DEMÃO). AF_01/2020_PE","M2",{"$f":"712.79+187.5+19.32+16.44+562.5","v":1498.5500000000002},8.65,10.91976,16363.81,0.5969568127885363]
["7.5.5","97088","SINAPI","ARMAÇÃO PARA EXECUÇÃO DE RADIER, PISO DE CONCRETO OU LAJE SOBRE SOLO, COM USO DE TELA Q-92. AF_09/2021","KG",916.12,13.72,17.320128,15867.32,0.57884470515703856]
["14.4",88489,"SINAPI","PINTURA LÁTEX ACRÍLICA PREMIUM, APLICAÇÃO MANUAL EM PAREDES, DUAS DEMÃOS. AF_04/2023","M2",{"$f":"445.41+307.09+145.28","v":897.78},13.59,17.156016000000001,15402.33,0.561881727196616]
["1.1",90778,"SINAPI","ENGENHEIRO CIVIL DE OBRA PLENO COM ENCARGOS COMPLEMENTARES","H",{"$f":"32*2.5","v":80},143.07,180.61156799999998,14448.93,0.52710140248540327]
["14.6","100724","SINAPI","PINTURA COM TINTA ALQUÍDICA DE FUNDO E ACABAMENTO (ESMALTE SINTÉTICO GRAFITE) APLICADA A ROLO OU PINCEL SOBRE PERFIL METÁLICO EXECUTADO EM FÁBRICA (POR DEMÃO). AF_01/2020","M2",921.8,11.99,15.136175999999999,13952.53,0.50899257808153708]
["12.5",104615,"SINAPI","REVESTIMENTO CERÂMICO PARA PAREDES INTERNAS COM PLACAS TIPO PASTILHA DE DIMENSÕES 5 X 5 CM (PLACAS DE 30 X 30 CM) CM APLICADAS NA ALTURA INTEIRA DAS PAREDES. AF_02/2023","M2",{"$f":"12.02+11.45+7.8","v":31.27},344.28,434.61907199999996,13590.54,0.49578707174399578]
["7.2.7","103675","SINAPI","CONCRETAGEM DE VIGAS E LAJES, FCK=25 MPA, PARA LAJES MACIÇAS OU NERVURADAS COM USO DE BOMBA - LANÇAMENTO, ADENSAMENTO E ACABAMENTO. AF_02/2022_PS","M3",10.14,1048.7,1323.87888,13424.13,0.48971638385308641]
["7.1.1","92443","SINAPI","MONTAGEM E DESMONTAGEM DE FÔRMA DE PILARES RETANGULARES E ESTRUTURAS SIMILARES, PÉ-DIREITO SIMPLES, EM CHAPA DE MADEIRA COMPENSADA PLASTIFICADA, 18 UTILIZAÇÕES. AF_09/2020","M2",182.4,55.14,69.608735999999993,12696.63,0.46317696049729945]
["7.2.1","92443","SINAPI","MONTAGEM E DESMONTAGEM DE FÔRMA DE PILARES RETANGULARES E ESTRUTURAS SIMILARES, PÉ-DIREITO SIMPLES, EM CHAPA DE MADEIRA COMPENSADA PLASTIFICADA, 18 UTILIZAÇÕES. AF_09/2020","M2",169.88,55.14,69.608735999999993,11825.13,0.4313843729308825]
["9.3.1",91341,"SINAPI","PORTA EM ALUMÍNIO DE ABRIR TIPO VENEZIANA COM GUARNIÇÃO, FIXAÇÃO COM PARAFUSOS - FORNECIMENTO E INSTALAÇÃO. AF_12/2019","M2",{"$f":"6.6+6.93+0.75","v":14.28},652.20000000000005,823.33728000000008,11757.26,0.42890845449355297]
["13.1","87769","SINAPI","CONTRAPISO EM ARGAMASSA PRONTA, PREPARO MANUAL, APLICADO EM ÁREAS MOLHADAS SOBRE IMPERMEABILIZAÇÃO, ACABAMENTO NÃO REFORÇADO, ESPESSURA 4CM. AF_07/2021","M2",55.45,164.69,207.90465599999999,11528.31,{"$f":"I34/$I$248","v":0.42055628820172142}]
["11.1",98557,"SINAPI","IMPERMEABILIZAÇÃO DE SUPERFÍCIE COM EMULSÃO ASFÁLTICA, 2 DEMÃOS. AF_09/2023","M2",{"$f":"75.2+65.31+28.28","v":168.79},53.66,67.740383999999992,11433.9,0.41711218241612713]
["12.6",12816,"ORSE","Placa cimentícia e =10mm, para fechamento da fachada (1 lado/face), juntas aparentes, fixada em estrutura metalica, exclusive esta (fornecimento e assentamento)","M2",83.5,106.8,134.82432,11257.83,0.41068909475942145]
["3.5","99059","SINAPI","LOCAÇÃO CONVENCIONAL DE OBRA, UTILIZANDO GABARITO DE TÁBUAS CORRIDAS PONTALETADAS A CADA 2,00M - 2 UTILIZAÇÕES. AF_03/2024","M",146,59.72,75.390527999999989,11007.02,0.40153946895617071]
["12.4","87273","SINAPI","REVESTIMENTO CERÂMICO PARA PAREDES INTERNAS COM PLACAS TIPO ESMALTADA EXTRA DE DIMENSÕES 33X45 CM APLICADAS NA ALTURA INTEIRA DAS PAREDES. AF_02/2023_PE","M2",103.52,77.95,98.404079999999993,10186.790000000001,0.37161722673058017]
["20.3.1","91834","SINAPI","ELETRODUTO FLEXÍVEL CORRUGADO, PVC, DN 25 MM (3/4\"), PARA CIRCUITOS TERMINAIS, INSTALADO EM FORRO - FORNECIMENTO E INSTALAÇÃO. AF_03/2023_PA","M",370.4,20.91,26.396784,9777.3700000000008,0.35668145943116258]
["2.3","32.02.01","EMBASA","SONDAGEM A PERCUSSÃO","M",90,85,107.304,9657.36,0.35230345778590072]
["6.2.8","96557","SINAPI","CONCRETAGEM DE BLOCO DE COROAMENTO OU VIGA BALDRAME, FCK 30 MPA, COM USO DE BOMBA - LANÇAMENTO, ADENSAMENTO E ACABAMENTO. AF_01/2024","M3",6.43,1177.6500000000001,1486.66536,9559.26,0.34872473966740902]
["16.2.1","97907","SINAPI","CAIXA ENTERRADA HIDRÁULICA RETANGULAR, EM ALVENARIA COM BLOCOS DE CONCRETO, DIMENSÕES INTERNAS: 0,8X0,8X0,6 M PARA REDE DE ESGOTO. AF_12/2020","UN",10,718.55,907.09751999999992,9070.98,0.33091213535653113]
["3.8",10778,"SINAPI","LOCACAO DE CONTAINER 2,30 X 6,00 M, ALT. 2,50 M, PARA SANITARIO, COM 4 BACIAS, 8 CHUVEIROS,1 LAVATORIO E 1 MICTORIO (NAO INCLUI MOBILIZACAO/DESMOBILIZACAO)","MÊS",6,1129.3699999999999,1425.7166879999997,8554.2999999999993,0.31206349032633451]
["6.1.3","96534","SINAPI","FABRICAÇÃO, MONTAGEM E DESMONTAGEM DE FÔRMA PARA BLOCO DE COROAMENTO, EM MADEIRA SERRADA, E=25 MM, 4 UTILIZAÇÕES. AF_01/2024","M2",78.260000000000005,79.27,100.070448,7831.51,0.2856958892166036]
["3.6",10775,"SINAPI","LOCACAO DE CONTAINER 2,30 X 6,00 M, ALT. 2,50 M, COM 1 SANITARIO, PARA ESCRITORIO, COMPLETO, SEM DIVISORIAS INTERNAS (NAO INCLUI MOBILIZACAO/DESMOBILIZACAO)","MÊS",6,903.5,1140.5783999999999,6843.47,0.24965188667027821]
["20.4.1","91926","SINAPI","CABO DE COBRE FLEXÍVEL ISOLADO, 2,5 MM², ANTI-CHAMA 450/750 V, PARA CIRCUITOS TERMINAIS - FORNECIMENTO E INSTALAÇÃO. AF_03/2023","M",1072.5,5.03,6.3498720000000004,6810.24,0.24843964606806127]
["7.1.3","92762","SINAPI","ARMAÇÃO DE PILAR OU VIGA DE ESTRUTURA CONVENCIONAL DE CONCRETO ARMADO UTILIZANDO AÇO CA-50 DE 10,0 MM - MONTAGEM. AF_06/2022","KG",406.18,13.21,16.676304000000002,6773.58,0.24710227801277174]
["6.2.2","96616","SINAPI","LASTRO DE CONCRETO MAGRO, APLICADO EM BLOCOS DE COROAMENTO OU SAPATAS. AF_01/2024","M3",4.93,1081.44,1365.2098559999999,6730.48,0.24552997678028454]
["7.1.4","92763","SINAPI","ARMAÇÃO DE PILAR OU VIGA DE ESTRUTURA CONVENCIONAL DE CONCRETO ARMADO UTILIZANDO AÇO CA-50 DE 12,5 MM - MONTAGEM. AF_06/2022","KG",472.41,11.18,14.113631999999999,6667.42,0.24322952861971284]
["10.1","94449","SINAPI","TELHAMENTO COM TELHA ONDULADA DE FIBRA DE VIDRO E = 0,6 MM, PARA TELHADO COM INCLINAÇÃO MAIOR QUE 10°, COM ATÉ 2 ÁGUAS, INCLUSO IÇAMENTO. AF_07/2019","M2",78.42,66.38,83.798111999999989,6571.45,0.23972851355517005]
["6.2.3","96536","SINAPI","FABRICAÇÃO, MONTAGEM E DESMONTAGEM DE FÔRMA PARA VIGA BALDRAME, EM MADEIRA SERRADA, E=25 MM, 4 UTILIZAÇÕES. AF_01/2024","M2",75.2,69.05,87.168719999999993,6555.09,0.23913169573235127]
["12.1","87879","SINAPI","CHAPISCO APLICADO EM ALVENARIAS E ESTRUTURAS DE CONCRETO INTERNAS, COM COLHER DE PEDREIRO. ARGAMASSA TRAÇO 1:3 COM PREPARO EM BETONEIRA 400L. AF_10/2022","M2",1032.57,5,6.3119999999999994,6517.58,0.23776331941609619]
["3.2","98459","SINAPI","TAPUME COM TELHA METÁLICA. AF_03/2024","M2",57.2,86.61,109.33646399999999,6254.05,0.22814966410757312]
["10.3","94229","SINAPI","CALHA EM CHAPA DE AÇO GALVANIZADO NÚMERO 24, DESENVOLVIMENTO DE 100 CM, INCLUSO TRANSPORTE VERTICAL. AF_07/2019","M",30.92,157.04,198.24729599999998,6129.81,0.22361735076362402]
["9.4.1",94569,"SINAPI","JANELA DE ALUMÍNIO TIPO MAXIM-AR, BATENTE/ REQUADRO 3 A 14 CM, VIDRO INCLUSO, FIXAÇÃO COM PARAFUSO, SEM GUARNIÇÃO/ ALIZAR, DIMENSÕES 60X80 (A X L) CM, SEM ACABAMENTO, VEDAÇÃO COM SILICONE, EXCLUSIVE CONTRAMARCO - FORNECIMENTO E INSTALAÇÃO. AF_11/2024","M2",6.48,662.11,835.84766400000001,5416.29,0.19758792209995238]
["3.7",10776,"SINAPI","LOCACAO DE CONTAINER 2,30 X 6,00 M, ALT. 2,50 M, PARA ESCRITORIO, SEM DIVISORIAS INTERNAS E SEM SANITARIO (NAO INCLUI MOBILIZACAO/DESMOBILIZACAO)","MÊS",6,705.85,891.06503999999995,5346.39,0.19503794863937574]
["2.1",2708,"SINAPI","ENGENHEIRO CIVIL DE OBRA SENIOR (HORISTA)","H",{"$f":"5*5","v":25},165.73,209.21755199999998,5230.4399999999996,0.19080805704060802]
["18.11","100867","SINAPI","BARRA DE APOIO RETA, EM ACO INOX POLIDO, COMPRIMENTO 70 CM, FIXADA NA PAREDE - FORNECIMENTO E INSTALAÇÃO. AF_01/2020","UN",10,407.93,514.97083199999997,5149.71,0.18786300185502358]
["13.4","87251","SINAPI","REVESTIMENTO CERÂMICO PARA PISO COM PLACAS TIPO ESMALTADA DE DIMENSÕES 45X45 CM APLICADA EM AMBIENTES DE ÁREA MAIOR QUE 10 M2. AF_02/2023_PE","M2",61.95,64.59,81.538415999999998,5051.3,0.18427297484135624]
["15.39","102610","SINAPI","CAIXA D´ÁGUA EM POLIETILENO, 3000 LITROS - FORNECIMENTO E INSTALAÇÃO. AF_06/2021","UN",2,1982.22,2502.3545279999998,5004.71,0.18257335733737534]
["6.1.5","96545","SINAPI","ARMAÇÃO DE BLOCO UTILIZANDO AÇO CA-50 DE 8 MM - MONTAGEM. AF_01/2024","KG",216.63,18.3,23.10192,5004.57,0.18256825009439276]
["3.4",12075,"SBC","INSTALACAO PROVISORIA DE AGUA E ESGOTO","PT",1,3612.94,4560.9754560000001,4560.9799999999996,0.1663859507041611]
["5.2","96525","SINAPI","ESCAVAÇÃO MECANIZADA PARA VIGA BALDRAME OU SAPATA CORRIDA COM MINI-ESCAVADEIRA (INCLUINDO ESCAVAÇÃO PARA COLOCAÇÃO DE FÔRMAS). AF_01/2024","M3",66.28,53.74,67.841375999999997,4496.53,0.16403479491683398]
["7.1.5","92759","SINAPI","ARMAÇÃO DE PILAR OU VIGA DE ESTRUTURA CONVENCIONAL DE CONCRETO ARMADO UTILIZANDO AÇO CA-60 DE 5,0 MM - MONTAGEM. AF_06/2022","KG",211.61,16.010000000000002,20.211024000000002,4276.8500000000004,0.15602080107106181]
["20.3.3","93011","SINAPI","ELETRODUTO RÍGIDO ROSCÁVEL, PVC, DN 85 MM (3\"), PARA REDE ENTERRADA DE DISTRIBUIÇÃO DE ENERGIA ELÉTRICA - FORNECIMENTO E INSTALAÇÃO. AF_12/2021","M",60,55.54,70.113696000000004,4206.82,0.15346608517057278]
["22.1",11795,"SINAPI","GRANITO PARA BANCADA, POLIDO, TIPO ANDORINHA/ QUARTZ/ CASTELO/ CORUMBA OU OUTROS EQUIVALENTES DA REGIAO, E= *2,5* CM","M2",3.79,875.47,{"$f":"(G66*26.24%)+G66","v":1105.1933280000001},{"$f":"ROUND(F66*H66,2)","v":4188.68},{"$f":"I66/$I$248","v":0.15280433240126148}]
["20.4.3","91930","SINAPI","CABO DE COBRE FLEXÍVEL ISOLADO, 6 MM², ANTI-CHAMA 450/750 V, PARA CIRCUITOS TERMINAIS - FORNECIMENTO E INSTALAÇÃO. AF_03/2023","M",286.75,10.94,13.810655999999998,3960.21,0.14446967665679872]
["7.2.4","92762","SINAPI","ARMAÇÃO DE PILAR OU VIGA DE ESTRUTURA CONVENCIONAL DE CONCRETO ARMADO UTILIZANDO AÇO CA-50 DE 10,0 MM - MONTAGEM. AF_06/2022","KG",233.64,13.21,16.676304000000002,3896.25,0.14213639621991056]
["6.1.6","96546","SINAPI","ARMAÇÃO DE BLOCO UTILIZANDO AÇO CA-50 DE 10 MM - MONTAGEM. AF_01/2024","KG",190.34,16.14,20.375136000000001,3878.2,0.14147792667823089]
["3.1","103689","SINAPI","FORNECIMENTO E INSTALAÇÃO DE PLACA DE OBRA COM CHAPA GALVANIZADA E ESTRUTURA DE MADEIRA. AF_03/2022_PS","M2",6.48,461.96,583.17830399999991,3779,0.13785908022201912]
["22.3","CPU 01","SINAPI","BANCO EM ALVENARIA REVESTIDO EM CERÂMICA","M",4,{"$f":"CPUs!I20","v":6.47},8.1677280000000003,32.67,1.1918116302866804E-3]
["22.6",12628,"ORSE","Mastro triplo em tubo ferro galvanizado, alt (útil)= 6m (3,80m x 2\" + 2,20m x1 1/2\"), inclusive base de concreto ciclópico - Rev 01","UN",1,2958,3734.1792,3734.18,0.13622403286146054]
["18.13","100875","SINAPI","BANCO ARTICULADO, EM ACO INOX, PARA PCD, FIXADO NA PAREDE - FORNECIMENTO E INSTALAÇÃO. AF_01/2020","UN",2,1379.72,1741.7585280000001,3483.52,0.12707987910426252]
["18.18",102147,"SINAPI","ESPELHO CRISTAL, ESPESSURA 4 MM, SEM MOLDURA, ADERIDO COM ADESIVO FIXA-ESPELHO. AF_01/2021","M2",3.05,868.57,1096.4827680000001,3344.27,0.12199999635196929]
["7.2.3","92761","SINAPI","ARMAÇÃO DE PILAR OU VIGA DE ESTRUTURA CONVENCIONAL DE CONCRETO ARMADO UTILIZANDO AÇO CA-50 DE 8,0 MM - MONTAGEM. AF_06/2022","KG",163.81,14.68,18.532032000000001,3035.73,0.11074436242455415]
["7.1.2","92760","SINAPI","ARMAÇÃO DE PILAR OU VIGA DE ESTRUTURA CONVENCIONAL DE CONCRETO ARMADO UTILIZANDO AÇO CA-50 DE 6,3 MM - MONTAGEM. AF_06/2022","KG",155.59,15.43,19.478831999999997,3030.71,0.11056123128332247]
["9.1.1",90823,"SINAPI","PORTA DE MADEIRA PARA PINTURA, SEMI-OCA (LEVE OU MÉDIA), 90X210CM, ESPESSURA DE 3,5CM, INCLUSO DOBRADIÇAS - FORNECIMENTO E INSTALAÇÃO. AF_12/2019","UN",5,450.61,568.85006399999997,2844.25,0.103759113236697]
["17.26","101807","SINAPI","CAIXA ENTERRADA DISTRIBUIDORA DE VAZÃO (SUMIDOUROS MÚLTIPLOS), RETANGULAR, EM ALVENARIA COM BLOCOS DE CONCRETO, DIMENSÕES INTERNAS: 0,60 X 0,60 X H=0,50 M. AF_12/2020","UN",4,558.46,704.99990400000002,2820,0.1028744657915041]
["6.2.6","104919","SINAPI","ARMAÇÃO DE SAPATA ISOLADA, VIGA BALDRAME E SAPATA CORRIDA UTILIZANDO AÇO CA-50 DE 10 MM - MONTAGEM. AF_01/2024","KG",144.44999999999999,14.87,18.771887999999997,2711.6,9.892000051072429E-2]
["7.2.6","92759","SINAPI","ARMAÇÃO DE PILAR OU VIGA DE ESTRUTURA CONVENCIONAL DE CONCRETO ARMADO UTILIZANDO AÇO CA-60 DE 5,0 MM - MONTAGEM. AF_06/2022","KG",132.78,16.010000000000002,20.211024000000002,2683.62,9.7899281520353265E-2]
["3.3","101509","SINAPI","ENTRADA DE ENERGIA ELÉTRICA, AÉREA, TRIFÁSICA, COM CAIXA DE EMBUTIR, CABO DE 10 MM2 E DISJUNTOR DIN 50A (NÃO INCLUSO O POSTE DE CONCRETO). AF_07/2020","UN",1,2119.87,2676.1238879999996,2676.12,9.7625679217716282E-2]
["20.4.4","92984","SINAPI","CABO DE COBRE FLEXÍVEL ISOLADO, 25 MM², ANTI-CHAMA 0,6/1,0 KV, PARA REDE ENTERRADA DE DISTRIBUIÇÃO DE ENERGIA ELÉTRICA - FORNECIMENTO E INSTALAÇÃO. AF_12/2021","M",60.5,33.51,42.303023999999994,2559.33,9.3365144161053251E-2]
["7.5.1","97083","SINAPI","COMPACTAÇÃO MECÂNICA DE SOLO PARA EXECUÇÃO DE RADIER, PISO DE CONCRETO OU LAJE SOBRE SOLO, COM COMPACTADOR DE SOLOS A PERCUSSÃO. AF_09/2021","M2",619,3.24,4.0901760000000005,2531.8200000000002,9.2361570914980817E-2]
["23.1","99803","SINAPI","LIMPEZA DE PISO CERÂMICO OU PORCELANATO COM PANO ÚMIDO. AF_04/2019","M2",918.22,2,2.5247999999999999,2318.3200000000002,8.4573025366581484E-2]
["14.1","88496","SINAPI","EMASSAMENTO COM MASSA LÁTEX, APLICAÇÃO EM TETO, DUAS DEMÃOS, LIXAMENTO MANUAL. AF_04/2023","M2",60.16,30.07,37.960368000000003,2283.6999999999998,8.331007713760917E-2]
["20.5.7",97607,"SINAPI","LUMINÁRIA ARANDELA TIPO TARTARUGA, DE SOBREPOR, COM 1 LÂMPADA LED DE 6 W, SEM REATOR - FORNECIMENTO E INSTALAÇÃO. AF_09/2024","UN",{"$f":"14+3","v":17},105.72,133.460928,2268.84,8.2767979775317788E-2]
["22.2","101965","SINAPI","PEITORIL LINEAR EM GRANITO OU MÁRMORE, L = 15CM, COMPRIMENTO DE ATÉ 2M, ASSENTADO COM ARGAMASSA 1:6 COM ADITIVO. AF_11/2020","M",10.8,164.86,208.11926400000002,2247.69,8.1996421281881504E-2]
["18.12","100868","SINAPI","BARRA DE APOIO RETA, EM ACO INOX POLIDO, COMPRIMENTO 80 CM, FIXADA NA PAREDE - FORNECIMENTO E INSTALAÇÃO. AF_01/2020","UN",4,424.79,536.25489600000003,2145.02,7.8250988160316351E-2]
["7.4.2","92453","SINAPI","MONTAGEM E DESMONTAGEM DE FÔRMA DE VIGA, ESCORAMENTO COM GARFO DE MADEIRA, PÉ-DIREITO DUPLO, EM CHAPA DE MADEIRA RESINADA, 4 UTILIZAÇÕES. AF_09/2020","M2",6.32,261.58999999999997,330.23121599999996,2087.06,7.6136589565537774E-2]
["18.7",36791,"SINAPI","TORNEIRA METALICA CROMADA DE MESA PARA LAVATORIO, BICA ALTA, COM AREJADOR","UN",6,273.08,344.73619199999996,2068.42,7.5456596642717338E-2]
["21.2","96985","SINAPI","HASTE DE ATERRAMENTO, DIÂMETRO 5/8\", COM 3 METROS - FORNECIMENTO E INSTALAÇÃO. AF_08/2023","UN",18,90.64,114.423936,2059.63,7.51359347440268E-2]
["15.37","89987","SINAPI","REGISTRO DE GAVETA BRUTO, LATÃO, ROSCÁVEL, 3/4\", COM ACABAMENTO E CANOPLA CROMADOS - FORNECIMENTO E INSTALAÇÃO. AF_08/2021","UN",15,108.48,136.94515200000001,2054.1799999999998,7.4937117070777257E-2]
["20.3.5","91886","SINAPI","LUVA PARA ELETRODUTO, PVC, ROSCÁVEL, DN 40 MM (1 1/4\"), PARA CIRCUITOS TERMINAIS, INSTALADA EM PAREDE - FORNECIMENTO E INSTALAÇÃO. AF_03/2023","UN",103,15.62,19.718688,2031.02,7.4092233160234264E-2]
["6.2.7","96543","SINAPI","ARMAÇÃO DE BLOCO UTILIZANDO AÇO CA-60 DE 5 MM - MONTAGEM. AF_01/2024","KG",71.44,21.76,27.469824000000003,1962.44,7.1590413704921738E-2]
["18.10",100866,"SINAPI","BARRA DE APOIO RETA, EM ACO INOX POLIDO, COMPRIMENTO 60CM, FIXADA NA PAREDE - FORNECIMENTO E INSTALAÇÃO. AF_01/2020","UN",4,382.58,482.96899199999996,1931.88,7.0475575522443587E-2]
["6.1.2","96619","SINAPI","LASTRO DE CONCRETO MAGRO, APLICADO EM BLOCOS DE COROAMENTO OU SAPATAS, ESPESSURA DE 5 CM. AF_01/2024","M2",27.36,54.05,68.23272,1866.85,6.8103261157045888E-2]
["7.5.4","97087","SINAPI","CAMADA SEPARADORA PARA EXECUÇÃO DE RADIER, PISO DE CONCRETO OU LAJE SOBRE SOLO, EM LONA PLÁSTICA. AF_09/2021","M2",619,2.38,3.0045119999999996,1859.79,6.7845710189496949E-2]
["18.21","100858","SINAPI","MICTÓRIO SIFONADO LOUÇA BRANCA - PADRÃO MÉDIO - FORNECIMENTO E INSTALAÇÃO. AF_01/2020","UN",2,720.64,909.73593599999992,1819.47,6.6374824210520544E-2]
["18.1","95470","SINAPI","VASO SANITARIO SIFONADO CONVENCIONAL COM LOUÇA BRANCA, INCLUSO CONJUNTO DE LIGAÇÃO PARA BACIA SANITÁRIA AJUSTÁVEL - FORNECIMENTO E INSTALAÇÃO. AF_01/2020","UN",5,287.67,363.154608,1815.77,6.6239847074552966E-2]
["6.2.5","104918","SINAPI","ARMAÇÃO DE SAPATA ISOLADA, VIGA BALDRAME E SAPATA CORRIDA UTILIZANDO AÇO CA-50 DE 8 MM - MONTAGEM. AF_01/2024","KG",83.04,16.55,20.892720000000001,1734.93,6.3290779055196519E-2]
["15.36","94794","SINAPI","REGISTRO DE GAVETA BRUTO, LATÃO, ROSCÁVEL, 1 1/2\", COM ACABAMENTO E CANOPLA CROMADOS - FORNECIMENTO E INSTALAÇÃO. AF_08/2021","UN",7,192.17,242.59540799999996,1698.17,6.1949762969205145E-2]
["16.1.1","89578","SINAPI","TUBO PVC, SÉRIE R, ÁGUA PLUVIAL, DN 100 MM, FORNECIDO E INSTALADO EM CONDUTORES VERTICAIS DE ÁGUAS PLUVIAIS. AF_06/2022","M",54,24.91,31.446383999999998,1698.1,6.1947209347713861E-2]
["22.4","CPU 02","SINAPI","BANCO DE CONCRETO SEM ENCOSTO, DIM. 2,00 X 0,40 M","M2",2,{"$f":"CPUs!I31","v":89.143199999999993},112.53437567999998,225.07,8.2106227006006477E-3]
["7.4.4","103675","SINAPI","CONCRETAGEM DE VIGAS E LAJES, FCK=25 MPA, PARA LAJES MACIÇAS OU NERVURADAS COM USO DE BOMBA - LANÇAMENTO, ADENSAMENTO E ACABAMENTO. AF_02/2022_PS","M3",1.23,1048.7,1323.87888,1628.37,5.940343753933032E-2]
["18.8",44045,"SINAPI","TORNEIRA DE MESA PARA LAVATORIO, METALICA CROMADA, COM MISTURADOR MONOCOMANDO, BICA BAIXA","UN",2,640.70000000000005,808.81968000000006,1617.64,5.9012003845024356E-2]
["13.2","87704","SINAPI","CONTRAPISO EM ARGAMASSA PRONTA, PREPARO MANUAL, APLICADO EM ÁREAS SECAS SOBRE LAJE, NÃO ADERIDO, ACABAMENTO NÃO REFORÇADO, ESPESSURA 6CM. AF_07/2021","M2",6.5,187,236.06880000000001,1534.45,5.5977207104174982E-2]
["7.4.3","92769","SINAPI","ARMAÇÃO DE LAJE DE ESTRUTURA CONVENCIONAL DE CONCRETO ARMADO UTILIZANDO AÇO CA-50 DE 6,3 MM - MONTAGEM. AF_06/2022","KG",79.56,14.92,18.835007999999998,1498.51,5.466610486993858E-2]
["16.1.5","89584","SINAPI","JOELHO 90 GRAUS, PVC, SERIE R, ÁGUA PLUVIAL, DN 100 MM, JUNTA ELÁSTICA, FORNECIDO E INSTALADO EM CONDUTORES VERTICAIS DE ÁGUAS PLUVIAIS. AF_06/2022","UN",30,39.28,49.587071999999999,1487.61,5.42684695234395E-2]
["9.2.2",36204,"SINAPI","BARRA DE APOIO RETA, EM ACO INOX POLIDO, COMPRIMENTO 60CM, DIAMETRO MINIMO 3 CM","UN",5,229.16,289.291584,1446.46,5.2767304889637948E-2]
["6.2.1","96619","SINAPI","LASTRO DE CONCRETO MAGRO, APLICADO EM BLOCOS DE COROAMENTO OU SAPATAS, ESPESSURA DE 5 CM. AF_01/2024","M2",18.36,54.05,68.23272,1252.75,4.570070461713005E-2]
["9.1.2",90830,"SINAPI","FECHADURA DE EMBUTIR COM CILINDRO, EXTERNA, COMPLETA, ACABAMENTO PADRÃO MÉDIO, INCLUSO EXECUÇÃO DE FURO - FORNECIMENTO E INSTALAÇÃO. AF_12/2019","UN",5,194.34,245.33481599999999,1226.67,4.4749298210093734E-2]
["6.1.7","104920","SINAPI","ARMAÇÃO DE BLOCO, SAPATA ISOLADA, VIGA BALDRAME E SAPATA CORRIDA UTILIZANDO AÇO CA-50 DE 12,5 MM - MONTAGEM. AF_01/2024","KG",75.88,12.68,16.007231999999998,1214.6300000000001,4.4310075313593836E-2]
["14.3","88488","SINAPI","PINTURA LÁTEX ACRÍLICA PREMIUM, APLICAÇÃO MANUAL EM TETO, DUAS DEMÃOS. AF_04/2023","M2",60.16,15.88,20.046911999999999,1206.02,4.3995979870166582E-2]
["5.1","94318","SINAPI","ATERRO MECANIZADO DE VALA COM RETROESCAVADEIRA (CAPACIDADE DA CAÇAMBA DA RETRO: 0,26 M³ / POTÊNCIA: 88 HP), LARGURA ATÉ 1,5 M, PROFUNDIDADE DE 1,5 A 3,0 M, COM SOLO ARGILO-ARENOSO. AF_08/2023","M3",14.08,67.09,84.694416000000004,1192.5,4.3502766119279654E-2]
["6.1.8","96543","SINAPI","ARMAÇÃO DE BLOCO UTILIZANDO AÇO CA-60 DE 5 MM - MONTAGEM. AF_01/2024","KG",41.59,21.76,27.469824000000003,1142.47,4.1677656359155914E-2]
["16.1.4","89585","SINAPI","JOELHO 45 GRAUS, PVC, SERIE R, ÁGUA PLUVIAL, DN 100 MM, JUNTA ELÁSTICA, FORNECIDO E INSTALADO EM CONDUTORES VERTICAIS DE ÁGUAS PLUVIAIS. AF_06/2022","UN",22,40.03,50.533872000000002,1111.75,4.055698132755485E-2]
["9.2.1","100705","SINAPI","TARJETA TIPO LIVRE/OCUPADO PARA PORTA DE BANHEIRO. AF_12/2019","UN",11,78.59,99.212016000000006,1091.33,3.9812053458241896E-2]
["10.4",100326,"SINAPI","CUMEEIRA NORMAL PARA TELHA TRAPEZOIDAL DE AÇO, E = 0,5 MM, INCLUSO ACESSÓRIOS DE FIXAÇÃO E IÇAMENTO. AF_07/2019","M",38.65,22.04,27.823295999999999,1075.3699999999999,3.9229827758230404E-2]
["17.1","89714","SINAPI","TUBO PVC, SERIE NORMAL, ESGOTO PREDIAL, DN 100 MM, FORNECIDO E INSTALADO EM RAMAL DE DESCARGA OU RAMAL DE ESGOTO SANITÁRIO. AF_08/2022","M",25.09,33.21,41.924303999999999,1051.8800000000001,3.8372905346371396E-2]
["18.9","100860","SINAPI","CHUVEIRO ELÉTRICO COMUM CORPO PLÁSTICO, TIPO DUCHA - FORNECIMENTO E INSTALAÇÃO. AF_01/2020","UN",8,103.88,131.13811199999998,1049.0999999999999,3.8271490092860613E-2]
["7.2.5","92763","SINAPI","ARMAÇÃO DE PILAR OU VIGA DE ESTRUTURA CONVENCIONAL DE CONCRETO ARMADO UTILIZANDO AÇO CA-50 DE 12,5 MM - MONTAGEM. AF_06/2022","KG",73.959999999999994,11.18,14.113631999999999,1043.8399999999999,3.8079603677944544E-2]
["15.38","89985","SINAPI","REGISTRO DE PRESSÃO BRUTO, LATÃO, ROSCÁVEL, 3/4\", COM ACABAMENTO E CANOPLA CROMADOS - FORNECIMENTO E INSTALAÇÃO. AF_08/2021","UN",8,102.94,129.95145600000001,1039.6099999999999,3.7925291979257293E-2]
["18.3","86901","SINAPI","CUBA DE EMBUTIR OVAL EM LOUÇA BRANCA, 35 X 50CM OU EQUIVALENTE - FORNECIMENTO E INSTALAÇÃO. AF_01/2020","UN",6,134.53,169.83067199999999,1018.98,3.7172703245470513E-2]
["8.2.2","93200","SINAPI","FIXAÇÃO (ENCUNHAMENTO) DE ALVENARIA DE VEDAÇÃO COM ARGAMASSA APLICADA COM BISNAGA. AF_03/2024","M",67.099999999999994,11.76,14.845824,996.15,3.6339857836243543E-2]
["7.5.2","97086","SINAPI","FABRICAÇÃO, MONTAGEM E DESMONTAGEM DE FORMA PARA RADIER, PISO DE CONCRETO OU LAJE SOBRE SOLO, EM MADEIRA SERRADA, 4 UTILIZAÇÕES. AF_09/2021","M2",6.32,121,152.75039999999998,965.38,3.5217358789291567E-2]
["3.9",105115,"SINAPI","INSTALAÇÃO E DESINSTALAÇÃO MECANIZADA DE CONTÊINER OU MÓDULO HABITÁVEL DE USOS DIVERSOS. AF_03/2024","UND",{"$f":"3*2","v":6},125.7,158.68368000000001,952.1,3.4732900312089025E-2]
["18.14",10228,"SINAPI","VALVULA DE DESCARGA METALICA, BASE 1 1/2\" E ACABAMENTO METALICO CROMADO","UN",2,376.83,475.71019199999995,951.42,3.4708093703316602E-2]
["13.6",98689,"SINAPI","SOLEIRA EM GRANITO, LARGURA 15 CM, ESPESSURA 2,0 CM. AF_09/2020","M",4.5999999999999996,147.47,186.16612799999999,856.36,3.1240275718160442E-2]
["18.19",38189,"SINAPI","DUCHA / CHUVEIRO METALICO, DE PAREDE, ARTICULAVEL, COM BRACO/CANO, SEM DESVIADOR","UN",2,337.35,425.87064000000004,851.74,3.1071736699736063E-2]
["16.1.3",9840,"SINAPI","TUBO PVC, SERIE R, DN 150 MM, PARA ESGOTO OU AGUAS PLUVIAIS PREDIAL (NBR 5688)","M",15,43.12,{"$f":"(G130*26.24%)+G130","v":54.434687999999994},{"$f":"ROUND(F130*H130,2)","v":816.52},{"$f":"I130/$I$248","v":2.9786900286552807E-2}]
["20.5.8",39391,"SINAPI","LUMINARIA LED REFLETOR RETANGULAR BIVOLT, LUZ BRANCA, 50 W","UN",20,31.97,40.358927999999999,807.18,2.9446174219002221E-2]
["7.3.1","93184","SINAPI","VERGA PRÉ-MOLDADA COM ATÉ 1,5 M DE VÃO, ESPESSURA DE *20* CM. AF_03/2024","M",19.100000000000001,33.11,41.798063999999997,798.34,2.9123688304960774E-2]
["18.4","86902","SINAPI","LAVATÓRIO LOUÇA BRANCA COM COLUNA, *44 X 35,5* CM, PADRÃO POPULAR - FORNECIMENTO E INSTALAÇÃO. AF_01/2020","UN",2,307.49,388.17537600000003,776.35,2.832148635362915E-2]
["16.1.2","89580","SINAPI","TUBO PVC, SÉRIE R, ÁGUA PLUVIAL, DN 150 MM, FORNECIDO E INSTALADO EM CONDUTORES VERTICAIS DE ÁGUAS PLUVIAIS. AF_06/2022","M",12,51.16,64.584384,775.01,2.8272602742224675E-2]
["18.5","86877","SINAPI","VÁLVULA EM METAL CROMADO 1.1/2\" X 1.1/2\" PARA TANQUE OU LAVATÓRIO, COM OU SEM LADRÃO - FORNECIMENTO E INSTALAÇÃO. AF_01/2020","UN",8,74.540000000000006,94.09929600000001,752.79,2.7462010320278851E-2]
["17.3","89712","SINAPI","TUBO PVC, SERIE NORMAL, ESGOTO PREDIAL, DN 50 MM, FORNECIDO E INSTALADO EM RAMAL DE DESCARGA OU RAMAL DE ESGOTO SANITÁRIO. AF_08/2022","M",25,23.84,30.095616,752.39,2.7447418197471547E-2]
["17.2","89711","SINAPI","TUBO PVC, SERIE NORMAL, ESGOTO PREDIAL, DN 40 MM, FORNECIDO E INSTALADO EM RAMAL DE DESCARGA OU RAMAL DE ESGOTO SANITÁRIO. AF_08/2022","M",29.96,19.34,24.414815999999998,731.47,2.6684250174649468E-2]
["6.1.4","96544","SINAPI","ARMAÇÃO DE BLOCO UTILIZANDO AÇO CA-50 DE 6,3 MM - MONTAGEM. AF_01/2024","KG",28.81,20,25.247999999999998,727.39,2.6535410522014951E-2]
["5.4","93381","SINAPI","REATERRO MECANIZADO DE VALA COM RETROESCAVADEIRA (CAPACIDADE DA CAÇAMBA DA RETRO: 0,26 M³/POTÊNCIA: 88 HP), LARGURA 0,8 A 1,5 M, PROFUNDIDADE 1,5 A 3,0 M, COM SOLO (SEM SUBSTITUIÇÃO) DE 1ª CATEGORIA E COMPACTADOR DE SOLOS DE PERCUSSÃO. AF_08/2023","M3",42.9,13.26,16.739424,718.12,2.6197238075955646E-2]
["20.4.2","91928","SINAPI","CABO DE COBRE FLEXÍVEL ISOLADO, 4 MM², ANTI-CHAMA 450/750 V, PARA CIRCUITOS TERMINAIS - FORNECIMENTO E INSTALAÇÃO. AF_03/2023","M",66,7.82,9.8719680000000007,651.54999999999995,2.3768744037749819E-2]
["20.1.2","101883","SINAPI","QUADRO DE DISTRIBUIÇÃO DE ENERGIA EM CHAPA DE AÇO GALVANIZADO, DE EMBUTIR, COM BARRAMENTO TRIFÁSICO, PARA 18 DISJUNTORES DIN 100A - FORNECIMENTO E INSTALAÇÃO. AF_10/2020","UN",1,515.71,651.03230400000007,651.03,2.3749774278100322E-2]
["20.5.3","95814","SINAPI","CONDULETE DE PVC, TIPO TB, PARA ELETRODUTO DE PVC SOLDÁVEL DN 25 MM (3/4''), APARENTE - FORNECIMENTO E INSTALAÇÃO. AF_10/2022","UN",20,25.51,32.203823999999997,644.08000000000004,2.349623614432339E-2]
["9.1.3",102234,"SINAPI","PINTURA IMUNIZANTE PARA MADEIRA, 2 DEMÃOS. AF_01/2021","M2",18.899999999999999,26.16,33.024383999999998,624.16,2.2769548428519571E-2]
["15.4","89450","SINAPI","TUBO, PVC, SOLDÁVEL, DE 60MM, INSTALADO EM PRUMADA DE ÁGUA - FORNECIMENTO E INSTALAÇÃO. AF_06/2022","M",18.48,26.47,33.415728000000001,617.52,2.25273191899183E-2]
["21.1","98463","SINAPI","SUPORTE ISOLADOR PARA FIXAÇÃO DA CORDOALHA DE COBRE EM ALVENARIA OU CONCRETO - FORNECIMENTO E INSTALAÇÃO. AF_08/2023","UN",18,26.25,33.137999999999998,596.48,2.1759773530254028E-2]
["20.3.6","93016","SINAPI","LUVA PARA ELETRODUTO, PVC, ROSCÁVEL, DN 85 MM (3\"), PARA REDE ENTERRADA DE DISTRIBUIÇÃO DE ENERGIA ELÉTRICA - FORNECIMENTO E INSTALAÇÃO. AF_12/2021","UN",13,36.24,45.749375999999998,594.74,2.1696297796042249E-2]
["7.3.2","93194","SINAPI","CONTRAVERGA PRÉ-MOLDADA, ESPESSURA DE *20* CM. AF_03/2024","M",14.4,32.5,41.027999999999999,590.79999999999995,2.1552565386390287E-2]
["18.17","95547","SINAPI","SABONETEIRA PLASTICA TIPO DISPENSER PARA SABONETE LIQUIDO COM RESERVATORIO 800 A 1500 ML, INCLUSO FIXAÇÃO. AF_01/2020","UN",6,75.12,94.831488000000007,568.99,2.0756929890321955E-2]
["14.2","88497","SINAPI","EMASSAMENTO COM MASSA LÁTEX, APLICAÇÃO EM PAREDE, DUAS DEMÃOS, LIXAMENTO MANUAL. AF_04/2023","M2",27.51,16.38,20.678111999999999,568.85,2.0751822647339397E-2]
["15.17","89362","SINAPI","JOELHO 90 GRAUS, PVC, SOLDÁVEL, DN 25MM, INSTALADO EM RAMAL OU SUB-RAMAL DE ÁGUA - FORNECIMENTO E INSTALAÇÃO. AF_06/2022","UN",46,9.27,11.702447999999999,538.30999999999995,1.9637714071001618E-2]
["2.2",25,"SBC","LEVANTAMENTO TOPOGRAFICO PLANIALTIMETRICO ATE 1 HECTARE","M²",1066,0.4,0.50496000000000008,538.29,1.9636984464861253E-2]
["15.6","94713","SINAPI","ADAPTADOR COM FLANGES LIVRES, PVC, SOLDÁVEL, DN 75 MM X 2 1/2 , INSTALADO EM RESERVAÇÃO PREDIAL DE ÁGUA - FORNECIMENTO E INSTALAÇÃO. AF_04/2024","UN",2,212.63,268.42411199999998,536.85,1.9584452822754957E-2]
["18.15",37401,"SINAPI","TOALHEIRO PLASTICO TIPO DISPENSER PARA PAPEL TOALHA INTERFOLHADO","UN",6,67.31,84.972144,509.83,1.8598754927121465E-2]
["15.1","89446","SINAPI","TUBO, PVC, SOLDÁVEL, DE 25MM, INSTALADO EM PRUMADA DE ÁGUA - FORNECIMENTO E INSTALAÇÃO. AF_06/2022","M",81.180000000000007,4.9400000000000004,6.236256,506.26,1.8468520231066262E-2]
["15.28","89628","SINAPI","TE, PVC, SOLDÁVEL, DN 60MM, INSTALADO EM PRUMADA DE ÁGUA - FORNECIMENTO E INSTALAÇÃO. AF_06/2022","UN",9,44.04,55.596095999999996,500.36,1.8253286419658506E-2]
["21.5","98463","SINAPI","SUPORTE ISOLADOR PARA FIXAÇÃO DA CORDOALHA DE COBRE EM ALVENARIA OU CONCRETO - FORNECIMENTO E INSTALAÇÃO. AF_08/2023","UN",15,26.25,33.137999999999998,497.07,1.8133266209568417E-2]
["20.3.8","91943","SINAPI","CAIXA RETANGULAR 4\" X 4\" MÉDIA (1,30 M DO PISO), PVC, INSTALADA EM PAREDE - FORNECIMENTO E INSTALAÇÃO. AF_03/2023","UN",17,22.18,28.000031999999997,476,1.7364626140693597E-2]
["19.3",37557,"SINAPI","PLACA DE SINALIZACAO DE SEGURANCA CONTRA INCENDIO, FOTOLUMINESCENTE, QUADRADA, *14 X 14* CM, EM PVC *2* MM ANTI-CHAMAS (SIMBOLOS, CORES E PICTOGRAMAS CONFORME NBR 16820)","UN",18,20.92,26.409408000000003,475.37,1.7341643547272093E-2]
["20.1.1","101875","SINAPI","QUADRO DE DISTRIBUIÇÃO DE ENERGIA EM CHAPA DE AÇO GALVANIZADO, DE EMBUTIR, COM BARRAMENTO TRIFÁSICO, PARA 12 DISJUNTORES DIN 100A - FORNECIMENTO E INSTALAÇÃO. AF_10/2020","UN",1,374.92,473.29900800000001,473.3,1.7266129311744285E-2]
["15.35","94499","SINAPI","REGISTRO DE GAVETA BRUTO, LATÃO, ROSCÁVEL, 2 1/2\" - FORNECIMENTO E INSTALAÇÃO. AF_08/2021","UN",1,336.26,424.49462399999999,424.49,1.5485525526182826E-2]
["21.6","104749","SINAPI","CONECTOR GRAMPO METÁLICO TIPO OLHAL, PARA SPDA, PARA HASTE DE ATERRAMENTO DE 3/4'' E CABOS DE 10 A 50 MM2 - FORNECIMENTO E INSTALAÇÃO. AF_08/2023","UN",15,21.44,27.065856,405.99,1.4810639846344946E-2]
["17.23","89707","SINAPI","CAIXA SIFONADA, PVC, DN 100 X 100 X 50 MM, JUNTA ELÁSTICA, FORNECIDA E INSTALADA EM RAMAL DE DESCARGA OU EM RAMAL DE ESGOTO SANITÁRIO. AF_08/2022","UN",6,51.71,65.278704000000005,391.67,1.4288241849843408E-2]
["2.4","*","CREA/AP","ART DE OBRAS E SERVIÇOS - CREA/AP ","UND",3,103.03,130.06507199999999,390.2,1.4234615798526558E-2]
["18.16",95544,"SINAPI","PAPELEIRA DE PAREDE EM METAL CROMADO SEM TAMPA, INCLUSO FIXAÇÃO. AF_01/2020","UN",5,61.25,77.322000000000003,386.61,1.4103651496330992E-2]
["20.5.6","91996","SINAPI","TOMADA MÉDIA DE EMBUTIR (1 MÓDULO), 2P+T 10 A, INCLUINDO SUPORTE E PLACA - FORNECIMENTO E INSTALAÇÃO. AF_03/2023","UN",8,37.630000000000003,47.504112000000006,380.03,1.3863611076150814E-2]
["19.1","97599","SINAPI","LUMINÁRIA DE EMERGÊNCIA, COM 30 LÂMPADAS LED DE 2 W, SEM REATOR - FORNECIMENTO E INSTALAÇÃO. AF_09/2024","UN",{"$f":"15","v":15},19.86,25.071263999999999,376.07,1.3719149060358491E-2]
["20.3.2","91873","SINAPI","ELETRODUTO RÍGIDO ROSCÁVEL, PVC, DN 40 MM (1 1/4\"), PARA CIRCUITOS TERMINAIS, INSTALADO EM PAREDE - FORNECIMENTO E INSTALAÇÃO. AF_03/2023","M",11.7,24.34,30.726815999999999,359.5,1.3114670373065858E-2]
["15.5","89451","SINAPI","TUBO, PVC, SOLDÁVEL, DE 75MM, INSTALADO EM PRUMADA DE ÁGUA - FORNECIMENTO E INSTALAÇÃO. AF_06/2022","M",6.28,43.04,54.333695999999996,341.22,1.2447810360771996E-2]
["18.20",37399,"SINAPI","CABIDE/GANCHO DE BANHEIRO SIMPLES EM METAL CROMADO","UN",8,33.619999999999997,42.441887999999992,339.54,1.2386523444981312E-2]
["20.5.1","91996","SINAPI","TOMADA MÉDIA DE EMBUTIR (1 MÓDULO), 2P+T 10 A, INCLUINDO SUPORTE E PLACA - FORNECIMENTO E INSTALAÇÃO. AF_03/2023","UN",7,37.630000000000003,47.504112000000006,332.53,1.213079649278328E-2]
["17.19","89748","SINAPI","CURVA CURTA 90 GRAUS, PVC, SERIE NORMAL, ESGOTO PREDIAL, DN 100 MM, JUNTA ELÁSTICA, FORNECIDO E INSTALADO EM RAMAL DE DESCARGA OU RAMAL DE ESGOTO SANITÁRIO. AF_08/2022","UN",7,36.94,46.633055999999996,326.43,1.1908266619971873E-2]
["15.3",89448,"SINAPI","TUBO, PVC, SOLDÁVEL, DE 50MM, INSTALADO EM PRUMADA DE ÁGUA - FORNECIMENTO E INSTALAÇÃO. AF_06/2022","M",15.27,16.57,20.917968000000002,319.42,1.1652539667773843E-2]
["20.5.2","95817","SINAPI","CONDULETE DE PVC, TIPO X, PARA ELETRODUTO DE PVC SOLDÁVEL DN 25 MM (3/4\"), APARENTE - FORNECIMENTO E INSTALAÇÃO. AF_10/2022","UN",6,39.29,49.599695999999994,297.60000000000002,1.0856539368635326E-2]
["20.5.4","95817","SINAPI","CONDULETE DE PVC, TIPO X, PARA ELETRODUTO DE PVC SOLDÁVEL DN 25 MM (3/4\"), APARENTE - FORNECIMENTO E INSTALAÇÃO. AF_10/2022","UN",6,39.29,49.599695999999994,297.60000000000002,1.0856539368635326E-2]
["18.2","100849","SINAPI","ASSENTO SANITÁRIO CONVENCIONAL - FORNECIMENTO E INSTALACAO. AF_01/2020","UN",5,46.99,59.320176000000004,296.60000000000002,1.0820059061617062E-2]
["21.4","98111","SINAPI","CAIXA DE INSPEÇÃO PARA ATERRAMENTO, CIRCULAR, EM POLIETILENO, DIÂMETRO INTERNO = 0,3 M. AF_12/2020","UN",4,58.68,74.077631999999994,296.31,1.0809479772581764E-2]
["17.25","89708","SINAPI","CAIXA SIFONADA, PVC, DN 150 X 185 X 75 MM, JUNTA ELÁSTICA, FORNECIDA E INSTALADA EM RAMAL DE DESCARGA OU EM RAMAL DE ESGOTO SANITÁRIO. AF_08/2022","UN",2,112.72,142.29772800000001,284.60000000000002,1.0382295377397896E-2]
["22.5","100861","SINAPI","SUPORTE MÃO FRANCESA EM AÇO, ABAS IGUAIS 30 CM, CAPACIDADE MINIMA 60 KG, BRANCO - FORNECIMENTO E INSTALAÇÃO. AF_01/2020","UN",6,34.409999999999997,43.439183999999997,260.64,9.5082272212402928E-3]
["20.5.5","91953","SINAPI","INTERRUPTOR SIMPLES (1 MÓDULO), 10A/250V, INCLUINDO SUPORTE E PLACA - FORNECIMENTO E INSTALAÇÃO. AF_03/2023","UN",6,32.14,40.573535999999997,243.44,8.880765940526154E-3]
["15.7","89429","SINAPI","ADAPTADOR CURTO COM BOLSA E ROSCA PARA REGISTRO, PVC, SOLDÁVEL, DN 25MM X 3/4 , INSTALADO EM RAMAL DE DISTRIBUIÇÃO DE ÁGUA - FORNECIMENTO E INSTALAÇÃO. AF_06/2022","UN",31,5.93,7.4860319999999998,232.07,8.4659848497284935E-3]
["15.8","104001","SINAPI","ADAPTADOR CURTO COM BOLSA E ROSCA PARA REGISTRO, PVC, SOLDÁVEL, DN 50MM X 1.1/2\", INSTALADO EM RAMAL DE DISTRIBUIÇÃO DE ÁGUA - FORNECIMENTO E INSTALAÇÃO. AF_06/2022","UN",14,13.12,16.562687999999998,231.88,8.4590535913950243E-3]
["9.2.3",11026,"SINAPI","CHAPA DE ACO GALVANIZADA BITOLA GSG 14, E = 1,95 MM (15,60 KG/M2) PARA AS PORTAS","M²",15.6,11.28,14.239871999999998,222.14,8.1037354010371331E-3]
["20.2.1","93653","SINAPI","DISJUNTOR MONOPOLAR TIPO DIN, CORRENTE NOMINAL DE 10A - FORNECIMENTO E INSTALAÇÃO. AF_10/2020","UN",13,12.89,16.272335999999999,211.54,7.7170441466435369E-3]
["15.24","89366","SINAPI","JOELHO 90 GRAUS COM BUCHA DE LATÃO, PVC, SOLDÁVEL, DN 25MM, X 3/4 INSTALADO EM RAMAL OU SUB-RAMAL DE ÁGUA - FORNECIMENTO E INSTALAÇÃO. AF_06/2022","UN",10,15.33,19.352592000000001,193.53,7.0600338172446056E-3]
["20.2.4",39445,"SINAPI","DISPOSITIVO DR, 2 POLOS, SENSIBILIDADE DE 30 MA, CORRENTE DE 25 A, TIPO AC","UN",1,152.16999999999999,192.09940799999998,192.1,7.0078669782084879E-3]
["15.19","89505","SINAPI","JOELHO 90 GRAUS, PVC, SOLDÁVEL, DN 60MM, INSTALADO EM PRUMADA DE ÁGUA - FORNECIMENTO E INSTALAÇÃO. AF_06/2022","UN",4,37.83,47.756591999999998,191.03,6.9688330496989453E-3]
["17.13","89690","SINAPI","JUNÇÃO SIMPLES, PVC, SERIE R, ÁGUA PLUVIAL, DN 100 X 100 MM, JUNTA ELÁSTICA, FORNECIDO E INSTALADO EM CONDUTORES VERTICAIS DE ÁGUAS PLUVIAIS. AF_06/2022","UN",2,74.930000000000007,94.591632000000004,189.18,6.9013444817151576E-3]
["15.29","89629","SINAPI","TE, PVC, SOLDÁVEL, DN 75MM, INSTALADO EM PRUMADA DE ÁGUA - FORNECIMENTO E INSTALAÇÃO. AF_06/2022","UN",2,73.48,92.76115200000001,185.52,6.7678265580283122E-3]
["17.20","89728","SINAPI","CURVA CURTA 90 GRAUS, PVC, SERIE NORMAL, ESGOTO PREDIAL, DN 40 MM, JUNTA SOLDÁVEL, FORNECIDO E INSTALADO EM RAMAL DE DESCARGA OU RAMAL DE ESGOTO SANITÁRIO. AF_08/2022","UN",12,11.72,14.795328000000001,177.54,6.4767137080225653E-3]
["5.3","101617","SINAPI","PREPARO DE FUNDO DE VALA COM LARGURA MAIOR OU IGUAL A 1,5 M E MENOR QUE 2,5 M (ACERTO DO SOLO NATURAL). AF_08/2020","M2",45.72,3.07,3.8755679999999995,177.19,6.4639456005661736E-3]
["20.2.3","93657","SINAPI","DISJUNTOR MONOPOLAR TIPO DIN, CORRENTE NOMINAL DE 32A - FORNECIMENTO E INSTALAÇÃO. AF_10/2020","UN",8,16.41,20.715983999999999,165.73,6.0458812821368698E-3]
["16.1.6","89567","SINAPI","JUNÇÃO SIMPLES, PVC, SERIE R, ÁGUA PLUVIAL, DN 100 X 100 MM, JUNTA ELÁSTICA, FORNECIDO E INSTALADO EM RAMAL DE ENCAMINHAMENTO. AF_06/2022","UN",2,65.53,82.725071999999997,165.45,6.0356667961717556E-3]
["20.1.3","101938","SINAPI","CAIXA DE PROTEÇÃO PARA MEDIDOR MONOFÁSICO DE EMBUTIR - FORNECIMENTO E INSTALAÇÃO. AF_10/2020","UN",1,121.9,153.88656,153.88999999999999,5.613954447040625E-3]
["17.4","89511","SINAPI","TUBO PVC, SÉRIE R, ÁGUA PLUVIAL, DN 75 MM, FORNECIDO E INSTALADO EM RAMAL DE ENCAMINHAMENTO. AF_06/2022","M",3.66,31.91,{"$f":"(G194*26.24%)+G194","v":40.283183999999999},{"$f":"ROUND(F194*H194,2)","v":147.44},{"$f":"I194/$I$248","v":5.3786564667728234E-3}]
["15.9","104002","SINAPI","ADAPTADOR CURTO COM BOLSA E ROSCA PARA REGISTRO, PVC, SOLDÁVEL, DN 50MM X 1.1/4\", INSTALADO EM RAMAL DE DISTRIBUIÇÃO DE ÁGUA - FORNECIMENTO E INSTALAÇÃO. AF_06/2022","UN",7,16.39,20.690736000000001,144.84,5.2838076685253381E-3]
["15.31","86884","SINAPI","ENGATE FLEXÍVEL EM PLÁSTICO BRANCO, 1/2\" X 30CM - FORNECIMENTO E INSTALAÇÃO. AF_01/2020","UN",10,11.3,14.26512,142.65,5.2039157961553404E-3]
["20.2.6","93673","SINAPI","DISJUNTOR TRIPOLAR TIPO DIN, CORRENTE NOMINAL DE 50A - FORNECIMENTO E INSTALAÇÃO. AF_10/2020","UN",1,105.65,133.37255999999999,133.37,4.8653785470258518E-3]
["17.7","89732","SINAPI","JOELHO 45 GRAUS, PVC, SERIE NORMAL, ESGOTO PREDIAL, DN 50 MM, JUNTA ELÁSTICA, FORNECIDO E INSTALADO EM RAMAL DE DESCARGA OU RAMAL DE ESGOTO SANITÁRIO. AF_08/2022","UN",7,15.01,18.948623999999999,132.63999999999999,4.8387479229025183E-3]
["18.6","86883","SINAPI","SIFÃO DO TIPO FLEXÍVEL EM PVC 1 X 1.1/2 - FORNECIMENTO E INSTALAÇÃO. AF_01/2020","UN",8,13.13,16.575312,132.6,4.8372887106217875E-3]
["20.3.10",39811,"SINAPI","CAIXA DE PASSAGEM ELETRICA DE PAREDE, DE EMBUTIR, EM PVC, COM TAMPA APARAFUSADA, DIMENSOES 150 X 150 X *75* MM","UN",2,50.4,63.624959999999994,127.25,4.642119068074076E-3]
["13.5","88649","SINAPI","RODAPÉ CERÂMICO DE 7CM DE ALTURA COM PLACAS TIPO ESMALTADA DE DIMENSÕES 45X45CM. AF_02/2023","M",9.6,10.34,13.053215999999999,125.31,4.571347272458645E-3]
["17.14","89785","SINAPI","JUNÇÃO SIMPLES, PVC, SERIE NORMAL, ESGOTO PREDIAL, DN 50 X 50 MM, JUNTA ELÁSTICA, FORNECIDO E INSTALADO EM RAMAL DE DESCARGA OU RAMAL DE ESGOTO SANITÁRIO. AF_08/2022","UN",4,24.45,30.865679999999998,123.46,4.5038587044748564E-3]
["17.8","89726","SINAPI","JOELHO 45 GRAUS, PVC, SERIE NORMAL, ESGOTO PREDIAL, DN 40 MM, JUNTA SOLDÁVEL, FORNECIDO E INSTALADO EM RAMAL DE DESCARGA OU RAMAL DE ESGOTO SANITÁRIO. AF_08/2022","UN",10,9.77,12.333648,123.34,4.4994810676326647E-3]
["17.22","89743","SINAPI","CURVA LONGA 90 GRAUS, PVC, SERIE NORMAL, ESGOTO PREDIAL, DN 75 MM, JUNTA ELÁSTICA, FORNECIDO E INSTALADO EM RAMAL DE DESCARGA OU RAMAL DE ESGOTO SANITÁRIO. AF_08/2022","UN",2,48.65,61.415759999999999,122.83,4.4808761110533505E-3]
["15.18","89501","SINAPI","JOELHO 90 GRAUS, PVC, SOLDÁVEL, DN 50MM, INSTALADO EM PRUMADA DE ÁGUA - FORNECIMENTO E INSTALAÇÃO. AF_06/2022","UN",7,13.69,17.282256,120.98,4.4133875430695619E-3]
["17.18","89687","SINAPI","TÊ, PVC, SERIE R, ÁGUA PLUVIAL, DN 75 X 75 MM, JUNTA ELÁSTICA, FORNECIDO E INSTALADO EM CONDUTORES VERTICAIS DE ÁGUAS PLUVIAIS. AF_06/2022","UN",2,45.24,57.110976000000001,114.22,4.1667806676260986E-3]
["7.2.2","92760","SINAPI","ARMAÇÃO DE PILAR OU VIGA DE ESTRUTURA CONVENCIONAL DE CONCRETO ARMADO UTILIZANDO AÇO CA-50 DE 6,3 MM - MONTAGEM. AF_06/2022","KG",5.68,15.43,19.478831999999997,110.64,4.036181168500714E-3]
["17.24","104329","SINAPI","CAIXA SIFONADA, COM GRELHA REDONDA, PVC, DN 150 X 150 X 50 MM, JUNTA SOLDÁVEL, FORNECIDA E INSTALADA EM RAMAL DE DESCARGA OU EM RAMAL DE ESGOTO SANITÁRIO. AF_08/2022","UN",1,86.45,109.13448,109.13,3.9810959049031347E-3]
["15.25","90373","SINAPI","JOELHO 90 GRAUS COM BUCHA DE LATÃO, PVC, SOLDÁVEL, DN 25MM, X 1/2 INSTALADO EM RAMAL OU SUB-RAMAL DE ÁGUA - FORNECIMENTO E INSTALAÇÃO. AF_06/2022","UN",7,12.34,15.578016,109.05,3.9781774803416738E-3]
["20.2.5","93669","SINAPI","DISJUNTOR TRIPOLAR TIPO DIN, CORRENTE NOMINAL DE 20A - FORNECIMENTO E INSTALAÇÃO. AF_10/2020","UN",1,84.29,106.407696,106.41,3.8818694698134573E-3]
["20.3.11",39812,"SINAPI","CAIXA DE PASSAGEM ELETRICA DE PAREDE, DE EMBUTIR, EM PVC, COM TAMPA APARAFUSADA, DIMENSOES 200 X 200 X *90* MM","UN",1,82.86,104.602464,104.6,3.8158401141103995E-3]
["15.20","89424","SINAPI","LUVA, PVC, SOLDÁVEL, DN 25MM, INSTALADO EM RAMAL DE DISTRIBUIÇÃO DE ÁGUA - FORNECIMENTO E INSTALAÇÃO. AF_06/2022","UN",13,6.33,7.9909920000000003,103.88,3.7895742930572499E-3]
["17.6","89746","SINAPI","JOELHO 45 GRAUS, PVC, SERIE NORMAL, ESGOTO PREDIAL, DN 100 MM, JUNTA ELÁSTICA, FORNECIDO E INSTALADO EM RAMAL DE DESCARGA OU RAMAL DE ESGOTO SANITÁRIO. AF_08/2022","UN",3,26.63,33.617711999999997,100.85,3.6790389627919104E-3]
["15.13","103968","SINAPI","BUCHA DE REDUÇÃO, LONGA, PVC, SOLDÁVEL, DN 60 X 25 MM, INSTALADO EM PRUMADA DE ÁGUA - FORNECIMENTO E INSTALAÇÃO. AF_06/2022","UN",5,15.43,19.478831999999997,97.39,3.5528171005087174E-3]
["15.26","89395","SINAPI","TE, PVC, SOLDÁVEL, DN 25MM, INSTALADO EM RAMAL OU SUB-RAMAL DE ÁGUA - FORNECIMENTO E INSTALAÇÃO. AF_06/2022","UN",6,12.77,16.120847999999999,96.73,3.5287400978766636E-3]
["15.16","89515","SINAPI","JOELHO 45 GRAUS, PVC, SOLDÁVEL, DN 75MM, INSTALADO EM PRUMADA DE ÁGUA - FORNECIMENTO E INSTALAÇÃO. AF_06/2022","UN",1,74.78,94.402271999999996,94.4,3.4437409825241088E-3]
["17.17","89784","SINAPI","TE, PVC, SERIE NORMAL, ESGOTO PREDIAL, DN 50 X 50 MM, JUNTA ELÁSTICA, FORNECIDO E INSTALADO EM RAMAL DE DESCARGA OU RAMAL DE ESGOTO SANITÁRIO. AF_08/2022","UN",3,22.74,28.706975999999997,86.12,3.141684040412884E-3]
["17.21","89735","SINAPI","CURVA LONGA 90 GRAUS, PVC, SERIE NORMAL, ESGOTO PREDIAL, DN 50 MM, JUNTA ELÁSTICA, FORNECIDO E INSTALADO EM RAMAL DE DESCARGA OU RAMAL DE ESGOTO SANITÁRIO. AF_08/2022","UN",3,22.21,28.037904000000001,84.11,3.0683586233061734E-3]
["15.33","90374","SINAPI","TÊ COM BUCHA DE LATÃO NA BOLSA CENTRAL, PVC, SOLDÁVEL, DN 25MM X 3/4 , INSTALADO EM RAMAL OU SUB-RAMAL DE ÁGUA - FORNECIMENTO E INSTALAÇÃO. AF_06/2022","UN",3,20.86,26.333663999999999,79,2.8819442544428453E-3]
["15.10","94666","SINAPI","ADAPTADOR CURTO COM BOLSA E ROSCA PARA REGISTRO, PVC, SOLDÁVEL, DN 75 MM X 2 1/2\" , INSTALADO EM RESERVAÇÃO PREDIAL DE ÁGUA - FORNECIMENTO E INSTALAÇÃO. AF_04/2024","UN",2,30.03,37.909872,75.819999999999993,2.7659368781247657E-3]
["15.21","103995","SINAPI","LUVA, PVC, SOLDÁVEL, DN 50MM, INSTALADO EM RAMAL DE DISTRIBUIÇÃO DE ÁGUA - FORNECIMENTO E INSTALAÇÃO. AF_06/2022","UN",4,14.44,18.229056,72.92,2.6601439877718008E-3]
["15.30","89627","SINAPI","TÊ DE REDUÇÃO, PVC, SOLDÁVEL, DN 50MM X 25MM, INSTALADO EM PRUMADA DE ÁGUA - FORNECIMENTO E INSTALAÇÃO. AF_06/2022","UN",3,18.809999999999999,23.745743999999998,71.239999999999995,2.5988570719811172E-3]
["17.16","89557","SINAPI","REDUÇÃO EXCÊNTRICA, PVC, SERIE R, ÁGUA PLUVIAL, DN 100 X 75 MM, JUNTA ELÁSTICA, FORNECIDO E INSTALADO EM RAMAL DE ENCAMINHAMENTO. AF_06/2022","UN",2,27.29,34.450896,68.900000000000006,2.5134931535583803E-3]
["17.9","89522","SINAPI","JOELHO 90 GRAUS, PVC, SERIE R, ÁGUA PLUVIAL, DN 75 MM, JUNTA ELÁSTICA, FORNECIDO E INSTALADO EM RAMAL DE ENCAMINHAMENTO. AF_06/2022","UN",2,25.53,32.229072000000002,64.459999999999994,2.3515205903972885E-3]
["17.12",20143,"SINAPI","JUNCAO SIMPLES, PVC SERIE R, DN 100 X 75 MM, PARA ESGOTO PREDIAL","UN",1,50.41,63.63758399999999,63.64,2.3216067386423122E-3]
["17.10","89731","SINAPI","JOELHO 90 GRAUS, PVC, SERIE NORMAL, ESGOTO PREDIAL, DN 50 MM, JUNTA ELÁSTICA, FORNECIDO E INSTALADO EM RAMAL DE DESCARGA OU RAMAL DE ESGOTO SANITÁRIO. AF_08/2022","UN",3,14.48,18.279551999999999,54.84,2.0005800368815903E-3]
["15.27","89625","SINAPI","TE, PVC, SOLDÁVEL, DN 50MM, INSTALADO EM PRUMADA DE ÁGUA - FORNECIMENTO E INSTALAÇÃO. AF_06/2022","UN",2,21.49,27.128975999999998,54.26,1.9794214588109969E-3]
["15.11","103959","SINAPI","BUCHA DE REDUÇÃO, CURTA, PVC, SOLDÁVEL, DN 60 X 50 MM, INSTALADO EM PRUMADA DE ÁGUA - FORNECIMENTO E INSTALAÇÃO. AF_06/2022","UN",3,14.14,17.850335999999999,53.55,1.9535204408280297E-3]
["17.11","89724","SINAPI","JOELHO 90 GRAUS, PVC, SERIE NORMAL, ESGOTO PREDIAL, DN 40 MM, JUNTA SOLDÁVEL, FORNECIDO E INSTALADO EM RAMAL DE DESCARGA OU RAMAL DE ESGOTO SANITÁRIO. AF_08/2022","UN",4,9.6,12.119039999999998,48.48,1.7685652842454318E-3]
["17.27","104351","SINAPI","TERMINAL DE VENTILAÇÃO, PVC, SÉRIE NORMAL, ESGOTO PREDIAL, DN 75 MM, JUNTA SOLDÁVEL, FORNECIDO E INSTALADO EM PRUMADA DE ESGOTO SANITÁRIO OU VENTILAÇÃO. AF_08/2022","UN",2,18.03,22.761071999999999,45.52,1.6605835754713711E-3]
["15.12","103999","SINAPI","BUCHA DE REDUÇÃO, LONGA, PVC, SOLDÁVEL, DN 50 X 25 MM, INSTALADO EM RAMAL DE DISTRIBUIÇÃO DE ÁGUA - FORNECIMENTO E INSTALAÇÃO. AF_06/2022","UN",3,11.9,15.02256,45.07,1.6441674373131523E-3]
["19.2",105555,"SINAPI","BLOCO AUTÔNOMO DE ILUMINAÇÃO DE EMERGÊNCIA COM DOIS REFLETORES - FORNECIMENTO E INSTALAÇÃO. AF_09/2024","UN",4,7.31,9.2281439999999986,36.909999999999997,1.346488132044119E-3]
["20.3.9","92865","SINAPI","CAIXA OCTOGONAL 4\" X 4\", METÁLICA, INSTALADA EM LAJE - FORNECIMENTO E INSTALAÇÃO. AF_03/2023","UN",2,14.51,18.317423999999999,36.630000000000003,1.3362736460790054E-3]
["15.34","90371","SINAPI","REGISTRO DE ESFERA, PVC, ROSCÁVEL, COM VOLANTE, 3/4\" - FORNECIMENTO E INSTALAÇÃO. AF_08/2021","UN",1,28.34,35.776415999999998,35.78,1.3052653851134809E-3]
["17.28","104348","SINAPI","TERMINAL DE VENTILAÇÃO, PVC, SÉRIE NORMAL, ESGOTO PREDIAL, DN 50 MM, JUNTA SOLDÁVEL, FORNECIDO E INSTALADO EM PRUMADA DE ESGOTO SANITÁRIO OU VENTILAÇÃO. AF_08/2022","UN",3,8.56,10.806144,32.42,1.1826915535321145E-3]
["20.3.7","91920","SINAPI","CURVA 90 GRAUS PARA ELETRODUTO, PVC, ROSCÁVEL, DN 40 MM (1 1/4\"), PARA CIRCUITOS TERMINAIS, INSTALADA EM PAREDE - FORNECIMENTO E INSTALAÇÃO. AF_03/2023","UN",1,24.39,30.789936000000001,30.79,1.1232286530923443E-3]
["17.15","89561","SINAPI","JUNÇÃO SIMPLES, PVC, SERIE R, ÁGUA PLUVIAL, DN 40 MM, JUNTA SOLDÁVEL, FORNECIDO E INSTALADO EM RAMAL DE ENCAMINHAMENTO. AF_06/2022","UN",2,12.17,15.363408,30.73,1.1210398346712485E-3]
["15.14","103971","SINAPI","BUCHA DE REDUÇÃO, LONGA, PVC, SOLDÁVEL, DN 60 X 50 MM, INSTALADO EM PRUMADA DE ÁGUA - FORNECIMENTO E INSTALAÇÃO. AF_06/2022","UN",1,23.05,29.098320000000001,29.1,1.0615769342314785E-3]
["20.3.4","91884","SINAPI","LUVA PARA ELETRODUTO, PVC, ROSCÁVEL, DN 25 MM (3/4\"), PARA CIRCUITOS TERMINAIS, INSTALADA EM PAREDE - FORNECIMENTO E INSTALAÇÃO. AF_03/2023","UN",2,11.51,14.530223999999999,29.06,1.0601177219507478E-3]
["15.22","94665","SINAPI","LUVA, PVC, SOLDÁVEL, DN 60 MM, INSTALADO EM RESERVAÇÃO PREDIAL DE ÁGUA - FORNECIMENTO E INSTALAÇÃO. AF_04/2024","UN",1,22.26,28.101024000000002,28.1,1.0250966272132146E-3]
["17.5","104341","SINAPI","BUCHA DE REDUÇÃO LONGA, PVC, SÉRIE NORMAL, ESGOTO PREDIAL, DN 50 X 40 MM, JUNTA SOLDÁVEL E ELÁSTICA, FORNECIDO E INSTALADO EM RAMAL DE DESCARGA OU RAMAL DE ESGOTO SANITÁRIO. AF_08/2022","UN",2,10.23,12.914352000000001,25.83,9.4228633028175547E-4]
["15.32",7131,"SINAPI","TE DE REDUCAO, PVC, SOLDAVEL, 90 GRAUS, 50 MM X 40 MM, PARA AGUA FRIA PREDIAL","UN",1,16.64,21.006336000000001,21.01,7.6645125045372376E-4]
["20.2.2","93655","SINAPI","DISJUNTOR MONOPOLAR TIPO DIN, CORRENTE NOMINAL DE 20A - FORNECIMENTO E INSTALAÇÃO. AF_10/2020","UN",1,14.84,18.734016,18.73,6.8327615045208213E-4]
["15.15","89485","SINAPI","JOELHO 45 GRAUS, PVC, SOLDÁVEL, DN 25MM, INSTALADO EM PRUMADA DE ÁGUA - FORNECIMENTO E INSTALAÇÃO. AF_06/2022","UN",2,5.96,7.5239039999999999,15.05,5.4902862062487117E-4]
["6.2.4","104917","SINAPI","ARMAÇÃO DE SAPATA ISOLADA, VIGA BALDRAME E SAPATA CORRIDA UTILIZANDO AÇO CA-50 DE 6,3 MM - MONTAGEM. AF_01/2024","KG",0.39,17.62,22.243487999999999,8.67,3.162842618483477E-4]
["15.2",89448,"SINAPI","TUBO, PVC, SOLDÁVEL, DE 40MM, INSTALADO EM PRUMADA DE ÁGUA - FORNECIMENTO E INSTALAÇÃO. AF_06/2022","M",0.35,14.95,18.872879999999999,6.61,2.4113482939072415E-4]
["15.23",3529,"SINAPI","JOELHO PVC, SOLDAVEL, 90 GRAUS, 25 MM, COR MARROM, PARA AGUA FRIA PREDIAL","UN",1,0.67,0.845808,0.85,3.1008260965524281E-5]
["VALOR UNITÁRIO COM BDI",{"$nulls":7},{"$f":"RESUMO!K14+RESUMO!K23","v":27412.050000000003}]

{"sheet":"ANALÍTICO","index":3,"n_rows":2700,"n_cols":10,"rows_kept":2700,"cut":false,"hidden":true,"merged":[[2670,4,2670,5],[2671,4,2671,5],[2672,4,2672,5],[2693,4,2693,5],[2694,4,2694,5],[2695,4,2695,5],[2697,7,2697,8],[2673,4,2673,5],[2674,4,2674,5],[2675,4,2675,5],[2676,4,2676,5],[2677,4,2677,5],[2678,4,2678,5],[2679,4,2679,5],[2680,4,2680,5],[2681,4,2681,5],[2682,4,2682,5],[2683,4,2683,5],[2684,4,2684,5],[2685,4,2685,5],[2686,4,2686,5],[2687,4,2687,5],[2689,7,2689,8],[2692,5,2692,6],[2650,4,2650,5],[2651,4,2651,5],[2652,4,2652,5],[2653,4,2653,5],[2654,4,2654,5],[2656,7,2656,8],[2659,4,2659,5],[2660,4,2660,5],[2661,4,2661,5],[2662,4,2662,5],[2663,4,2663,5],[2664,4,2664,5],[2665,4,2665,5],[2666,4,2666,5],[2667,4,2667,5],[2668,4,2668,5],[2669,4,2669,5],[2633,4,2633,5],[2634,4,2634,5],[2635,4,2635,5],[2636,4,2636,5],[2637,4,2637,5],[2638,4,2638,5],[2639,4,2639,5],[2640,4,2640,5],[2641,4,2641,5],[2642,4,2642,5],[2643,4,2643,5],[2644,0,2644,9],[2645,4,2645,5],[2646,4,2646,5],[2647,4,2647,5],[2648,4,2648,5],[2649,4,2649,5],[2607,4,2607,5],[2608,4,2608,5],[2609,4,2609,5],[2610,4,2610,5],[2612,7,2612,8],[2615,4,2615,5],[2616,4,2616,5],[2617,4,2617,5],[2618,4,2618,5],[2619,4,2619,5],[2620,4,2620,5],[2622,7,2622,8],[2625,4,2625,5],[2626,4,2626,5],[2628,7,2628,8],[2631,5,2631,6],[2632,4,2632,5],[2582,7,2582,8],[2585,4,2585,5],[2586,4,2586,5],[2587,4,2587,5],[2588,4,2588,5],[2589,4,2589,5],[2590,4,2590,5],[2591,4,2591,5],[2593,7,2593,8],[2596,4,2596,5],[2597,4,2597,5],[2598,4,2598,5],[2599,4,2599,5],[2600,4,2600,5],[2602,7,2602,8],[2605,4,2605,5],[2606,4,2606,5],[2558,4,2558,5],[2559,4,2559,5],[2560,4,2560,5],[2562,7,2562,8],[2565,4,2565,5],[2566,4,2566,5],[2567,4,2567,5],[2568,4,2568,5],[2569,4,2569,5],[2570,4,2570,5],[2572,7,2572,8],[2575,5,2575,6],[2576,4,2576,5],[2577,4,2577,5],[2578,4,2578,5],[2579,4,2579,5],[2580,4,2580,5],[2532,4,2532,5],[2533,4,2533,5],[2534,4,2534,5],[2536,7,2536,8],[2539,4,2539,5],[2540,4,2540,5],[2541,4,2541,5],[2542,4,2542,5],[2543,4,2543,5],[2544,4,2544,5],[2546,7,2546,8],[2549,4,2549,5],[2550,4,2550,5],[2551,4,2551,5],[2552,4,2552,5],[2554,7,2554,8],[2557,4,2557,5],[2506,4,2506,5],[2508,7,2508,8],[2511,5,2511,6],[2512,4,2512,5],[2513,4,2513,5],[2514,4,2514,5],[2515,4,2515,5],[2517,7,2517,8],[2520,4,2520,5],[2521,4,2521,5],[2522,4,2522,5],[2523,4,2523,5],[2524,4,2524,5],[2525,4,2525,5],[2527,7,2527,8],[2530,4,2530,5],[2531,4,2531,5],[2483,4,2483,5],[2484,4,2484,5],[2485,4,2485,5],[2486,4,2486,5],[2488,7,2488,8],[2491,4,2491,5],[2492,4,2492,5],[2493,4,2493,5],[2494,4,2494,5],[2495,4,2495,5],[2496,4,2496,5],[2498,7,2498,8],[2501,4,2501,5],[2502,4,2502,5],[2503,4,2503,5],[2504,4,2504,5],[2505,4,2505,5],[2458,7,2458,8],[2461,4,2461,5],[2462,4,2462,5],[2463,4,2463,5],[2464,4,2464,5],[2465,4,2465,5],[2467,7,2467,8],[2470,5,2470,6],[2471,4,2471,5],[2472,4,2472,5],[2473,4,2473,5],[2474,4,2474,5],[2475,4,2475,5],[2476,4,2476,5],[2478,7,2478,8],[2481,4,2481,5],[2482,4,2482,5],[2434,4,2434,5],[2435,4,2435,5],[2436,4,2436,5],[2437,4,2437,5],[2438,4,2438,5],[2440,7,2440,8],[2443,4,2443,5],[2444,4,2444,5],[2445,4,2445,5],[2446,4,2446,5],[2447,4,2447,5],[2449,7,2449,8],[2452,4,2452,5],[2453,4,2453,5],[2454,4,2454,5],[2455,4,2455,5],[2456,4,2456,5],[2408,4,2408,5],[2409,4,2409,5],[2410,4,2410,5],[2412,7,2412,8],[2415,4,2415,5],[2416,4,2416,5],[2417,4,2417,5],[2418,4,2418,5],[2419,4,2419,5],[2421,7,2421,8],[2424,4,2424,5],[2425,4,2425,5],[2426,4,2426,5],[2427,4,2427,5],[2428,4,2428,5],[2430,7,2430,8],[2433,4,2433,5],[2382,4,2382,5],[2383,4,2383,5],[2385,7,2385,8],[2388,4,2388,5],[2389,4,2389,5],[2390,4,2390,5],[2391,4,2391,5],[2392,4,2392,5],[2394,7,2394,8],[2397,4,2397,5],[2398,4,2398,5],[2399,4,2399,5],[2400,4,2400,5],[2401,4,2401,5],[2403,7,2403,8],[2406,4,2406,5],[2407,4,2407,5],[2359,4,2359,5],[2360,4,2360,5],[2361,4,2361,5],[2362,4,2362,5],[2363,4,2363,5],[2365,7,2365,8],[2368,5,2368,6],[2369,4,2369,5],[2370,4,2370,5],[2371,4,2371,5],[2372,4,2372,5],[2373,4,2373,5],[2374,4,2374,5],[2376,7,2376,8],[2379,4,2379,5],[2380,4,2380,5],[2381,4,2381,5],[2333,4,2333,5],[2334,4,2334,5],[2336,7,2336,8],[2339,4,2339,5],[2340,4,2340,5],[2341,4,2341,5],[2342,4,2342,5],[2343,4,2343,5],[2344,4,2344,5],[2346,7,2346,8],[2349,4,2349,5],[2350,4,2350,5],[2351,4,2351,5],[2352,4,2352,5],[2353,4,2353,5],[2354,4,2354,5],[2356,7,2356,8],[2310,4,2310,5],[2311,4,2311,5],[2312,4,2312,5],[2313,4,2313,5],[2314,4,2314,5],[2316,7,2316,8],[2319,4,2319,5],[2320,4,2320,5],[2321,4,2321,5],[2322,4,2322,5],[2323,4,2323,5],[2324,4,2324,5],[2326,7,2326,8],[2329,4,2329,5],[2330,4,2330,5],[2331,4,2331,5],[2332,4,2332,5],[2284,4,2284,5],[2286,7,2286,8],[2289,4,2289,5],[2290,4,2290,5],[2291,4,2291,5],[2292,4,2292,5],[2293,4,2293,5],[2295,7,2295,8],[2298,5,2298,6],[2299,4,2299,5],[2300,4,2300,5],[2301,4,2301,5],[2302,4,2302,5],[2303,4,2303,5],[2304,4,2304,5],[2306,7,2306,8],[2309,4,2309,5],[2261,4,2261,5],[2262,4,2262,5],[2264,7,2264,8],[2267,5,2267,6],[2268,5,2268,6],[2269,4,2269,5],[2270,4,2270,5],[2271,4,2271,5],[2272,4,2272,5],[2273,4,2273,5],[2274,4,2274,5],[2276,7,2276,8],[2279,4,2279,5],[2280,4,2280,5],[2281,4,2281,5],[2282,4,2282,5],[2283,4,2283,5],[2235,4,2235,5],[2236,4,2236,5],[2238,7,2238,8],[2241,4,2241,5],[2242,4,2242,5],[2243,4,2243,5],[2244,4,2244,5],[2245,4,2245,5],[2246,4,2246,5],[2248,7,2248,8],[2251,5,2251,6],[2252,4,2252,5],[2253,4,2253,5],[2254,4,2254,5],[2255,4,2255,5],[2256,4,2256,5],[2258,7,2258,8],[2212,4,2212,5],[2213,4,2213,5],[2214,4,2214,5],[2215,4,2215,5],[2216,4,2216,5],[2218,7,2218,8],[2221,4,2221,5],[2222,4,2222,5],[2223,4,2223,5],[2224,4,2224,5],[2225,4,2225,5],[2226,4,2226,5],[2228,7,2228,8],[2231,4,2231,5],[2232,4,2232,5],[2233,4,2233,5],[2234,4,2234,5],[2186,4,2186,5],[2188,7,2188,8],[2191,4,2191,5],[2192,4,2192,5],[2193,4,2193,5],[2194,4,2194,5],[2195,4,2195,5],[2196,4,2196,5],[2198,7,2198,8],[2201,4,2201,5],[2202,4,2202,5],[2203,4,2203,5],[2204,4,2204,5],[2205,4,2205,5],[2206,4,2206,5],[2208,7,2208,8],[2211,4,2211,5],[2163,4,2163,5],[2164,4,2164,5],[2165,4,2165,5],[2166,4,2166,5],[2168,7,2168,8],[2171,4,2171,5],[2172,4,2172,5],[2173,4,2173,5],[2174,4,2174,5],[2175,4,2175,5],[2176,4,2176,5],[2178,7,2178,8],[2181,4,2181,5],[2182,4,2182,5],[2183,4,2183,5],[2184,4,2184,5],[2185,4,2185,5],[2140,4,2140,5],[2141,4,2141,5],[2142,4,2142,5],[2143,4,2143,5],[2144,4,2144,5],[2145,4,2145,5],[2147,7,2147,8],[2150,4,2150,5],[2151,4,2151,5],[2152,4,2152,5],[2153,4,2153,5],[2154,4,2154,5],[2155,4,2155,5],[2156,4,2156,5],[2158,7,2158,8],[2161,4,2161,5],[2162,4,2162,5],[2114,4,2114,5],[2115,4,2115,5],[2117,7,2117,8],[2120,4,2120,5],[2121,4,2121,5],[2122,4,2122,5],[2123,4,2123,5],[2124,4,2124,5],[2125,4,2125,5],[2127,7,2127,8],[2130,4,2130,5],[2131,4,2131,5],[2132,4,2132,5],[2133,4,2133,5],[2134,4,2134,5],[2135,4,2135,5],[2137,7,2137,8],[2091,4,2091,5],[2092,4,2092,5],[2093,4,2093,5],[2095,7,2095,8],[2098,5,2098,6],[2099,4,2099,5],[2100,4,2100,5],[2101,4,2101,5],[2102,4,2102,5],[2104,7,2104,8],[2107,4,2107,5],[2108,4,2108,5],[2109,4,2109,5],[2110,4,2110,5],[2111,4,2111,5],[2112,4,2112,5],[2113,4,2113,5],[2068,4,2068,5],[2069,4,2069,5],[2071,7,2071,8],[2074,4,2074,5],[2075,4,2075,5],[2076,4,2076,5],[2077,4,2077,5],[2078,4,2078,5],[2079,4,2079,5],[2080,4,2080,5],[2081,4,2081,5],[2083,7,2083,8],[2086,4,2086,5],[2087,4,2087,5],[2088,4,2088,5],[2089,4,2089,5],[2090,4,2090,5],[2045,4,2045,5],[2047,7,2047,8],[2050,4,2050,5],[2051,4,2051,5],[2052,4,2052,5],[2053,4,2053,5],[2054,4,2054,5],[2055,4,2055,5],[2056,4,2056,5],[2057,4,2057,5],[2058,4,2058,5],[2059,4,2059,5],[2061,7,2061,8],[2064,4,2064,5],[2065,4,2065,5],[2066,4,2066,5],[2067,4,2067,5],[2023,7,2023,8],[2026,4,2026,5],[2027,4,2027,5],[2028,4,2028,5],[2029,4,2029,5],[2030,4,2030,5],[2031,4,2031,5],[2032,4,2032,5],[2033,4,2033,5],[2035,7,2035,8],[2038,4,2038,5],[2039,4,2039,5],[2040,4,2040,5],[2041,4,2041,5],[2042,4,2042,5],[2043,4,2043,5],[2044,4,2044,5],[1999,4,1999,5],[2001,7,2001,8],[2004,4,2004,5],[2005,4,2005,5],[2006,4,2006,5],[2007,4,2007,5],[2008,4,2008,5],[2009,4,2009,5],[2010,4,2010,5],[2012,7,2012,8],[2015,4,2015,5],[2016,4,2016,5],[2017,4,2017,5],[2018,4,2018,5],[2019,4,2019,5],[2020,4,2020,5],[2021,4,2021,5],[1976,4,1976,5],[1978,7,1978,8],[1981,4,1981,5],[1982,4,1982,5],[1983,4,1983,5],[1984,4,1984,5],[1985,4,1985,5],[1986,4,1986,5],[1987,4,1987,5],[1989,7,1989,8],[1992,4,1992,5],[1993,4,1993,5],[1994,4,1994,5],[1995,4,1995,5],[1996,4,1996,5],[1997,4,1997,5],[1998,4,1998,5],[1953,4,1953,5],[1954,4,1954,5],[1956,7,1956,8],[1959,4,1959,5],[1960,4,1960,5],[1961,4,1961,5],[1962,4,1962,5],[1963,4,1963,5],[1964,4,1964,5],[1965,4,1965,5],[1967,7,1967,8],[1970,4,1970,5],[1971,4,1971,5],[1972,4,1972,5],[1973,4,1973,5],[1974,4,1974,5],[1975,4,1975,5],[1930,4,1930,5],[1932,7,1932,8],[1935,4,1935,5],[1936,4,1936,5],[1937,4,1937,5],[1938,4,1938,5],[1939,4,1939,5],[1940,4,1940,5],[1941,4,1941,5],[1942,4,1942,5],[1944,7,1944,8],[1947,4,1947,5],[1948,4,1948,5],[1949,4,1949,5],[1950,4,1950,5],[1951,4,1951,5],[1952,4,1952,5],[1907,4,1907,5],[1908,4,1908,5],[1910,7,1910,8],[1913,4,1913,5],[1914,4,1914,5],[1915,4,1915,5],[1916,4,1916,5],[1917,4,1917,5],[1918,4,1918,5],[1919,4,1919,5],[1921,7,1921,8],[1924,4,1924,5],[1925,4,1925,5],[1926,4,1926,5],[1927,4,1927,5],[1928,4,1928,5],[1929,4,1929,5],[1884,4,1884,5],[1886,7,1886,8],[1889,4,1889,5],[1890,4,1890,5],[1891,4,1891,5],[1892,4,1892,5],[1893,4,1893,5],[1894,4,1894,5],[1895,4,1895,5],[1896,4,1896,5],[1898,7,1898,8],[1901,4,1901,5],[1902,4,1902,5],[1903,4,1903,5],[1904,4,1904,5],[1905,4,1905,5],[1906,4,1906,5],[1861,4,1861,5],[1863,7,1863,8],[1866,4,1866,5],[1867,4,1867,5],[1868,4,1868,5],[1869,4,1869,5],[1870,4,1870,5],[1871,4,1871,5],[1872,4,1872,5],[1874,7,1874,8],[1877,4,1877,5],[1878,4,1878,5],[1879,4,1879,5],[1880,4,1880,5],[1881,4,1881,5],[1882,4,1882,5],[1883,4,1883,5],[1838,4,1838,5],[1840,7,1840,8],[1843,4,1843,5],[1844,4,1844,5],[1845,4,1845,5],[1846,4,1846,5],[1847,4,1847,5],[1848,4,1848,5],[1849,4,1849,5],[1850,4,1850,5],[1852,7,1852,8],[1855,4,1855,5],[1856,4,1856,5],[1857,4,1857,5],[1858,4,1858,5],[1859,4,1859,5],[1860,4,1860,5],[1815,4,1815,5],[1816,4,1816,5],[1818,7,1818,8],[1821,4,1821,5],[1822,4,1822,5],[1823,4,1823,5],[1824,4,1824,5],[1825,4,1825,5],[1826,4,1826,5],[1827,4,1827,5],[1829,7,1829,8],[1832,4,1832,5],[1833,4,1833,5],[1834,4,1834,5],[1835,4,1835,5],[1836,4,1836,5],[1837,4,1837,5],[1792,4,1792,5],[1794,7,1794,8],[1797,4,1797,5],[1798,4,1798,5],[1799,4,1799,5],[1800,4,1800,5],[1801,4,1801,5],[1802,4,1802,5],[1804,7,1804,8],[1807,4,1807,5],[1808,4,1808,5],[1809,4,1809,5],[1810,4,1810,5],[1811,4,1811,5],[1812,4,1812,5],[1813,4,1813,5],[1814,4,1814,5],[1769,4,1769,5],[1770,4,1770,5],[1771,4,1771,5],[1772,4,1772,5],[1774,7,1774,8],[1777,4,1777,5],[1778,4,1778,5],[1779,4,1779,5],[1780,4,1780,5],[1781,4,1781,5],[1782,4,1782,5],[1784,7,1784,8],[1787,4,1787,5],[1788,4,1788,5],[1789,4,1789,5],[1790,4,1790,5],[1791,4,1791,5],[1749,4,1749,5],[1750,4,1750,5],[1751,4,1751,5],[1752,4,1752,5],[1753,4,1753,5],[1754,4,1754,5],[1755,4,1755,5],[1756,4,1756,5],[1757,4,1757,5],[1758,4,1758,5],[1759,4,1759,5],[1760,4,1760,5],[1761,4,1761,5],[1763,7,1763,8],[1766,5,1766,6],[1767,4,1767,5],[1768,4,1768,5],[1726,4,1726,5],[1727,4,1727,5],[1728,4,1728,5],[1730,7,1730,8],[1733,4,1733,5],[1734,4,1734,5],[1735,4,1735,5],[1736,4,1736,5],[1737,4,1737,5],[1738,4,1738,5],[1739,4,1739,5],[1741,7,1741,8],[1744,5,1744,6],[1745,4,1745,5],[1746,4,1746,5],[1747,4,1747,5],[1748,4,1748,5],[1703,4,1703,5],[1704,4,1704,5],[1705,4,1705,5],[1706,4,1706,5],[1708,7,1708,8],[1711,4,1711,5],[1712,4,1712,5],[1713,4,1713,5],[1714,4,1714,5],[1715,4,1715,5],[1716,4,1716,5],[1717,4,1717,5],[1719,7,1719,8],[1722,4,1722,5],[1723,4,1723,5],[1724,4,1724,5],[1725,4,1725,5],[1680,5,1680,6],[1681,4,1681,5],[1682,4,1682,5],[1683,4,1683,5],[1684,4,1684,5],[1685,4,1685,5],[1686,4,1686,5],[1688,7,1688,8],[1691,4,1691,5],[1692,4,1692,5],[1693,4,1693,5],[1694,4,1694,5],[1695,4,1695,5],[1696,4,1696,5],[1698,7,1698,8],[1701,4,1701,5],[1702,4,1702,5],[1654,4,1654,5],[1655,4,1655,5],[1657,7,1657,8],[1660,4,1660,5],[1661,4,1661,5],[1662,4,1662,5],[1663,4,1663,5],[1664,4,1664,5],[1665,4,1665,5],[1667,7,1667,8],[1670,4,1670,5],[1671,4,1671,5],[1672,4,1672,5],[1673,4,1673,5],[1674,4,1674,5],[1676,7,1676,8],[1679,5,1679,6],[1631,4,1631,5],[1632,4,1632,5],[1633,4,1633,5],[1634,4,1634,5],[1635,4,1635,5],[1637,7,1637,8],[1640,4,1640,5],[1641,4,1641,5],[1642,4,1642,5],[1643,4,1643,5],[1644,4,1644,5],[1645,4,1645,5],[1647,7,1647,8],[1650,4,1650,5],[1651,4,1651,5],[1652,4,1652,5],[1653,4,1653,5],[1608,4,1608,5],[1609,4,1609,5],[1610,4,1610,5],[1611,4,1611,5],[1612,4,1612,5],[1613,4,1613,5],[1614,4,1614,5],[1615,4,1615,5],[1617,7,1617,8],[1620,4,1620,5],[1621,4,1621,5],[1622,4,1622,5],[1623,4,1623,5],[1624,4,1624,5],[1625,4,1625,5],[1627,7,1627,8],[1630,4,1630,5],[1583,7,1583,8],[1586,4,1586,5],[1587,4,1587,5],[1588,4,1588,5],[1589,4,1589,5],[1590,4,1590,5],[1591,4,1591,5],[1593,7,1593,8],[1596,4,1596,5],[1597,4,1597,5],[1598,4,1598,5],[1599,4,1599,5],[1600,4,1600,5],[1601,4,1601,5],[1602,4,1602,5],[1603,4,1603,5],[1605,7,1605,8],[1562,4,1562,5],[1563,4,1563,5],[1564,4,1564,5],[1565,4,1565,5],[1566,4,1566,5],[1567,4,1567,5],[1568,4,1568,5],[1569,4,1569,5],[1571,7,1571,8],[1574,4,1574,5],[1575,4,1575,5],[1576,4,1576,5],[1577,4,1577,5],[1578,4,1578,5],[1579,4,1579,5],[1580,4,1580,5],[1581,4,1581,5],[1539,4,1539,5],[1540,4,1540,5],[1541,4,1541,5],[1542,4,1542,5],[1543,4,1543,5],[1544,4,1544,5],[1545,4,1545,5],[1547,7,1547,8],[1550,4,1550,5],[1551,4,1551,5],[1552,4,1552,5],[1553,4,1553,5],[1554,4,1554,5],[1555,4,1555,5],[1556,4,1556,5],[1557,4,1557,5],[1559,7,1559,8],[1516,4,1516,5],[1517,4,1517,5],[1518,4,1518,5],[1519,4,1519,5],[1520,4,1520,5],[1521,4,1521,5],[1523,7,1523,8],[1526,4,1526,5],[1527,4,1527,5],[1528,4,1528,5],[1529,4,1529,5],[1530,4,1530,5],[1531,4,1531,5],[1532,4,1532,5],[1533,4,1533,5],[1535,7,1535,8],[1538,4,1538,5],[1493,4,1493,5],[1494,4,1494,5],[1495,4,1495,5],[1496,4,1496,5],[1497,4,1497,5],[1498,4,1498,5],[1499,4,1499,5],[1501,7,1501,8],[1504,4,1504,5],[1505,4,1505,5],[1506,4,1506,5],[1507,4,1507,5],[1508,4,1508,5],[1509,4,1509,5],[1510,4,1510,5],[1511,4,1511,5],[1513,7,1513,8],[1470,4,1470,5],[1471,4,1471,5],[1472,4,1472,5],[1473,4,1473,5],[1474,4,1474,5],[1475,4,1475,5],[1477,7,1477,8],[1480,4,1480,5],[1481,4,1481,5],[1482,4,1482,5],[1483,4,1483,5],[1484,4,1484,5],[1485,4,1485,5],[1486,4,1486,5],[1487,4,1487,5],[1489,7,1489,8],[1492,4,1492,5],[1447,4,1447,5],[1448,4,1448,5],[1449,4,1449,5],[1450,4,1450,5],[1451,4,1451,5],[1453,7,1453,8],[1456,4,1456,5],[1457,4,1457,5],[1458,4,1458,5],[1459,4,1459,5],[1460,4,1460,5],[1461,4,1461,5],[1462,4,1462,5],[1463,4,1463,5],[1465,7,1465,8],[1468,4,1468,5],[1469,4,1469,5],[1424,4,1424,5],[1425,4,1425,5],[1426,4,1426,5],[1427,4,1427,5],[1429,7,1429,8],[1432,4,1432,5],[1433,4,1433,5],[1434,4,1434,5],[1435,4,1435,5],[1436,4,1436,5],[1437,4,1437,5],[1438,4,1438,5],[1439,4,1439,5],[1441,7,1441,8],[1444,4,1444,5],[1445,4,1445,5],[1446,4,1446,5],[1401,4,1401,5],[1402,4,1402,5],[1403,4,1403,5],[1405,7,1405,8],[1408,4,1408,5],[1409,4,1409,5],[1410,4,1410,5],[1411,4,1411,5],[1412,4,1412,5],[1413,4,1413,5],[1414,4,1414,5],[1415,4,1415,5],[1417,7,1417,8],[1420,4,1420,5],[1421,4,1421,5],[1422,4,1422,5],[1423,4,1423,5],[1378,4,1378,5],[1379,4,1379,5],[1381,7,1381,8],[1384,4,1384,5],[1385,4,1385,5],[1386,4,1386,5],[1387,4,1387,5],[1388,4,1388,5],[1389,4,1389,5],[1390,4,1390,5],[1391,4,1391,5],[1393,7,1393,8],[1396,4,1396,5],[1397,4,1397,5],[1398,4,1398,5],[1399,4,1399,5],[1400,4,1400,5],[1355,4,1355,5],[1357,7,1357,8],[1360,4,1360,5],[1361,4,1361,5],[1362,4,1362,5],[1363,4,1363,5],[1364,4,1364,5],[1365,4,1365,5],[1366,4,1366,5],[1367,4,1367,5],[1369,7,1369,8],[1372,4,1372,5],[1373,4,1373,5],[1374,4,1374,5],[1375,4,1375,5],[1376,4,1376,5],[1377,4,1377,5],[1333,7,1333,8],[1336,4,1336,5],[1337,4,1337,5],[1338,4,1338,5],[1339,4,1339,5],[1340,4,1340,5],[1341,4,1341,5],[1342,4,1342,5],[1343,4,1343,5],[1345,7,1345,8],[1348,4,1348,5],[1349,4,1349,5],[1350,4,1350,5],[1351,4,1351,5],[1352,4,1352,5],[1353,4,1353,5],[1354,4,1354,5],[1312,4,1312,5],[1313,4,1313,5],[1314,4,1314,5],[1315,4,1315,5],[1316,4,1316,5],[1317,4,1317,5],[1318,4,1318,5]],"merged_total":1994,"flags":["merged_cut"]}
[]
["Ministério do Desenvolvimento Regional - MDR"]
["Companhia de Desenvolvimento dos Vales do São Francisco e do Parnaíba"]
[]
["ORÇAMENTO ANALÍTICO"]
[]
["OBJETO: SERVIÇOS COMUNS DE ENGENHARIA PARA EXECUÇÃO DE PÁTIO PARA MÚLTIPLOS USOS EM DIVERSOS MUNICÍPIOS DO ESTADO DO AMAPÁ SOB A ÁREA DE ATUAÇÃO DA 11ª SUPERINTENDÊNCIA REGIONAL DA CODEVASF ATRAVÉS DE SISTEMA DE REGISTRO DE PREÇOS - SRP (ZONA 1)"]
[]
[]
[" 1 ",null,null,"PROJETO EXECUTIVO",{"$nulls":5},3254.7]
[null,"Código","Banco","Descrição","Tipo",null,"Und","Quant.","Valor Unit","Total"]
["Insumo"," 00034782 ","SINAPI","ENGENHEIRO CIVIL SENIOR","Mão de Obra",null,"H",1,171.88,171.88]
[{"$nulls":4},"MO sem LS =>",171.88,"LS =>",0,"MO com LS =>",171.88]
[{"$nulls":4},"Valor do BDI =>",null,null,"Valor com BDI =>",null,216.98]
[{"$nulls":6},"Quant. =>","15,00","Preço Total =>",3254.7]
[]
[" 2 ",null,null,"SERVIÇOS PRELIMINARES",{"$nulls":5},130643.3]
[" 2.1 ","Código","Banco","Descrição","Tipo",null,"Und","Quant.","Valor Unit","Total"]
["Composição"," MS-0009 ","Próprio","ADMINISTRAÇÃO LOCAL 11ª SR - 6 MESES","CANT - CANTEIRO DE OBRAS",null,"UND",1,69327.38,69327.38]
["Composição Auxiliar"," 90778 ","SINAPI","ENGENHEIRO CIVIL DE OBRA PLENO COM ENCARGOS COMPLEMENTARES","SEDI - SERVIÇOS DIVERSOS",null,"H",96,135.94,13050.24]
["Composição Auxiliar"," 90780 ","SINAPI","MESTRE DE OBRAS COM ENCARGOS COMPLEMENTARES","SEDI - SERVIÇOS DIVERSOS",null,"H",1320,42.36,55915.199999999997]
["Insumo"," 00044480 ","SINAPI","TARIFA \"A\" ENTRE 0 E 20M3 FORNECIMENTO D'AGUA","Taxas",null,"m³",18.350000000000001,19.670000000000002,360.94]
["Insumo"," 00014250 ","SINAPI","ENERGIA ELETRICA COMERCIAL, BAIXA TENSAO, RELATIVA AO CONSUMO DE ATE 100 KWH, INCLUINDO ICMS, PIS/PASEP E COFINS","Material",null,"KW/H",0.97,1.04,1]
[{"$nulls":4},"MO sem LS =>",65056.32,"LS =>",0,"MO com LS =>",65056.32]
[{"$nulls":4},"Valor do BDI =>",18191.5,null,"Valor com BDI =>",null,87518.88]
[{"$nulls":6},"Quant. =>","1,00","Preço Total =>",87518.88]
[]
[" 2.2 ","Código","Banco","Descrição","Tipo",null,"Und","Quant.","Valor Unit","Total"]
["Composição"," MS-0008 ","Próprio","PLACA DE OBRA (3,60M X 1,80M)","SERP - SERVIÇOS PRELIMINARES",null,"M²",1,517.92999999999995,517.92999999999995]
["Composição Auxiliar"," 88262 ","SINAPI","CARPINTEIRO DE FORMAS COM ENCARGOS COMPLEMENTARES","SEDI - SERVIÇOS DIVERSOS",null,"H",1,25.79,25.79]
["Composição Auxiliar"," 87445 ","SINAPI","BETONEIRA CAPACIDADE NOMINAL 400 L, CAPACIDADE DE MISTURA 310 L, MOTOR A DIESEL POTÊNCIA 5,0 HP, SEM CARREGADOR - CHP DIURNO. AF_05/2023","CHOR - CUSTOS HORÁRIOS DE MÁQUINAS E EQUIPAMENTOS",null,"CHP",0.01,5.79,0.05]
["Composição Auxiliar"," 88316 ","SINAPI","SERVENTE COM ENCARGOS COMPLEMENTARES","SEDI - SERVIÇOS DIVERSOS",null,"H",2.06,19.850000000000001,40.89]
["Insumo"," 00004813 ","SINAPI","PLACA DE OBRA (PARA CONSTRUCAO CIVIL) EM CHAPA GALVANIZADA *N. 22*, ADESIVADA, DE *2,4 X 1,2* M (SEM POSTES PARA FIXACAO)","Material",null,"M²",1,400,400]
["Insumo"," 00004491 ","SINAPI","PONTALETE *7,5 X 7,5* CM EM PINUS, MISTA OU EQUIVALENTE DA REGIAO - BRUTA","Material",null,"M",4,9.42,37.68]
["Insumo"," 00004417 ","SINAPI","SARRAFO NAO APARELHADO *2,5 X 7* CM, EM MACARANDUBA/MASSARANDUBA, ANGELIM, PEROBA-ROSA OU EQUIVALENTE DA REGIAO - BRUTA","Material",null,"M",1,5.32,5.32]
["Insumo"," 00001379 ","SINAPI","CIMENTO PORTLAND COMPOSTO CP II-32","Material",null,"KG",1.5,1.1200000000000001,1.68]
["Insumo"," 00004718 ","SINAPI","PEDRA BRITADA N. 2 (19 A 38 MM) POSTO PEDREIRA/FORNECEDOR, SEM FRETE","Material",null,"M³",0.01,325,3.25]
["Insumo"," 00005075 ","SINAPI","PREGO DE ACO POLIDO COM CABECA 18 X 30 (2 3/4 X 10)","Material",null,"KG",0.11,16.12,1.77]
["Insumo"," 00000370 ","SINAPI","AREIA MEDIA - POSTO JAZIDA/FORNECEDOR (RETIRADO NA JAZIDA, SEM TRANSPORTE)","Material",null,"M³",0.01,150,1.5]
[{"$nulls":4},"MO sem LS =>",53.13,"LS =>",0,"MO com LS =>",53.13]
[{"$nulls":4},"Valor do BDI =>",135.9,null,"Valor com BDI =>",null,653.83000000000004]
[{"$nulls":6},"Quant. =>","6,48","Preço Total =>",4236.8100000000004]
[]
[" 2.3 ","Código","Banco","Descrição","Tipo",null,"Und","Quant.","Valor Unit","Total"]
["Composição"," 4657 ","ORSE","Locação de container - Escritório com banheiro - 6,20 x 2,40m - Rev 02_02/2022","Mobilização / Instalações Provisórias / Desmobilização",null,"mês",1,1600,1600]
["Item","Código","Banco","Descrição","Tipo",null,"Und","Quant.","Valor Unit","Total"]
["Insumo"," 4298 ","ORSE","Aluguel de container - Escritório com banheiro - 6,20 x 2,40m, equipado com Ar condicionado","Serviços",null,"mês",1,"1.600,00","1.600,00"]
["Detalhamento de Cálculo ORSE"]
["Item","Código","Banco","Descrição","Tipo",null,"Und","Quant.","Valor Unit","Total"]
["Insumo"," 4298 ","ORSE","Aluguel de container - Escritório com banheiro - 6,20 x 2,40m, equipado com Ar condicionado","Serviços",null,"mês",1,"1.600,00","1.600,00"]
[{"$nulls":4},"MO sem LS =>",0,"LS =>",0,"MO com LS =>",0]
[{"$nulls":4},"Valor do BDI =>",419.84,null,"Valor com BDI =>",null,2019.84]
[{"$nulls":6},"Quant. =>","6,00","Preço Total =>",12119.04]
[]
[" 2.4 ","Código","Banco","Descrição","Tipo",null,"Und","Quant.","Valor Unit","Total"]
["Composição"," 012212 ","SBC","BARRACAO PARA DEPOSITO EM CHAPA DE MADEIRA COMPENSADA","INSTALACOES PROVISORIAS",null,"m²",1,954.59,954.59]
["Insumo"," 001825 ","SBC","MADEIRA DE LEI-RIPA 5x1,5cm","Material",null,"M",4.9489999999999998,3.03,14.99]
["Insumo"," 012721 ","SBC","FECHADURA INTERNA 40mm ACO CROMADO ACETINADO UNA Z AROUCA","Material",null,"UN",8.8999999999999996E-2,170,15.13]
["Insumo"," 012743 ","SBC","DOBRADICA FERRO GALVANIZADO 1.1/2\"x 3\"","Material",null,"UN",0.48,9.06,4.34]
["Insumo"," 099350 ","SBC","CARPINTEIRO DE FORMAS","Mão de Obra",null,"H",7.5540000000000003,20.222367999999999,152.75]
["Insumo"," 001420 ","SBC","PREGO FERRO GALVANIZADO 17x21 (305 un/kg)","Material",null,"KG",0.39,24.99,9.74]
["Insumo"," 001350 ","SBC","PONTALETE 7,5x7,5cm (3x3\") PERNA/BARROTE/ESTRONCA","Material",null,"M",9.86,8.7100000000000009,85.88]
["Insumo"," 099449 ","SBC","AJUDANTE DE CARPINTEIRO","Mão de Obra",null,"H",10.121,16.066500000000001,162.6]
["Insumo"," 099900 ","SBC","SERVENTE","Mão de Obra",null,"H",10.702999999999999,15.31673,163.93]
["Insumo"," 002004 ","SBC","TELHA CIMENTICIA ONDULADA 5mm 1,83x1,10 (2,01m2)","Material",null,"m²",1.23,24.53,30.17]
["Insumo"," 001250 ","SBC","TABUA NAO APARELHADA 2,50x20cm MASSARANDURA/ANGELIN OU EQUIVALENTE BRUTA","Material",null,"M",6.1,22.47,137.06]
["Insumo"," 006473 ","SBC","CHAPA DE COMPENSADO RESINADO FENOLICO 12mm 2,20x1.10m(2,42m2)","Material",null,"m²",4.8239999999999998,36.9,178]
[{"$nulls":4},"MO sem LS =>",479.28,"LS =>",0,"MO com LS =>",479.28]
[{"$nulls":4},"Valor do BDI =>",250.48,null,"Valor com BDI =>",null,1205.07]
[{"$nulls":6},"Quant. =>","10,00","Preço Total =>",12050.7]
[]
[" 2.5 ","Código","Banco","Descrição","Tipo",null,"Und","Quant.","Valor Unit","Total"]
["Composição"," 4177 ","ORSE","Locação de construção de edificação acima de 1000 m2,  inclusive execução de gabarito de madeira","Locação de Edificações",null,"m²",1,5.61,5.61]
["Item","Código","Banco","Descrição","Tipo",null,"Und","Quant.","Valor Unit","Total"]
["Composição"," 10549 ","ORSE","Encargos Complementares - Servente","Provisórios",null,"h",0.04,"3,80","0,15"]
["Insumo"," 48 ","ORSE","Auxiliar topografia - SICRO","Mão de Obra",null,"h",0.02,"21,66","0,43"]
["Insumo"," 1569 ","ORSE","Madeira mista serrada (barrote) 6 x 6cm - 0,0036 m3/m (angelim, louro)","Material",null,"m",0.09,"6,69","0,60"]
["Insumo"," 00001213/SINAPI ","ORSE","Carpinteiro de formas para concreto (horista)","Mão de Obra",null,"h",0.04,"19,02","0,76"]
["Insumo"," 00005067/SINAPI ","ORSE","Prego de aco polido com cabeca 16 x 24 (2 1/4 x 12)","Material",null,"kg",1.2E-2,"18,01","0,21"]
["Composição"," 10551 ","ORSE","Encargos Complementares - Carpinteiro","Provisórios",null,"h",0.04,"3,71","0,14"]
["Insumo"," 00000345/SINAPI ","ORSE","Arame galvanizado 18 bwg, d = 1,24mm (0,009 kg/m)","Material",null,"kg",0.02,"35,89","0,71"]
["Insumo"," 00006111/SINAPI ","ORSE","Servente de obras (horista)","Mão de Obra",null,"h",0.04,"14,58","0,58"]
["Insumo"," 70 ","ORSE","Topógrafo - SICRO","Mão de Obra",null,"h",0.02,"36,76","0,73"]
["Insumo"," 00010567/SINAPI ","ORSE","Tabua *2,5 x 23* cm em pinus, mista ou equivalente da regiao - bruta","Material",null,"m",0.11,"12,27","1,34"]
["Detalhamento de Cálculo ORSE"]
["Item","Código","Banco","Descrição","Tipo",null,"Und","Quant.","Valor Unit","Total"]
["Insumo"," 941 ","ORSE","Fardamento com mangas curta","Material",null,"un",1.2E-4,"195,36","0,02"]
["Insumo"," 4729 ","ORSE","Marreta 1 kg com cabo","Material",null,"un",3.9999999999999998E-6,"37,80","0,00"]
["Insumo"," 00012893/SINAPI ","ORSE","Bota de seguranca com biqueira de aco e colarinho acolchoado","Material",null,"par",6.0000000000000002E-5,"67,20","0,00"]
["Insumo"," 2378 ","ORSE","Vale transporte","Material",null,"un",6.3800000000000003E-3,"4,50","0,02"]
["Insumo"," 10761 ","ORSE","Refeição - café da manhã ( café com leite e dois pães com manteiga)","Serviços",null,"un",8.1440000000000002E-3,"5,00","0,04"]
["Insumo"," 00012894/SINAPI ","ORSE","Capa para chuva em pvc com forro de poliester, com capuz (amarela ou azul)","Material",null,"un",1.5999999999999999E-5,"18,20","0,00"]
["Insumo"," 10492 ","ORSE","Cesta Básica","Material",null,"un",3.6000000000000002E-4,"190,00","0,06"]
["Insumo"," 10517 ","ORSE","Exames admissionais/demissionais (checkup)","Serviços",null,"cj",3.1999999999999999E-5,"300,00","0,00"]
["Insumo"," 00002711/SINAPI ","ORSE","Carrinho de mao, em aco, com capacidade de *45 a 65* l / *100* kg, pneu com camara","Material",null,"un",7.9999999999999996E-6,"175,45","0,00"]
["Insumo"," 158 ","ORSE","Almoço (Participação do empregador)","Material",null,"un",8.1440000000000002E-3,"14,00","0,11"]
["Insumo"," 00012895/SINAPI ","ORSE","Capacete de seguranca aba frontal com suspensao de polietileno, sem jugular (classe b)","Material",null,"un",4.8000000000000001E-5,"14,00","0,00"]
["Insumo"," 10788 ","ORSE","Pá quadrada","Material",null,"un",7.9999999999999996E-6,"36,90","0,00"]
["Insumo"," 00012892/SINAPI ","ORSE","Luva raspa de couro, cano curto (punho *7* cm)","Material",null,"par",1.84E-4,"12,60","0,00"]
["Insumo"," 4728 ","ORSE","Talhadeira chata 10\"","Material",null,"un",1.2E-5,"18,58","0,00"]
["Insumo"," 1651 ","ORSE","Óculos branco proteção","Material",null,"pr",6.0000000000000002E-5,"7,00","0,00"]
["Insumo"," 10596 ","ORSE","Protetor auricular","Material",null,"un",3.6000000000000002E-4,"4,90","0,00"]
["Insumo"," 10599 ","ORSE","Protetor solar fps 30 com 120ml","Material",null,"un",1.44E-4,"18,00","0,00"]
["Insumo"," 10362 ","ORSE","Seguro de vida e acidente em grupo","Serviços",null,"un",3.6000000000000002E-4,"12,54","0,00"]
["Insumo"," 48 ","ORSE","Auxiliar topografia - SICRO","Mão de Obra",null,"h",0.02,"21,66","0,43"]
["Insumo"," 1569 ","ORSE","Madeira mista serrada (barrote) 6 x 6cm - 0,0036 m3/m (angelim, louro)","Material",null,"m",0.09,"6,69","0,60"]
["Insumo"," 00001213/SINAPI ","ORSE","Carpinteiro de formas para concreto (horista)","Mão de Obra",null,"h",0.04,"19,02","0,76"]
["Insumo"," 00005067/SINAPI ","ORSE","Prego de aco polido com cabeca 16 x 24 (2 1/4 x 12)","Material",null,"kg",1.2E-2,"18,01","0,21"]
["Insumo"," 11248 ","ORSE","Furadeira e Parafusadeira eletrica Bosch ou Similar profissional","Equipamento",null,"un",3.9999999999999998E-6,"246,00","0,00"]
["Insumo"," 11244 ","ORSE","Martelo com unha","Material",null,"un",7.9999999999999996E-6,"48,95","0,00"]
["Insumo"," 11249 ","ORSE","Serra circular eletrica portatil","Equipamento",null,"un",3.9999999999999998E-6,"617,95","0,00"]
["Insumo"," 10578 ","ORSE","Formão grande","Material",null,"un",7.9999999999999996E-6,"15,15","0,00"]
["Insumo"," 10577 ","ORSE","Serrote 40cm","Material",null,"un",3.9999999999999998E-6,"29,90","0,00"]
["Insumo"," 10579 ","ORSE","Chave de fenda chata 30 cm","Material",null,"un",7.9999999999999996E-6,"26,89","0,00"]
["Insumo"," 00000345/SINAPI ","ORSE","Arame galvanizado 18 bwg, d = 1,24mm (0,009 kg/m)","Material",null,"kg",0.02,"35,89","0,71"]
["Insumo"," 00006111/SINAPI ","ORSE","Servente de obras (horista)","Mão de Obra",null,"h",0.04,"14,58","0,58"]
["Insumo"," 70 ","ORSE","Topógrafo - SICRO","Mão de Obra",null,"h",0.02,"36,76","0,73"]
["Insumo"," 00010567/SINAPI ","ORSE","Tabua *2,5 x 23* cm em pinus, mista ou equivalente da regiao - bruta","Material",null,"m",0.11,"12,27","1,34"]
[{"$nulls":4},"MO sem LS =>",2.5,"LS =>",0,"MO com LS =>",2.5]
[{"$nulls":4},"Valor do BDI =>",1.47,null,"Valor com BDI =>",null,7.08]
[{"$nulls":6},"Quant. =>","918,22","Preço Total =>",6500.99]
[]
[" 2.6 ","Código","Banco","Descrição","Tipo",null,"Und","Quant.","Valor Unit","Total"]
["Composição"," 105118 ","SINAPI","TAPUME EM CHAPA DE MADEIRA OSB. AF_03/2024","Instalações para Canteiros de Obras",null,"m²",1,64.34,64.34]
["Composição Auxiliar"," 91693 ","SINAPI","SERRA CIRCULAR DE BANCADA COM MOTOR ELÉTRICO POTÊNCIA DE 5HP, COM COIFA PARA DISCO 10\" - CHI DIURNO. AF_08/2015","CHOR - CUSTOS HORÁRIOS DE MÁQUINAS E EQUIPAMENTOS",null,"CHI",2.64E-2,34.229999999999997,0.9]
["Composição Auxiliar"," 88262 ","SINAPI","CARPINTEIRO DE FORMAS COM ENCARGOS COMPLEMENTARES","SEDI - SERVIÇOS DIVERSOS",null,"H",0.79,25.79,20.37]
["Composição Auxiliar"," 88239 ","SINAPI","AJUDANTE DE CARPINTEIRO COM ENCARGOS COMPLEMENTARES","SEDI - SERVIÇOS DIVERSOS",null,"H",0.52900000000000003,21.73,11.49]
["Composição Auxiliar"," 94974 ","SINAPI","CONCRETO MAGRO PARA LASTRO, TRAÇO 1:4,5:4,5 (EM MASSA SECA DE CIMENTO/ AREIA MÉDIA/ BRITA 1) - PREPARO MANUAL. AF_05/2021","FUES - FUNDAÇÕES E ESTRUTURAS",null,"m³",6.1000000000000004E-3,691.08,4.21]
["Composição Auxiliar"," 91692 ","SINAPI","SERRA CIRCULAR DE BANCADA COM MOTOR ELÉTRICO POTÊNCIA DE 5HP, COM COIFA PARA DISCO 10\" - CHP DIURNO. AF_08/2015","CHOR - CUSTOS HORÁRIOS DE MÁQUINAS E EQUIPAMENTOS",null,"CHP",6.6E-3,35.68,0.23]
["Insumo"," 00005061 ","SINAPI","PREGO DE ACO POLIDO COM CABECA 18 X 27 (2 1/2 X 10)","Material",null,"KG",6.8000000000000005E-2,15.85,1.07]
["Insumo"," 00006194 ","SINAPI","TABUA *2,5 X 15 CM EM PINUS, MISTA OU EQUIVALENTE DA REGIAO - BRUTA","Material",null,"M",2,6.73,13.46]
["Insumo"," 00004491 ","SINAPI","PONTALETE *7,5 X 7,5* CM EM PINUS, MISTA OU EQUIVALENTE DA REGIAO - BRUTA","Material",null,"M",1.2273000000000001,9.42,11.56]
["Insumo"," 00044673 ","SINAPI","CHAPA DE MADEIRA OSB, DE 2,20 X 1,10 M, E = 14 MM","Material",null,"m²",1.05,1,1.05]
[{"$nulls":4},"MO sem LS =>",27.72,"LS =>",0,"MO com LS =>",27.72]
[{"$nulls":4},"Valor do BDI =>",16.88,null,"Valor com BDI =>",null,81.22]
[{"$nulls":6},"Quant. =>","57,20","Preço Total =>",4645.78]
[]
[" 2.7 ","Código","Banco","Descrição","Tipo",null,"Und","Quant.","Valor Unit","Total"]
["Composição"," 98525 ","SINAPI","LIMPEZA MECANIZADA DE CAMADA VEGETAL, VEGETAÇÃO E PEQUENAS ÁRVORES (DIÂMETRO DE TRONCO MENOR QUE 0,20 M), COM TRATOR DE ESTEIRAS. AF_03/2024","URBA - URBANIZAÇÃO",null,"m²",1,0.67,0.67]
["Composição Auxiliar"," 88441 ","SINAPI","JARDINEIRO COM ENCARGOS COMPLEMENTARES","SEDI - SERVIÇOS DIVERSOS",null,"H",4.5999999999999999E-3,20.3,0.09]
["Composição Auxiliar"," 89032 ","SINAPI","TRATOR DE ESTEIRAS, POTÊNCIA 100 HP, PESO OPERACIONAL 9,4 T, COM LÂMINA 2,19 M3 - CHP DIURNO. AF_06/2014","CHOR - CUSTOS HORÁRIOS DE MÁQUINAS E EQUIPAMENTOS",null,"CHP",1.6999999999999999E-3,210.06,0.35]
["Composição Auxiliar"," 89031 ","SINAPI","TRATOR DE ESTEIRAS, POTÊNCIA 100 HP, PESO OPERACIONAL 9,4 T, COM LÂMINA 2,19 M3 - CHI DIURNO. AF_06/2014","CHOR - CUSTOS HORÁRIOS DE MÁQUINAS E EQUIPAMENTOS",null,"CHI",2.8999999999999998E-3,82.48,0.23]
[{"$nulls":4},"MO sem LS =>",0.2,"LS =>",0,"MO com LS =>",0.2]
[{"$nulls":4},"Valor do BDI =>",0.17,null,"Valor com BDI =>",null,0.84]
[{"$nulls":6},"Quant. =>","1.066,00","Preço Total =>",895.44]
[]
[" 2.8 ","Código","Banco","Descrição","Tipo",null,"Und","Quant.","Valor Unit","Total"]
["Composição"," 100576 ","SINAPI","REGULARIZAÇÃO E COMPACTAÇÃO DE SUBLEITO DE SOLO PREDOMINANTEMENTE ARGILOSO, PARA OBRAS DE CONSTRUÇÃO DE PAVIMENTOS. AF_09/2024","PAVI - PAVIMENTAÇÃO",null,"m²",1,1.99,1.99]
["Composição Auxiliar"," 5901 ","SINAPI","CAMINHÃO PIPA 10.000 L TRUCADO, PESO BRUTO TOTAL 23.000 KG, CARGA ÚTIL MÁXIMA 15.935 KG, DISTÂNCIA ENTRE EIXOS 4,8 M, POTÊNCIA 230 CV, INCLUSIVE TANQUE DE AÇO PARA TRANSPORTE DE ÁGUA - CHP DIURNO. AF_06/2014","CHOR - CUSTOS HORÁRIOS DE MÁQUINAS E EQUIPAMENTOS",null,"CHP",1.0702000000000001E-3,329.53,0.35]
["Composição Auxiliar"," 88316 ","SINAPI","SERVENTE COM ENCARGOS COMPLEMENTARES","SEDI - SERVIÇOS DIVERSOS",null,"H",8.6151999999999999E-3,19.850000000000001,0.17]
["Composição Auxiliar"," 96463 ","SINAPI","ROLO COMPACTADOR DE PNEUS, ESTÁTICO, PRESSÃO VARIÁVEL, POTÊNCIA 110 HP, PESO SEM/COM LASTRO 10,8/27 T, LARGURA DE ROLAGEM 2,30 M - CHP DIURNO. AF_06/2017","CHOR - CUSTOS HORÁRIOS DE MÁQUINAS E EQUIPAMENTOS",null,"CHP",7.5109999999999999E-4,229.93,0.17]
["Composição Auxiliar"," 5903 ","SINAPI","CAMINHÃO PIPA 10.000 L TRUCADO, PESO BRUTO TOTAL 23.000 KG, CARGA ÚTIL MÁXIMA 15.935 KG, DISTÂNCIA ENTRE EIXOS 4,8 M, POTÊNCIA 230 CV, INCLUSIVE TANQUE DE AÇO PARA TRANSPORTE DE ÁGUA - CHI DIURNO. AF_06/2014","CHOR - CUSTOS HORÁRIOS DE MÁQUINAS E EQUIPAMENTOS",null,"CHI",2.5891999999999998E-3,69.69,0.18]
["Composição Auxiliar"," 96464 ","SINAPI","ROLO COMPACTADOR DE PNEUS, ESTÁTICO, PRESSÃO VARIÁVEL, POTÊNCIA 110 HP, PESO SEM/COM LASTRO 10,8/27 T, LARGURA DE ROLAGEM 2,30 M - CHI DIURNO. AF_06/2017","CHOR - CUSTOS HORÁRIOS DE MÁQUINAS E EQUIPAMENTOS",null,"CHI",2.9082999999999999E-3,94.35,0.27]
["Composição Auxiliar"," 5932 ","SINAPI","MOTONIVELADORA POTÊNCIA BÁSICA LÍQUIDA (PRIMEIRA MARCHA) 125 HP, PESO BRUTO 13032 KG, LARGURA DA LÂMINA DE 3,7 M - CHP DIURNO. AF_06/2014","CHOR - CUSTOS HORÁRIOS DE MÁQUINAS E EQUIPAMENTOS",null,"CHP",3.0249999999999998E-4,259.83999999999997,7.0000000000000007E-2]
["Composição Auxiliar"," 5934 ","SINAPI","MOTONIVELADORA POTÊNCIA BÁSICA LÍQUIDA (PRIMEIRA MARCHA) 125 HP, PESO BRUTO 13032 KG, LARGURA DA LÂMINA DE 3,7 M - CHI DIURNO. AF_06/2014","CHOR - CUSTOS HORÁRIOS DE MÁQUINAS E EQUIPAMENTOS",null,"CHI",8.3126999999999993E-3,94.75,0.78]
[{"$nulls":4},"MO sem LS =>",0.5,"LS =>",0,"MO com LS =>",0.5]
[{"$nulls":4},"Valor do BDI =>",0.52,null,"Valor com BDI =>",null,2.5099999999999998]
[{"$nulls":6},"Quant. =>","1.066,00","Preço Total =>",2675.66]
[]
[" 3 ",null,null,"MOVIMENTO DE TERRA PARA FUNDAÇÕES",{"$nulls":5},6494.59]
[" 3.1 ","Código","Banco","Descrição","Tipo",null,"Und","Quant.","Valor Unit","Total"]
["Composição"," 94318 ","SINAPI","ATERRO MECANIZADO DE VALA COM RETROESCAVADEIRA (CAPACIDADE DA CAÇAMBA DA RETRO: 0,26 M³ / POTÊNCIA: 88 HP), LARGURA ATÉ 1,5 M, PROFUNDIDADE DE 1,5 A 3,0 M, COM SOLO ARGILO-ARENOSO. AF_08/2023","MOVT - MOVIMENTO DE TERRA",null,"m³",1,66.83,66.83]
["Composição Auxiliar"," 5678 ","SINAPI","RETROESCAVADEIRA SOBRE RODAS COM CARREGADEIRA, TRAÇÃO 4X4, POTÊNCIA LÍQ. 88 HP, CAÇAMBA CARREG. CAP. MÍN. 1 M3, CAÇAMBA RETRO CAP. 0,26 M3, PESO OPERACIONAL MÍN. 6.674 KG, PROFUNDIDADE ESCAVAÇÃO MÁX. 4,37 M - CHP DIURNO. AF_06/2014","CHOR - CUSTOS HORÁRIOS DE MÁQUINAS E EQUIPAMENTOS",null,"CHP",2.2200000000000001E-2,146.71,3.25]
["Composição Auxiliar"," 5901 ","SINAPI","CAMINHÃO PIPA 10.000 L TRUCADO, PESO BRUTO TOTAL 23.000 KG, CARGA ÚTIL MÁXIMA 15.935 KG, DISTÂNCIA ENTRE EIXOS 4,8 M, POTÊNCIA 230 CV, INCLUSIVE TANQUE DE AÇO PARA TRANSPORTE DE ÁGUA - CHP DIURNO. AF_06/2014","CHOR - CUSTOS HORÁRIOS DE MÁQUINAS E EQUIPAMENTOS",null,"CHP",5.4000000000000003E-3,329.53,1.77]
["Composição Auxiliar"," 88316 ","SINAPI","SERVENTE COM ENCARGOS COMPLEMENTARES","SEDI - SERVIÇOS DIVERSOS",null,"H",3.0300000000000001E-2,19.850000000000001,0.6]
["Composição Auxiliar"," 5679 ","SINAPI","RETROESCAVADEIRA SOBRE RODAS COM CARREGADEIRA, TRAÇÃO 4X4, POTÊNCIA LÍQ. 88 HP, CAÇAMBA CARREG. CAP. MÍN. 1 M3, CAÇAMBA RETRO CAP. 0,26 M3, PESO OPERACIONAL MÍN. 6.674 KG, PROFUNDIDADE ESCAVAÇÃO MÁX. 4,37 M - CHI DIURNO. AF_06/2014","CHOR - CUSTOS HORÁRIOS DE MÁQUINAS E EQUIPAMENTOS",null,"CHI",3.2099999999999997E-2,58.88,1.89]
["Composição Auxiliar"," 91533 ","SINAPI","COMPACTADOR DE SOLOS DE PERCUSSÃO (SOQUETE) COM MOTOR A GASOLINA 4 TEMPOS, POTÊNCIA 4 CV - CHP DIURNO. AF_08/2015","CHOR - CUSTOS HORÁRIOS DE MÁQUINAS E EQUIPAMENTOS",null,"CHP",0.1285,42.46,5.45]
["Composição Auxiliar"," 5903 ","SINAPI","CAMINHÃO PIPA 10.000 L TRUCADO, PESO BRUTO TOTAL 23.000 KG, CARGA ÚTIL MÁXIMA 15.935 KG, DISTÂNCIA ENTRE EIXOS 4,8 M, POTÊNCIA 230 CV, INCLUSIVE TANQUE DE AÇO PARA TRANSPORTE DE ÁGUA - CHI DIURNO. AF_06/2014","CHOR - CUSTOS HORÁRIOS DE MÁQUINAS E EQUIPAMENTOS",null,"CHI",5.9999999999999995E-4,69.69,0.04]
["Insumo"," 00006079 ","SINAPI","ARGILA, ARGILA VERMELHA OU ARGILA ARENOSA (RETIRADA NA JAZIDA, SEM TRANSPORTE)","Material",null,"M³",1.3889,38.76,53.83]
[{"$nulls":4},"MO sem LS =>",5.74,"LS =>",0,"MO com LS =>",5.74]
[{"$nulls":4},"Valor do BDI =>",17.53,null,"Valor com BDI =>",null,84.36]
[{"$nulls":6},"Quant. =>","14,08","Preço Total =>",1187.78]
[]
[" 3.2 ","Código","Banco","Descrição","Tipo",null,"Und","Quant.","Valor Unit","Total"]
["Composição"," 96525 ","SINAPI","ESCAVAÇÃO MECANIZADA PARA VIGA BALDRAME OU SAPATA CORRIDA COM MINI-ESCAVADEIRA (INCLUINDO ESCAVAÇÃO PARA COLOCAÇÃO DE FÔRMAS). AF_01/2024","MOVT - MOVIMENTO DE TERRA",null,"m³",1,53,53]
["Composição Auxiliar"," 88316 ","SINAPI","SERVENTE COM ENCARGOS COMPLEMENTARES","SEDI - SERVIÇOS DIVERSOS",null,"H",0.13600000000000001,19.850000000000001,2.69]
["Composição Auxiliar"," 96245 ","SINAPI","MINIESCAVADEIRA SOBRE ESTEIRAS, POTÊNCIA LÍQUIDA DE *30* HP, PESO OPERACIONAL DE *3.500* KG - CHP DIURNO. AF_04/2017","CHOR - CUSTOS HORÁRIOS DE MÁQUINAS E EQUIPAMENTOS",null,"CHP",0.32800000000000001,115.74,37.96]
["Composição Auxiliar"," 96246 ","SINAPI","MINIESCAVADEIRA SOBRE ESTEIRAS, POTÊNCIA LÍQUIDA DE *30* HP, PESO OPERACIONAL DE *3.500* KG - CHI DIURNO. AF_04/2017","CHOR - CUSTOS HORÁRIOS DE MÁQUINAS E EQUIPAMENTOS",null,"CHI",0.16400000000000001,61.59,10.1]
["Composição Auxiliar"," 88309 ","SINAPI","PEDREIRO COM ENCARGOS COMPLEMENTARES","SEDI - SERVIÇOS DIVERSOS",null,"H",8.5999999999999993E-2,26.21,2.25]
[{"$nulls":4},"MO sem LS =>",15,"LS =>",0,"MO com LS =>",15]
[{"$nulls":4},"Valor do BDI =>",13.9,null,"Valor com BDI =>",null,66.900000000000006]
[{"$nulls":6},"Quant. =>","66,28","Preço Total =>",4434.13]
[]
[" 3.3 ","Código","Banco","Descrição","Tipo",null,"Und","Quant.","Valor Unit","Total"]
["Composição"," 101617 ","SINAPI","PREPARO DE FUNDO DE VALA COM LARGURA MAIOR OU IGUAL A 1,5 M E MENOR QUE 2,5 M (ACERTO DO SOLO NATURAL). AF_08/2020","MOVT - MOVIMENTO DE TERRA",null,"m²",1,2.93,2.93]
["Composição Auxiliar"," 88316 ","SINAPI","SERVENTE COM ENCARGOS COMPLEMENTARES","SEDI - SERVIÇOS DIVERSOS",null,"H",7.5999999999999998E-2,19.850000000000001,1.5]
["Composição Auxiliar"," 88309 ","SINAPI","PEDREIRO COM ENCARGOS COMPLEMENTARES","SEDI - SERVIÇOS DIVERSOS",null,"H",5.0700000000000002E-2,26.21,1.32]
["Composição Auxiliar"," 91534 ","SINAPI","COMPACTADOR DE SOLOS DE PERCUSSÃO (SOQUETE) COM MOTOR A GASOLINA 4 TEMPOS, POTÊNCIA 4 CV - CHI DIURNO. AF_08/2015","CHOR - CUSTOS HORÁRIOS DE MÁQUINAS E EQUIPAMENTOS",null,"CHI",1.6000000000000001E-3,35.17,0.05]
["Composição Auxiliar"," 91533 ","SINAPI","COMPACTADOR DE SOLOS DE PERCUSSÃO (SOQUETE) COM MOTOR A GASOLINA 4 TEMPOS, POTÊNCIA 4 CV - CHP DIURNO. AF_08/2015","CHOR - CUSTOS HORÁRIOS DE MÁQUINAS E EQUIPAMENTOS",null,"CHP",1.6000000000000001E-3,42.46,0.06]
[{"$nulls":4},"MO sem LS =>",2.33,"LS =>",0,"MO com LS =>",2.33]
[{"$nulls":4},"Valor do BDI =>",0.76,null,"Valor com BDI =>",null,3.69]
[{"$nulls":6},"Quant. =>","45,72","Preço Total =>",168.7]
[]
[" 3.4 ","Código","Banco","Descrição","Tipo",null,"Und","Quant.","Valor Unit","Total"]
["Composição"," 93381 ","SINAPI","REATERRO MECANIZADO DE VALA COM RETROESCAVADEIRA (CAPACIDADE DA CAÇAMBA DA RETRO: 0,26 M³/POTÊNCIA: 88 HP), LARGURA 0,8 A 1,5 M, PROFUNDIDADE 1,5 A 3,0 M, COM SOLO (SEM SUBSTITUIÇÃO) DE 1ª CATEGORIA E COMPACTADOR DE SOLOS DE PERCUSSÃO. AF_08/2023","MOVT - MOVIMENTO DE TERRA",null,"m³",1,13,13]
["Composição Auxiliar"," 5903 ","SINAPI","CAMINHÃO PIPA 10.000 L TRUCADO, PESO BRUTO TOTAL 23.000 KG, CARGA ÚTIL MÁXIMA 15.935 KG, DISTÂNCIA ENTRE EIXOS 4,8 M, POTÊNCIA 230 CV, INCLUSIVE TANQUE DE AÇO PARA TRANSPORTE DE ÁGUA - CHI DIURNO. AF_06/2014","CHOR - CUSTOS HORÁRIOS DE MÁQUINAS E EQUIPAMENTOS",null,"CHI",5.9999999999999995E-4,69.69,0.04]
["Composição Auxiliar"," 5901 ","SINAPI","CAMINHÃO PIPA 10.000 L TRUCADO, PESO BRUTO TOTAL 23.000 KG, CARGA ÚTIL MÁXIMA 15.935 KG, DISTÂNCIA ENTRE EIXOS 4,8 M, POTÊNCIA 230 CV, INCLUSIVE TANQUE DE AÇO PARA TRANSPORTE DE ÁGUA - CHP DIURNO. AF_06/2014","CHOR - CUSTOS HORÁRIOS DE MÁQUINAS E EQUIPAMENTOS",null,"CHP",5.4000000000000003E-3,329.53,1.77]
["Composição Auxiliar"," 5678 ","SINAPI","RETROESCAVADEIRA SOBRE RODAS COM CARREGADEIRA, TRAÇÃO 4X4, POTÊNCIA LÍQ. 88 HP, CAÇAMBA CARREG. CAP. MÍN. 1 M3, CAÇAMBA RETRO CAP. 0,26 M3, PESO OPERACIONAL MÍN. 6.674 KG, PROFUNDIDADE ESCAVAÇÃO MÁX. 4,37 M - CHP DIURNO. AF_06/2014","CHOR - CUSTOS HORÁRIOS DE MÁQUINAS E EQUIPAMENTOS",null,"CHP",2.2200000000000001E-2,146.71,3.25]
["Composição Auxiliar"," 5679 ","SINAPI","RETROESCAVADEIRA SOBRE RODAS COM CARREGADEIRA, TRAÇÃO 4X4, POTÊNCIA LÍQ. 88 HP, CAÇAMBA CARREG. CAP. MÍN. 1 M3, CAÇAMBA RETRO CAP. 0,26 M3, PESO OPERACIONAL MÍN. 6.674 KG, PROFUNDIDADE ESCAVAÇÃO MÁX. 4,37 M - CHI DIURNO. AF_06/2014","CHOR - CUSTOS HORÁRIOS DE MÁQUINAS E EQUIPAMENTOS",null,"CHI",3.2099999999999997E-2,58.88,1.89]
["Composição Auxiliar"," 91533 ","SINAPI","COMPACTADOR DE SOLOS DE PERCUSSÃO (SOQUETE) COM MOTOR A GASOLINA 4 TEMPOS, POTÊNCIA 4 CV - CHP DIURNO. AF_08/2015","CHOR - CUSTOS HORÁRIOS DE MÁQUINAS E EQUIPAMENTOS",null,"CHP",0.1285,42.46,5.45]
["Composição Auxiliar"," 88316 ","SINAPI","SERVENTE COM ENCARGOS COMPLEMENTARES","SEDI - SERVIÇOS DIVERSOS",null,"H",3.0300000000000001E-2,19.850000000000001,0.6]
[{"$nulls":4},"MO sem LS =>",5.74,"LS =>",0,"MO com LS =>",5.74]
[{"$nulls":4},"Valor do BDI =>",3.41,null,"Valor com BDI =>",null,16.41]
[{"$nulls":6},"Quant. =>","42,90","Preço Total =>",703.98]
[]
[" 4 ",null,null,"FUNDAÇÕES",{"$nulls":5},106380.87]
[" 4.1 ",null,null,"CONCRETO ARMADO PARA FUNDAÇÕES - BLOCO SOBRE ESTACAS",{"$nulls":5},79385.95]
[" 4.1.1 ","Código","Banco","Descrição","Tipo",null,"Und","Quant.","Valor Unit","Total"]
["Composição"," 100896 ","SINAPI","ESTACA ESCAVADA MECANICAMENTE, SEM FLUIDO ESTABILIZANTE, COM 25CM DE DIÂMETRO, CONCRETO LANÇADO POR CAMINHÃO BETONEIRA (EXCLUSIVE MOBILIZAÇÃO E DESMOBILIZAÇÃO). AF_01/2020","FUES - FUNDAÇÕES E ESTRUTURAS",null,"M",1,82.47,82.47]
["Composição Auxiliar"," 100973 ","SINAPI","CARGA, MANOBRA E DESCARGA DE SOLOS E MATERIAIS GRANULARES EM CAMINHÃO BASCULANTE 6 M³ - CARGA COM PÁ CARREGADEIRA (CAÇAMBA DE 1,7 A 2,8 M³ / 128 HP) E DESCARGA LIVRE (UNIDADE: M3). AF_07/2020","TRAN - TRANSPORTES, CARGAS E DESCARGAS",null,"m³",6.1400000000000003E-2,8.76,0.53]
["Composição Auxiliar"," 90681 ","SINAPI","PERFURATRIZ HIDRÁULICA SOBRE CAMINHÃO COM TRADO CURTO ACOPLADO, PROFUNDIDADE MÁXIMA DE 20 M, DIÂMETRO MÁXIMO DE 1500 MM, POTÊNCIA INSTALADA DE 137 HP, MESA ROTATIVA COM TORQUE MÁXIMO DE 30 KNM - CHI DIURNO. AF_06/2015","CHOR - CUSTOS HORÁRIOS DE MÁQUINAS E EQUIPAMENTOS",null,"CHI",4.9000000000000002E-2,175.9,8.61]
["Composição Auxiliar"," 88316 ","SINAPI","SERVENTE COM ENCARGOS COMPLEMENTARES","SEDI - SERVIÇOS DIVERSOS",null,"H",0.2263,19.850000000000001,4.49]
["Composição Auxiliar"," 95578 ","SINAPI","MONTAGEM DE ARMADURA DE ESTACAS, DIÂMETRO = 12,5 MM. AF_09/2021_PS","FUES - FUNDAÇÕES E ESTRUTURAS",null,"KG",0.84909999999999997,10.73,9.11]
["Composição Auxiliar"," 90680 ","SINAPI","PERFURATRIZ HIDRÁULICA SOBRE CAMINHÃO COM TRADO CURTO ACOPLADO, PROFUNDIDADE MÁXIMA DE 20 M, DIÂMETRO MÁXIMO DE 1500 MM, POTÊNCIA INSTALADA DE 137 HP, MESA ROTATIVA COM TORQUE MÁXIMO DE 30 KNM - CHP DIURNO. AF_06/2015","CHOR - CUSTOS HORÁRIOS DE MÁQUINAS E EQUIPAMENTOS",null,"CHP",2.47E-2,414.17,10.220000000000001]
["Composição Auxiliar"," 97913 ","SINAPI","TRANSPORTE COM CAMINHÃO BASCULANTE DE 6 M³, EM VIA URBANA EM REVESTIMENTO PRIMÁRIO (UNIDADE: M3XKM). AF_07/2020","MOVT - MOVIMENTO DE TERRA",null,"M3XKM",2.0500000000000001E-2,3.28,0.06]
["Composição Auxiliar"," 90778 ","SINAPI","ENGENHEIRO CIVIL DE OBRA PLENO COM ENCARGOS COMPLEMENTARES","SEDI - SERVIÇOS DIVERSOS",null,"H",5.1000000000000004E-3,135.94,0.69]
["Insumo"," 00038405 ","SINAPI","CONCRETO USINADO BOMBEAVEL, CLASSE DE RESISTENCIA C25, COM BRITA 0 E 1, SLUMP = 130 +/- 20 MM, EXCLUI SERVICO DE BOMBEAMENTO (NBR 8953)","Material",null,"m³",5.57E-2,875.55,48.76]
[{"$nulls":4},"MO sem LS =>",6.93,"LS =>",0,"MO com LS =>",6.93]
[{"$nulls":4},"Valor do BDI =>",21.64,null,"Valor com BDI =>",null,104.11]
[{"$nulls":6},"Quant. =>","270,00","Preço Total =>",28109.7]
[]
[" 4.1.2 ","Código","Banco","Descrição","Tipo",null,"Und","Quant.","Valor Unit","Total"]
["Composição"," 96619 ","SINAPI","LASTRO DE CONCRETO MAGRO, APLICADO EM BLOCOS DE COROAMENTO OU SAPATAS, ESPESSURA DE 5 CM. AF_01/2024","FUES - FUNDAÇÕES E ESTRUTURAS",null,"m²",1,54.38,54.38]
["Composição Auxiliar"," 94968 ","SINAPI","CONCRETO MAGRO PARA LASTRO, TRAÇO 1:4,5:4,5 (EM MASSA SECA DE CIMENTO/ AREIA MÉDIA/ BRITA 1) - PREPARO MECÂNICO COM BETONEIRA 600 L. AF_05/2021","FUES - FUNDAÇÕES E ESTRUTURAS",null,"m³",6.9000000000000006E-2,624.21,43.07]
["Composição Auxiliar"," 88316 ","SINAPI","SERVENTE COM ENCARGOS COMPLEMENTARES","SEDI - SERVIÇOS DIVERSOS",null,"H",0.12265,19.850000000000001,2.4300000000000002]
["Composição Auxiliar"," 88309 ","SINAPI","PEDREIRO COM ENCARGOS COMPLEMENTARES","SEDI - SERVIÇOS DIVERSOS",null,"H",0.33905000000000002,26.21,8.8800000000000008]
[{"$nulls":4},"MO sem LS =>",12.86,"LS =>",0,"MO com LS =>",12.86]
[{"$nulls":4},"Valor do BDI =>",14.26,null,"Valor com BDI =>",null,68.64]
[{"$nulls":6},"Quant. =>","27,36","Preço Total =>",1877.99]
[]
[" 4.1.3 ","Código","Banco","Descrição","Tipo",null,"Und","Quant.","Valor Unit","Total"]
["Composição"," 96535 ","SINAPI","FABRICAÇÃO, MONTAGEM E DESMONTAGEM DE FÔRMA PARA SAPATA, EM MADEIRA SERRADA, E=25 MM, 4 UTILIZAÇÕES. AF_01/2024","FUES - FUNDAÇÕES E ESTRUTURAS",null,"m²",1,130.16999999999999,130.16999999999999]
["Composição Auxiliar"," 91692 ","SINAPI","SERRA CIRCULAR DE BANCADA COM MOTOR ELÉTRICO POTÊNCIA DE 5HP, COM COIFA PARA DISCO 10\" - CHP DIURNO. AF_08/2015","CHOR - CUSTOS HORÁRIOS DE MÁQUINAS E EQUIPAMENTOS",null,"CHP",7.0000000000000007E-2,35.68,2.4900000000000002]
["Composição Auxiliar"," 91693 ","SINAPI","SERRA CIRCULAR DE BANCADA COM MOTOR ELÉTRICO POTÊNCIA DE 5HP, COM COIFA PARA DISCO 10\" - CHI DIURNO. AF_08/2015","CHOR - CUSTOS HORÁRIOS DE MÁQUINAS E EQUIPAMENTOS",null,"CHI",0.28199999999999997,34.229999999999997,9.65]
["Composição Auxiliar"," 88239 ","SINAPI","AJUDANTE DE CARPINTEIRO COM ENCARGOS COMPLEMENTARES","SEDI - SERVIÇOS DIVERSOS",null,"H",1.081,21.73,23.49]
["Composição Auxiliar"," 88262 ","SINAPI","CARPINTEIRO DE FORMAS COM ENCARGOS COMPLEMENTARES","SEDI - SERVIÇOS DIVERSOS",null,"H",2.3919999999999999,25.79,61.68]
["Insumo"," 00004517 ","SINAPI","SARRAFO *2,5 X 7,5* CM EM PINUS, MISTA OU EQUIVALENTE DA REGIAO - BRUTA","Material",null,"M",3.609,3.3,11.9]
["Insumo"," 00002692 ","SINAPI","DESMOLDANTE PROTETOR PARA FORMAS DE MADEIRA, DE BASE OLEOSA EMULSIONADA EM AGUA","Material",null,"L",1.67E-2,9.3000000000000007,0.15]
["Insumo"," 00040304 ","SINAPI","PREGO DE ACO POLIDO COM CABECA DUPLA 17 X 27 (2 1/2 X 11)","Material",null,"KG",4.7E-2,19.899999999999999,0.93]
["Insumo"," 00005074 ","SINAPI","PREGO DE ACO POLIDO COM CABECA 15 X 18 (1 1/2 X 13)","Material",null,"KG",5.0000000000000001E-3,18.059999999999999,0.09]
["Insumo"," 00006212 ","SINAPI","TABUA *2,5 X 30 CM EM PINUS, MISTA OU EQUIVALENTE DA REGIAO - BRUTA","Material",null,"M",1.2270000000000001,15.63,19.170000000000002]
["Insumo"," 00005073 ","SINAPI","PREGO DE ACO POLIDO COM CABECA 17 X 24 (2 1/4 X 11)","Material",null,"KG",3.7999999999999999E-2,16.43,0.62]
[{"$nulls":4},"MO sem LS =>",80.900000000000006,"LS =>",0,"MO com LS =>",80.900000000000006]
[{"$nulls":4},"Valor do BDI =>",34.15,null,"Valor com BDI =>",null,164.32]
[{"$nulls":6},"Quant. =>","78,26","Preço Total =>",12859.68]
[]
[" 4.1.4 ","Código","Banco","Descrição","Tipo",null,"Und","Quant.","Valor Unit","Total"]
["Composição"," 92916 ","SINAPI","ARMAÇÃO DE ESTRUTURAS DIVERSAS DE CONCRETO ARMADO, EXCETO VIGAS, PILARES, LAJES E FUNDAÇÕES, UTILIZANDO AÇO CA-50 DE 6,3 MM - MONTAGEM. AF_06/2022","FUES - FUNDAÇÕES E ESTRUTURAS",null,"KG",1,17.14,17.14]
["Composição Auxiliar"," 88245 ","SINAPI","ARMADOR COM ENCARGOS COMPLEMENTARES","SEDI - SERVIÇOS DIVERSOS",null,"H",0.14280000000000001,26.01,3.71]
["Composição Auxiliar"," 88238 ","SINAPI","AJUDANTE DE ARMADOR COM ENCARGOS COMPLEMENTARES","SEDI - SERVIÇOS DIVERSOS",null,"H",2.3300000000000001E-2,21.89,0.51]
["Composição Auxiliar"," 92801 ","SINAPI","CORTE E DOBRA DE AÇO CA-50, DIÂMETRO DE 6,3 MM. AF_06/2022","FUES - FUNDAÇÕES E ESTRUTURAS",null,"KG",1,12.08,12.08]
["Insumo"," 00039017 ","SINAPI","ESPACADOR / DISTANCIADOR CIRCULAR COM ENTRADA LATERAL, EM PLASTICO, PARA VERGALHAO *4,2 A 12,5* MM, COBRIMENTO 20 MM","Material",null,"UN",0.97,0.22,0.21]
["Insumo"," 00043132 ","SINAPI","ARAME RECOZIDO 16 BWG, D = 1,65 MM (0,016 KG/M) OU 18 BWG, D = 1,25 MM (0,01 KG/M)","Material",null,"KG",2.5000000000000001E-2,25.59,0.63]
[{"$nulls":4},"MO sem LS =>",4.2,"LS =>",0,"MO com LS =>",4.2]
[{"$nulls":4},"Valor do BDI =>",4.49,null,"Valor com BDI =>",null,21.63]
[{"$nulls":6},"Quant. =>","28,81","Preço Total =>",623.16]
[]
[" 4.1.5 ","Código","Banco","Descrição","Tipo",null,"Und","Quant.","Valor Unit","Total"]
["Composição"," 92917 ","SINAPI","ARMAÇÃO DE ESTRUTURAS DIVERSAS DE CONCRETO ARMADO, EXCETO VIGAS, PILARES, LAJES E FUNDAÇÕES, UTILIZANDO AÇO CA-50 DE 8,0 MM - MONTAGEM. AF_06/2022","FUES - FUNDAÇÕES E ESTRUTURAS",null,"KG",1,15.91,15.91]
["Composição Auxiliar"," 88238 ","SINAPI","AJUDANTE DE ARMADOR COM ENCARGOS COMPLEMENTARES","SEDI - SERVIÇOS DIVERSOS",null,"H",1.66E-2,21.89,0.36]
["Composição Auxiliar"," 88245 ","SINAPI","ARMADOR COM ENCARGOS COMPLEMENTARES","SEDI - SERVIÇOS DIVERSOS",null,"H",0.10150000000000001,26.01,2.64]
["Composição Auxiliar"," 92802 ","SINAPI","CORTE E DOBRA DE AÇO CA-50, DIÂMETRO DE 8,0 MM. AF_06/2022","FUES - FUNDAÇÕES E ESTRUTURAS",null,"KG",1,12.12,12.12]
["Insumo"," 00043132 ","SINAPI","ARAME RECOZIDO 16 BWG, D = 1,65 MM (0,016 KG/M) OU 18 BWG, D = 1,25 MM (0,01 KG/M)","Material",null,"KG",2.5000000000000001E-2,25.59,0.63]
["Insumo"," 00039017 ","SINAPI","ESPACADOR / DISTANCIADOR CIRCULAR COM ENTRADA LATERAL, EM PLASTICO, PARA VERGALHAO *4,2 A 12,5* MM, COBRIMENTO 20 MM","Material",null,"UN",0.74299999999999999,0.22,0.16]
[{"$nulls":4},"MO sem LS =>",2.83,"LS =>",0,"MO com LS =>",2.83]
[{"$nulls":4},"Valor do BDI =>",4.17,null,"Valor com BDI =>",null,20.079999999999998]
[{"$nulls":6},"Quant. =>","216,63","Preço Total =>",4349.93]
[]
[" 4.1.6 ","Código","Banco","Descrição","Tipo",null,"Und","Quant.","Valor Unit","Total"]
["Composição"," 92919 ","SINAPI","ARMAÇÃO DE ESTRUTURAS DIVERSAS DE CONCRETO ARMADO, EXCETO VIGAS, PILARES, LAJES E FUNDAÇÕES, UTILIZANDO AÇO CA-50 DE 10,0 MM - MONTAGEM. AF_06/2022","FUES - FUNDAÇÕES E ESTRUTURAS",null,"KG",1,14.05,14.05]
["Composição Auxiliar"," 88238 ","SINAPI","AJUDANTE DE ARMADOR COM ENCARGOS COMPLEMENTARES","SEDI - SERVIÇOS DIVERSOS",null,"H",1.1599999999999999E-2,21.89,0.25]
["Composição Auxiliar"," 88245 ","SINAPI","ARMADOR COM ENCARGOS COMPLEMENTARES","SEDI - SERVIÇOS DIVERSOS",null,"H",7.0900000000000005E-2,26.01,1.84]
["Composição Auxiliar"," 92803 ","SINAPI","CORTE E DOBRA DE AÇO CA-50, DIÂMETRO DE 10,0 MM. AF_06/2022","FUES - FUNDAÇÕES E ESTRUTURAS",null,"KG",1,11.22,11.22]
["Insumo"," 00039017 ","SINAPI","ESPACADOR / DISTANCIADOR CIRCULAR COM ENTRADA LATERAL, EM PLASTICO, PARA VERGALHAO *4,2 A 12,5* MM, COBRIMENTO 20 MM","Material",null,"UN",0.54300000000000004,0.22,0.11]
["Insumo"," 00043132 ","SINAPI","ARAME RECOZIDO 16 BWG, D = 1,65 MM (0,016 KG/M) OU 18 BWG, D = 1,25 MM (0,01 KG/M)","Material",null,"KG",2.5000000000000001E-2,25.59,0.63]
[{"$nulls":4},"MO sem LS =>",1.92,"LS =>",0,"MO com LS =>",1.92]
[{"$nulls":4},"Valor do BDI =>",3.68,null,"Valor com BDI =>",null,17.73]
[{"$nulls":6},"Quant. =>","190,34","Preço Total =>",3374.72]
[]
[" 4.1.7 ","Código","Banco","Descrição","Tipo",null,"Und","Quant.","Valor Unit","Total"]
["Composição"," 92921 ","SINAPI","ARMAÇÃO DE ESTRUTURAS DIVERSAS DE CONCRETO ARMADO, EXCETO VIGAS, PILARES, LAJES E FUNDAÇÕES, UTILIZANDO AÇO CA-50 DE 12,5 MM - MONTAGEM. AF_06/2022","FUES - FUNDAÇÕES E ESTRUTURAS",null,"KG",1,11.71,11.71]
["Composição Auxiliar"," 88245 ","SINAPI","ARMADOR COM ENCARGOS COMPLEMENTARES","SEDI - SERVIÇOS DIVERSOS",null,"H",4.6399999999999997E-2,26.01,1.2]
["Composição Auxiliar"," 92804 ","SINAPI","CORTE E DOBRA DE AÇO CA-50, DIÂMETRO DE 12,5 MM. AF_06/2022","FUES - FUNDAÇÕES E ESTRUTURAS",null,"KG",1,9.64,9.64]
["Composição Auxiliar"," 88238 ","SINAPI","AJUDANTE DE ARMADOR COM ENCARGOS COMPLEMENTARES","SEDI - SERVIÇOS DIVERSOS",null,"H",7.6E-3,21.89,0.16]
["Insumo"," 00039017 ","SINAPI","ESPACADOR / DISTANCIADOR CIRCULAR COM ENTRADA LATERAL, EM PLASTICO, PARA VERGALHAO *4,2 A 12,5* MM, COBRIMENTO 20 MM","Material",null,"UN",0.36699999999999999,0.22,0.08]
["Insumo"," 00043132 ","SINAPI","ARAME RECOZIDO 16 BWG, D = 1,65 MM (0,016 KG/M) OU 18 BWG, D = 1,25 MM (0,01 KG/M)","Material",null,"KG",2.5000000000000001E-2,25.59,0.63]
[{"$nulls":4},"MO sem LS =>",1.23,"LS =>",0,"MO com LS =>",1.23]
[{"$nulls":4},"Valor do BDI =>",3.07,null,"Valor com BDI =>",null,14.78]
[{"$nulls":6},"Quant. =>","75,88","Preço Total =>",1121.5]
[]
[" 4.1.8 ","Código","Banco","Descrição","Tipo",null,"Und","Quant.","Valor Unit","Total"]
["Composição"," 92915 ","SINAPI","ARMAÇÃO DE ESTRUTURAS DIVERSAS DE CONCRETO ARMADO, EXCETO VIGAS, PILARES, LAJES E FUNDAÇÕES, UTILIZANDO AÇO CA-60 DE 5,0 MM - MONTAGEM. AF_06/2022","FUES - FUNDAÇÕES E ESTRUTURAS",null,"KG",1,18.32,18.32]
["Composição Auxiliar"," 88238 ","SINAPI","AJUDANTE DE ARMADOR COM ENCARGOS COMPLEMENTARES","SEDI - SERVIÇOS DIVERSOS",null,"H",3.1600000000000003E-2,21.89,0.69]
["Composição Auxiliar"," 88245 ","SINAPI","ARMADOR COM ENCARGOS COMPLEMENTARES","SEDI - SERVIÇOS DIVERSOS",null,"H",0.1933,26.01,5.0199999999999996]
["Composição Auxiliar"," 92800 ","SINAPI","CORTE E DOBRA DE AÇO CA-60, DIÂMETRO DE 5,0 MM. AF_06/2022","FUES - FUNDAÇÕES E ESTRUTURAS",null,"KG",1,11.72,11.72]
["Insumo"," 00043132 ","SINAPI","ARAME RECOZIDO 16 BWG, D = 1,65 MM (0,016 KG/M) OU 18 BWG, D = 1,25 MM (0,01 KG/M)","Material",null,"KG",2.5000000000000001E-2,25.59,0.63]
["Insumo"," 00039017 ","SINAPI","ESPACADOR / DISTANCIADOR CIRCULAR COM ENTRADA LATERAL, EM PLASTICO, PARA VERGALHAO *4,2 A 12,5* MM, COBRIMENTO 20 MM","Material",null,"UN",1.19,0.22,0.26]
[{"$nulls":4},"MO sem LS =>",6.08,"LS =>",0,"MO com LS =>",6.08]
[{"$nulls":4},"Valor do BDI =>",4.8,null,"Valor com BDI =>",null,23.12]
[{"$nulls":6},"Quant. =>","41,59","Preço Total =>",961.56]
[]
[" 4.1.9 ","Código","Banco","Descrição","Tipo",null,"Und","Quant.","Valor Unit","Total"]
["Composição"," 96558 ","SINAPI","CONCRETAGEM DE SAPATA, FCK 30 MPA, COM USO DE BOMBA - LANÇAMENTO, ADENSAMENTO E ACABAMENTO. AF_01/2024","FUES - FUNDAÇÕES E ESTRUTURAS",null,"m³",1,1219.4000000000001,1219.4000000000001]
["Composição Auxiliar"," 88316 ","SINAPI","SERVENTE COM ENCARGOS COMPLEMENTARES","SEDI - SERVIÇOS DIVERSOS",null,"H",0.88100000000000001,19.850000000000001,17.48]
["Composição Auxiliar"," 90586 ","SINAPI","VIBRADOR DE IMERSÃO, DIÂMETRO DE PONTEIRA 45MM, MOTOR ELÉTRICO TRIFÁSICO POTÊNCIA DE 2 CV - CHP DIURNO. AF_06/2015","CHOR - CUSTOS HORÁRIOS DE MÁQUINAS E EQUIPAMENTOS",null,"CHP",0.161,1.39,0.22]
["Composição Auxiliar"," 90587 ","SINAPI","VIBRADOR DE IMERSÃO, DIÂMETRO DE PONTEIRA 45MM, MOTOR ELÉTRICO TRIFÁSICO POTÊNCIA DE 2 CV - CHI DIURNO. AF_06/2015","CHOR - CUSTOS HORÁRIOS DE MÁQUINAS E EQUIPAMENTOS",null,"CHI",0.13300000000000001,0.53,7.0000000000000007E-2]
["Composição Auxiliar"," 88309 ","SINAPI","PEDREIRO COM ENCARGOS COMPLEMENTARES","SEDI - SERVIÇOS DIVERSOS",null,"H",0.58699999999999997,26.21,15.38]
["Insumo"," 00001525 ","SINAPI","CONCRETO USINADO BOMBEAVEL, CLASSE DE RESISTENCIA C30, BRITA 0 E 1, SLUMP = 100 +/- 20 MM, COM BOMBEAMENTO (DISPONIBILIZACAO DE BOMBA), SEM O LANCAMENTO (NBR 8953)","Material",null,"M³",1.26,941.47,1186.25]
[{"$nulls":4},"MO sem LS =>",26.24,"LS =>",0,"MO com LS =>",26.24]
[{"$nulls":4},"Valor do BDI =>",319.97000000000003,null,"Valor com BDI =>",null,1539.37]
[{"$nulls":6},"Quant. =>","16,96","Preço Total =>",26107.71]
[]
[" 4.2 ",null,null,"CONCRETO ARMADO PARA FUNDAÇÕES - VIGAS BALDRAMES",{"$nulls":5},26994.92]
[" 4.2.1 ","Código","Banco","Descrição","Tipo",null,"Und","Quant.","Valor Unit","Total"]
["Composição"," 96619 ","SINAPI","LASTRO DE CONCRETO MAGRO, APLICADO EM BLOCOS DE COROAMENTO OU SAPATAS, ESPESSURA DE 5 CM. AF_01/2024","FUES - FUNDAÇÕES E ESTRUTURAS",null,"m²",1,54.38,54.38]
["Composição Auxiliar"," 94968 ","SINAPI","CONCRETO MAGRO PARA LASTRO, TRAÇO 1:4,5:4,5 (EM MASSA SECA DE CIMENTO/ AREIA MÉDIA/ BRITA 1) - PREPARO MECÂNICO COM BETONEIRA 600 L. AF_05/2021","FUES - FUNDAÇÕES E ESTRUTURAS",null,"m³",6.9000000000000006E-2,624.21,43.07]
["Composição Auxiliar"," 88316 ","SINAPI","SERVENTE COM ENCARGOS COMPLEMENTARES","SEDI - SERVIÇOS DIVERSOS",null,"H",0.12265,19.850000000000001,2.4300000000000002]
["Composição Auxiliar"," 88309 ","SINAPI","PEDREIRO COM ENCARGOS COMPLEMENTARES","SEDI - SERVIÇOS DIVERSOS",null,"H",0.33905000000000002,26.21,8.8800000000000008]
[{"$nulls":4},"MO sem LS =>",12.86,"LS =>",0,"MO com LS =>",12.86]
[{"$nulls":4},"Valor do BDI =>",14.26,null,"Valor com BDI =>",null,68.64]
[{"$nulls":6},"Quant. =>","18,36","Preço Total =>",1260.23]
[]
[" 4.2.2 ","Código","Banco","Descrição","Tipo",null,"Und","Quant.","Valor Unit","Total"]
["Composição"," 94968 ","SINAPI","CONCRETO MAGRO PARA LASTRO, TRAÇO 1:4,5:4,5 (EM MASSA SECA DE CIMENTO/ AREIA MÉDIA/ BRITA 1) - PREPARO MECÂNICO COM BETONEIRA 600 L. AF_05/2021","FUES - FUNDAÇÕES E ESTRUTURAS",null,"m³",1,624.21,624.21]
["Composição Auxiliar"," 88316 ","SINAPI","SERVENTE COM ENCARGOS COMPLEMENTARES","SEDI - SERVIÇOS DIVERSOS",null,"H",2.1057999999999999,19.850000000000001,41.8]
["Composição Auxiliar"," 89226 ","SINAPI","BETONEIRA CAPACIDADE NOMINAL DE 600 L, CAPACIDADE DE MISTURA 360 L, MOTOR ELÉTRICO TRIFÁSICO POTÊNCIA DE 4 CV, SEM CARREGADOR - CHI DIURNO. AF_05/2023","CHOR - CUSTOS HORÁRIOS DE MÁQUINAS E EQUIPAMENTOS",null,"CHI",0.6462,1.89,1.22]
["Composição Auxiliar"," 89225 ","SINAPI","BETONEIRA CAPACIDADE NOMINAL DE 600 L, CAPACIDADE DE MISTURA 360 L, MOTOR ELÉTRICO TRIFÁSICO POTÊNCIA DE 4 CV, SEM CARREGADOR - CHP DIURNO. AF_05/2023","CHOR - CUSTOS HORÁRIOS DE MÁQUINAS E EQUIPAMENTOS",null,"CHP",0.68530000000000002,6.13,4.2]
["Composição Auxiliar"," 88377 ","SINAPI","OPERADOR DE BETONEIRA ESTACIONÁRIA/MISTURADOR COM ENCARGOS COMPLEMENTARES","SEDI - SERVIÇOS DIVERSOS",null,"H",1.3314999999999999,18.68,24.87]
["Insumo"," 00000370 ","SINAPI","AREIA MEDIA - POSTO JAZIDA/FORNECEDOR (RETIRADO NA JAZIDA, SEM TRANSPORTE)","Material",null,"M³",0.83250000000000002,150,124.87]
["Insumo"," 00004721 ","SINAPI","PEDRA BRITADA N. 1 (9,5 A 19 MM) POSTO PEDREIRA/FORNECEDOR, SEM FRETE","Material",null,"M³",0.58209999999999995,323.3,188.19]
["Insumo"," 00001379 ","SINAPI","CIMENTO PORTLAND COMPOSTO CP II-32","Material",null,"KG",213.45310000000001,1.1200000000000001,239.06]
[{"$nulls":4},"MO sem LS =>",52.76,"LS =>",0,"MO com LS =>",52.76]
[{"$nulls":4},"Valor do BDI =>",163.79,null,"Valor com BDI =>",null,788]
[{"$nulls":6},"Quant. =>","4,93","Preço Total =>",3884.84]
[]
[" 4.2.3 ","Código","Banco","Descrição","Tipo",null,"Und","Quant.","Valor Unit","Total"]
["Composição"," 96536 ","SINAPI","FABRICAÇÃO, MONTAGEM E DESMONTAGEM DE FÔRMA PARA VIGA BALDRAME, EM MADEIRA SERRADA, E=25 MM, 4 UTILIZAÇÕES. AF_01/2024","FUES - FUNDAÇÕES E ESTRUTURAS",null,"m²",1,67.510000000000005,67.510000000000005]
["Composição Auxiliar"," 91693 ","SINAPI","SERRA CIRCULAR DE BANCADA COM MOTOR ELÉTRICO POTÊNCIA DE 5HP, COM COIFA PARA DISCO 10\" - CHI DIURNO. AF_08/2015","CHOR - CUSTOS HORÁRIOS DE MÁQUINAS E EQUIPAMENTOS",null,"CHI",5.2999999999999999E-2,34.229999999999997,1.81]
["Composição Auxiliar"," 88239 ","SINAPI","AJUDANTE DE CARPINTEIRO COM ENCARGOS COMPLEMENTARES","SEDI - SERVIÇOS DIVERSOS",null,"H",0.47699999999999998,21.73,10.36]
["Composição Auxiliar"," 91692 ","SINAPI","SERRA CIRCULAR DE BANCADA COM MOTOR ELÉTRICO POTÊNCIA DE 5HP, COM COIFA PARA DISCO 10\" - CHP DIURNO. AF_08/2015","CHOR - CUSTOS HORÁRIOS DE MÁQUINAS E EQUIPAMENTOS",null,"CHP",1.2999999999999999E-2,35.68,0.46]
["Composição Auxiliar"," 88262 ","SINAPI","CARPINTEIRO DE FORMAS COM ENCARGOS COMPLEMENTARES","SEDI - SERVIÇOS DIVERSOS",null,"H",1.0880000000000001,25.79,28.05]
["Insumo"," 00040304 ","SINAPI","PREGO DE ACO POLIDO COM CABECA DUPLA 17 X 27 (2 1/2 X 11)","Material",null,"KG",5.2999999999999999E-2,19.899999999999999,1.05]
["Insumo"," 00002692 ","SINAPI","DESMOLDANTE PROTETOR PARA FORMAS DE MADEIRA, DE BASE OLEOSA EMULSIONADA EM AGUA","Material",null,"L",1.67E-2,9.3000000000000007,0.15]
["Insumo"," 00006212 ","SINAPI","TABUA *2,5 X 30 CM EM PINUS, MISTA OU EQUIVALENTE DA REGIAO - BRUTA","Material",null,"M",1.1339999999999999,15.63,17.72]
["Insumo"," 00004491 ","SINAPI","PONTALETE *7,5 X 7,5* CM EM PINUS, MISTA OU EQUIVALENTE DA REGIAO - BRUTA","Material",null,"M",0.60499999999999998,9.42,5.69]
["Insumo"," 00004517 ","SINAPI","SARRAFO *2,5 X 7,5* CM EM PINUS, MISTA OU EQUIVALENTE DA REGIAO - BRUTA","Material",null,"M",0.54700000000000004,3.3,1.8]
["Insumo"," 00005073 ","SINAPI","PREGO DE ACO POLIDO COM CABECA 17 X 24 (2 1/4 X 11)","Material",null,"KG",2.5999999999999999E-2,16.43,0.42]
[{"$nulls":4},"MO sem LS =>",33.630000000000003,"LS =>",0,"MO com LS =>",33.630000000000003]
[{"$nulls":4},"Valor do BDI =>",17.71,null,"Valor com BDI =>",null,85.22]
[{"$nulls":6},"Quant. =>","75,20","Preço Total =>",6408.54]
[]
[" 4.2.4 ","Código","Banco","Descrição","Tipo",null,"Und","Quant.","Valor Unit","Total"]
["Composição"," 92916 ","SINAPI","ARMAÇÃO DE ESTRUTURAS DIVERSAS DE CONCRETO ARMADO, EXCETO VIGAS, PILARES, LAJES E FUNDAÇÕES, UTILIZANDO AÇO CA-50 DE 6,3 MM - MONTAGEM. AF_06/2022","FUES - FUNDAÇÕES E ESTRUTURAS",null,"KG",1,17.14,17.14]
["Composição Auxiliar"," 88245 ","SINAPI","ARMADOR COM ENCARGOS COMPLEMENTARES","SEDI - SERVIÇOS DIVERSOS",null,"H",0.14280000000000001,26.01,3.71]
["Composição Auxiliar"," 88238 ","SINAPI","AJUDANTE DE ARMADOR COM ENCARGOS COMPLEMENTARES","SEDI - SERVIÇOS DIVERSOS",null,"H",2.3300000000000001E-2,21.89,0.51]
["Composição Auxiliar"," 92801 ","SINAPI","CORTE E DOBRA DE AÇO CA-50, DIÂMETRO DE 6,3 MM. AF_06/2022","FUES - FUNDAÇÕES E ESTRUTURAS",null,"KG",1,12.08,12.08]
["Insumo"," 00039017 ","SINAPI","ESPACADOR / DISTANCIADOR CIRCULAR COM ENTRADA LATERAL, EM PLASTICO, PARA VERGALHAO *4,2 A 12,5* MM, COBRIMENTO 20 MM","Material",null,"UN",0.97,0.22,0.21]
["Insumo"," 00043132 ","SINAPI","ARAME RECOZIDO 16 BWG, D = 1,65 MM (0,016 KG/M) OU 18 BWG, D = 1,25 MM (0,01 KG/M)","Material",null,"KG",2.5000000000000001E-2,25.59,0.63]
[{"$nulls":4},"MO sem LS =>",4.2,"LS =>",0,"MO com LS =>",4.2]
[{"$nulls":4},"Valor do BDI =>",4.49,null,"Valor com BDI =>",null,21.63]
[{"$nulls":6},"Quant. =>","0,39","Preço Total =>",8.43]
[]
[" 4.2.5 ","Código","Banco","Descrição","Tipo",null,"Und","Quant.","Valor Unit","Total"]
["Composição"," 92917 ","SINAPI","ARMAÇÃO DE ESTRUTURAS DIVERSAS DE CONCRETO ARMADO, EXCETO VIGAS, PILARES, LAJES E FUNDAÇÕES, UTILIZANDO AÇO CA-50 DE 8,0 MM - MONTAGEM. AF_06/2022","FUES - FUNDAÇÕES E ESTRUTURAS",null,"KG",1,15.91,15.91]
["Composição Auxiliar"," 88238 ","SINAPI","AJUDANTE DE ARMADOR COM ENCARGOS COMPLEMENTARES","SEDI - SERVIÇOS DIVERSOS",null,"H",1.66E-2,21.89,0.36]
["Composição Auxiliar"," 88245 ","SINAPI","ARMADOR COM ENCARGOS COMPLEMENTARES","SEDI - SERVIÇOS DIVERSOS",null,"H",0.10150000000000001,26.01,2.64]
["Composição Auxiliar"," 92802 ","SINAPI","CORTE E DOBRA DE AÇO CA-50, DIÂMETRO DE 8,0 MM. AF_06/2022","FUES - FUNDAÇÕES E ESTRUTURAS",null,"KG",1,12.12,12.12]
["Insumo"," 00043132 ","SINAPI","ARAME RECOZIDO 16 BWG, D = 1,65 MM (0,016 KG/M) OU 18 BWG, D = 1,25 MM (0,01 KG/M)","Material",null,"KG",2.5000000000000001E-2,25.59,0.63]
["Insumo"," 00039017 ","SINAPI","ESPACADOR / DISTANCIADOR CIRCULAR COM ENTRADA LATERAL, EM PLASTICO, PARA VERGALHAO *4,2 A 12,5* MM, COBRIMENTO 20 MM","Material",null,"UN",0.74299999999999999,0.22,0.16]
[{"$nulls":4},"MO sem LS =>",2.83,"LS =>",0,"MO com LS =>",2.83]
[{"$nulls":4},"Valor do BDI =>",4.17,null,"Valor com BDI =>",null,20.079999999999998]
[{"$nulls":6},"Quant. =>","83,04","Preço Total =>",1667.44]
[]
[" 4.2.6 ","Código","Banco","Descrição","Tipo",null,"Und","Quant.","Valor Unit","Total"]
["Composição"," 92919 ","SINAPI","ARMAÇÃO DE ESTRUTURAS DIVERSAS DE CONCRETO ARMADO, EXCETO VIGAS, PILARES, LAJES E FUNDAÇÕES, UTILIZANDO AÇO CA-50 DE 10,0 MM - MONTAGEM. AF_06/2022","FUES - FUNDAÇÕES E ESTRUTURAS",null,"KG",1,14.05,14.05]
["Composição Auxiliar"," 88238 ","SINAPI","AJUDANTE DE ARMADOR COM ENCARGOS COMPLEMENTARES","SEDI - SERVIÇOS DIVERSOS",null,"H",1.1599999999999999E-2,21.89,0.25]
["Composição Auxiliar"," 88245 ","SINAPI","ARMADOR COM ENCARGOS COMPLEMENTARES","SEDI - SERVIÇOS DIVERSOS",null,"H",7.0900000000000005E-2,26.01,1.84]
["Composição Auxiliar"," 92803 ","SINAPI","CORTE E DOBRA DE AÇO CA-50, DIÂMETRO DE 10,0 MM. AF_06/2022","FUES - FUNDAÇÕES E ESTRUTURAS",null,"KG",1,11.22,11.22]
["Insumo"," 00039017 ","SINAPI","ESPACADOR / DISTANCIADOR CIRCULAR COM ENTRADA LATERAL, EM PLASTICO, PARA VERGALHAO *4,2 A 12,5* MM, COBRIMENTO 20 MM","Material",null,"UN",0.54300000000000004,0.22,0.11]
["Insumo"," 00043132 ","SINAPI","ARAME RECOZIDO 16 BWG, D = 1,65 MM (0,016 KG/M) OU 18 BWG, D = 1,25 MM (0,01 KG/M)","Material",null,"KG",2.5000000000000001E-2,25.59,0.63]
[{"$nulls":4},"MO sem LS =>",1.92,"LS =>",0,"MO com LS =>",1.92]
[{"$nulls":4},"Valor do BDI =>",3.68,null,"Valor com BDI =>",null,17.73]
[{"$nulls":6},"Quant. =>","144,45","Preço Total =>",2561.09]
[]
[" 4.2.7 ","Código","Banco","Descrição","Tipo",null,"Und","Quant.","Valor Unit","Total"]
["Composição"," 92915 ","SINAPI","ARMAÇÃO DE ESTRUTURAS DIVERSAS DE CONCRETO ARMADO, EXCETO VIGAS, PILARES, LAJES E FUNDAÇÕES, UTILIZANDO AÇO CA-60 DE 5,0 MM - MONTAGEM. AF_06/2022","FUES - FUNDAÇÕES E ESTRUTURAS",null,"KG",1,18.32,18.32]
["Composição Auxiliar"," 88238 ","SINAPI","AJUDANTE DE ARMADOR COM ENCARGOS COMPLEMENTARES","SEDI - SERVIÇOS DIVERSOS",null,"H",3.1600000000000003E-2,21.89,0.69]
["Composição Auxiliar"," 88245 ","SINAPI","ARMADOR COM ENCARGOS COMPLEMENTARES","SEDI - SERVIÇOS DIVERSOS",null,"H",0.1933,26.01,5.0199999999999996]
["Composição Auxiliar"," 92800 ","SINAPI","CORTE E DOBRA DE AÇO CA-60, DIÂMETRO DE 5,0 MM. AF_06/2022","FUES - FUNDAÇÕES E ESTRUTURAS",null,"KG",1,11.72,11.72]
["Insumo"," 00043132 ","SINAPI","ARAME RECOZIDO 16 BWG, D = 1,65 MM (0,016 KG/M) OU 18 BWG, D = 1,25 MM (0,01 KG/M)","Material",null,"KG",2.5000000000000001E-2,25.59,0.63]
["Insumo"," 00039017 ","SINAPI","ESPACADOR / DISTANCIADOR CIRCULAR COM ENTRADA LATERAL, EM PLASTICO, PARA VERGALHAO *4,2 A 12,5* MM, COBRIMENTO 20 MM","Material",null,"UN",1.19,0.22,0.26]
[{"$nulls":4},"MO sem LS =>",6.08,"LS =>",0,"MO com LS =>",6.08]
[{"$nulls":4},"Valor do BDI =>",4.8,null,"Valor com BDI =>",null,23.12]
[{"$nulls":6},"Quant. =>","71,44","Preço Total =>",1651.69]
[]
[" 4.2.8 ","Código","Banco","Descrição","Tipo",null,"Und","Quant.","Valor Unit","Total"]
["Composição"," 96557 ","SINAPI","CONCRETAGEM DE BLOCO DE COROAMENTO OU VIGA BALDRAME, FCK 30 MPA, COM USO DE BOMBA - LANÇAMENTO, ADENSAMENTO E ACABAMENTO. AF_01/2024","FUES - FUNDAÇÕES E ESTRUTURAS",null,"m³",1,1176.8399999999999,1176.8399999999999]
["Composição Auxiliar"," 88316 ","SINAPI","SERVENTE COM ENCARGOS COMPLEMENTARES","SEDI - SERVIÇOS DIVERSOS",null,"H",0.501,19.850000000000001,9.94]
["Composição Auxiliar"," 90586 ","SINAPI","VIBRADOR DE IMERSÃO, DIÂMETRO DE PONTEIRA 45MM, MOTOR ELÉTRICO TRIFÁSICO POTÊNCIA DE 2 CV - CHP DIURNO. AF_06/2015","CHOR - CUSTOS HORÁRIOS DE MÁQUINAS E EQUIPAMENTOS",null,"CHP",9.1999999999999998E-2,1.39,0.12]
["Composição Auxiliar"," 90587 ","SINAPI","VIBRADOR DE IMERSÃO, DIÂMETRO DE PONTEIRA 45MM, MOTOR ELÉTRICO TRIFÁSICO POTÊNCIA DE 2 CV - CHI DIURNO. AF_06/2015","CHOR - CUSTOS HORÁRIOS DE MÁQUINAS E EQUIPAMENTOS",null,"CHI",7.4999999999999997E-2,0.53,0.03]
["Composição Auxiliar"," 88309 ","SINAPI","PEDREIRO COM ENCARGOS COMPLEMENTARES","SEDI - SERVIÇOS DIVERSOS",null,"H",0.33400000000000002,26.21,8.75]
["Insumo"," 00001525 ","SINAPI","CONCRETO USINADO BOMBEAVEL, CLASSE DE RESISTENCIA C30, BRITA 0 E 1, SLUMP = 100 +/- 20 MM, COM BOMBEAMENTO (DISPONIBILIZACAO DE BOMBA), SEM O LANCAMENTO (NBR 8953)","Material",null,"M³",1.23,941.47,1158]
[{"$nulls":4},"MO sem LS =>",14.93,"LS =>",0,"MO com LS =>",14.93]
[{"$nulls":4},"Valor do BDI =>",308.8,null,"Valor com BDI =>",null,1485.64]
[{"$nulls":6},"Quant. =>","6,43","Preço Total =>",9552.66]
[]
[" 5 ",null,null,"SUPERESTRUTURA",{"$nulls":5},796430.11]
[" 5.1 ",null,null,"CONCRETO ARMADO - PILARES",{"$nulls":5},50203.09]
[" 5.1.1 ","Código","Banco","Descrição","Tipo",null,"Und","Quant.","Valor Unit","Total"]
["Composição"," 92443 ","SINAPI","MONTAGEM E DESMONTAGEM DE FÔRMA DE PILARES RETANGULARES E ESTRUTURAS SIMILARES, PÉ-DIREITO SIMPLES, EM CHAPA DE MADEIRA COMPENSADA PLASTIFICADA, 18 UTILIZAÇÕES. AF_09/2020","FUES - FUNDAÇÕES E ESTRUTURAS",null,"m²",1,54.71,54.71]
["Composição Auxiliar"," 88262 ","SINAPI","CARPINTEIRO DE FORMAS COM ENCARGOS COMPLEMENTARES","SEDI - SERVIÇOS DIVERSOS",null,"H",0.6,25.79,15.47]
["Composição Auxiliar"," 88239 ","SINAPI","AJUDANTE DE CARPINTEIRO COM ENCARGOS COMPLEMENTARES","SEDI - SERVIÇOS DIVERSOS",null,"H",0.11,21.73,2.39]
["Composição Auxiliar"," 92264 ","SINAPI","FABRICAÇÃO DE FÔRMA PARA PILARES E ESTRUTURAS SIMILARES, EM CHAPA DE MADEIRA COMPENSADA PLASTIFICADA, E = 18 MM. AF_09/2020","FUES - FUNDAÇÕES E ESTRUTURAS",null,"m²",6.7000000000000004E-2,243.33,16.3]
["Insumo"," 00040275 ","SINAPI","LOCACAO DE VIGA SANDUICHE METALICA VAZADA PARA TRAVAMENTO DE PILARES, ALTURA DE *8* CM, LARGURA DE *6* CM E EXTENSAO DE 2 M","Equipamento",null,"MES",0.39300000000000002,23.2,9.11]
["Insumo"," 00040271 ","SINAPI","LOCACAO DE APRUMADOR METALICO DE PILAR, COM ALTURA E ANGULO REGULAVEIS, EXTENSAO DE *1,50* A *2,80* M","Equipamento",null,"MES",0.19600000000000001,22.19,4.34]
["Insumo"," 00002692 ","SINAPI","DESMOLDANTE PROTETOR PARA FORMAS DE MADEIRA, DE BASE OLEOSA EMULSIONADA EM AGUA","Material",null,"L",4.0000000000000001E-3,9.3000000000000007,0.03]
["Insumo"," 00040287 ","SINAPI","LOCACAO DE BARRA DE ANCORAGEM DE 0,80 A 1,20 M DE EXTENSAO, COM ROSCA DE 5/8\", INCLUINDO PORCA E FLANGE","Equipamento",null,"MES",0.78500000000000003,8.5399999999999991,6.7]
["Insumo"," 00040304 ","SINAPI","PREGO DE ACO POLIDO COM CABECA DUPLA 17 X 27 (2 1/2 X 11)","Material",null,"KG",1.9E-2,19.899999999999999,0.37]
[{"$nulls":4},"MO sem LS =>",17.420000000000002,"LS =>",0,"MO com LS =>",17.420000000000002]
[{"$nulls":4},"Valor do BDI =>",14.35,null,"Valor com BDI =>",null,69.06]
[{"$nulls":6},"Quant. =>","182,40","Preço Total =>",12596.54]
[]
[" 5.1.2 ","Código","Banco","Descrição","Tipo",null,"Und","Quant.","Valor Unit","Total"]
["Composição"," 92760 ","SINAPI","ARMAÇÃO DE PILAR OU VIGA DE ESTRUTURA CONVENCIONAL DE CONCRETO ARMADO UTILIZANDO AÇO CA-50 DE 6,3 MM - MONTAGEM. AF_06/2022","FUES - FUNDAÇÕES E ESTRUTURAS",null,"KG",1,15.25,15.25]
["Composição Auxiliar"," 88245 ","SINAPI","ARMADOR COM ENCARGOS COMPLEMENTARES","SEDI - SERVIÇOS DIVERSOS",null,"H",7.9000000000000001E-2,26.01,2.0499999999999998]
["Composição Auxiliar"," 92801 ","SINAPI","CORTE E DOBRA DE AÇO CA-50, DIÂMETRO DE 6,3 MM. AF_06/2022","FUES - FUNDAÇÕES E ESTRUTURAS",null,"KG",1,12.08,12.08]
["Composição Auxiliar"," 88238 ","SINAPI","AJUDANTE DE ARMADOR COM ENCARGOS COMPLEMENTARES","SEDI - SERVIÇOS DIVERSOS",null,"H",1.29E-2,21.89,0.28000000000000003]
["Insumo"," 00039017 ","SINAPI","ESPACADOR / DISTANCIADOR CIRCULAR COM ENTRADA LATERAL, EM PLASTICO, PARA VERGALHAO *4,2 A 12,5* MM, COBRIMENTO 20 MM","Material",null,"UN",0.97,0.22,0.21]
["Insumo"," 00043132 ","SINAPI","ARAME RECOZIDO 16 BWG, D = 1,65 MM (0,016 KG/M) OU 18 BWG, D = 1,25 MM (0,01 KG/M)","Material",null,"KG",2.5000000000000001E-2,25.59,0.63]
[{"$nulls":4},"MO sem LS =>",2.65,"LS =>",0,"MO com LS =>",2.65]
[{"$nulls":4},"Valor do BDI =>",4,null,"Valor com BDI =>",null,19.25]
[{"$nulls":6},"Quant. =>","155,59","Preço Total =>",2995.1]
[]
[" 5.1.3 ","Código","Banco","Descrição","Tipo",null,"Und","Quant.","Valor Unit","Total"]
["Composição"," 92762 ","SINAPI","ARMAÇÃO DE PILAR OU VIGA DE ESTRUTURA CONVENCIONAL DE CONCRETO ARMADO UTILIZANDO AÇO CA-50 DE 10,0 MM - MONTAGEM. AF_06/2022","FUES - FUNDAÇÕES E ESTRUTURAS",null,"KG",1,13.11,13.11]
["Composição Auxiliar"," 88238 ","SINAPI","AJUDANTE DE ARMADOR COM ENCARGOS COMPLEMENTARES","SEDI - SERVIÇOS DIVERSOS",null,"H",6.4000000000000003E-3,21.89,0.14000000000000001]
["Composição Auxiliar"," 88245 ","SINAPI","ARMADOR COM ENCARGOS COMPLEMENTARES","SEDI - SERVIÇOS DIVERSOS",null,"H",3.9199999999999999E-2,26.01,1.01]
["Composição Auxiliar"," 92803 ","SINAPI","CORTE E DOBRA DE AÇO CA-50, DIÂMETRO DE 10,0 MM. AF_06/2022","FUES - FUNDAÇÕES E ESTRUTURAS",null,"KG",1,11.22,11.22]
["Insumo"," 00039017 ","SINAPI","ESPACADOR / DISTANCIADOR CIRCULAR COM ENTRADA LATERAL, EM PLASTICO, PARA VERGALHAO *4,2 A 12,5* MM, COBRIMENTO 20 MM","Material",null,"UN",0.54300000000000004,0.22,0.11]
["Insumo"," 00043132 ","SINAPI","ARAME RECOZIDO 16 BWG, D = 1,65 MM (0,016 KG/M) OU 18 BWG, D = 1,25 MM (0,01 KG/M)","Material",null,"KG",2.5000000000000001E-2,25.59,0.63]
[{"$nulls":4},"MO sem LS =>",1.1499999999999999,"LS =>",0,"MO com LS =>",1.1499999999999999]
[{"$nulls":4},"Valor do BDI =>",3.44,null,"Valor com BDI =>",null,16.55]
[{"$nulls":6},"Quant. =>","406,18","Preço Total =>",6722.27]
[]
[" 5.1.4 ","Código","Banco","Descrição","Tipo",null,"Und","Quant.","Valor Unit","Total"]
["Composição"," 92763 ","SINAPI","ARMAÇÃO DE PILAR OU VIGA DE ESTRUTURA CONVENCIONAL DE CONCRETO ARMADO UTILIZANDO AÇO CA-50 DE 12,5 MM - MONTAGEM. AF_06/2022","FUES - FUNDAÇÕES E ESTRUTURAS",null,"KG",1,11.1,11.1]
["Composição Auxiliar"," 88238 ","SINAPI","AJUDANTE DE ARMADOR COM ENCARGOS COMPLEMENTARES","SEDI - SERVIÇOS DIVERSOS",null,"H",4.1999999999999997E-3,21.89,0.09]
["Composição Auxiliar"," 88245 ","SINAPI","ARMADOR COM ENCARGOS COMPLEMENTARES","SEDI - SERVIÇOS DIVERSOS",null,"H",2.5700000000000001E-2,26.01,0.66]
["Composição Auxiliar"," 92804 ","SINAPI","CORTE E DOBRA DE AÇO CA-50, DIÂMETRO DE 12,5 MM. AF_06/2022","FUES - FUNDAÇÕES E ESTRUTURAS",null,"KG",1,9.64,9.64]
["Insumo"," 00043132 ","SINAPI","ARAME RECOZIDO 16 BWG, D = 1,65 MM (0,016 KG/M) OU 18 BWG, D = 1,25 MM (0,01 KG/M)","Material",null,"KG",2.5000000000000001E-2,25.59,0.63]
["Insumo"," 00039017 ","SINAPI","ESPACADOR / DISTANCIADOR CIRCULAR COM ENTRADA LATERAL, EM PLASTICO, PARA VERGALHAO *4,2 A 12,5* MM, COBRIMENTO 20 MM","Material",null,"UN",0.36699999999999999,0.22,0.08]
[{"$nulls":4},"MO sem LS =>",0.73,"LS =>",0,"MO com LS =>",0.73]
[{"$nulls":4},"Valor do BDI =>",2.91,null,"Valor com BDI =>",null,14.01]
[{"$nulls":6},"Quant. =>","472,41","Preço Total =>",6618.46]
[]
[" 5.1.5 ","Código","Banco","Descrição","Tipo",null,"Und","Quant.","Valor Unit","Total"]
["Composição"," 92759 ","SINAPI","ARMAÇÃO DE PILAR OU VIGA DE ESTRUTURA CONVENCIONAL DE CONCRETO ARMADO UTILIZANDO AÇO CA-60 DE 5,0 MM - MONTAGEM. AF_06/2022","FUES - FUNDAÇÕES E ESTRUTURAS",null,"KG",1,15.77,15.77]
["Composição Auxiliar"," 88245 ","SINAPI","ARMADOR COM ENCARGOS COMPLEMENTARES","SEDI - SERVIÇOS DIVERSOS",null,"H",0.1069,26.01,2.78]
["Composição Auxiliar"," 92800 ","SINAPI","CORTE E DOBRA DE AÇO CA-60, DIÂMETRO DE 5,0 MM. AF_06/2022","FUES - FUNDAÇÕES E ESTRUTURAS",null,"KG",1,11.72,11.72]
["Composição Auxiliar"," 88238 ","SINAPI","AJUDANTE DE ARMADOR COM ENCARGOS COMPLEMENTARES","SEDI - SERVIÇOS DIVERSOS",null,"H",1.7500000000000002E-2,21.89,0.38]
["Insumo"," 00039017 ","SINAPI","ESPACADOR / DISTANCIADOR CIRCULAR COM ENTRADA LATERAL, EM PLASTICO, PARA VERGALHAO *4,2 A 12,5* MM, COBRIMENTO 20 MM","Material",null,"UN",1.19,0.22,0.26]
["Insumo"," 00043132 ","SINAPI","ARAME RECOZIDO 16 BWG, D = 1,65 MM (0,016 KG/M) OU 18 BWG, D = 1,25 MM (0,01 KG/M)","Material",null,"KG",2.5000000000000001E-2,25.59,0.63]
[{"$nulls":4},"MO sem LS =>",3.99,"LS =>",0,"MO com LS =>",3.99]
[{"$nulls":4},"Valor do BDI =>",4.13,null,"Valor com BDI =>",null,19.899999999999999]
[{"$nulls":6},"Quant. =>","211,61","Preço Total =>",4211.03]
[]
[" 5.1.6 ","Código","Banco","Descrição","Tipo",null,"Und","Quant.","Valor Unit","Total"]
["Composição"," 103672 ","SINAPI","CONCRETAGEM DE PILARES, FCK = 25 MPA, COM USO DE BOMBA - LANÇAMENTO, ADENSAMENTO E ACABAMENTO. AF_02/2022_PS","FUES - FUNDAÇÕES E ESTRUTURAS",null,"m³",1,1045.96,1045.96]
["Composição Auxiliar"," 88262 ","SINAPI","CARPINTEIRO DE FORMAS COM ENCARGOS COMPLEMENTARES","SEDI - SERVIÇOS DIVERSOS",null,"H",0.224,25.79,5.77]
["Composição Auxiliar"," 88309 ","SINAPI","PEDREIRO COM ENCARGOS COMPLEMENTARES","SEDI - SERVIÇOS DIVERSOS",null,"H",0.224,26.21,5.87]
["Composição Auxiliar"," 90587 ","SINAPI","VIBRADOR DE IMERSÃO, DIÂMETRO DE PONTEIRA 45MM, MOTOR ELÉTRICO TRIFÁSICO POTÊNCIA DE 2 CV - CHI DIURNO. AF_06/2015","CHOR - CUSTOS HORÁRIOS DE MÁQUINAS E EQUIPAMENTOS",null,"CHI",0.13,0.53,0.06]
["Composição Auxiliar"," 88316 ","SINAPI","SERVENTE COM ENCARGOS COMPLEMENTARES","SEDI - SERVIÇOS DIVERSOS",null,"H",1.345,19.850000000000001,26.69]
["Composição Auxiliar"," 90586 ","SINAPI","VIBRADOR DE IMERSÃO, DIÂMETRO DE PONTEIRA 45MM, MOTOR ELÉTRICO TRIFÁSICO POTÊNCIA DE 2 CV - CHP DIURNO. AF_06/2015","CHOR - CUSTOS HORÁRIOS DE MÁQUINAS E EQUIPAMENTOS",null,"CHP",9.4E-2,1.39,0.13]
["Insumo"," 00001527 ","SINAPI","CONCRETO USINADO BOMBEAVEL, CLASSE DE RESISTENCIA C25, BRITA 0 E 1, SLUMP = 100 +/- 20 MM, COM BOMBEAMENTO (DISPONIBILIZACAO DE BOMBA), SEM O LANCAMENTO (NBR 8953)","Material",null,"M³",1.103,913.37,1007.44]
[{"$nulls":4},"MO sem LS =>",30.32,"LS =>",0,"MO com LS =>",30.32]
[{"$nulls":4},"Valor do BDI =>",274.45,null,"Valor com BDI =>",null,1320.41]
[{"$nulls":6},"Quant. =>","12,92","Preço Total =>",17059.689999999999]
[]
[" 5.2 ",null,null,"CONCRETO ARMADO - VIGAS",{"$nulls":5},39343.33]
[" 5.2.1 ","Código","Banco","Descrição","Tipo",null,"Und","Quant.","Valor Unit","Total"]
["Composição"," 92479 ","SINAPI","MONTAGEM E DESMONTAGEM DE FÔRMA DE VIGA, ESCORAMENTO COM GARFO DE MADEIRA, PÉ-DIREITO SIMPLES, EM CHAPA DE MADEIRA PLASTIFICADA, 18 UTILIZAÇÕES. AF_09/2020","FUES - FUNDAÇÕES E ESTRUTURAS",null,"m²",1,71.23,71.23]
["Composição Auxiliar"," 88239 ","SINAPI","AJUDANTE DE CARPINTEIRO COM ENCARGOS COMPLEMENTARES","SEDI - SERVIÇOS DIVERSOS",null,"H",0.109,21.73,2.36]
["Composição Auxiliar"," 88262 ","SINAPI","CARPINTEIRO DE FORMAS COM ENCARGOS COMPLEMENTARES","SEDI - SERVIÇOS DIVERSOS",null,"H",0.59599999999999997,25.79,15.37]
["Composição Auxiliar"," 92272 ","SINAPI","FABRICAÇÃO DE ESCORAS DE VIGA DO TIPO GARFO, EM MADEIRA. AF_09/2020","FUES - FUNDAÇÕES E ESTRUTURAS",null,"M",0.65900000000000003,43.21,28.47]
["Composição Auxiliar"," 92266 ","SINAPI","FABRICAÇÃO DE FÔRMA PARA VIGAS, EM CHAPA DE MADEIRA COMPENSADA PLASTIFICADA, E = 18 MM. AF_09/2020","FUES - FUNDAÇÕES E ESTRUTURAS",null,"m²",0.105,185.72,19.5]
["Insumo"," 00040304 ","SINAPI","PREGO DE ACO POLIDO COM CABECA DUPLA 17 X 27 (2 1/2 X 11)","Material",null,"KG",4.9000000000000002E-2,19.899999999999999,0.97]
["Insumo"," 00006193 ","SINAPI","TABUA NAO APARELHADA *2,5 X 20* CM, EM MACARANDUBA/MASSARANDUBA, ANGELIM OU EQUIVALENTE DA REGIAO - BRUTA","Material",null,"M",0.32800000000000001,13.83,4.53]
["Insumo"," 00002692 ","SINAPI","DESMOLDANTE PROTETOR PARA FORMAS DE MADEIRA, DE BASE OLEOSA EMULSIONADA EM AGUA","Material",null,"L",4.0000000000000001E-3,9.3000000000000007,0.03]
[{"$nulls":4},"MO sem LS =>",21.76,"LS =>",0,"MO com LS =>",21.76]
[{"$nulls":4},"Valor do BDI =>",18.690000000000001,null,"Valor com BDI =>",null,89.92]
[{"$nulls":6},"Quant. =>","169,88","Preço Total =>",15275.6]
[]
[" 5.2.2 ","Código","Banco","Descrição","Tipo",null,"Und","Quant.","Valor Unit","Total"]
["Composição"," 92760 ","SINAPI","ARMAÇÃO DE PILAR OU VIGA DE ESTRUTURA CONVENCIONAL DE CONCRETO ARMADO UTILIZANDO AÇO CA-50 DE 6,3 MM - MONTAGEM. AF_06/2022","FUES - FUNDAÇÕES E ESTRUTURAS",null,"KG",1,15.25,15.25]
["Composição Auxiliar"," 88245 ","SINAPI","ARMADOR COM ENCARGOS COMPLEMENTARES","SEDI - SERVIÇOS DIVERSOS",null,"H",7.9000000000000001E-2,26.01,2.0499999999999998]
["Composição Auxiliar"," 92801 ","SINAPI","CORTE E DOBRA DE AÇO CA-50, DIÂMETRO DE 6,3 MM. AF_06/2022","FUES - FUNDAÇÕES E ESTRUTURAS",null,"KG",1,12.08,12.08]
["Composição Auxiliar"," 88238 ","SINAPI","AJUDANTE DE ARMADOR COM ENCARGOS COMPLEMENTARES","SEDI - SERVIÇOS DIVERSOS",null,"H",1.29E-2,21.89,0.28000000000000003]
["Insumo"," 00039017 ","SINAPI","ESPACADOR / DISTANCIADOR CIRCULAR COM ENTRADA LATERAL, EM PLASTICO, PARA VERGALHAO *4,2 A 12,5* MM, COBRIMENTO 20 MM","Material",null,"UN",0.97,0.22,0.21]
["Insumo"," 00043132 ","SINAPI","ARAME RECOZIDO 16 BWG, D = 1,65 MM (0,016 KG/M) OU 18 BWG, D = 1,25 MM (0,01 KG/M)","Material",null,"KG",2.5000000000000001E-2,25.59,0.63]
[{"$nulls":4},"MO sem LS =>",2.65,"LS =>",0,"MO com LS =>",2.65]
[{"$nulls":4},"Valor do BDI =>",4,null,"Valor com BDI =>",null,19.25]
[{"$nulls":6},"Quant. =>","5,68","Preço Total =>",109.34]
[]
[" 5.2.3 ","Código","Banco","Descrição","Tipo",null,"Und","Quant.","Valor Unit","Total"]
["Composição"," 92761 ","SINAPI","ARMAÇÃO DE PILAR OU VIGA DE ESTRUTURA CONVENCIONAL DE CONCRETO ARMADO UTILIZANDO AÇO CA-50 DE 8,0 MM - MONTAGEM. AF_06/2022","FUES - FUNDAÇÕES E ESTRUTURAS",null,"KG",1,14.56,14.56]
["Composição Auxiliar"," 88238 ","SINAPI","AJUDANTE DE ARMADOR COM ENCARGOS COMPLEMENTARES","SEDI - SERVIÇOS DIVERSOS",null,"H",9.1999999999999998E-3,21.89,0.2]
["Composição Auxiliar"," 88245 ","SINAPI","ARMADOR COM ENCARGOS COMPLEMENTARES","SEDI - SERVIÇOS DIVERSOS",null,"H",5.6099999999999997E-2,26.01,1.45]
["Composição Auxiliar"," 92802 ","SINAPI","CORTE E DOBRA DE AÇO CA-50, DIÂMETRO DE 8,0 MM. AF_06/2022","FUES - FUNDAÇÕES E ESTRUTURAS",null,"KG",1,12.12,12.12]
["Insumo"," 00043132 ","SINAPI","ARAME RECOZIDO 16 BWG, D = 1,65 MM (0,016 KG/M) OU 18 BWG, D = 1,25 MM (0,01 KG/M)","Material",null,"KG",2.5000000000000001E-2,25.59,0.63]
["Insumo"," 00039017 ","SINAPI","ESPACADOR / DISTANCIADOR CIRCULAR COM ENTRADA LATERAL, EM PLASTICO, PARA VERGALHAO *4,2 A 12,5* MM, COBRIMENTO 20 MM","Material",null,"UN",0.74299999999999999,0.22,0.16]
[{"$nulls":4},"MO sem LS =>",1.73,"LS =>",0,"MO com LS =>",1.73]
[{"$nulls":4},"Valor do BDI =>",3.82,null,"Valor com BDI =>",null,18.38]
[{"$nulls":6},"Quant. =>","163,81","Preço Total =>",3010.82]
[]
[" 5.2.4 ","Código","Banco","Descrição","Tipo",null,"Und","Quant.","Valor Unit","Total"]
["Composição"," 92762 ","SINAPI","ARMAÇÃO DE PILAR OU VIGA DE ESTRUTURA CONVENCIONAL DE CONCRETO ARMADO UTILIZANDO AÇO CA-50 DE 10,0 MM - MONTAGEM. AF_06/2022","FUES - FUNDAÇÕES E ESTRUTURAS",null,"KG",1,13.11,13.11]
["Composição Auxiliar"," 88238 ","SINAPI","AJUDANTE DE ARMADOR COM ENCARGOS COMPLEMENTARES","SEDI - SERVIÇOS DIVERSOS",null,"H",6.4000000000000003E-3,21.89,0.14000000000000001]
["Composição Auxiliar"," 88245 ","SINAPI","ARMADOR COM ENCARGOS COMPLEMENTARES","SEDI - SERVIÇOS DIVERSOS",null,"H",3.9199999999999999E-2,26.01,1.01]
["Composição Auxiliar"," 92803 ","SINAPI","CORTE E DOBRA DE AÇO CA-50, DIÂMETRO DE 10,0 MM. AF_06/2022","FUES - FUNDAÇÕES E ESTRUTURAS",null,"KG",1,11.22,11.22]
["Insumo"," 00039017 ","SINAPI","ESPACADOR / DISTANCIADOR CIRCULAR COM ENTRADA LATERAL, EM PLASTICO, PARA VERGALHAO *4,2 A 12,5* MM, COBRIMENTO 20 MM","Material",null,"UN",0.54300000000000004,0.22,0.11]
["Insumo"," 00043132 ","SINAPI","ARAME RECOZIDO 16 BWG, D = 1,65 MM (0,016 KG/M) OU 18 BWG, D = 1,25 MM (0,01 KG/M)","Material",null,"KG",2.5000000000000001E-2,25.59,0.63]
[{"$nulls":4},"MO sem LS =>",1.1499999999999999,"LS =>",0,"MO com LS =>",1.1499999999999999]
[{"$nulls":4},"Valor do BDI =>",3.44,null,"Valor com BDI =>",null,16.55]
[{"$nulls":6},"Quant. =>","233,64","Preço Total =>",3866.74]
[]
[" 5.2.5 ","Código","Banco","Descrição","Tipo",null,"Und","Quant.","Valor Unit","Total"]
["Composição"," 92763 ","SINAPI","ARMAÇÃO DE PILAR OU VIGA DE ESTRUTURA CONVENCIONAL DE CONCRETO ARMADO UTILIZANDO AÇO CA-50 DE 12,5 MM - MONTAGEM. AF_06/2022","FUES - FUNDAÇÕES E ESTRUTURAS",null,"KG",1,11.1,11.1]
["Composição Auxiliar"," 88238 ","SINAPI","AJUDANTE DE ARMADOR COM ENCARGOS COMPLEMENTARES","SEDI - SERVIÇOS DIVERSOS",null,"H",4.1999999999999997E-3,21.89,0.09]
["Composição Auxiliar"," 88245 ","SINAPI","ARMADOR COM ENCARGOS COMPLEMENTARES","SEDI - SERVIÇOS DIVERSOS",null,"H",2.5700000000000001E-2,26.01,0.66]
["Composição Auxiliar"," 92804 ","SINAPI","CORTE E DOBRA DE AÇO CA-50, DIÂMETRO DE 12,5 MM. AF_06/2022","FUES - FUNDAÇÕES E ESTRUTURAS",null,"KG",1,9.64,9.64]
["Insumo"," 00043132 ","SINAPI","ARAME RECOZIDO 16 BWG, D = 1,65 MM (0,016 KG/M) OU 18 BWG, D = 1,25 MM (0,01 KG/M)","Material",null,"KG",2.5000000000000001E-2,25.59,0.63]
["Insumo"," 00039017 ","SINAPI","ESPACADOR / DISTANCIADOR CIRCULAR COM ENTRADA LATERAL, EM PLASTICO, PARA VERGALHAO *4,2 A 12,5* MM, COBRIMENTO 20 MM","Material",null,"UN",0.36699999999999999,0.22,0.08]
[{"$nulls":4},"MO sem LS =>",0.73,"LS =>",0,"MO com LS =>",0.73]
[{"$nulls":4},"Valor do BDI =>",2.91,null,"Valor com BDI =>",null,14.01]
[{"$nulls":6},"Quant. =>","73,96","Preço Total =>",1036.17]
[]
[" 5.2.6 ","Código","Banco","Descrição","Tipo",null,"Und","Quant.","Valor Unit","Total"]
["Composição"," 92759 ","SINAPI","ARMAÇÃO DE PILAR OU VIGA DE ESTRUTURA CONVENCIONAL DE CONCRETO ARMADO UTILIZANDO AÇO CA-60 DE 5,0 MM - MONTAGEM. AF_06/2022","FUES - FUNDAÇÕES E ESTRUTURAS",null,"KG",1,15.77,15.77]
["Composição Auxiliar"," 88245 ","SINAPI","ARMADOR COM ENCARGOS COMPLEMENTARES","SEDI - SERVIÇOS DIVERSOS",null,"H",0.1069,26.01,2.78]
["Composição Auxiliar"," 92800 ","SINAPI","CORTE E DOBRA DE AÇO CA-60, DIÂMETRO DE 5,0 MM. AF_06/2022","FUES - FUNDAÇÕES E ESTRUTURAS",null,"KG",1,11.72,11.72]
["Composição Auxiliar"," 88238 ","SINAPI","AJUDANTE DE ARMADOR COM ENCARGOS COMPLEMENTARES","SEDI - SERVIÇOS DIVERSOS",null,"H",1.7500000000000002E-2,21.89,0.38]
["Insumo"," 00039017 ","SINAPI","ESPACADOR / DISTANCIADOR CIRCULAR COM ENTRADA LATERAL, EM PLASTICO, PARA VERGALHAO *4,2 A 12,5* MM, COBRIMENTO 20 MM","Material",null,"UN",1.19,0.22,0.26]
["Insumo"," 00043132 ","SINAPI","ARAME RECOZIDO 16 BWG, D = 1,65 MM (0,016 KG/M) OU 18 BWG, D = 1,25 MM (0,01 KG/M)","Material",null,"KG",2.5000000000000001E-2,25.59,0.63]
[{"$nulls":4},"MO sem LS =>",3.99,"LS =>",0,"MO com LS =>",3.99]
[{"$nulls":4},"Valor do BDI =>",4.13,null,"Valor com BDI =>",null,19.899999999999999]
[{"$nulls":6},"Quant. =>","132,78","Preço Total =>",2642.32]
[]
[" 5.2.7 ","Código","Banco","Descrição","Tipo",null,"Und","Quant.","Valor Unit","Total"]
["Composição"," 103675 ","SINAPI","CONCRETAGEM DE VIGAS E LAJES, FCK=25 MPA, PARA LAJES MACIÇAS OU NERVURADAS COM USO DE BOMBA - LANÇAMENTO, ADENSAMENTO E ACABAMENTO. AF_02/2022_PS","FUES - FUNDAÇÕES E ESTRUTURAS",null,"m³",1,1047,1047]
["Composição Auxiliar"," 88316 ","SINAPI","SERVENTE COM ENCARGOS COMPLEMENTARES","SEDI - SERVIÇOS DIVERSOS",null,"H",0.82599999999999996,19.850000000000001,16.39]
["Composição Auxiliar"," 88262 ","SINAPI","CARPINTEIRO DE FORMAS COM ENCARGOS COMPLEMENTARES","SEDI - SERVIÇOS DIVERSOS",null,"H",0.125,25.79,3.22]
["Composição Auxiliar"," 90586 ","SINAPI","VIBRADOR DE IMERSÃO, DIÂMETRO DE PONTEIRA 45MM, MOTOR ELÉTRICO TRIFÁSICO POTÊNCIA DE 2 CV - CHP DIURNO. AF_06/2015","CHOR - CUSTOS HORÁRIOS DE MÁQUINAS E EQUIPAMENTOS",null,"CHP",0.12,1.39,0.16]
["Composição Auxiliar"," 88309 ","SINAPI","PEDREIRO COM ENCARGOS COMPLEMENTARES","SEDI - SERVIÇOS DIVERSOS",null,"H",0.753,26.21,19.73]
["Composição Auxiliar"," 90587 ","SINAPI","VIBRADOR DE IMERSÃO, DIÂMETRO DE PONTEIRA 45MM, MOTOR ELÉTRICO TRIFÁSICO POTÊNCIA DE 2 CV - CHI DIURNO. AF_06/2015","CHOR - CUSTOS HORÁRIOS DE MÁQUINAS E EQUIPAMENTOS",null,"CHI",0.13100000000000001,0.53,0.06]
["Insumo"," 00001527 ","SINAPI","CONCRETO USINADO BOMBEAVEL, CLASSE DE RESISTENCIA C25, BRITA 0 E 1, SLUMP = 100 +/- 20 MM, COM BOMBEAMENTO (DISPONIBILIZACAO DE BOMBA), SEM O LANCAMENTO (NBR 8953)","Material",null,"M³",1.103,913.37,1007.44]
[{"$nulls":4},"MO sem LS =>",31.68,"LS =>",0,"MO com LS =>",31.68]
[{"$nulls":4},"Valor do BDI =>",274.73,null,"Valor com BDI =>",null,1321.73]
[{"$nulls":6},"Quant. =>","10,14","Preço Total =>",13402.34]
[]
[" 5.3 ",null,null,"CONCRETO ARMADO - VERGAS",{"$nulls":5},1397.72]
[" 5.3.1 ","Código","Banco","Descrição","Tipo",null,"Und","Quant.","Valor Unit","Total"]
["Composição"," 93184 ","SINAPI","VERGA PRÉ-MOLDADA COM ATÉ 1,5 M DE VÃO, ESPESSURA DE *20* CM. AF_03/2024","FUES - FUNDAÇÕES E ESTRUTURAS",null,"M",1,33.31,33.31]
["Composição Auxiliar"," 87294 ","SINAPI","ARGAMASSA TRAÇO 1:2:9 (EM VOLUME DE CIMENTO, CAL E AREIA MÉDIA ÚMIDA) PARA EMBOÇO/MASSA ÚNICA/ASSENTAMENTO DE ALVENARIA DE VEDAÇÃO, PREPARO MECÂNICO COM BETONEIRA 600 L. AF_08/2019","SEDI - SERVIÇOS DIVERSOS",null,"m³",1.9E-3,664.95,1.26]
["Composição Auxiliar"," 88316 ","SINAPI","SERVENTE COM ENCARGOS COMPLEMENTARES","SEDI - SERVIÇOS DIVERSOS",null,"H",8.8999999999999996E-2,19.850000000000001,1.76]
["Composição Auxiliar"," 92801 ","SINAPI","CORTE E DOBRA DE AÇO CA-50, DIÂMETRO DE 6,3 MM. AF_06/2022","FUES - FUNDAÇÕES E ESTRUTURAS",null,"KG",0.49,12.08,5.91]
["Composição Auxiliar"," 92270 ","SINAPI","FABRICAÇÃO DE FÔRMA PARA VIGAS, COM MADEIRA SERRADA, E = 25 MM. AF_09/2020","FUES - FUNDAÇÕES E ESTRUTURAS",null,"m²",4.2000000000000003E-2,139.76,5.86]
["Composição Auxiliar"," 94964 ","SINAPI","CONCRETO FCK = 20MPA, TRAÇO 1:2,7:3 (EM MASSA SECA DE CIMENTO/ AREIA MÉDIA/ BRITA 1) - PREPARO MECÂNICO COM BETONEIRA 400 L. AF_05/2021","FUES - FUNDAÇÕES E ESTRUTURAS",null,"m³",2.1000000000000001E-2,747.3,15.69]
["Composição Auxiliar"," 88309 ","SINAPI","PEDREIRO COM ENCARGOS COMPLEMENTARES","SEDI - SERVIÇOS DIVERSOS",null,"H",5.6000000000000001E-2,26.21,1.46]
["Insumo"," 00002692 ","SINAPI","DESMOLDANTE PROTETOR PARA FORMAS DE MADEIRA, DE BASE OLEOSA EMULSIONADA EM AGUA","Material",null,"L",6.0000000000000001E-3,9.3000000000000007,0.05]
["Insumo"," 00039017 ","SINAPI","ESPACADOR / DISTANCIADOR CIRCULAR COM ENTRADA LATERAL, EM PLASTICO, PARA VERGALHAO *4,2 A 12,5* MM, COBRIMENTO 20 MM","Material",null,"UN",6,0.22,1.32]
[{"$nulls":4},"MO sem LS =>",5.58,"LS =>",0,"MO com LS =>",5.58]
[{"$nulls":4},"Valor do BDI =>",8.74,null,"Valor com BDI =>",null,42.05]
[{"$nulls":6},"Quant. =>","19,10","Preço Total =>",803.15]
[]
[" 5.3.2 ","Código","Banco","Descrição","Tipo",null,"Und","Quant.","Valor Unit","Total"]
["Composição"," 93194 ","SINAPI","CONTRAVERGA PRÉ-MOLDADA, ESPESSURA DE *20* CM. AF_03/2024","FUES - FUNDAÇÕES E ESTRUTURAS",null,"M",1,32.71,32.71]
["Composição Auxiliar"," 92270 ","SINAPI","FABRICAÇÃO DE FÔRMA PARA VIGAS, COM MADEIRA SERRADA, E = 25 MM. AF_09/2020","FUES - FUNDAÇÕES E ESTRUTURAS",null,"m²",3.9E-2,139.76,5.45]
["Composição Auxiliar"," 88316 ","SINAPI","SERVENTE COM ENCARGOS COMPLEMENTARES","SEDI - SERVIÇOS DIVERSOS",null,"H",8.5999999999999993E-2,19.850000000000001,1.7]
["Composição Auxiliar"," 92801 ","SINAPI","CORTE E DOBRA DE AÇO CA-50, DIÂMETRO DE 6,3 MM. AF_06/2022","FUES - FUNDAÇÕES E ESTRUTURAS",null,"KG",0.49,12.08,5.91]
["Composição Auxiliar"," 94964 ","SINAPI","CONCRETO FCK = 20MPA, TRAÇO 1:2,7:3 (EM MASSA SECA DE CIMENTO/ AREIA MÉDIA/ BRITA 1) - PREPARO MECÂNICO COM BETONEIRA 400 L. AF_05/2021","FUES - FUNDAÇÕES E ESTRUTURAS",null,"m³",2.1000000000000001E-2,747.3,15.69]
["Composição Auxiliar"," 88309 ","SINAPI","PEDREIRO COM ENCARGOS COMPLEMENTARES","SEDI - SERVIÇOS DIVERSOS",null,"H",5.0999999999999997E-2,26.21,1.33]
["Composição Auxiliar"," 87294 ","SINAPI","ARGAMASSA TRAÇO 1:2:9 (EM VOLUME DE CIMENTO, CAL E AREIA MÉDIA ÚMIDA) PARA EMBOÇO/MASSA ÚNICA/ASSENTAMENTO DE ALVENARIA DE VEDAÇÃO, PREPARO MECÂNICO COM BETONEIRA 600 L. AF_08/2019","SEDI - SERVIÇOS DIVERSOS",null,"m³",1.9E-3,664.95,1.26]
["Insumo"," 00002692 ","SINAPI","DESMOLDANTE PROTETOR PARA FORMAS DE MADEIRA, DE BASE OLEOSA EMULSIONADA EM AGUA","Material",null,"L",6.0000000000000001E-3,9.3000000000000007,0.05]
["Insumo"," 00039017 ","SINAPI","ESPACADOR / DISTANCIADOR CIRCULAR COM ENTRADA LATERAL, EM PLASTICO, PARA VERGALHAO *4,2 A 12,5* MM, COBRIMENTO 20 MM","Material",null,"UN",6,0.22,1.32]
[{"$nulls":4},"MO sem LS =>",5.34,"LS =>",0,"MO com LS =>",5.34]
[{"$nulls":4},"Valor do BDI =>",8.58,null,"Valor com BDI =>",null,41.29]
[{"$nulls":6},"Quant. =>","14,40","Preço Total =>",594.57000000000005]
[]
[" 5.4 ",null,null,"CONCRETO ARMADO - LAJE",{"$nulls":5},21963.119999999999]
[" 5.4.1 ","Código","Banco","Descrição","Tipo",null,"Und","Quant.","Valor Unit","Total"]
["Composição"," 101964 ","SINAPI","LAJE PRÉ-MOLDADA UNIDIRECIONAL, BIAPOIADA, PARA FORRO, ENCHIMENTO EM CERÂMICA, VIGOTA CONVENCIONAL, ALTURA TOTAL DA LAJE (ENCHIMENTO+CAPA) = (8+3). AF_11/2020","FUES - FUNDAÇÕES E ESTRUTURAS",null,"m²",1,175.75,175.75]
["Composição Auxiliar"," 92273 ","SINAPI","FABRICAÇÃO DE ESCORAS DO TIPO PONTALETE, EM MADEIRA, PARA PÉ-DIREITO SIMPLES. AF_09/2020","FUES - FUNDAÇÕES E ESTRUTURAS",null,"M",0.97,16.760000000000002,16.25]
["Composição Auxiliar"," 88262 ","SINAPI","CARPINTEIRO DE FORMAS COM ENCARGOS COMPLEMENTARES","SEDI - SERVIÇOS DIVERSOS",null,"H",0.501,25.79,12.92]
["Composição Auxiliar"," 103674 ","SINAPI","CONCRETAGEM DE VIGAS E LAJES, FCK=25 MPA, PARA LAJES PREMOLDADAS COM USO DE BOMBA - LANÇAMENTO, ADENSAMENTO E ACABAMENTO. AF_02/2022_PS","FUES - FUNDAÇÕES E ESTRUTURAS",null,"m³",4.3999999999999997E-2,1065.56,46.88]
["Composição Auxiliar"," 88316 ","SINAPI","SERVENTE COM ENCARGOS COMPLEMENTARES","SEDI - SERVIÇOS DIVERSOS",null,"H",0.35399999999999998,19.850000000000001,7.02]
["Composição Auxiliar"," 92767 ","SINAPI","ARMAÇÃO DE LAJE DE ESTRUTURA CONVENCIONAL DE CONCRETO ARMADO UTILIZANDO AÇO CA-60 DE 4,2 MM - MONTAGEM. AF_06/2022","FUES - FUNDAÇÕES E ESTRUTURAS",null,"KG",0.99099999999999999,17.11,16.95]
["Insumo"," 00040304 ","SINAPI","PREGO DE ACO POLIDO COM CABECA DUPLA 17 X 27 (2 1/2 X 11)","Material",null,"KG",0.04,19.899999999999999,0.79]
["Insumo"," 00003736 ","SINAPI","LAJE PRE-MOLDADA CONVENCIONAL (LAJOTAS + VIGOTAS) PARA FORRO, UNIDIRECIONAL, SOBRECARGA DE 100 KG/M2, VAO ATE 4,00 M (SEM COLOCACAO)","Material",null,"M²",1,49.08,49.08]
["Insumo"," 00006193 ","SINAPI","TABUA NAO APARELHADA *2,5 X 20* CM, EM MACARANDUBA/MASSARANDUBA, ANGELIM OU EQUIVALENTE DA REGIAO - BRUTA","Material",null,"M",1.87,13.83,25.86]
[{"$nulls":4},"MO sem LS =>",26.31,"LS =>",0,"MO com LS =>",26.31]
[{"$nulls":4},"Valor do BDI =>",46.11,null,"Valor com BDI =>",null,221.86]
[{"$nulls":6},"Quant. =>","80,74","Preço Total =>",17912.97]
[]
[" 5.4.2 ","Código","Banco","Descrição","Tipo",null,"Und","Quant.","Valor Unit","Total"]
["Composição"," 92479 ","SINAPI","MONTAGEM E DESMONTAGEM DE FÔRMA DE VIGA, ESCORAMENTO COM GARFO DE MADEIRA, PÉ-DIREITO SIMPLES, EM CHAPA DE MADEIRA PLASTIFICADA, 18 UTILIZAÇÕES. AF_09/2020","FUES - FUNDAÇÕES E ESTRUTURAS",null,"m²",1,71.23,71.23]
["Composição Auxiliar"," 88239 ","SINAPI","AJUDANTE DE CARPINTEIRO COM ENCARGOS COMPLEMENTARES","SEDI - SERVIÇOS DIVERSOS",null,"H",0.109,21.73,2.36]
["Composição Auxiliar"," 88262 ","SINAPI","CARPINTEIRO DE FORMAS COM ENCARGOS COMPLEMENTARES","SEDI - SERVIÇOS DIVERSOS",null,"H",0.59599999999999997,25.79,15.37]
["Composição Auxiliar"," 92272 ","SINAPI","FABRICAÇÃO DE ESCORAS DE VIGA DO TIPO GARFO, EM MADEIRA. AF_09/2020","FUES - FUNDAÇÕES E ESTRUTURAS",null,"M",0.65900000000000003,43.21,28.47]
["Composição Auxiliar"," 92266 ","SINAPI","FABRICAÇÃO DE FÔRMA PARA VIGAS, EM CHAPA DE MADEIRA COMPENSADA PLASTIFICADA, E = 18 MM. AF_09/2020","FUES - FUNDAÇÕES E ESTRUTURAS",null,"m²",0.105,185.72,19.5]
["Insumo"," 00040304 ","SINAPI","PREGO DE ACO POLIDO COM CABECA DUPLA 17 X 27 (2 1/2 X 11)","Material",null,"KG",4.9000000000000002E-2,19.899999999999999,0.97]
["Insumo"," 00006193 ","SINAPI","TABUA NAO APARELHADA *2,5 X 20* CM, EM MACARANDUBA/MASSARANDUBA, ANGELIM OU EQUIVALENTE DA REGIAO - BRUTA","Material",null,"M",0.32800000000000001,13.83,4.53]
["Insumo"," 00002692 ","SINAPI","DESMOLDANTE PROTETOR PARA FORMAS DE MADEIRA, DE BASE OLEOSA EMULSIONADA EM AGUA","Material",null,"L",4.0000000000000001E-3,9.3000000000000007,0.03]
[{"$nulls":4},"MO sem LS =>",21.76,"LS =>",0,"MO com LS =>",21.76]
[{"$nulls":4},"Valor do BDI =>",18.690000000000001,null,"Valor com BDI =>",null,89.92]
[{"$nulls":6},"Quant. =>","9,93","Preço Total =>",892.9]
[]
[" 5.4.3 ","Código","Banco","Descrição","Tipo",null,"Und","Quant.","Valor Unit","Total"]
["Composição"," 92760 ","SINAPI","ARMAÇÃO DE PILAR OU VIGA DE ESTRUTURA CONVENCIONAL DE CONCRETO ARMADO UTILIZANDO AÇO CA-50 DE 6,3 MM - MONTAGEM. AF_06/2022","FUES - FUNDAÇÕES E ESTRUTURAS",null,"KG",1,15.25,15.25]
["Composição Auxiliar"," 88245 ","SINAPI","ARMADOR COM ENCARGOS COMPLEMENTARES","SEDI - SERVIÇOS DIVERSOS",null,"H",7.9000000000000001E-2,26.01,2.0499999999999998]
["Composição Auxiliar"," 92801 ","SINAPI","CORTE E DOBRA DE AÇO CA-50, DIÂMETRO DE 6,3 MM. AF_06/2022","FUES - FUNDAÇÕES E ESTRUTURAS",null,"KG",1,12.08,12.08]
["Composição Auxiliar"," 88238 ","SINAPI","AJUDANTE DE ARMADOR COM ENCARGOS COMPLEMENTARES","SEDI - SERVIÇOS DIVERSOS",null,"H",1.29E-2,21.89,0.28000000000000003]
["Insumo"," 00039017 ","SINAPI","ESPACADOR / DISTANCIADOR CIRCULAR COM ENTRADA LATERAL, EM PLASTICO, PARA VERGALHAO *4,2 A 12,5* MM, COBRIMENTO 20 MM","Material",null,"UN",0.97,0.22,0.21]
["Insumo"," 00043132 ","SINAPI","ARAME RECOZIDO 16 BWG, D = 1,65 MM (0,016 KG/M) OU 18 BWG, D = 1,25 MM (0,01 KG/M)","Material",null,"KG",2.5000000000000001E-2,25.59,0.63]
[{"$nulls":4},"MO sem LS =>",2.65,"LS =>",0,"MO com LS =>",2.65]
[{"$nulls":4},"Valor do BDI =>",4,null,"Valor com BDI =>",null,19.25]
[{"$nulls":6},"Quant. =>","79,56","Preço Total =>",1531.53]
[]
[" 5.4.4 ","Código","Banco","Descrição","Tipo",null,"Und","Quant.","Valor Unit","Total"]
["Composição"," 103675 ","SINAPI","CONCRETAGEM DE VIGAS E LAJES, FCK=25 MPA, PARA LAJES MACIÇAS OU NERVURADAS COM USO DE BOMBA - LANÇAMENTO, ADENSAMENTO E ACABAMENTO. AF_02/2022_PS","FUES - FUNDAÇÕES E ESTRUTURAS",null,"m³",1,1047,1047]
["Composição Auxiliar"," 88316 ","SINAPI","SERVENTE COM ENCARGOS COMPLEMENTARES","SEDI - SERVIÇOS DIVERSOS",null,"H",0.82599999999999996,19.850000000000001,16.39]
["Composição Auxiliar"," 88262 ","SINAPI","CARPINTEIRO DE FORMAS COM ENCARGOS COMPLEMENTARES","SEDI - SERVIÇOS DIVERSOS",null,"H",0.125,25.79,3.22]
["Composição Auxiliar"," 90586 ","SINAPI","VIBRADOR DE IMERSÃO, DIÂMETRO DE PONTEIRA 45MM, MOTOR ELÉTRICO TRIFÁSICO POTÊNCIA DE 2 CV - CHP DIURNO. AF_06/2015","CHOR - CUSTOS HORÁRIOS DE MÁQUINAS E EQUIPAMENTOS",null,"CHP",0.12,1.39,0.16]
["Composição Auxiliar"," 88309 ","SINAPI","PEDREIRO COM ENCARGOS COMPLEMENTARES","SEDI - SERVIÇOS DIVERSOS",null,"H",0.753,26.21,19.73]
["Composição Auxiliar"," 90587 ","SINAPI","VIBRADOR DE IMERSÃO, DIÂMETRO DE PONTEIRA 45MM, MOTOR ELÉTRICO TRIFÁSICO POTÊNCIA DE 2 CV - CHI DIURNO. AF_06/2015","CHOR - CUSTOS HORÁRIOS DE MÁQUINAS E EQUIPAMENTOS",null,"CHI",0.13100000000000001,0.53,0.06]
["Insumo"," 00001527 ","SINAPI","CONCRETO USINADO BOMBEAVEL, CLASSE DE RESISTENCIA C25, BRITA 0 E 1, SLUMP = 100 +/- 20 MM, COM BOMBEAMENTO (DISPONIBILIZACAO DE BOMBA), SEM O LANCAMENTO (NBR 8953)","Material",null,"M³",1.103,913.37,1007.44]
[{"$nulls":4},"MO sem LS =>",31.68,"LS =>",0,"MO com LS =>",31.68]
[{"$nulls":4},"Valor do BDI =>",274.73,null,"Valor com BDI =>",null,1321.73]
[{"$nulls":6},"Quant. =>","1,23","Preço Total =>",1625.72]
[]
[" 5.5 ",null,null,"CONCRETO ARMADO - PISO",{"$nulls":5},124737.32]
[" 5.5.1 ","Código","Banco","Descrição","Tipo",null,"Und","Quant.","Valor Unit","Total"]
["Composição"," 92526 ","SINAPI","MONTAGEM E DESMONTAGEM DE FÔRMA DE LAJE MACIÇA, PÉ-DIREITO SIMPLES, EM CHAPA DE MADEIRA COMPENSADA PLASTIFICADA, 10 UTILIZAÇÕES. AF_09/2020","FUES - FUNDAÇÕES E ESTRUTURAS",null,"m²",1,44.99,44.99]
["Composição Auxiliar"," 88239 ","SINAPI","AJUDANTE DE CARPINTEIRO COM ENCARGOS COMPLEMENTARES","SEDI - SERVIÇOS DIVERSOS",null,"H",9.1999999999999998E-2,21.73,1.99]
["Composição Auxiliar"," 88262 ","SINAPI","CARPINTEIRO DE FORMAS COM ENCARGOS COMPLEMENTARES","SEDI - SERVIÇOS DIVERSOS",null,"H",0.502,25.79,12.94]
["Composição Auxiliar"," 92268 ","SINAPI","FABRICAÇÃO DE FÔRMA PARA LAJES, EM CHAPA DE MADEIRA COMPENSADA PLASTIFICADA, E = 18 MM. AF_09/2020","FUES - FUNDAÇÕES E ESTRUTURAS",null,"m²",0.13600000000000001,111.91,15.21]
["Insumo"," 00010749 ","SINAPI","LOCACAO DE ESCORA METALICA TELESCOPICA, COM ALTURA REGULAVEL DE *1,80* A *3,20* M, COM CAPACIDADE DE CARGA DE NO MINIMO 1000 KGF (10 KN), INCLUSO TRIPE E FORCADO","Equipamento",null,"M/MES",0.39700000000000002,25.73,10.210000000000001]
["Insumo"," 00002692 ","SINAPI","DESMOLDANTE PROTETOR PARA FORMAS DE MADEIRA, DE BASE OLEOSA EMULSIONADA EM AGUA","Material",null,"L",4.0000000000000001E-3,9.3000000000000007,0.03]
["Insumo"," 00040270 ","SINAPI","VIGA DE ESCORAMENTO H20, DE MADEIRA, PESO DE 5,00 A 5,20 KG/M, COM EXTREMIDADES PLASTICAS","Material",null,"M",3.7999999999999999E-2,121.53,4.6100000000000003]
[{"$nulls":4},"MO sem LS =>",12.48,"LS =>",0,"MO com LS =>",12.48]
[{"$nulls":4},"Valor do BDI =>",11.8,null,"Valor com BDI =>",null,56.79]
[{"$nulls":6},"Quant. =>","6,32","Preço Total =>",358.91]
[]
[" 5.5.2 ","Código","Banco","Descrição","Tipo",null,"Und","Quant.","Valor Unit","Total"]
["Composição"," 100324 ","SINAPI","LASTRO COM MATERIAL GRANULAR (PEDRA BRITADA N.1 E PEDRA BRITADA N.2), APLICADO EM PISOS OU LAJES SOBRE SOLO, ESPESSURA DE *10 CM*. AF_01/2024","FUES - FUNDAÇÕES E ESTRUTURAS",null,"m³",1,440.03,440.03]
["Composição Auxiliar"," 88309 ","SINAPI","PEDREIRO COM ENCARGOS COMPLEMENTARES","SEDI - SERVIÇOS DIVERSOS",null,"H",1.579,26.21,41.38]
["Composição Auxiliar"," 88316 ","SINAPI","SERVENTE COM ENCARGOS COMPLEMENTARES","SEDI - SERVIÇOS DIVERSOS",null,"H",0.63400000000000001,19.850000000000001,12.58]
["Composição Auxiliar"," 91277 ","SINAPI","PLACA VIBRATÓRIA REVERSÍVEL COM MOTOR 4 TEMPOS A GASOLINA, FORÇA CENTRÍFUGA DE 25 KN (2500 KGF), POTÊNCIA 5,5 CV - CHP DIURNO. AF_08/2015","CHOR - CUSTOS HORÁRIOS DE MÁQUINAS E EQUIPAMENTOS",null,"CHP",3.2000000000000001E-2,10.15,0.32]
["Composição Auxiliar"," 91278 ","SINAPI","PLACA VIBRATÓRIA REVERSÍVEL COM MOTOR 4 TEMPOS A GASOLINA, FORÇA CENTRÍFUGA DE 25 KN (2500 KGF), POTÊNCIA 5,5 CV - CHI DIURNO. AF_08/2015","CHOR - CUSTOS HORÁRIOS DE MÁQUINAS E EQUIPAMENTOS",null,"CHI",0.03,0.72,0.02]
["Insumo"," 00004721 ","SINAPI","PEDRA BRITADA N. 1 (9,5 A 19 MM) POSTO PEDREIRA/FORNECEDOR, SEM FRETE","Material",null,"M³",0.59499999999999997,323.3,192.36]
["Insumo"," 00004718 ","SINAPI","PEDRA BRITADA N. 2 (19 A 38 MM) POSTO PEDREIRA/FORNECEDOR, SEM FRETE","Material",null,"M³",0.59499999999999997,325,193.37]
[{"$nulls":4},"MO sem LS =>",43.93,"LS =>",0,"MO com LS =>",43.93]
[{"$nulls":4},"Valor do BDI =>",115.46,null,"Valor com BDI =>",null,555.49]
[{"$nulls":6},"Quant. =>","30,95","Preço Total =>",17192.41]
[]
[" 5.5.3 ","Código","Banco","Descrição","Tipo",null,"Und","Quant.","Valor Unit","Total"]
["Composição"," 97087 ","SINAPI","CAMADA SEPARADORA PARA EXECUÇÃO DE RADIER, PISO DE CONCRETO OU LAJE SOBRE SOLO, EM LONA PLÁSTICA. AF_09/2021","FUES - FUNDAÇÕES E ESTRUTURAS",null,"m²",1,3.35,3.35]
["Composição Auxiliar"," 88316 ","SINAPI","SERVENTE COM ENCARGOS COMPLEMENTARES","SEDI - SERVIÇOS DIVERSOS",null,"H",5.0000000000000001E-3,19.850000000000001,0.09]
["Composição Auxiliar"," 88309 ","SINAPI","PEDREIRO COM ENCARGOS COMPLEMENTARES","SEDI - SERVIÇOS DIVERSOS",null,"H",1.4E-2,26.21,0.36]
["Insumo"," 00042408 ","SINAPI","LONA PLASTICA EXTRA FORTE PRETA, E = 200 MICRA","Material",null,"m²",1.04,2.79,2.9]
[{"$nulls":4},"MO sem LS =>",0.37,"LS =>",0,"MO com LS =>",0.37]
[{"$nulls":4},"Valor do BDI =>",0.87,null,"Valor com BDI =>",null,4.22]
[{"$nulls":6},"Quant. =>","619,00","Preço Total =>",2612.1799999999998]
[]
[" 5.5.4 ","Código","Banco","Descrição","Tipo",null,"Und","Quant.","Valor Unit","Total"]
["Composição"," 97088 ","SINAPI","ARMAÇÃO PARA EXECUÇÃO DE RADIER, PISO DE CONCRETO OU LAJE SOBRE SOLO, COM USO DE TELA Q-92. AF_09/2021","FUES - FUNDAÇÕES E ESTRUTURAS",null,"KG",1,14.45,14.45]
["Composição Auxiliar"," 88238 ","SINAPI","AJUDANTE DE ARMADOR COM ENCARGOS COMPLEMENTARES","SEDI - SERVIÇOS DIVERSOS",null,"H",1.4999999999999999E-2,21.89,0.32]
["Composição Auxiliar"," 88245 ","SINAPI","ARMADOR COM ENCARGOS COMPLEMENTARES","SEDI - SERVIÇOS DIVERSOS",null,"H",4.2000000000000003E-2,26.01,1.0900000000000001]
["Insumo"," 00042407 ","SINAPI","TRELICA NERVURADA (ESPACADOR), ALTURA = 120,0 MM, DIAMETRO DOS BANZOS INFERIORES E SUPERIOR = 6,0 MM, DIAMETRO DA DIAGONAL = 4,2 MM","Material",null,"M",0.67600000000000005,5.4,3.65]
["Insumo"," 00043132 ","SINAPI","ARAME RECOZIDO 16 BWG, D = 1,65 MM (0,016 KG/M) OU 18 BWG, D = 1,25 MM (0,01 KG/M)","Material",null,"KG",1.0999999999999999E-2,25.59,0.28000000000000003]
["Insumo"," 00021141 ","SINAPI","TELA DE ACO SOLDADA NERVURADA, CA-60, Q-92, (1,48 KG/M2), DIAMETRO DO FIO = 4,2 MM, LARGURA = 2,45 X 60 M DE COMPRIMENTO, ESPACAMENTO DA MALHA = 15 X 15 CM","Material",null,"M²",0.82399999999999995,11.06,9.11]
[{"$nulls":4},"MO sem LS =>",1.1499999999999999,"LS =>",0,"MO com LS =>",1.1499999999999999]
[{"$nulls":4},"Valor do BDI =>",3.79,null,"Valor com BDI =>",null,18.239999999999998]
[{"$nulls":6},"Quant. =>","619,00","Preço Total =>",11290.56]
[]
[" 5.5.5 ","Código","Banco","Descrição","Tipo",null,"Und","Quant.","Valor Unit","Total"]
["Composição"," 101747 ","SINAPI","PISO EM CONCRETO 20 MPA PREPARO MECÂNICO, ESPESSURA 7CM. AF_09/2020","PISO - PISOS",null,"m²",1,118.3,118.3]
["Composição Auxiliar"," 95282 ","SINAPI","DESEMPENADEIRA DE CONCRETO, PESO DE 78 KG, 4 PÁS, MOTOR A GASOLINA, POTÊNCIA 5,5 HP - CHP DIURNO. AF_05/2023","CHOR - CUSTOS HORÁRIOS DE MÁQUINAS E EQUIPAMENTOS",null,"CHP",7.0000000000000001E-3,10.17,7.0000000000000007E-2]
["Composição Auxiliar"," 88316 ","SINAPI","SERVENTE COM ENCARGOS COMPLEMENTARES","SEDI - SERVIÇOS DIVERSOS",null,"H",4.6600000000000003E-2,19.850000000000001,0.92]
["Composição Auxiliar"," 88309 ","SINAPI","PEDREIRO COM ENCARGOS COMPLEMENTARES","SEDI - SERVIÇOS DIVERSOS",null,"H",0.1119,26.21,2.93]
["Insumo"," 00043146 ","SINAPI","ENDURECEDOR MINERAL DE BASE CIMENTICIA PARA PISO DE CONCRETO","Material",null,"KG",4,11.91,47.64]
["Insumo"," 00034492 ","SINAPI","CONCRETO USINADO BOMBEAVEL, CLASSE DE RESISTENCIA C20, COM BRITA 0 E 1, SLUMP = 100 +/- 20 MM, EXCLUI SERVICO DE BOMBEAMENTO (NBR 8953)","Material",null,"M³",8.14E-2,820,66.739999999999995]
[{"$nulls":4},"MO sem LS =>",3.13,"LS =>",0,"MO com LS =>",3.13]
[{"$nulls":4},"Valor do BDI =>",31.04,null,"Valor com BDI =>",null,149.34]
[{"$nulls":6},"Quant. =>","619,00","Preço Total =>",92441.46]
[]
[" 5.5.6 ","Código","Banco","Descrição","Tipo",null,"Und","Quant.","Valor Unit","Total"]
["Composição"," 12788 ","ORSE","Junta serrada, dimensões 6x60mm, com preenchimento de mastique de poliuretanoMBT, Basf ou similar, para pavimentos em concreto","Pavimentações Externas",null,"m",1,22.23,22.23]
["Item","Código","Banco","Descrição","Tipo",null,"Und","Quant.","Valor Unit","Total"]
["Composição"," 10550 ","ORSE","Encargos Complementares - Pedreiro","Provisórios",null,"h",0.25,"3,67","0,91"]
["Composição"," 10594 ","ORSE","Encargos Complementares - Serralheiro ou Operador de Equipamento Leve","Provisórios",null,"h",0.22500000000000001,"3,64","0,81"]
["Insumo"," 00004750/SINAPI ","ORSE","Pedreiro (horista)","Mão de Obra",null,"h",0.25,"19,02","4,75"]
["Insumo"," 12950 ","ORSE","Operador de equipamento leve - SICRO","Mão de Obra",null,"h",0.22500000000000001,"14,41","3,24"]
["Insumo"," 2866 ","ORSE","Mastique de Poliuretano NP1, MBT, BASF ou similar, cartucho com 300ml","Material",null,"l",0.06,"159,63","9,57"]
["Insumo"," 12749 ","ORSE","Aluguel de Máquina de corte em asfalto/concreto utilizando disco diamantado diam. 350 mm (não inclui o disco)","Equipamento",null,"d",2.81E-2,"80,00","2,24"]
["Insumo"," 12750 ","ORSE","Disco de corte diamantado para asfalto e concreto diam. 350mm (utilização 1.000,0m)","Material",null,"un",1.8E-3,"414,32","0,74"]
["Detalhamento de Cálculo ORSE"]
["Item","Código","Banco","Descrição","Tipo",null,"Und","Quant.","Valor Unit","Total"]
["Insumo"," 11247 ","ORSE","Serra mármore","Material",null,"un",2.5000000000000001E-5,"327,80","0,00"]
["Insumo"," 1651 ","ORSE","Óculos branco proteção","Material",null,"pr",3.8000000000000002E-4,"7,00","0,00"]
["Insumo"," 10362 ","ORSE","Seguro de vida e acidente em grupo","Serviços",null,"un",2.1375000000000001E-3,"12,54","0,02"]
["Insumo"," 10492 ","ORSE","Cesta Básica","Material",null,"un",2.1375000000000001E-3,"190,00","0,40"]
["Insumo"," 00012895/SINAPI ","ORSE","Capacete de seguranca aba frontal com suspensao de polietileno, sem jugular (classe b)","Material",null,"un",2.8499999999999999E-4,"14,00","0,00"]
["Insumo"," 11246 ","ORSE","Escala métrica de bambú","Material",null,"Un",1.75E-4,"10,22","0,00"]
["Insumo"," 00012893/SINAPI ","ORSE","Bota de seguranca com biqueira de aco e colarinho acolchoado","Material",null,"par",3.8000000000000002E-4,"67,20","0,02"]
["Insumo"," 10599 ","ORSE","Protetor solar fps 30 com 120ml","Material",null,"un",8.5499999999999997E-4,"18,00","0,01"]
["Insumo"," 11265 ","ORSE","Martelo de borracha com cabo","Material",null,"un",1E-4,"18,75","0,00"]
["Insumo"," 11243 ","ORSE","Martelo sem unha","Material",null,"un",2.5000000000000001E-5,"28,00","0,00"]
["Insumo"," 4722 ","ORSE","Colher de pedreiro","Material",null,"un",1E-4,"18,80","0,00"]
["Insumo"," 00012894/SINAPI ","ORSE","Capa para chuva em pvc com forro de poliester, com capuz (amarela ou azul)","Material",null,"un",9.5000000000000005E-5,"18,20","0,00"]
["Insumo"," 10596 ","ORSE","Protetor auricular","Material",null,"un",2.1375000000000001E-3,"4,90","0,01"]
["Insumo"," 10517 ","ORSE","Exames admissionais/demissionais (checkup)","Serviços",null,"cj",1.9000000000000001E-4,"300,00","0,05"]
["Insumo"," 11245 ","ORSE","Desempoladeira de madeira 12x22","Material",null,"un",1.75E-4,"11,60","0,00"]
["Insumo"," 941 ","ORSE","Fardamento com mangas curta","Material",null,"un",7.1250000000000003E-4,"195,36","0,13"]
["Insumo"," 10761 ","ORSE","Refeição - café da manhã ( café com leite e dois pães com manteiga)","Serviços",null,"un",4.8355000000000002E-2,"5,00","0,24"]
["Insumo"," 10789 ","ORSE","Nível de bolha de madeira","Material",null,"un",5.0000000000000002E-5,"15,40","0,00"]
["Insumo"," 10282 ","ORSE","Regua de alumínio c/ 2,00m (para pedreiro)","Material",null,"un",5.0000000000000002E-5,"44,00","0,00"]
["Insumo"," 11264 ","ORSE","Marreta de 1/2 kg com cabo","Material",null,"un",5.0000000000000002E-5,"13,52","0,00"]
["Insumo"," 158 ","ORSE","Almoço (Participação do empregador)","Material",null,"un",4.8355000000000002E-2,"14,00","0,67"]
["Insumo"," 00012892/SINAPI ","ORSE","Luva raspa de couro, cano curto (punho *7* cm)","Material",null,"par",1.0924999999999999E-3,"12,60","0,01"]
["Insumo"," 4174 ","ORSE","Desempenadeira de aço lisa, cabo madeira, ref:143, Atlas ou similar","Material",null,"un",1.25E-4,"12,00","0,00"]
["Insumo"," 10790 ","ORSE","Prumo de face","Material",null,"un",2.5000000000000001E-5,"25,95","0,00"]
["Insumo"," 2378 ","ORSE","Vale transporte","Material",null,"un",3.1064999999999999E-2,"4,50","0,13"]
["Insumo"," 10586 ","ORSE","Torquesa","Material",null,"un",4.5000000000000003E-5,"39,00","0,00"]
["Insumo"," 10585 ","ORSE","Arco de serra","Material",null,"un",4.5000000000000003E-5,"19,90","0,00"]
["Insumo"," 00004750/SINAPI ","ORSE","Pedreiro (horista)","Mão de Obra",null,"h",0.25,"19,02","4,75"]
["Insumo"," 12950 ","ORSE","Operador de equipamento leve - SICRO","Mão de Obra",null,"h",0.22500000000000001,"14,41","3,24"]
["Insumo"," 2866 ","ORSE","Mastique de Poliuretano NP1, MBT, BASF ou similar, cartucho com 300ml","Material",null,"l",0.06,"159,63","9,57"]
["Insumo"," 12749 ","ORSE","Aluguel de Máquina de corte em asfalto/concreto utilizando disco diamantado diam. 350 mm (não inclui o disco)","Equipamento",null,"d",2.81E-2,"80,00","2,24"]
["Insumo"," 12750 ","ORSE","Disco de corte diamantado para asfalto e concreto diam. 350mm (utilização 1.000,0m)","Material",null,"un",1.8E-3,"414,32","0,74"]
[{"$nulls":4},"MO sem LS =>",7.99,"LS =>",0,"MO com LS =>",7.99]
[{"$nulls":4},"Valor do BDI =>",5.83,null,"Valor com BDI =>",null,28.06]
[{"$nulls":6},"Quant. =>","30,00","Preço Total =>",841.8]
[]
[" 5.6 ",null,null,"ESTRUTURA METÁLICA",{"$nulls":5},558785.53]
[" 5.6.1 ","Código","Banco","Descrição","Tipo",null,"Und","Quant.","Valor Unit","Total"]
["Composição"," 071360 ","SEDOP","Estrutura metálica p/ cobertura - (Incl. pintura anti-corrosiva)",0,null,"kg",1,26.34,26.34]
["Composição Auxiliar"," 280025 ","SEDOP","SERRALHEIRO COM ENCARGOS COMPLEMENTARES",0,null,"h",0.3,30.54,9.16]
["Composição Auxiliar"," 280009 ","SEDOP","AUXILIAR DE SERRALHEIRO COM ENCARGOS COMPLEMENTARES",0,null,"h",0.25,24.82,6.2]
["Insumo"," D00482 ","SEDOP","Solda topo descendente chanfrada chapa/perfil/tubo aço conversor diesel","Material",null,"m",0.01,193.79,1.93]
["Insumo"," D00414 ","SEDOP","Perfil aço estrutural em \"U\"","Material",null,"kg",1.05,8.6199999999999992,9.0500000000000007]
[{"$nulls":4},"MO sem LS =>",9.9499999999999993,"LS =>",0,"MO com LS =>",9.9499999999999993]
[{"$nulls":4},"Valor do BDI =>",6.91,null,"Valor com BDI =>",null,33.25]
[{"$nulls":6},"Quant. =>","16.805,58","Preço Total =>",558785.53]
[]
[" 6 ",null,null,"SISTEMA DE VEDAÇÃO VERTICAL",{"$nulls":5},59121.16]
[" 6.1 ",null,null,"ELEMENTOS VAZADOS",{"$nulls":5},25953.8]
[" 6.1.1 ","Código","Banco","Descrição","Tipo",null,"Und","Quant.","Valor Unit","Total"]
["Composição"," 101161 ","SINAPI","ALVENARIA DE VEDAÇÃO COM ELEMENTO VAZADO DE CONCRETO (COBOGÓ) DE 7X50X50CM E ARGAMASSA DE ASSENTAMENTO COM PREPARO EM BETONEIRA. AF_05/2020","PARE - PAREDES/PAINEIS",null,"m²",1,244.17,244.17]
["Composição Auxiliar"," 88309 ","SINAPI","PEDREIRO COM ENCARGOS COMPLEMENTARES","SEDI - SERVIÇOS DIVERSOS",null,"H",2.0550000000000002,26.21,53.86]
["Composição Auxiliar"," 88316 ","SINAPI","SERVENTE COM ENCARGOS COMPLEMENTARES","SEDI - SERVIÇOS DIVERSOS",null,"H",1.028,19.850000000000001,20.399999999999999]
["Composição Auxiliar"," 100489 ","SINAPI","ARGAMASSA TRAÇO 1:3 (EM VOLUME DE CIMENTO E AREIA MÉDIA ÚMIDA), PREPARO MECÂNICO COM BETONEIRA 600 L. AF_08/2019","SEDI - SERVIÇOS DIVERSOS",null,"m³",0.01,769.73,7.69]
["Insumo"," 00000665 ","SINAPI","ELEMENTO VAZADO DE CONCRETO, QUADRICULADO, 16 FUROS *50 X 50 X 7* CM","Material",null,"UN",3.95,41.07,162.22]
[{"$nulls":4},"MO sem LS =>",60.78,"LS =>",0,"MO com LS =>",60.78]
[{"$nulls":4},"Valor do BDI =>",64.069999999999993,null,"Valor com BDI =>",null,308.24]
[{"$nulls":6},"Quant. =>","84,20","Preço Total =>",25953.8]
[]
[" 6.2 ",null,null,"ALVENARIA DE VEDAÇÃO",{"$nulls":5},33167.360000000001]
[" 6.2.1 ","Código","Banco","Descrição","Tipo",null,"Und","Quant.","Valor Unit","Total"]
["Composição"," 103323 ","SINAPI","ALVENARIA DE VEDAÇÃO DE BLOCOS CERÂMICOS FURADOS NA VERTICAL DE 9X19X39 CM (ESPESSURA 9 CM) E ARGAMASSA DE ASSENTAMENTO COM PREPARO MANUAL. AF_12/2021","PARE - PAREDES/PAINEIS",null,"m²",1,63.82,63.82]
["Composição Auxiliar"," 88309 ","SINAPI","PEDREIRO COM ENCARGOS COMPLEMENTARES","SEDI - SERVIÇOS DIVERSOS",null,"H",0.59,26.21,15.46]
["Composição Auxiliar"," 88316 ","SINAPI","SERVENTE COM ENCARGOS COMPLEMENTARES","SEDI - SERVIÇOS DIVERSOS",null,"H",0.29499999999999998,19.850000000000001,5.85]
["Composição Auxiliar"," 87369 ","SINAPI","ARGAMASSA TRAÇO 1:2:8 (EM VOLUME DE CIMENTO, CAL E AREIA MÉDIA ÚMIDA) PARA EMBOÇO/MASSA ÚNICA/ASSENTAMENTO DE ALVENARIA DE VEDAÇÃO, PREPARO MANUAL. AF_08/2019","SEDI - SERVIÇOS DIVERSOS",null,"m³",1.04E-2,819.15,8.51]
["Insumo"," 00037592 ","SINAPI","BLOCO CERAMICO / TIJOLO VAZADO PARA ALVENARIA DE VEDACAO, FUROS NA VERTICAL DE 9 X 19 X 39 CM (L X A X C)","Material",null,"UN",13.6,2.42,32.909999999999997]
["Insumo"," 00034557 ","SINAPI","TELA DE ACO SOLDADA GALVANIZADA/ZINCADA PARA ALVENARIA, FIO D = *1,20 A 1,70* MM, MALHA 15 X 15 MM, (C X L) *50 X 7,5* CM","Material",null,"M",0.42,2.09,0.87]
["Insumo"," 00037395 ","SINAPI","PINO DE ACO COM FURO, HASTE = 27 MM (ACAO DIRETA)","Material",null,"CENTO",5.0000000000000001E-3,44.88,0.22]
[{"$nulls":4},"MO sem LS =>",19.07,"LS =>",0,"MO com LS =>",19.07]
[{"$nulls":4},"Valor do BDI =>",16.739999999999998,null,"Valor com BDI =>",null,80.56]
[{"$nulls":6},"Quant. =>","395,31","Preço Total =>",31846.17]
[]
[" 6.2.2 ","Código","Banco","Descrição","Tipo",null,"Und","Quant.","Valor Unit","Total"]
["Composição"," 93203 ","SINAPI","FIXAÇÃO (ENCUNHAMENTO) DE ALVENARIA DE VEDAÇÃO COM ESPUMA DE POLIURETANO EXPANSIVA. AF_03/2024","FUES - FUNDAÇÕES E ESTRUTURAS",null,"M",1,15.6,15.6]
["Composição Auxiliar"," 88309 ","SINAPI","PEDREIRO COM ENCARGOS COMPLEMENTARES","SEDI - SERVIÇOS DIVERSOS",null,"H",5.8000000000000003E-2,26.21,1.52]
["Insumo"," 00038124 ","SINAPI","ESPUMA EXPANSIVA DE POLIURETANO, APLICACAO MANUAL - 500 ML","Material",null,"UN",0.41,34.35,14.08]
[{"$nulls":4},"MO sem LS =>",1.25,"LS =>",0,"MO com LS =>",1.25]
[{"$nulls":4},"Valor do BDI =>",4.09,null,"Valor com BDI =>",null,19.690000000000001]
[{"$nulls":6},"Quant. =>","67,10","Preço Total =>",1321.19]
[]
[" 7 ",null,null,"ESQUADRIAS",{"$nulls":5},25772.55]
[" 7.1 ",null,null,"PORTAS DE ALUMÍNIO",{"$nulls":5},7556.44]
[" 7.1.1 ","Código","Banco","Descrição","Tipo",null,"Und","Quant.","Valor Unit","Total"]
["Composição"," 91341 ","SINAPI","PORTA EM ALUMÍNIO DE ABRIR TIPO VENEZIANA COM GUARNIÇÃO, FIXAÇÃO COM PARAFUSOS - FORNECIMENTO E INSTALAÇÃO. AF_12/2019","ESQV - ESQUADRIAS/FERRAGENS/VIDROS",null,"m²",1,655.62,655.62]
["Composição Auxiliar"," 88309 ","SINAPI","PEDREIRO COM ENCARGOS COMPLEMENTARES","SEDI - SERVIÇOS DIVERSOS",null,"H",0.3826,26.21,10.02]
["Composição Auxiliar"," 88316 ","SINAPI","SERVENTE COM ENCARGOS COMPLEMENTARES","SEDI - SERVIÇOS DIVERSOS",null,"H",0.191,19.850000000000001,3.79]
["Insumo"," 00007568 ","SINAPI","BUCHA DE NYLON SEM ABA S10, COM PARAFUSO DE 6,10 X 65 MM EM ACO ZINCADO COM ROSCA SOBERBA, CABECA CHATA E FENDA PHILLIPS","Material",null,"UN",4.8166000000000002,0.61,2.93]
["Insumo"," 00036888 ","SINAPI","GUARNICAO / MOLDURA / ARREMATE DE ACABAMENTO PARA ESQUADRIA, EM ALUMINIO PERFIL 25, ACABAMENTO ANODIZADO BRANCO OU BRILHANTE, PARA 1 FACE","Material",null,"M",6.8503999999999996,28.52,195.37]
["Insumo"," 00000142 ","SINAPI","SELANTE ELASTICO MONOCOMPONENTE A BASE DE POLIURETANO (PU) PARA JUNTAS DIVERSAS","Material",null,"310ML",0.88290000000000002,46.42,40.98]
["Insumo"," 00039025 ","SINAPI","PORTA DE ABRIR, TIPO VENEZIANA, EM ALUMINIO, ACABAMENTO ANODIZADO NATURAL, 90 CM X 210 CM (LARGURA X ALTURA), SEM GUARNICAO/ALIZAR/VISTA","Material",null,"UN",0.54730000000000001,735.49,402.53]
[{"$nulls":4},"MO sem LS =>",11.21,"LS =>",0,"MO com LS =>",11.21]
[{"$nulls":4},"Valor do BDI =>",172.03,null,"Valor com BDI =>",null,827.65]
[{"$nulls":6},"Quant. =>","9,13","Preço Total =>",7556.44]
[]
[" 7.2 ",null,null,"ACESSÓRIOS",{"$nulls":5},962.58]
[" 7.2.1 ","Código","Banco","Descrição","Tipo",null,"Und","Quant.","Valor Unit","Total"]
["Composição"," 100866 ","SINAPI","BARRA DE APOIO RETA, EM ACO INOX POLIDO, COMPRIMENTO 60CM, FIXADA NA PAREDE - FORNECIMENTO E INSTALAÇÃO. AF_01/2020","INHI - INSTALAÇÕES HIDROS SANITÁRIAS",null,"UN",1,381.25,381.25]
["Composição Auxiliar"," 88316 ","SINAPI","SERVENTE COM ENCARGOS COMPLEMENTARES","SEDI - SERVIÇOS DIVERSOS",null,"H",0.29880000000000001,19.850000000000001,5.93]
["Composição Auxiliar"," 88267 ","SINAPI","ENCANADOR OU BOMBEIRO HIDRÁULICO COM ENCARGOS COMPLEMENTARES","SEDI - SERVIÇOS DIVERSOS",null,"H",0.94850000000000001,25.5,24.18]
["Insumo"," 00036204 ","SINAPI","BARRA DE APOIO RETA, EM ACO INOX POLIDO, COMPRIMENTO 60CM, DIAMETRO MINIMO 3 CM","Material",null,"UN",1,229.16,229.16]
["Insumo"," 00004351 ","SINAPI","PARAFUSO NIQUELADO 3 1/2\" COM ACABAMENTO CROMADO PARA FIXAR PECA SANITARIA, INCLUI PORCA CEGA, ARRUELA E BUCHA DE NYLON TAMANHO S-8","Material",null,"UN",6,20.329999999999998,121.98]
[{"$nulls":4},"MO sem LS =>",25.06,"LS =>",0,"MO com LS =>",25.06]
[{"$nulls":4},"Valor do BDI =>",100.04,null,"Valor com BDI =>",null,481.29]
[{"$nulls":6},"Quant. =>","2,00","Preço Total =>",962.58]
[]
[" 7.3 ",null,null,"PORTAS EM ALUMÍNIO",{"$nulls":5},11736.07]
[" 7.3.1 ","Código","Banco","Descrição","Tipo",null,"Und","Quant.","Valor Unit","Total"]
["Composição"," 91341 ","SINAPI","PORTA EM ALUMÍNIO DE ABRIR TIPO VENEZIANA COM GUARNIÇÃO, FIXAÇÃO COM PARAFUSOS - FORNECIMENTO E INSTALAÇÃO. AF_12/2019","ESQV - ESQUADRIAS/FERRAGENS/VIDROS",null,"m²",1,655.62,655.62]
["Composição Auxiliar"," 88309 ","SINAPI","PEDREIRO COM ENCARGOS COMPLEMENTARES","SEDI - SERVIÇOS DIVERSOS",null,"H",0.3826,26.21,10.02]
["Composição Auxiliar"," 88316 ","SINAPI","SERVENTE COM ENCARGOS COMPLEMENTARES","SEDI - SERVIÇOS DIVERSOS",null,"H",0.191,19.850000000000001,3.79]
["Insumo"," 00007568 ","SINAPI","BUCHA DE NYLON SEM ABA S10, COM PARAFUSO DE 6,10 X 65 MM EM ACO ZINCADO COM ROSCA SOBERBA, CABECA CHATA E FENDA PHILLIPS","Material",null,"UN",4.8166000000000002,0.61,2.93]
["Insumo"," 00036888 ","SINAPI","GUARNICAO / MOLDURA / ARREMATE DE ACABAMENTO PARA ESQUADRIA, EM ALUMINIO PERFIL 25, ACABAMENTO ANODIZADO BRANCO OU BRILHANTE, PARA 1 FACE","Material",null,"M",6.8503999999999996,28.52,195.37]
["Insumo"," 00000142 ","SINAPI","SELANTE ELASTICO MONOCOMPONENTE A BASE DE POLIURETANO (PU) PARA JUNTAS DIVERSAS","Material",null,"310ML",0.88290000000000002,46.42,40.98]
["Insumo"," 00039025 ","SINAPI","PORTA DE ABRIR, TIPO VENEZIANA, EM ALUMINIO, ACABAMENTO ANODIZADO NATURAL, 90 CM X 210 CM (LARGURA X ALTURA), SEM GUARNICAO/ALIZAR/VISTA","Material",null,"UN",0.54730000000000001,735.49,402.53]
[{"$nulls":4},"MO sem LS =>",11.21,"LS =>",0,"MO com LS =>",11.21]
[{"$nulls":4},"Valor do BDI =>",172.03,null,"Valor com BDI =>",null,827.65]
[{"$nulls":6},"Quant. =>","6,60","Preço Total =>",5462.49]
[]
[" 7.3.2 ","Código","Banco","Descrição","Tipo",null,"Und","Quant.","Valor Unit","Total"]
["Composição"," 91341 ","SINAPI","PORTA EM ALUMÍNIO DE ABRIR TIPO VENEZIANA COM GUARNIÇÃO, FIXAÇÃO COM PARAFUSOS - FORNECIMENTO E INSTALAÇÃO. AF_12/2019","ESQV - ESQUADRIAS/FERRAGENS/VIDROS",null,"m²",1,655.62,655.62]
["Composição Auxiliar"," 88309 ","SINAPI","PEDREIRO COM ENCARGOS COMPLEMENTARES","SEDI - SERVIÇOS DIVERSOS",null,"H",0.3826,26.21,10.02]
["Composição Auxiliar"," 88316 ","SINAPI","SERVENTE COM ENCARGOS COMPLEMENTARES","SEDI - SERVIÇOS DIVERSOS",null,"H",0.191,19.850000000000001,3.79]
["Insumo"," 00007568 ","SINAPI","BUCHA DE NYLON SEM ABA S10, COM PARAFUSO DE 6,10 X 65 MM EM ACO ZINCADO COM ROSCA SOBERBA, CABECA CHATA E FENDA PHILLIPS","Material",null,"UN",4.8166000000000002,0.61,2.93]
["Insumo"," 00036888 ","SINAPI","GUARNICAO / MOLDURA / ARREMATE DE ACABAMENTO PARA ESQUADRIA, EM ALUMINIO PERFIL 25, ACABAMENTO ANODIZADO BRANCO OU BRILHANTE, PARA 1 FACE","Material",null,"M",6.8503999999999996,28.52,195.37]
["Insumo"," 00000142 ","SINAPI","SELANTE ELASTICO MONOCOMPONENTE A BASE DE POLIURETANO (PU) PARA JUNTAS DIVERSAS","Material",null,"310ML",0.88290000000000002,46.42,40.98]
["Insumo"," 00039025 ","SINAPI","PORTA DE ABRIR, TIPO VENEZIANA, EM ALUMINIO, ACABAMENTO ANODIZADO NATURAL, 90 CM X 210 CM (LARGURA X ALTURA), SEM GUARNICAO/ALIZAR/VISTA","Material",null,"UN",0.54730000000000001,735.49,402.53]
[{"$nulls":4},"MO sem LS =>",11.21,"LS =>",0,"MO com LS =>",11.21]
[{"$nulls":4},"Valor do BDI =>",172.03,null,"Valor com BDI =>",null,827.65]
[{"$nulls":6},"Quant. =>","6,93","Preço Total =>",5735.61]
[]
[" 7.3.3 ","Código","Banco","Descrição","Tipo",null,"Und","Quant.","Valor Unit","Total"]
["Composição"," 91341 ","SINAPI","PORTA EM ALUMÍNIO DE ABRIR TIPO VENEZIANA COM GUARNIÇÃO, FIXAÇÃO COM PARAFUSOS - FORNECIMENTO E INSTALAÇÃO. AF_12/2019","ESQV - ESQUADRIAS/FERRAGENS/VIDROS",null,"m²",1,655.62,655.62]
["Composição Auxiliar"," 88309 ","SINAPI","PEDREIRO COM ENCARGOS COMPLEMENTARES","SEDI - SERVIÇOS DIVERSOS",null,"H",0.3826,26.21,10.02]
["Composição Auxiliar"," 88316 ","SINAPI","SERVENTE COM ENCARGOS COMPLEMENTARES","SEDI - SERVIÇOS DIVERSOS",null,"H",0.191,19.850000000000001,3.79]
["Insumo"," 00007568 ","SINAPI","BUCHA DE NYLON SEM ABA S10, COM PARAFUSO DE 6,10 X 65 MM EM ACO ZINCADO COM ROSCA SOBERBA, CABECA CHATA E FENDA PHILLIPS","Material",null,"UN",4.8166000000000002,0.61,2.93]
["Insumo"," 00036888 ","SINAPI","GUARNICAO / MOLDURA / ARREMATE DE ACABAMENTO PARA ESQUADRIA, EM ALUMINIO PERFIL 25, ACABAMENTO ANODIZADO BRANCO OU BRILHANTE, PARA 1 FACE","Material",null,"M",6.8503999999999996,28.52,195.37]
["Insumo"," 00000142 ","SINAPI","SELANTE ELASTICO MONOCOMPONENTE A BASE DE POLIURETANO (PU) PARA JUNTAS DIVERSAS","Material",null,"310ML",0.88290000000000002,46.42,40.98]
["Insumo"," 00039025 ","SINAPI","PORTA DE ABRIR, TIPO VENEZIANA, EM ALUMINIO, ACABAMENTO ANODIZADO NATURAL, 90 CM X 210 CM (LARGURA X ALTURA), SEM GUARNICAO/ALIZAR/VISTA","Material",null,"UN",0.54730000000000001,735.49,402.53]
[{"$nulls":4},"MO sem LS =>",11.21,"LS =>",0,"MO com LS =>",11.21]
[{"$nulls":4},"Valor do BDI =>",172.03,null,"Valor com BDI =>",null,827.65]
[{"$nulls":6},"Quant. =>","0,65","Preço Total =>",537.97]
[]
[" 7.4 ",null,null,"JANELAS DE ALUMÍNIO",{"$nulls":5},5517.46]
[" 7.4.1 ","Código","Banco","Descrição","Tipo",null,"Und","Quant.","Valor Unit","Total"]
["Composição"," 94569 ","SINAPI","JANELA DE ALUMÍNIO TIPO MAXIM-AR, BATENTE/ REQUADRO 3 A 14 CM, VIDRO INCLUSO, FIXAÇÃO COM PARAFUSO, SEM GUARNIÇÃO/ ALIZAR, DIMENSÕES 60X80 (A X L) CM, SEM ACABAMENTO, VEDAÇÃO COM SILICONE, EXCLUSIVE CONTRAMARCO - FORNECIMENTO E INSTALAÇÃO. AF_11/2024","ESQV - ESQUADRIAS/FERRAGENS/VIDROS",null,"m²",1,674.48,674.48]
["Composição Auxiliar"," 88316 ","SINAPI","SERVENTE COM ENCARGOS COMPLEMENTARES","SEDI - SERVIÇOS DIVERSOS",null,"H",0.50520690000000001,19.850000000000001,10.02]
["Composição Auxiliar"," 88309 ","SINAPI","PEDREIRO COM ENCARGOS COMPLEMENTARES","SEDI - SERVIÇOS DIVERSOS",null,"H",1.0104139000000001,26.21,26.48]
["Insumo"," 00004377 ","SINAPI","PARAFUSO DE ACO ZINCADO COM ROSCA SOBERBA, CABECA CHATA E FENDA SIMPLES, DIAMETRO 4,2 MM, COMPRIMENTO * 32 * MM","Material",null,"UN",24.4,0.22,5.36]
["Insumo"," 00039961 ","SINAPI","SILICONE ACETICO USO GERAL INCOLOR 280 G","Material",null,"UN",1.16875,30.67,35.840000000000003]
["Insumo"," 00034381 ","SINAPI","JANELA MAXIM-AR, EM ALUMINIO PERFIL 25, 60 X 80 CM (A X L), ACABAMENTO BRANCO OU BRILHANTE, BATENTE DE 4 A 5 CM, COM VIDRO 4 MM, SEM GUARNICAO/ALIZAR","Material",null,"UN",2.0832999999999999,286.45999999999998,596.78]
[{"$nulls":4},"MO sem LS =>",29.64,"LS =>",0,"MO com LS =>",29.64]
[{"$nulls":4},"Valor do BDI =>",176.98,null,"Valor com BDI =>",null,851.46]
[{"$nulls":6},"Quant. =>","6,48","Preço Total =>",5517.46]
[]
[" 8 ",null,null,"SISTEMAS DE COBERTURA",{"$nulls":5},145455.39000000001]
[" 8.1 ","Código","Banco","Descrição","Tipo",null,"Und","Quant.","Valor Unit","Total"]
["Composição"," 94213 ","SINAPI","TELHAMENTO COM TELHA DE AÇO/ALUMÍNIO E = 0,5 MM, COM ATÉ 2 ÁGUAS, INCLUSO IÇAMENTO. AF_07/2019","COBE - COBERTURA",null,"m²",1,64.319999999999993,64.319999999999993]
["Composição Auxiliar"," 88316 ","SINAPI","SERVENTE COM ENCARGOS COMPLEMENTARES","SEDI - SERVIÇOS DIVERSOS",null,"H",9.7000000000000003E-2,19.850000000000001,1.92]
["Composição Auxiliar"," 93281 ","SINAPI","GUINCHO ELÉTRICO DE COLUNA, CAPACIDADE 400 KG, COM MOTO FREIO, MOTOR TRIFÁSICO DE 1,25 CV - CHP DIURNO. AF_03/2016","CHOR - CUSTOS HORÁRIOS DE MÁQUINAS E EQUIPAMENTOS",null,"CHP",8.9999999999999998E-4,21.79,0.01]
["Composição Auxiliar"," 93282 ","SINAPI","GUINCHO ELÉTRICO DE COLUNA, CAPACIDADE 400 KG, COM MOTO FREIO, MOTOR TRIFÁSICO DE 1,25 CV - CHI DIURNO. AF_03/2016","CHOR - CUSTOS HORÁRIOS DE MÁQUINAS E EQUIPAMENTOS",null,"CHI",1.2999999999999999E-3,20.72,0.02]
["Composição Auxiliar"," 88323 ","SINAPI","TELHADISTA COM ENCARGOS COMPLEMENTARES","SEDI - SERVIÇOS DIVERSOS",null,"H",9.0999999999999998E-2,25.53,2.3199999999999998]
["Insumo"," 00011029 ","SINAPI","HASTE RETA PARA GANCHO DE FERRO GALVANIZADO, COM ROSCA 1/4\" X 30 CM PARA FIXACAO DE TELHA METALICA, INCLUI PORCA E ARRUELAS DE VEDACAO","Material",null,"CJ",4.1500000000000004,2.82,11.7]
["Insumo"," 00007243 ","SINAPI","TELHA TRAPEZOIDAL EM ACO ZINCADO, SEM PINTURA, ALTURA DE APROXIMADAMENTE 40 MM, ESPESSURA DE 0,50 MM E LARGURA UTIL DE 980 MM","Material",null,"M²",1.1659999999999999,41.47,48.35]
[{"$nulls":4},"MO sem LS =>",3.44,"LS =>",0,"MO com LS =>",3.44]
[{"$nulls":4},"Valor do BDI =>",16.87,null,"Valor com BDI =>",null,81.19]
[{"$nulls":6},"Quant. =>","78,42","Preço Total =>",6366.91]
[]
[" 8.2 ","Código","Banco","Descrição","Tipo",null,"Und","Quant.","Valor Unit","Total"]
["Composição"," 94213 ","SINAPI","TELHAMENTO COM TELHA DE AÇO/ALUMÍNIO E = 0,5 MM, COM ATÉ 2 ÁGUAS, INCLUSO IÇAMENTO. AF_07/2019","COBE - COBERTURA",null,"m²",1,64.319999999999993,64.319999999999993]
["Composição Auxiliar"," 88316 ","SINAPI","SERVENTE COM ENCARGOS COMPLEMENTARES","SEDI - SERVIÇOS DIVERSOS",null,"H",9.7000000000000003E-2,19.850000000000001,1.92]
["Composição Auxiliar"," 93281 ","SINAPI","GUINCHO ELÉTRICO DE COLUNA, CAPACIDADE 400 KG, COM MOTO FREIO, MOTOR TRIFÁSICO DE 1,25 CV - CHP DIURNO. AF_03/2016","CHOR - CUSTOS HORÁRIOS DE MÁQUINAS E EQUIPAMENTOS",null,"CHP",8.9999999999999998E-4,21.79,0.01]
["Composição Auxiliar"," 93282 ","SINAPI","GUINCHO ELÉTRICO DE COLUNA, CAPACIDADE 400 KG, COM MOTO FREIO, MOTOR TRIFÁSICO DE 1,25 CV - CHI DIURNO. AF_03/2016","CHOR - CUSTOS HORÁRIOS DE MÁQUINAS E EQUIPAMENTOS",null,"CHI",1.2999999999999999E-3,20.72,0.02]
["Composição Auxiliar"," 88323 ","SINAPI","TELHADISTA COM ENCARGOS COMPLEMENTARES","SEDI - SERVIÇOS DIVERSOS",null,"H",9.0999999999999998E-2,25.53,2.3199999999999998]
["Insumo"," 00011029 ","SINAPI","HASTE RETA PARA GANCHO DE FERRO GALVANIZADO, COM ROSCA 1/4\" X 30 CM PARA FIXACAO DE TELHA METALICA, INCLUI PORCA E ARRUELAS DE VEDACAO","Material",null,"CJ",4.1500000000000004,2.82,11.7]
["Insumo"," 00007243 ","SINAPI","TELHA TRAPEZOIDAL EM ACO ZINCADO, SEM PINTURA, ALTURA DE APROXIMADAMENTE 40 MM, ESPESSURA DE 0,50 MM E LARGURA UTIL DE 980 MM","Material",null,"M²",1.1659999999999999,41.47,48.35]
[{"$nulls":4},"MO sem LS =>",3.44,"LS =>",0,"MO com LS =>",3.44]
[{"$nulls":4},"Valor do BDI =>",16.87,null,"Valor com BDI =>",null,81.19]
[{"$nulls":6},"Quant. =>","712,79","Preço Total =>",57871.42]
[]
[" 8.3 ","Código","Banco","Descrição","Tipo",null,"Und","Quant.","Valor Unit","Total"]
["Composição"," 94213 ","SINAPI","TELHAMENTO COM TELHA DE AÇO/ALUMÍNIO E = 0,5 MM, COM ATÉ 2 ÁGUAS, INCLUSO IÇAMENTO. AF_07/2019","COBE - COBERTURA",null,"m²",1,64.319999999999993,64.319999999999993]
["Composição Auxiliar"," 88316 ","SINAPI","SERVENTE COM ENCARGOS COMPLEMENTARES","SEDI - SERVIÇOS DIVERSOS",null,"H",9.7000000000000003E-2,19.850000000000001,1.92]
["Composição Auxiliar"," 93281 ","SINAPI","GUINCHO ELÉTRICO DE COLUNA, CAPACIDADE 400 KG, COM MOTO FREIO, MOTOR TRIFÁSICO DE 1,25 CV - CHP DIURNO. AF_03/2016","CHOR - CUSTOS HORÁRIOS DE MÁQUINAS E EQUIPAMENTOS",null,"CHP",8.9999999999999998E-4,21.79,0.01]
["Composição Auxiliar"," 93282 ","SINAPI","GUINCHO ELÉTRICO DE COLUNA, CAPACIDADE 400 KG, COM MOTO FREIO, MOTOR TRIFÁSICO DE 1,25 CV - CHI DIURNO. AF_03/2016","CHOR - CUSTOS HORÁRIOS DE MÁQUINAS E EQUIPAMENTOS",null,"CHI",1.2999999999999999E-3,20.72,0.02]
["Composição Auxiliar"," 88323 ","SINAPI","TELHADISTA COM ENCARGOS COMPLEMENTARES","SEDI - SERVIÇOS DIVERSOS",null,"H",9.0999999999999998E-2,25.53,2.3199999999999998]
["Insumo"," 00011029 ","SINAPI","HASTE RETA PARA GANCHO DE FERRO GALVANIZADO, COM ROSCA 1/4\" X 30 CM PARA FIXACAO DE TELHA METALICA, INCLUI PORCA E ARRUELAS DE VEDACAO","Material",null,"CJ",4.1500000000000004,2.82,11.7]
["Insumo"," 00007243 ","SINAPI","TELHA TRAPEZOIDAL EM ACO ZINCADO, SEM PINTURA, ALTURA DE APROXIMADAMENTE 40 MM, ESPESSURA DE 0,50 MM E LARGURA UTIL DE 980 MM","Material",null,"M²",1.1659999999999999,41.47,48.35]
[{"$nulls":4},"MO sem LS =>",3.44,"LS =>",0,"MO com LS =>",3.44]
[{"$nulls":4},"Valor do BDI =>",16.87,null,"Valor com BDI =>",null,81.19]
[{"$nulls":6},"Quant. =>","562,50","Preço Total =>",45669.37]
[]
[" 8.4 ","Código","Banco","Descrição","Tipo",null,"Und","Quant.","Valor Unit","Total"]
["Composição"," 94213 ","SINAPI","TELHAMENTO COM TELHA DE AÇO/ALUMÍNIO E = 0,5 MM, COM ATÉ 2 ÁGUAS, INCLUSO IÇAMENTO. AF_07/2019","COBE - COBERTURA",null,"m²",1,64.319999999999993,64.319999999999993]
["Composição Auxiliar"," 88316 ","SINAPI","SERVENTE COM ENCARGOS COMPLEMENTARES","SEDI - SERVIÇOS DIVERSOS",null,"H",9.7000000000000003E-2,19.850000000000001,1.92]
["Composição Auxiliar"," 93281 ","SINAPI","GUINCHO ELÉTRICO DE COLUNA, CAPACIDADE 400 KG, COM MOTO FREIO, MOTOR TRIFÁSICO DE 1,25 CV - CHP DIURNO. AF_03/2016","CHOR - CUSTOS HORÁRIOS DE MÁQUINAS E EQUIPAMENTOS",null,"CHP",8.9999999999999998E-4,21.79,0.01]
["Composição Auxiliar"," 93282 ","SINAPI","GUINCHO ELÉTRICO DE COLUNA, CAPACIDADE 400 KG, COM MOTO FREIO, MOTOR TRIFÁSICO DE 1,25 CV - CHI DIURNO. AF_03/2016","CHOR - CUSTOS HORÁRIOS DE MÁQUINAS E EQUIPAMENTOS",null,"CHI",1.2999999999999999E-3,20.72,0.02]
["Composição Auxiliar"," 88323 ","SINAPI","TELHADISTA COM ENCARGOS COMPLEMENTARES","SEDI - SERVIÇOS DIVERSOS",null,"H",9.0999999999999998E-2,25.53,2.3199999999999998]
["Insumo"," 00011029 ","SINAPI","HASTE RETA PARA GANCHO DE FERRO GALVANIZADO, COM ROSCA 1/4\" X 30 CM PARA FIXACAO DE TELHA METALICA, INCLUI PORCA E ARRUELAS DE VEDACAO","Material",null,"CJ",4.1500000000000004,2.82,11.7]
["Insumo"," 00007243 ","SINAPI","TELHA TRAPEZOIDAL EM ACO ZINCADO, SEM PINTURA, ALTURA DE APROXIMADAMENTE 40 MM, ESPESSURA DE 0,50 MM E LARGURA UTIL DE 980 MM","Material",null,"M²",1.1659999999999999,41.47,48.35]
[{"$nulls":4},"MO sem LS =>",3.44,"LS =>",0,"MO com LS =>",3.44]
[{"$nulls":4},"Valor do BDI =>",16.87,null,"Valor com BDI =>",null,81.19]
[{"$nulls":6},"Quant. =>","187,50","Preço Total =>",15223.12]
[]
[" 8.5 ","Código","Banco","Descrição","Tipo",null,"Und","Quant.","Valor Unit","Total"]
["Composição"," 94228 ","SINAPI","CALHA EM CHAPA DE AÇO GALVANIZADO NÚMERO 24, DESENVOLVIMENTO DE 50 CM, INCLUSO TRANSPORTE VERTICAL. AF_07/2019","COBE - COBERTURA",null,"M",1,79.92,79.92]
["Composição Auxiliar"," 93282 ","SINAPI","GUINCHO ELÉTRICO DE COLUNA, CAPACIDADE 400 KG, COM MOTO FREIO, MOTOR TRIFÁSICO DE 1,25 CV - CHI DIURNO. AF_03/2016","CHOR - CUSTOS HORÁRIOS DE MÁQUINAS E EQUIPAMENTOS",null,"CHI",1.83E-2,20.72,0.37]
["Composição Auxiliar"," 88323 ","SINAPI","TELHADISTA COM ENCARGOS COMPLEMENTARES","SEDI - SERVIÇOS DIVERSOS",null,"H",0.27700000000000002,25.53,7.07]
["Composição Auxiliar"," 88316 ","SINAPI","SERVENTE COM ENCARGOS COMPLEMENTARES","SEDI - SERVIÇOS DIVERSOS",null,"H",0.371,19.850000000000001,7.36]
["Composição Auxiliar"," 93281 ","SINAPI","GUINCHO ELÉTRICO DE COLUNA, CAPACIDADE 400 KG, COM MOTO FREIO, MOTOR TRIFÁSICO DE 1,25 CV - CHP DIURNO. AF_03/2016","CHOR - CUSTOS HORÁRIOS DE MÁQUINAS E EQUIPAMENTOS",null,"CHP",1.32E-2,21.79,0.28000000000000003]
["Insumo"," 00005061 ","SINAPI","PREGO DE ACO POLIDO COM CABECA 18 X 27 (2 1/2 X 10)","Material",null,"KG",1.2999999999999999E-2,15.85,0.2]
["Insumo"," 00013388 ","SINAPI","SOLDA EM BARRA DE ESTANHO-CHUMBO 50/50","Material",null,"KG",0.09,143.56,12.92]
["Insumo"," 00000142 ","SINAPI","SELANTE ELASTICO MONOCOMPONENTE A BASE DE POLIURETANO (PU) PARA JUNTAS DIVERSAS","Material",null,"310ML",8.1000000000000003E-2,46.42,3.76]
["Insumo"," 00040783 ","SINAPI","CALHA QUADRADA DE CHAPA DE ACO GALVANIZADA NUM 24, CORTE 50 CM","Material",null,"M",1.05,45.52,47.79]
["Insumo"," 00005104 ","SINAPI","REBITE DE REPUXO EM ALUMINIO VAZADO, DIAMETRO 3,2 X 8 MM DE COMPRIMENTO (1KG = 1025 UNIDADES)","Material",null,"KG",2.3999999999999998E-3,72.61,0.17]
[{"$nulls":4},"MO sem LS =>",12.09,"LS =>",0,"MO com LS =>",12.09]
[{"$nulls":4},"Valor do BDI =>",20.97,null,"Valor com BDI =>",null,100.89]
[{"$nulls":6},"Quant. =>","30,92","Preço Total =>",3119.51]
[]
[null,"Código","Banco","Descrição","Tipo",null,"Und","Quant.","Valor Unit","Total"]
["Insumo"," 00000584 ","SINAPI","CANTONEIRA EM ALUMINIO, ABAS IGUAIS, LARGURA DE 50,80 MM (2\"), ESPESSURA DE 3,17 MM (1/8\") E PESO LINEAR DE APROXIMADAMENTE 0,842 KG/M","Material",null,"M",1,37.92,37.92]
[{"$nulls":4},"MO sem LS =>",0,"LS =>",0,"MO com LS =>",0]
[{"$nulls":4},"Valor do BDI =>",null,null,"Valor com BDI =>",null,47.87]
[{"$nulls":6},"Quant. =>","298,00","Preço Total =>",14265.26]
[]
[" 8.7 ","Código","Banco","Descrição","Tipo",null,"Und","Quant.","Valor Unit","Total"]
["Composição"," C0993 ","SEINFRA","CUMEEIRA DE ALUMÍNIO E=0.8mm","TELHAS",null,"M",1,59.06,59.06]
["Insumo"," I2048 ","SEINFRA","TELHA DE ALUMÍNIO","Material",null,"KG",1.42,30.12,42.77]
["Insumo"," I2543 ","SEINFRA","SERVENTE","Mão de Obra",null,"H",0.2,20.260000000000002,4.05]
["Insumo"," I1530 ","SEINFRA","MONTADOR","Mão de Obra",null,"H",0.2,26.86,5.37]
["Insumo"," I1215 ","SEINFRA","GANCHO COM PORCA E ARRUELA","Material",null,"UN",3,2.29,6.87]
[{"$nulls":4},"MO sem LS =>",9.42,"LS =>",0,"MO com LS =>",9.42]
[{"$nulls":4},"Valor do BDI =>",15.49,null,"Valor com BDI =>",null,74.55]
[{"$nulls":6},"Quant. =>","38,65","Preço Total =>",2881.35]
[]
[" 8.8 ","Código","Banco","Descrição","Tipo",null,"Und","Quant.","Valor Unit","Total"]
["Composição"," 94213 ","SINAPI","TELHAMENTO COM TELHA DE AÇO/ALUMÍNIO E = 0,5 MM, COM ATÉ 2 ÁGUAS, INCLUSO IÇAMENTO. AF_07/2019","COBE - COBERTURA",null,"m²",1,64.319999999999993,64.319999999999993]
["Composição Auxiliar"," 88316 ","SINAPI","SERVENTE COM ENCARGOS COMPLEMENTARES","SEDI - SERVIÇOS DIVERSOS",null,"H",9.7000000000000003E-2,19.850000000000001,1.92]
["Composição Auxiliar"," 93281 ","SINAPI","GUINCHO ELÉTRICO DE COLUNA, CAPACIDADE 400 KG, COM MOTO FREIO, MOTOR TRIFÁSICO DE 1,25 CV - CHP DIURNO. AF_03/2016","CHOR - CUSTOS HORÁRIOS DE MÁQUINAS E EQUIPAMENTOS",null,"CHP",8.9999999999999998E-4,21.79,0.01]
["Composição Auxiliar"," 93282 ","SINAPI","GUINCHO ELÉTRICO DE COLUNA, CAPACIDADE 400 KG, COM MOTO FREIO, MOTOR TRIFÁSICO DE 1,25 CV - CHI DIURNO. AF_03/2016","CHOR - CUSTOS HORÁRIOS DE MÁQUINAS E EQUIPAMENTOS",null,"CHI",1.2999999999999999E-3,20.72,0.02]
["Composição Auxiliar"," 88323 ","SINAPI","TELHADISTA COM ENCARGOS COMPLEMENTARES","SEDI - SERVIÇOS DIVERSOS",null,"H",9.0999999999999998E-2,25.53,2.3199999999999998]
["Insumo"," 00011029 ","SINAPI","HASTE RETA PARA GANCHO DE FERRO GALVANIZADO, COM ROSCA 1/4\" X 30 CM PARA FIXACAO DE TELHA METALICA, INCLUI PORCA E ARRUELAS DE VEDACAO","Material",null,"CJ",4.1500000000000004,2.82,11.7]
["Insumo"," 00007243 ","SINAPI","TELHA TRAPEZOIDAL EM ACO ZINCADO, SEM PINTURA, ALTURA DE APROXIMADAMENTE 40 MM, ESPESSURA DE 0,50 MM E LARGURA UTIL DE 980 MM","Material",null,"M²",1.1659999999999999,41.47,48.35]
[{"$nulls":4},"MO sem LS =>",3.44,"LS =>",0,"MO com LS =>",3.44]
[{"$nulls":4},"Valor do BDI =>",16.87,null,"Valor com BDI =>",null,81.19]
[{"$nulls":6},"Quant. =>","0,72","Preço Total =>",58.45]
[]
[" 9 ",null,null,"IMPERMEABILIZAÇÃO",{"$nulls":5},12620.41]
[" 9.1 ","Código","Banco","Descrição","Tipo",null,"Und","Quant.","Valor Unit","Total"]
["Composição"," 98557 ","SINAPI","IMPERMEABILIZAÇÃO DE SUPERFÍCIE COM EMULSÃO ASFÁLTICA, 2 DEMÃOS. AF_09/2023","IMPE - IMPERMEABILIZAÇÕES E PROTEÇÕES DIVERSAS",null,"m²",1,59.23,59.23]
["Composição Auxiliar"," 88270 ","SINAPI","IMPERMEABILIZADOR COM ENCARGOS COMPLEMENTARES","SEDI - SERVIÇOS DIVERSOS",null,"H",0.4299,26.48,11.38]
["Composição Auxiliar"," 88243 ","SINAPI","AJUDANTE ESPECIALIZADO COM ENCARGOS COMPLEMENTARES","SEDI - SERVIÇOS DIVERSOS",null,"H",9.69E-2,20.77,2.0099999999999998]
["Insumo"," 00000626 ","SINAPI","MANTA LIQUIDA DE BASE ASFALTICA MODIFICADA COM A ADICAO DE ELASTOMEROS DILUIDOS EM SOLVENTE ORGANICO, APLICACAO A FRIO (MEMBRANA DE EMULSAO ASFALTICA PARA IMPERMEABILIZACAO FLEXIVEL)","Material",null,"KG",1.5,30.56,45.84]
[{"$nulls":4},"MO sem LS =>",10.99,"LS =>",0,"MO com LS =>",10.99]
[{"$nulls":4},"Valor do BDI =>",15.54,null,"Valor com BDI =>",null,74.77]
[{"$nulls":6},"Quant. =>","75,20","Preço Total =>",5622.7]
[]
[" 9.2 ","Código","Banco","Descrição","Tipo",null,"Und","Quant.","Valor Unit","Total"]
["Composição"," 98557 ","SINAPI","IMPERMEABILIZAÇÃO DE SUPERFÍCIE COM EMULSÃO ASFÁLTICA, 2 DEMÃOS. AF_09/2023","IMPE - IMPERMEABILIZAÇÕES E PROTEÇÕES DIVERSAS",null,"m²",1,59.23,59.23]
["Composição Auxiliar"," 88270 ","SINAPI","IMPERMEABILIZADOR COM ENCARGOS COMPLEMENTARES","SEDI - SERVIÇOS DIVERSOS",null,"H",0.4299,26.48,11.38]
["Composição Auxiliar"," 88243 ","SINAPI","AJUDANTE ESPECIALIZADO COM ENCARGOS COMPLEMENTARES","SEDI - SERVIÇOS DIVERSOS",null,"H",9.69E-2,20.77,2.0099999999999998]
["Insumo"," 00000626 ","SINAPI","MANTA LIQUIDA DE BASE ASFALTICA MODIFICADA COM A ADICAO DE ELASTOMEROS DILUIDOS EM SOLVENTE ORGANICO, APLICACAO A FRIO (MEMBRANA DE EMULSAO ASFALTICA PARA IMPERMEABILIZACAO FLEXIVEL)","Material",null,"KG",1.5,30.56,45.84]
[{"$nulls":4},"MO sem LS =>",10.99,"LS =>",0,"MO com LS =>",10.99]
[{"$nulls":4},"Valor do BDI =>",15.54,null,"Valor com BDI =>",null,74.77]
[{"$nulls":6},"Quant. =>","65,31","Preço Total =>",4883.22]
[]
[" 9.3 ","Código","Banco","Descrição","Tipo",null,"Und","Quant.","Valor Unit","Total"]
["Composição"," 98557 ","SINAPI","IMPERMEABILIZAÇÃO DE SUPERFÍCIE COM EMULSÃO ASFÁLTICA, 2 DEMÃOS. AF_09/2023","IMPE - IMPERMEABILIZAÇÕES E PROTEÇÕES DIVERSAS",null,"m²",1,59.23,59.23]
["Composição Auxiliar"," 88270 ","SINAPI","IMPERMEABILIZADOR COM ENCARGOS COMPLEMENTARES","SEDI - SERVIÇOS DIVERSOS",null,"H",0.4299,26.48,11.38]
["Composição Auxiliar"," 88243 ","SINAPI","AJUDANTE ESPECIALIZADO COM ENCARGOS COMPLEMENTARES","SEDI - SERVIÇOS DIVERSOS",null,"H",9.69E-2,20.77,2.0099999999999998]
["Insumo"," 00000626 ","SINAPI","MANTA LIQUIDA DE BASE ASFALTICA MODIFICADA COM A ADICAO DE ELASTOMEROS DILUIDOS EM SOLVENTE ORGANICO, APLICACAO A FRIO (MEMBRANA DE EMULSAO ASFALTICA PARA IMPERMEABILIZACAO FLEXIVEL)","Material",null,"KG",1.5,30.56,45.84]
[{"$nulls":4},"MO sem LS =>",10.99,"LS =>",0,"MO com LS =>",10.99]
[{"$nulls":4},"Valor do BDI =>",15.54,null,"Valor com BDI =>",null,74.77]
[{"$nulls":6},"Quant. =>","28,28","Preço Total =>",2114.4899999999998]
[]
[" 10 ",null,null,"REVESTIMENTOS INTERNO E EXTERNO",{"$nulls":5},106657.23]
[" 10.1 ","Código","Banco","Descrição","Tipo",null,"Und","Quant.","Valor Unit","Total"]
["Composição"," 87879 ","SINAPI","CHAPISCO APLICADO EM ALVENARIAS E ESTRUTURAS DE CONCRETO INTERNAS, COM COLHER DE PEDREIRO. ARGAMASSA TRAÇO 1:3 COM PREPARO EM BETONEIRA 400L. AF_10/2022","REVE - REVESTIMENTO E TRATAMENTO DE SUPERFÍCIES",null,"m²",1,4.8899999999999997,4.8899999999999997]
["Composição Auxiliar"," 87313 ","SINAPI","ARGAMASSA TRAÇO 1:3 (EM VOLUME DE CIMENTO E AREIA GROSSA ÚMIDA) PARA CHAPISCO CONVENCIONAL, PREPARO MECÂNICO COM BETONEIRA 400 L. AF_08/2019","SEDI - SERVIÇOS DIVERSOS",null,"m³",3.7000000000000002E-3,706.39,2.61]
["Composição Auxiliar"," 88316 ","SINAPI","SERVENTE COM ENCARGOS COMPLEMENTARES","SEDI - SERVIÇOS DIVERSOS",null,"H",2.5499999999999998E-2,19.850000000000001,0.5]
["Composição Auxiliar"," 88309 ","SINAPI","PEDREIRO COM ENCARGOS COMPLEMENTARES","SEDI - SERVIÇOS DIVERSOS",null,"H",6.8099999999999994E-2,26.21,1.78]
[{"$nulls":4},"MO sem LS =>",2.1,"LS =>",0,"MO com LS =>",2.1]
[{"$nulls":4},"Valor do BDI =>",1.28,null,"Valor com BDI =>",null,6.17]
[{"$nulls":6},"Quant. =>","1.032,57","Preço Total =>",6370.95]
[]
[" 10.2 ","Código","Banco","Descrição","Tipo",null,"Und","Quant.","Valor Unit","Total"]
["Composição"," 87535 ","SINAPI","EMBOÇO, EM ARGAMASSA TRAÇO 1:2:8, PREPARO MECÂNICO, APLICADO MANUALMENTE EM PAREDES INTERNAS DE AMBIENTES COM ÁREA MAIOR QUE 10M², E = 17,5MM, COM TALISCAS. AF_03/2024","REVE - REVESTIMENTO E TRATAMENTO DE SUPERFÍCIES",null,"m²",1,34.700000000000003,34.700000000000003]
["Composição Auxiliar"," 87292 ","SINAPI","ARGAMASSA TRAÇO 1:2:8 (EM VOLUME DE CIMENTO, CAL E AREIA MÉDIA ÚMIDA) PARA EMBOÇO/MASSA ÚNICA/ASSENTAMENTO DE ALVENARIA DE VEDAÇÃO, PREPARO MECÂNICO COM BETONEIRA 400 L. AF_08/2019","SEDI - SERVIÇOS DIVERSOS",null,"m³",3.04E-2,697.12,21.19]
["Composição Auxiliar"," 88316 ","SINAPI","SERVENTE COM ENCARGOS COMPLEMENTARES","SEDI - SERVIÇOS DIVERSOS",null,"H",0.187,19.850000000000001,3.71]
["Composição Auxiliar"," 88309 ","SINAPI","PEDREIRO COM ENCARGOS COMPLEMENTARES","SEDI - SERVIÇOS DIVERSOS",null,"H",0.374,26.21,9.8000000000000007]
[{"$nulls":4},"MO sem LS =>",13.05,"LS =>",0,"MO com LS =>",13.05]
[{"$nulls":4},"Valor do BDI =>",9.1,null,"Valor com BDI =>",null,43.8]
[{"$nulls":6},"Quant. =>","1.032,57","Preço Total =>",45226.559999999998]
[]
[" 10.3 ","Código","Banco","Descrição","Tipo",null,"Und","Quant.","Valor Unit","Total"]
["Composição"," 87543 ","SINAPI","MASSA ÚNICA, EM ARGAMASSA INDUSTRIALIZADA, PREPARO MECÂNICO, APLICADA COM EQUIPAMENTO DE MISTURA E PROJEÇÃO DE ARGAMASSA EM PAREDES INTERNAS, E = 5MM, SEM TALISCAS. AF_03/2024","REVE - REVESTIMENTO E TRATAMENTO DE SUPERFÍCIES",null,"m²",1,27.92,27.92]
["Composição Auxiliar"," 87407 ","SINAPI","ARGAMASSA INDUSTRIALIZADA PARA REVESTIMENTOS, MISTURA E PROJEÇÃO DE 1,5 M³/H DE ARGAMASSA. AF_08/2019","SEDI - SERVIÇOS DIVERSOS",null,"m³",1.04E-2,2085.94,21.69]
["Composição Auxiliar"," 88316 ","SINAPI","SERVENTE COM ENCARGOS COMPLEMENTARES","SEDI - SERVIÇOS DIVERSOS",null,"H",2.7199999999999998E-2,19.850000000000001,0.53]
["Composição Auxiliar"," 88309 ","SINAPI","PEDREIRO COM ENCARGOS COMPLEMENTARES","SEDI - SERVIÇOS DIVERSOS",null,"H",0.21759999999999999,26.21,5.7]
[{"$nulls":4},"MO sem LS =>",5.79,"LS =>",0,"MO com LS =>",5.79]
[{"$nulls":4},"Valor do BDI =>",7.32,null,"Valor com BDI =>",null,35.24]
[{"$nulls":6},"Quant. =>","897,78","Preço Total =>",31637.759999999998]
[]
[" 10.4 ","Código","Banco","Descrição","Tipo",null,"Und","Quant.","Valor Unit","Total"]
["Composição"," 87273 ","SINAPI","REVESTIMENTO CERÂMICO PARA PAREDES INTERNAS COM PLACAS TIPO ESMALTADA DE DIMENSÕES 33X45 CM APLICADAS NA ALTURA INTEIRA DAS PAREDES. AF_02/2023_PE","REVE - REVESTIMENTO E TRATAMENTO DE SUPERFÍCIES",null,"m²",1,76.489999999999995,76.489999999999995]
["Composição Auxiliar"," 88316 ","SINAPI","SERVENTE COM ENCARGOS COMPLEMENTARES","SEDI - SERVIÇOS DIVERSOS",null,"H",0.31380000000000002,19.850000000000001,6.22]
["Composição Auxiliar"," 88256 ","SINAPI","AZULEJISTA OU LADRILHISTA COM ENCARGOS COMPLEMENTARES","SEDI - SERVIÇOS DIVERSOS",null,"H",0.69699999999999995,30.12,20.99]
["Insumo"," 00001381 ","SINAPI","ARGAMASSA COLANTE AC I PARA CERAMICAS","Material",null,"KG",6.85,0.97,6.64]
["Insumo"," 00034357 ","SINAPI","REJUNTE CIMENTICIO, QUALQUER COR","Material",null,"KG",0.222,5.69,1.26]
["Insumo"," 00000536 ","SINAPI","REVESTIMENTO PARA PAREDE, EM CERAMICA ESMALTADA, FORMATO MENOR OU IGUAL A 2025 CM2","Material",null,"M²",1.0798000000000001,38.33,41.38]
[{"$nulls":4},"MO sem LS =>",22.63,"LS =>",0,"MO com LS =>",22.63]
[{"$nulls":4},"Valor do BDI =>",20.07,null,"Valor com BDI =>",null,96.56]
[{"$nulls":6},"Quant. =>","103,52","Preço Total =>",9995.89]
[]
[" 10.5 ","Código","Banco","Descrição","Tipo",null,"Und","Quant.","Valor Unit","Total"]
["Composição"," 87244 ","SINAPI","REVESTIMENTO CERÂMICO PARA PAREDES EXTERNAS EM PASTILHAS DE PORCELANA 5 X 5 CM (PLACAS DE 30 X 30 CM), ALINHADAS A PRUMO. AF_02/2023","REVE - REVESTIMENTO E TRATAMENTO DE SUPERFÍCIES",null,"m²",1,340.12,340.12]
["Composição Auxiliar"," 88316 ","SINAPI","SERVENTE COM ENCARGOS COMPLEMENTARES","SEDI - SERVIÇOS DIVERSOS",null,"H",0.57799999999999996,19.850000000000001,11.47]
["Composição Auxiliar"," 88256 ","SINAPI","AZULEJISTA OU LADRILHISTA COM ENCARGOS COMPLEMENTARES","SEDI - SERVIÇOS DIVERSOS",null,"H",1.1559999999999999,30.12,34.81]
["Insumo"," 00037596 ","SINAPI","ARGAMASSA COLANTE TIPO AC III E","Material",null,"KG",7.73,3.42,26.43]
["Insumo"," 00036881 ","SINAPI","PASTILHA CERAMICA/PORCELANA, REVEST INT/EXT E PISCINA, CORES BRANCA OU FRIAS, SOLIDAS, SEM MESCLAGEM/MISTURA, ACABAMENTO LISO *5 X 5* CM","Material",null,"m²",1.05,254.68,267.41000000000003]
[{"$nulls":4},"MO sem LS =>",38.42,"LS =>",0,"MO com LS =>",38.42]
[{"$nulls":4},"Valor do BDI =>",89.24,null,"Valor com BDI =>",null,429.36]
[{"$nulls":6},"Quant. =>","12,02","Preço Total =>",5160.8999999999996]
[]
[" 10.6 ","Código","Banco","Descrição","Tipo",null,"Und","Quant.","Valor Unit","Total"]
["Composição"," 87244 ","SINAPI","REVESTIMENTO CERÂMICO PARA PAREDES EXTERNAS EM PASTILHAS DE PORCELANA 5 X 5 CM (PLACAS DE 30 X 30 CM), ALINHADAS A PRUMO. AF_02/2023","REVE - REVESTIMENTO E TRATAMENTO DE SUPERFÍCIES",null,"m²",1,340.12,340.12]
["Composição Auxiliar"," 88316 ","SINAPI","SERVENTE COM ENCARGOS COMPLEMENTARES","SEDI - SERVIÇOS DIVERSOS",null,"H",0.57799999999999996,19.850000000000001,11.47]
["Composição Auxiliar"," 88256 ","SINAPI","AZULEJISTA OU LADRILHISTA COM ENCARGOS COMPLEMENTARES","SEDI - SERVIÇOS DIVERSOS",null,"H",1.1559999999999999,30.12,34.81]
["Insumo"," 00037596 ","SINAPI","ARGAMASSA COLANTE TIPO AC III E","Material",null,"KG",7.73,3.42,26.43]
["Insumo"," 00036881 ","SINAPI","PASTILHA CERAMICA/PORCELANA, REVEST INT/EXT E PISCINA, CORES BRANCA OU FRIAS, SOLIDAS, SEM MESCLAGEM/MISTURA, ACABAMENTO LISO *5 X 5* CM","Material",null,"m²",1.05,254.68,267.41000000000003]
[{"$nulls":4},"MO sem LS =>",38.42,"LS =>",0,"MO com LS =>",38.42]
[{"$nulls":4},"Valor do BDI =>",89.24,null,"Valor com BDI =>",null,429.36]
[{"$nulls":6},"Quant. =>","11,45","Preço Total =>",4916.17]
[]
[" 10.7 ","Código","Banco","Descrição","Tipo",null,"Und","Quant.","Valor Unit","Total"]
["Composição"," 87244 ","SINAPI","REVESTIMENTO CERÂMICO PARA PAREDES EXTERNAS EM PASTILHAS DE PORCELANA 5 X 5 CM (PLACAS DE 30 X 30 CM), ALINHADAS A PRUMO. AF_02/2023","REVE - REVESTIMENTO E TRATAMENTO DE SUPERFÍCIES",null,"m²",1,340.12,340.12]
["Composição Auxiliar"," 88316 ","SINAPI","SERVENTE COM ENCARGOS COMPLEMENTARES","SEDI - SERVIÇOS DIVERSOS",null,"H",0.57799999999999996,19.850000000000001,11.47]
["Composição Auxiliar"," 88256 ","SINAPI","AZULEJISTA OU LADRILHISTA COM ENCARGOS COMPLEMENTARES","SEDI - SERVIÇOS DIVERSOS",null,"H",1.1559999999999999,30.12,34.81]
["Insumo"," 00037596 ","SINAPI","ARGAMASSA COLANTE TIPO AC III E","Material",null,"KG",7.73,3.42,26.43]
["Insumo"," 00036881 ","SINAPI","PASTILHA CERAMICA/PORCELANA, REVEST INT/EXT E PISCINA, CORES BRANCA OU FRIAS, SOLIDAS, SEM MESCLAGEM/MISTURA, ACABAMENTO LISO *5 X 5* CM","Material",null,"m²",1.05,254.68,267.41000000000003]
[{"$nulls":4},"MO sem LS =>",38.42,"LS =>",0,"MO com LS =>",38.42]
[{"$nulls":4},"Valor do BDI =>",89.24,null,"Valor com BDI =>",null,429.36]
[{"$nulls":6},"Quant. =>","7,80","Preço Total =>",3349]
[]
[" 11 ",null,null,"SISTEMA DE PISOS",{"$nulls":5},9849.41]
[" 11.1 ","Código","Banco","Descrição","Tipo",null,"Und","Quant.","Valor Unit","Total"]
["Composição"," 87630 ","SINAPI","CONTRAPISO EM ARGAMASSA TRAÇO 1:4 (CIMENTO E AREIA), PREPARO MECÂNICO COM BETONEIRA 400 L, APLICADO EM ÁREAS SECAS SOBRE LAJE, ADERIDO, ACABAMENTO NÃO REFORÇADO, ESPESSURA 3CM. AF_07/2021","PISO - PISOS",null,"m²",1,49.68,49.68]
["Composição Auxiliar"," 87301 ","SINAPI","ARGAMASSA TRAÇO 1:4 (EM VOLUME DE CIMENTO E AREIA MÉDIA ÚMIDA) PARA CONTRAPISO, PREPARO MECÂNICO COM BETONEIRA 400 L. AF_08/2019","SEDI - SERVIÇOS DIVERSOS",null,"m³",4.3099999999999999E-2,813.74,35.07]
["Composição Auxiliar"," 88309 ","SINAPI","PEDREIRO COM ENCARGOS COMPLEMENTARES","SEDI - SERVIÇOS DIVERSOS",null,"H",0.245,26.21,6.42]
["Composição Auxiliar"," 88316 ","SINAPI","SERVENTE COM ENCARGOS COMPLEMENTARES","SEDI - SERVIÇOS DIVERSOS",null,"H",0.123,19.850000000000001,2.44]
["Insumo"," 00007334 ","SINAPI","ADITIVO ADESIVO LIQUIDO PARA ARGAMASSAS DE REVESTIMENTOS CIMENTICIOS","Material",null,"L",0.21,24.75,5.19]
["Insumo"," 00001379 ","SINAPI","CIMENTO PORTLAND COMPOSTO CP II-32","Material",null,"KG",0.5,1.1200000000000001,0.56000000000000005]
[{"$nulls":4},"MO sem LS =>",10.39,"LS =>",0,"MO com LS =>",10.39]
[{"$nulls":4},"Valor do BDI =>",13.03,null,"Valor com BDI =>",null,62.71]
[{"$nulls":6},"Quant. =>","6,50","Preço Total =>",407.61]
[]
[" 11.2 ","Código","Banco","Descrição","Tipo",null,"Und","Quant.","Valor Unit","Total"]
["Composição"," 87630 ","SINAPI","CONTRAPISO EM ARGAMASSA TRAÇO 1:4 (CIMENTO E AREIA), PREPARO MECÂNICO COM BETONEIRA 400 L, APLICADO EM ÁREAS SECAS SOBRE LAJE, ADERIDO, ACABAMENTO NÃO REFORÇADO, ESPESSURA 3CM. AF_07/2021","PISO - PISOS",null,"m²",1,49.68,49.68]
["Composição Auxiliar"," 87301 ","SINAPI","ARGAMASSA TRAÇO 1:4 (EM VOLUME DE CIMENTO E AREIA MÉDIA ÚMIDA) PARA CONTRAPISO, PREPARO MECÂNICO COM BETONEIRA 400 L. AF_08/2019","SEDI - SERVIÇOS DIVERSOS",null,"m³",4.3099999999999999E-2,813.74,35.07]
["Composição Auxiliar"," 88309 ","SINAPI","PEDREIRO COM ENCARGOS COMPLEMENTARES","SEDI - SERVIÇOS DIVERSOS",null,"H",0.245,26.21,6.42]
["Composição Auxiliar"," 88316 ","SINAPI","SERVENTE COM ENCARGOS COMPLEMENTARES","SEDI - SERVIÇOS DIVERSOS",null,"H",0.123,19.850000000000001,2.44]
["Insumo"," 00007334 ","SINAPI","ADITIVO ADESIVO LIQUIDO PARA ARGAMASSAS DE REVESTIMENTOS CIMENTICIOS","Material",null,"L",0.21,24.75,5.19]
["Insumo"," 00001379 ","SINAPI","CIMENTO PORTLAND COMPOSTO CP II-32","Material",null,"KG",0.5,1.1200000000000001,0.56000000000000005]
[{"$nulls":4},"MO sem LS =>",10.39,"LS =>",0,"MO com LS =>",10.39]
[{"$nulls":4},"Valor do BDI =>",13.03,null,"Valor com BDI =>",null,62.71]
[{"$nulls":6},"Quant. =>","55,45","Preço Total =>",3477.26]
[]
[" 11.3 ","Código","Banco","Descrição","Tipo",null,"Und","Quant.","Valor Unit","Total"]
["Composição"," 87251 ","SINAPI","REVESTIMENTO CERÂMICO PARA PISO COM PLACAS TIPO ESMALTADA DE DIMENSÕES 45X45 CM APLICADA EM AMBIENTES DE ÁREA MAIOR QUE 10 M2. AF_02/2023_PE","PISO - PISOS",null,"m²",1,63.82,63.82]
["Composição Auxiliar"," 88316 ","SINAPI","SERVENTE COM ENCARGOS COMPLEMENTARES","SEDI - SERVIÇOS DIVERSOS",null,"H",0.1308,19.850000000000001,2.59]
["Composição Auxiliar"," 88256 ","SINAPI","AZULEJISTA OU LADRILHISTA COM ENCARGOS COMPLEMENTARES","SEDI - SERVIÇOS DIVERSOS",null,"H",0.25369999999999998,30.12,7.64]
["Insumo"," 00001287 ","SINAPI","PISO EM CERAMICA ESMALTADA, COR LISA, PEI MAIOR OU IGUAL A 4, FORMATO MENOR OU IGUAL A 2025 CM2","Material",null,"M²",1.06,41.21,43.68]
["Insumo"," 00034357 ","SINAPI","REJUNTE CIMENTICIO, QUALQUER COR","Material",null,"KG",0.188,5.69,1.06]
["Insumo"," 00001381 ","SINAPI","ARGAMASSA COLANTE AC I PARA CERAMICAS","Material",null,"KG",9.1325000000000003,0.97,8.85]
[{"$nulls":4},"MO sem LS =>",8.49,"LS =>",0,"MO com LS =>",8.49]
[{"$nulls":4},"Valor do BDI =>",16.739999999999998,null,"Valor com BDI =>",null,80.56]
[{"$nulls":6},"Quant. =>","61,95","Preço Total =>",4990.6899999999996]
[]
[" 11.4 ","Código","Banco","Descrição","Tipo",null,"Und","Quant.","Valor Unit","Total"]
["Composição"," 88649 ","SINAPI","RODAPÉ CERÂMICO DE 7CM DE ALTURA COM PLACAS TIPO ESMALTADA DE DIMENSÕES 45X45CM. AF_02/2023","PISO - PISOS",null,"M",1,10.19,10.19]
["Composição Auxiliar"," 88256 ","SINAPI","AZULEJISTA OU LADRILHISTA COM ENCARGOS COMPLEMENTARES","SEDI - SERVIÇOS DIVERSOS",null,"H",7.6399999999999996E-2,30.12,2.2999999999999998]
["Composição Auxiliar"," 88316 ","SINAPI","SERVENTE COM ENCARGOS COMPLEMENTARES","SEDI - SERVIÇOS DIVERSOS",null,"H",2.9600000000000001E-2,19.850000000000001,0.57999999999999996]
["Insumo"," 00001287 ","SINAPI","PISO EM CERAMICA ESMALTADA, COR LISA, PEI MAIOR OU IGUAL A 4, FORMATO MENOR OU IGUAL A 2025 CM2","Material",null,"M²",0.15,41.21,6.18]
["Insumo"," 00034357 ","SINAPI","REJUNTE CIMENTICIO, QUALQUER COR","Material",null,"KG",0.09,5.69,0.51]
["Insumo"," 00001381 ","SINAPI","ARGAMASSA COLANTE AC I PARA CERAMICAS","Material",null,"KG",0.63919999999999999,0.97,0.62]
[{"$nulls":4},"MO sem LS =>",2.4,"LS =>",0,"MO com LS =>",2.4]
[{"$nulls":4},"Valor do BDI =>",2.67,null,"Valor com BDI =>",null,12.86]
[{"$nulls":6},"Quant. =>","9,60","Preço Total =>",123.45]
[]
[" 11.5 ","Código","Banco","Descrição","Tipo",null,"Und","Quant.","Valor Unit","Total"]
["Composição"," 98689 ","SINAPI","SOLEIRA EM GRANITO, LARGURA 15 CM, ESPESSURA 2,0 CM. AF_09/2020","PISO - PISOS",null,"M",1,146.44999999999999,146.44999999999999]
["Composição Auxiliar"," 88274 ","SINAPI","MARMORISTA/GRANITEIRO COM ENCARGOS COMPLEMENTARES","SEDI - SERVIÇOS DIVERSOS",null,"H",0.54700000000000004,27.43,15]
["Composição Auxiliar"," 88316 ","SINAPI","SERVENTE COM ENCARGOS COMPLEMENTARES","SEDI - SERVIÇOS DIVERSOS",null,"H",0.27300000000000002,19.850000000000001,5.41]
["Insumo"," 00037595 ","SINAPI","ARGAMASSA COLANTE TIPO AC III","Material",null,"KG",1.29,2.98,3.84]
["Insumo"," 00020232 ","SINAPI","SOLEIRA EM GRANITO, POLIDO, TIPO ANDORINHA/ QUARTZ/ CASTELO/ CORUMBA OU OUTROS EQUIVALENTES DA REGIAO, L= *15* CM, E= *2,0* CM","Material",null,"M",1,122.2,122.2]
[{"$nulls":4},"MO sem LS =>",16.690000000000001,"LS =>",0,"MO com LS =>",16.690000000000001]
[{"$nulls":4},"Valor do BDI =>",38.42,null,"Valor com BDI =>",null,184.87]
[{"$nulls":6},"Quant. =>","4,60","Preço Total =>",850.4]
[]
[" 12 ",null,null,"PINTURAS E ACABAMENTOS",{"$nulls":5},36572.199999999997]
[" 12.1 ","Código","Banco","Descrição","Tipo",null,"Und","Quant.","Valor Unit","Total"]
["Composição"," 88497 ","SINAPI","EMASSAMENTO COM MASSA LÁTEX, APLICAÇÃO EM PAREDE, DUAS DEMÃOS, LIXAMENTO MANUAL. AF_04/2023","PINT - PINTURAS",null,"m²",1,16.079999999999998,16.079999999999998]
["Composição Auxiliar"," 88316 ","SINAPI","SERVENTE COM ENCARGOS COMPLEMENTARES","SEDI - SERVIÇOS DIVERSOS",null,"H",0.1203,19.850000000000001,2.38]
["Composição Auxiliar"," 88310 ","SINAPI","PINTOR COM ENCARGOS COMPLEMENTARES","SEDI - SERVIÇOS DIVERSOS",null,"H",0.36099999999999999,27.89,10.06]
["Insumo"," 00003767 ","SINAPI","LIXA EM FOLHA PARA PAREDE OU MADEIRA, NUMERO 120, COR VERMELHA","Material",null,"UN",8.0199999999999994E-2,0.9,7.0000000000000007E-2]
["Insumo"," 00043626 ","SINAPI","MASSA CORRIDA PARA SUPERFICIES DE AMBIENTES INTERNOS","Material",null,"KG",1.3389,2.67,3.57]
[{"$nulls":4},"MO sem LS =>",9.61,"LS =>",0,"MO com LS =>",9.61]
[{"$nulls":4},"Valor do BDI =>",4.21,null,"Valor com BDI =>",null,20.29]
[{"$nulls":6},"Quant. =>","60,16","Preço Total =>",1220.6400000000001]
[]
[" 12.2 ","Código","Banco","Descrição","Tipo",null,"Und","Quant.","Valor Unit","Total"]
["Composição"," 88497 ","SINAPI","EMASSAMENTO COM MASSA LÁTEX, APLICAÇÃO EM PAREDE, DUAS DEMÃOS, LIXAMENTO MANUAL. AF_04/2023","PINT - PINTURAS",null,"m²",1,16.079999999999998,16.079999999999998]
["Composição Auxiliar"," 88316 ","SINAPI","SERVENTE COM ENCARGOS COMPLEMENTARES","SEDI - SERVIÇOS DIVERSOS",null,"H",0.1203,19.850000000000001,2.38]
["Composição Auxiliar"," 88310 ","SINAPI","PINTOR COM ENCARGOS COMPLEMENTARES","SEDI - SERVIÇOS DIVERSOS",null,"H",0.36099999999999999,27.89,10.06]
["Insumo"," 00003767 ","SINAPI","LIXA EM FOLHA PARA PAREDE OU MADEIRA, NUMERO 120, COR VERMELHA","Material",null,"UN",8.0199999999999994E-2,0.9,7.0000000000000007E-2]
["Insumo"," 00043626 ","SINAPI","MASSA CORRIDA PARA SUPERFICIES DE AMBIENTES INTERNOS","Material",null,"KG",1.3389,2.67,3.57]
[{"$nulls":4},"MO sem LS =>",9.61,"LS =>",0,"MO com LS =>",9.61]
[{"$nulls":4},"Valor do BDI =>",4.21,null,"Valor com BDI =>",null,20.29]
[{"$nulls":6},"Quant. =>","27,51","Preço Total =>",558.16999999999996]
[]
[" 12.3 ","Código","Banco","Descrição","Tipo",null,"Und","Quant.","Valor Unit","Total"]
["Composição"," 88489 ","SINAPI","PINTURA LÁTEX ACRÍLICA PREMIUM, APLICAÇÃO MANUAL EM PAREDES, DUAS DEMÃOS. AF_04/2023","PINT - PINTURAS",null,"m²",1,13.26,13.26]
["Composição Auxiliar"," 88310 ","SINAPI","PINTOR COM ENCARGOS COMPLEMENTARES","SEDI - SERVIÇOS DIVERSOS",null,"H",0.16309999999999999,27.89,4.54]
["Composição Auxiliar"," 88316 ","SINAPI","SERVENTE COM ENCARGOS COMPLEMENTARES","SEDI - SERVIÇOS DIVERSOS",null,"H",5.4399999999999997E-2,19.850000000000001,1.07]
["Insumo"," 00007356 ","SINAPI","TINTA LATEX ACRILICA PREMIUM, COR BRANCO FOSCO","Material",null,"L",0.22850000000000001,33.520000000000003,7.65]
[{"$nulls":4},"MO sem LS =>",4.33,"LS =>",0,"MO com LS =>",4.33]
[{"$nulls":4},"Valor do BDI =>",3.47,null,"Valor com BDI =>",null,16.73]
[{"$nulls":6},"Quant. =>","60,16","Preço Total =>",1006.47]
[]
[" 12.4 ","Código","Banco","Descrição","Tipo",null,"Und","Quant.","Valor Unit","Total"]
["Composição"," 88489 ","SINAPI","PINTURA LÁTEX ACRÍLICA PREMIUM, APLICAÇÃO MANUAL EM PAREDES, DUAS DEMÃOS. AF_04/2023","PINT - PINTURAS",null,"m²",1,13.26,13.26]
["Composição Auxiliar"," 88310 ","SINAPI","PINTOR COM ENCARGOS COMPLEMENTARES","SEDI - SERVIÇOS DIVERSOS",null,"H",0.16309999999999999,27.89,4.54]
["Composição Auxiliar"," 88316 ","SINAPI","SERVENTE COM ENCARGOS COMPLEMENTARES","SEDI - SERVIÇOS DIVERSOS",null,"H",5.4399999999999997E-2,19.850000000000001,1.07]
["Insumo"," 00007356 ","SINAPI","TINTA LATEX ACRILICA PREMIUM, COR BRANCO FOSCO","Material",null,"L",0.22850000000000001,33.520000000000003,7.65]
[{"$nulls":4},"MO sem LS =>",4.33,"LS =>",0,"MO com LS =>",4.33]
[{"$nulls":4},"Valor do BDI =>",3.47,null,"Valor com BDI =>",null,16.73]
[{"$nulls":6},"Quant. =>","445,41","Preço Total =>",7451.7]
[]
[" 12.5 ","Código","Banco","Descrição","Tipo",null,"Und","Quant.","Valor Unit","Total"]
["Composição"," 88489 ","SINAPI","PINTURA LÁTEX ACRÍLICA PREMIUM, APLICAÇÃO MANUAL EM PAREDES, DUAS DEMÃOS. AF_04/2023","PINT - PINTURAS",null,"m²",1,13.26,13.26]
["Composição Auxiliar"," 88310 ","SINAPI","PINTOR COM ENCARGOS COMPLEMENTARES","SEDI - SERVIÇOS DIVERSOS",null,"H",0.16309999999999999,27.89,4.54]
["Composição Auxiliar"," 88316 ","SINAPI","SERVENTE COM ENCARGOS COMPLEMENTARES","SEDI - SERVIÇOS DIVERSOS",null,"H",5.4399999999999997E-2,19.850000000000001,1.07]
["Insumo"," 00007356 ","SINAPI","TINTA LATEX ACRILICA PREMIUM, COR BRANCO FOSCO","Material",null,"L",0.22850000000000001,33.520000000000003,7.65]
[{"$nulls":4},"MO sem LS =>",4.33,"LS =>",0,"MO com LS =>",4.33]
[{"$nulls":4},"Valor do BDI =>",3.47,null,"Valor com BDI =>",null,16.73]
[{"$nulls":6},"Quant. =>","307,09","Preço Total =>",5137.6099999999997]
[]
[" 12.6 ","Código","Banco","Descrição","Tipo",null,"Und","Quant.","Valor Unit","Total"]
["Composição"," 88489 ","SINAPI","PINTURA LÁTEX ACRÍLICA PREMIUM, APLICAÇÃO MANUAL EM PAREDES, DUAS DEMÃOS. AF_04/2023","PINT - PINTURAS",null,"m²",1,13.26,13.26]
["Composição Auxiliar"," 88310 ","SINAPI","PINTOR COM ENCARGOS COMPLEMENTARES","SEDI - SERVIÇOS DIVERSOS",null,"H",0.16309999999999999,27.89,4.54]
["Composição Auxiliar"," 88316 ","SINAPI","SERVENTE COM ENCARGOS COMPLEMENTARES","SEDI - SERVIÇOS DIVERSOS",null,"H",5.4399999999999997E-2,19.850000000000001,1.07]
["Insumo"," 00007356 ","SINAPI","TINTA LATEX ACRILICA PREMIUM, COR BRANCO FOSCO","Material",null,"L",0.22850000000000001,33.520000000000003,7.65]
[{"$nulls":4},"MO sem LS =>",4.33,"LS =>",0,"MO com LS =>",4.33]
[{"$nulls":4},"Valor do BDI =>",3.47,null,"Valor com BDI =>",null,16.73]
[{"$nulls":6},"Quant. =>","145,28","Preço Total =>",2430.5300000000002]
[]
[" 12.7 ","Código","Banco","Descrição","Tipo",null,"Und","Quant.","Valor Unit","Total"]
["Composição"," 100739 ","SINAPI","PINTURA COM TINTA ALQUÍDICA DE ACABAMENTO (ESMALTE SINTÉTICO ACETINADO) PULVERIZADA SOBRE PERFIL METÁLICO EXECUTADO EM FÁBRICA (POR DEMÃO). AF_01/2020_PE","PINT - PINTURAS",null,"m²",1,8.52,8.52]
["Composição Auxiliar"," 88310 ","SINAPI","PINTOR COM ENCARGOS COMPLEMENTARES","SEDI - SERVIÇOS DIVERSOS",null,"H",6.3500000000000001E-2,27.89,1.77]
["Insumo"," 00007311 ","SINAPI","TINTA ESMALTE SINTETICO PREMIUM ACETINADO","Material",null,"L",0.19450000000000001,28.26,5.49]
["Insumo"," 00005318 ","SINAPI","DILUENTE AGUARRAS","Material",null,"L",5.8400000000000001E-2,21.61,1.26]
[{"$nulls":4},"MO sem LS =>",1.36,"LS =>",0,"MO com LS =>",1.36]
[{"$nulls":4},"Valor do BDI =>",2.23,null,"Valor com BDI =>",null,10.75]
[{"$nulls":6},"Quant. =>","712,79","Preço Total =>",7662.49]
[]
[" 12.8 ","Código","Banco","Descrição","Tipo",null,"Und","Quant.","Valor Unit","Total"]
["Composição"," 100739 ","SINAPI","PINTURA COM TINTA ALQUÍDICA DE ACABAMENTO (ESMALTE SINTÉTICO ACETINADO) PULVERIZADA SOBRE PERFIL METÁLICO EXECUTADO EM FÁBRICA (POR DEMÃO). AF_01/2020_PE","PINT - PINTURAS",null,"m²",1,8.52,8.52]
["Composição Auxiliar"," 88310 ","SINAPI","PINTOR COM ENCARGOS COMPLEMENTARES","SEDI - SERVIÇOS DIVERSOS",null,"H",6.3500000000000001E-2,27.89,1.77]
["Insumo"," 00007311 ","SINAPI","TINTA ESMALTE SINTETICO PREMIUM ACETINADO","Material",null,"L",0.19450000000000001,28.26,5.49]
["Insumo"," 00005318 ","SINAPI","DILUENTE AGUARRAS","Material",null,"L",5.8400000000000001E-2,21.61,1.26]
[{"$nulls":4},"MO sem LS =>",1.36,"LS =>",0,"MO com LS =>",1.36]
[{"$nulls":4},"Valor do BDI =>",2.23,null,"Valor com BDI =>",null,10.75]
[{"$nulls":6},"Quant. =>","562,50","Preço Total =>",6046.87]
[]
[" 12.9 ","Código","Banco","Descrição","Tipo",null,"Und","Quant.","Valor Unit","Total"]
["Composição"," 100739 ","SINAPI","PINTURA COM TINTA ALQUÍDICA DE ACABAMENTO (ESMALTE SINTÉTICO ACETINADO) PULVERIZADA SOBRE PERFIL METÁLICO EXECUTADO EM FÁBRICA (POR DEMÃO). AF_01/2020_PE","PINT - PINTURAS",null,"m²",1,8.52,8.52]
["Composição Auxiliar"," 88310 ","SINAPI","PINTOR COM ENCARGOS COMPLEMENTARES","SEDI - SERVIÇOS DIVERSOS",null,"H",6.3500000000000001E-2,27.89,1.77]
["Insumo"," 00007311 ","SINAPI","TINTA ESMALTE SINTETICO PREMIUM ACETINADO","Material",null,"L",0.19450000000000001,28.26,5.49]
["Insumo"," 00005318 ","SINAPI","DILUENTE AGUARRAS","Material",null,"L",5.8400000000000001E-2,21.61,1.26]
[{"$nulls":4},"MO sem LS =>",1.36,"LS =>",0,"MO com LS =>",1.36]
[{"$nulls":4},"Valor do BDI =>",2.23,null,"Valor com BDI =>",null,10.75]
[{"$nulls":6},"Quant. =>","187,50","Preço Total =>",2015.62]
[]
[" 12.10 ","Código","Banco","Descrição","Tipo",null,"Und","Quant.","Valor Unit","Total"]
["Composição"," 100739 ","SINAPI","PINTURA COM TINTA ALQUÍDICA DE ACABAMENTO (ESMALTE SINTÉTICO ACETINADO) PULVERIZADA SOBRE PERFIL METÁLICO EXECUTADO EM FÁBRICA (POR DEMÃO). AF_01/2020_PE","PINT - PINTURAS",null,"m²",1,8.52,8.52]
["Composição Auxiliar"," 88310 ","SINAPI","PINTOR COM ENCARGOS COMPLEMENTARES","SEDI - SERVIÇOS DIVERSOS",null,"H",6.3500000000000001E-2,27.89,1.77]
["Insumo"," 00007311 ","SINAPI","TINTA ESMALTE SINTETICO PREMIUM ACETINADO","Material",null,"L",0.19450000000000001,28.26,5.49]
["Insumo"," 00005318 ","SINAPI","DILUENTE AGUARRAS","Material",null,"L",5.8400000000000001E-2,21.61,1.26]
[{"$nulls":4},"MO sem LS =>",1.36,"LS =>",0,"MO com LS =>",1.36]
[{"$nulls":4},"Valor do BDI =>",2.23,null,"Valor com BDI =>",null,10.75]
[{"$nulls":6},"Quant. =>","19,32","Preço Total =>",207.69]
[]
[" 12.11 ","Código","Banco","Descrição","Tipo",null,"Und","Quant.","Valor Unit","Total"]
["Composição"," 100739 ","SINAPI","PINTURA COM TINTA ALQUÍDICA DE ACABAMENTO (ESMALTE SINTÉTICO ACETINADO) PULVERIZADA SOBRE PERFIL METÁLICO EXECUTADO EM FÁBRICA (POR DEMÃO). AF_01/2020_PE","PINT - PINTURAS",null,"m²",1,8.52,8.52]
["Composição Auxiliar"," 88310 ","SINAPI","PINTOR COM ENCARGOS COMPLEMENTARES","SEDI - SERVIÇOS DIVERSOS",null,"H",6.3500000000000001E-2,27.89,1.77]
["Insumo"," 00007311 ","SINAPI","TINTA ESMALTE SINTETICO PREMIUM ACETINADO","Material",null,"L",0.19450000000000001,28.26,5.49]
["Insumo"," 00005318 ","SINAPI","DILUENTE AGUARRAS","Material",null,"L",5.8400000000000001E-2,21.61,1.26]
[{"$nulls":4},"MO sem LS =>",1.36,"LS =>",0,"MO com LS =>",1.36]
[{"$nulls":4},"Valor do BDI =>",2.23,null,"Valor com BDI =>",null,10.75]
[{"$nulls":6},"Quant. =>","16,44","Preço Total =>",176.73]
[]
[" 12.12 ","Código","Banco","Descrição","Tipo",null,"Und","Quant.","Valor Unit","Total"]
["Composição"," 102219 ","SINAPI","PINTURA TINTA DE ACABAMENTO (PIGMENTADA) ESMALTE SINTÉTICO ACETINADO EM MADEIRA, 2 DEMÃOS. AF_01/2021","PINT - PINTURAS",null,"m²",1,14.87,14.87]
["Composição Auxiliar"," 88310 ","SINAPI","PINTOR COM ENCARGOS COMPLEMENTARES","SEDI - SERVIÇOS DIVERSOS",null,"H",0.3805,27.89,10.61]
["Insumo"," 00005318 ","SINAPI","DILUENTE AGUARRAS","Material",null,"L",1.4E-2,21.61,0.3]
["Insumo"," 00007311 ","SINAPI","TINTA ESMALTE SINTETICO PREMIUM ACETINADO","Material",null,"L",0.14030000000000001,28.26,3.96]
[{"$nulls":4},"MO sem LS =>",8.18,"LS =>",0,"MO com LS =>",8.18]
[{"$nulls":4},"Valor do BDI =>",3.9,null,"Valor com BDI =>",null,18.77]
[{"$nulls":6},"Quant. =>","18,90","Preço Total =>",354.75]
[]
[" 12.13 ","Código","Banco","Descrição","Tipo",null,"Und","Quant.","Valor Unit","Total"]
["Composição"," 100741 ","SINAPI","PINTURA COM TINTA ALQUÍDICA DE ACABAMENTO (ESMALTE SINTÉTICO ACETINADO) PULVERIZADA SOBRE SUPERFÍCIES METÁLICAS (EXCETO PERFIL) EXECUTADO EM OBRA (POR DEMÃO). AF_01/2020_PE","PINT - PINTURAS",null,"m²",1,21.85,21.85]
["Composição Auxiliar"," 88310 ","SINAPI","PINTOR COM ENCARGOS COMPLEMENTARES","SEDI - SERVIÇOS DIVERSOS",null,"H",0.52659999999999996,27.89,14.68]
["Insumo"," 00007311 ","SINAPI","TINTA ESMALTE SINTETICO PREMIUM ACETINADO","Material",null,"L",0.20669999999999999,28.26,5.84]
["Insumo"," 00005318 ","SINAPI","DILUENTE AGUARRAS","Material",null,"L",6.2E-2,21.61,1.33]
[{"$nulls":4},"MO sem LS =>",11.33,"LS =>",0,"MO com LS =>",11.33]
[{"$nulls":4},"Valor do BDI =>",5.73,null,"Valor com BDI =>",null,27.58]
[{"$nulls":6},"Quant. =>","83,50","Preço Total =>",2302.9299999999998]
[]
[" 13 ",null,null,"INSTALAÇÃO HIDRÁULICA",{"$nulls":5},16014.71]
[" 13.1 ","Código","Banco","Descrição","Tipo",null,"Und","Quant.","Valor Unit","Total"]
["Composição"," 89446 ","SINAPI","TUBO, PVC, SOLDÁVEL, DE 25MM, INSTALADO EM PRUMADA DE ÁGUA - FORNECIMENTO E INSTALAÇÃO. AF_06/2022","INHI - INSTALAÇÕES HIDROS SANITÁRIAS",null,"M",1,4.9000000000000004,4.9000000000000004]
["Composição Auxiliar"," 88267 ","SINAPI","ENCANADOR OU BOMBEIRO HIDRÁULICO COM ENCARGOS COMPLEMENTARES","SEDI - SERVIÇOS DIVERSOS",null,"H",1.95E-2,25.5,0.49]
["Composição Auxiliar"," 88248 ","SINAPI","AUXILIAR DE ENCANADOR OU BOMBEIRO HIDRÁULICO COM ENCARGOS COMPLEMENTARES","SEDI - SERVIÇOS DIVERSOS",null,"H",1.95E-2,21.35,0.41]
["Insumo"," 00009868 ","SINAPI","TUBO PVC, SOLDAVEL, DE 25 MM, AGUA FRIA (NBR-5648)","Material",null,"M",1.0492999999999999,3.82,4]
["Insumo"," 00038383 ","SINAPI","LIXA D'AGUA EM FOLHA, COR PRETA, GRAO 100","Material",null,"UN",4.4999999999999997E-3,2.17,0]
[{"$nulls":4},"MO sem LS =>",0.76,"LS =>",0,"MO com LS =>",0.76]
[{"$nulls":4},"Valor do BDI =>",1.28,null,"Valor com BDI =>",null,6.18]
[{"$nulls":6},"Quant. =>","81,18","Preço Total =>",501.69]
[]
[" 13.2 ","Código","Banco","Descrição","Tipo",null,"Und","Quant.","Valor Unit","Total"]
["Composição"," 89448 ","SINAPI","TUBO, PVC, SOLDÁVEL, DE 40MM, INSTALADO EM PRUMADA DE ÁGUA - FORNECIMENTO E INSTALAÇÃO. AF_06/2022","INHI - INSTALAÇÕES HIDROS SANITÁRIAS",null,"M",1,14.89,14.89]
["Composição Auxiliar"," 88248 ","SINAPI","AUXILIAR DE ENCANADOR OU BOMBEIRO HIDRÁULICO COM ENCARGOS COMPLEMENTARES","SEDI - SERVIÇOS DIVERSOS",null,"H",2.8199999999999999E-2,21.35,0.6]
["Composição Auxiliar"," 88267 ","SINAPI","ENCANADOR OU BOMBEIRO HIDRÁULICO COM ENCARGOS COMPLEMENTARES","SEDI - SERVIÇOS DIVERSOS",null,"H",2.8199999999999999E-2,25.5,0.71]
["Insumo"," 00038383 ","SINAPI","LIXA D'AGUA EM FOLHA, COR PRETA, GRAO 100","Material",null,"UN",6.6E-3,2.17,0.01]
["Insumo"," 00009874 ","SINAPI","TUBO PVC, SOLDAVEL, DE 40 MM, AGUA FRIA (NBR-5648)","Material",null,"M",1.0492999999999999,12.94,13.57]
[{"$nulls":4},"MO sem LS =>",1.0900000000000001,"LS =>",0,"MO com LS =>",1.0900000000000001]
[{"$nulls":4},"Valor do BDI =>",3.9,null,"Valor com BDI =>",null,18.79]
[{"$nulls":6},"Quant. =>","0,35","Preço Total =>",6.57]
[]
[" 13.3 ","Código","Banco","Descrição","Tipo",null,"Und","Quant.","Valor Unit","Total"]
["Composição"," 89449 ","SINAPI","TUBO, PVC, SOLDÁVEL, DE 50MM, INSTALADO EM PRUMADA DE ÁGUA - FORNECIMENTO E INSTALAÇÃO. AF_06/2022","INHI - INSTALAÇÕES HIDROS SANITÁRIAS",null,"M",1,16.489999999999998,16.489999999999998]
["Composição Auxiliar"," 88267 ","SINAPI","ENCANADOR OU BOMBEIRO HIDRÁULICO COM ENCARGOS COMPLEMENTARES","SEDI - SERVIÇOS DIVERSOS",null,"H",3.4099999999999998E-2,25.5,0.86]
["Composição Auxiliar"," 88248 ","SINAPI","AUXILIAR DE ENCANADOR OU BOMBEIRO HIDRÁULICO COM ENCARGOS COMPLEMENTARES","SEDI - SERVIÇOS DIVERSOS",null,"H",3.4099999999999998E-2,21.35,0.72]
["Insumo"," 00038383 ","SINAPI","LIXA D'AGUA EM FOLHA, COR PRETA, GRAO 100","Material",null,"UN",8.0000000000000002E-3,2.17,0.01]
["Insumo"," 00009875 ","SINAPI","TUBO PVC, SOLDAVEL, DE 50 MM, AGUA FRIA (NBR-5648)","Material",null,"M",1.0492999999999999,14.2,14.9]
[{"$nulls":4},"MO sem LS =>",1.32,"LS =>",0,"MO com LS =>",1.32]
[{"$nulls":4},"Valor do BDI =>",4.32,null,"Valor com BDI =>",null,20.81]
[{"$nulls":6},"Quant. =>","15,27","Preço Total =>",317.76]
[]
[" 13.4 ","Código","Banco","Descrição","Tipo",null,"Und","Quant.","Valor Unit","Total"]
["Composição"," 89450 ","SINAPI","TUBO, PVC, SOLDÁVEL, DE 60MM, INSTALADO EM PRUMADA DE ÁGUA - FORNECIMENTO E INSTALAÇÃO. AF_06/2022","INHI - INSTALAÇÕES HIDROS SANITÁRIAS",null,"M",1,26.4,26.4]
["Composição Auxiliar"," 88248 ","SINAPI","AUXILIAR DE ENCANADOR OU BOMBEIRO HIDRÁULICO COM ENCARGOS COMPLEMENTARES","SEDI - SERVIÇOS DIVERSOS",null,"H",0.04,21.35,0.85]
["Composição Auxiliar"," 88267 ","SINAPI","ENCANADOR OU BOMBEIRO HIDRÁULICO COM ENCARGOS COMPLEMENTARES","SEDI - SERVIÇOS DIVERSOS",null,"H",0.04,25.5,1.02]
["Insumo"," 00009873 ","SINAPI","TUBO PVC, SOLDAVEL, DE 60 MM, AGUA FRIA (NBR-5648)","Material",null,"M",1.0492999999999999,23.36,24.51]
["Insumo"," 00038383 ","SINAPI","LIXA D'AGUA EM FOLHA, COR PRETA, GRAO 100","Material",null,"UN",9.2999999999999992E-3,2.17,0.02]
[{"$nulls":4},"MO sem LS =>",1.55,"LS =>",0,"MO com LS =>",1.55]
[{"$nulls":4},"Valor do BDI =>",6.92,null,"Valor com BDI =>",null,33.32]
[{"$nulls":6},"Quant. =>","18,48","Preço Total =>",615.75]
[]
[" 13.5 ","Código","Banco","Descrição","Tipo",null,"Und","Quant.","Valor Unit","Total"]
["Composição"," 89451 ","SINAPI","TUBO, PVC, SOLDÁVEL, DE 75MM, INSTALADO EM PRUMADA DE ÁGUA - FORNECIMENTO E INSTALAÇÃO. AF_06/2022","INHI - INSTALAÇÕES HIDROS SANITÁRIAS",null,"M",1,42.93,42.93]
["Composição Auxiliar"," 88267 ","SINAPI","ENCANADOR OU BOMBEIRO HIDRÁULICO COM ENCARGOS COMPLEMENTARES","SEDI - SERVIÇOS DIVERSOS",null,"H",4.9399999999999999E-2,25.5,1.25]
["Composição Auxiliar"," 88248 ","SINAPI","AUXILIAR DE ENCANADOR OU BOMBEIRO HIDRÁULICO COM ENCARGOS COMPLEMENTARES","SEDI - SERVIÇOS DIVERSOS",null,"H",4.9399999999999999E-2,21.35,1.05]
["Insumo"," 00009871 ","SINAPI","TUBO PVC, SOLDAVEL, DE 75 MM, AGUA FRIA (NBR-5648)","Material",null,"M",1.0492999999999999,38.71,40.61]
["Insumo"," 00038383 ","SINAPI","LIXA D'AGUA EM FOLHA, COR PRETA, GRAO 100","Material",null,"UN",1.15E-2,2.17,0.02]
[{"$nulls":4},"MO sem LS =>",1.92,"LS =>",0,"MO com LS =>",1.92]
[{"$nulls":4},"Valor do BDI =>",11.26,null,"Valor com BDI =>",null,54.19]
[{"$nulls":6},"Quant. =>","6,28","Preço Total =>",340.31]
[]
[" 13.6 ","Código","Banco","Descrição","Tipo",null,"Und","Quant.","Valor Unit","Total"]
["Composição"," 94713 ","SINAPI","ADAPTADOR COM FLANGES LIVRES, PVC, SOLDÁVEL, DN 75 MM X 2 1/2\", INSTALADO EM RESERVAÇÃO PREDIAL DE ÁGUA - FORNECIMENTO E INSTALAÇÃO. AF_04/2024","INHI - INSTALAÇÕES HIDROS SANITÁRIAS",null,"UN",1,212.08,212.08]
["Composição Auxiliar"," 88267 ","SINAPI","ENCANADOR OU BOMBEIRO HIDRÁULICO COM ENCARGOS COMPLEMENTARES","SEDI - SERVIÇOS DIVERSOS",null,"H",0.27260000000000001,25.5,6.95]
["Composição Auxiliar"," 88248 ","SINAPI","AUXILIAR DE ENCANADOR OU BOMBEIRO HIDRÁULICO COM ENCARGOS COMPLEMENTARES","SEDI - SERVIÇOS DIVERSOS",null,"H",0.27260000000000001,21.35,5.82]
["Insumo"," 00038383 ","SINAPI","LIXA D'AGUA EM FOLHA, COR PRETA, GRAO 100","Material",null,"UN",1.54E-2,2.17,0.03]
["Insumo"," 00000083 ","SINAPI","ADAPTADOR PVC, SOLDAVEL, COM FLANGES LIVRES, 75 MM X 2 1/2\", PARA CAIXA D'AGUA","Material",null,"UN",1,196.43,196.43]
["Insumo"," 00020083 ","SINAPI","SOLUCAO PREPARADORA / LIMPADORA PARA PVC, FRASCO COM 1000 CM3","Material",null,"UN",2.5000000000000001E-2,78.45,1.96]
["Insumo"," 00000122 ","SINAPI","ADESIVO PLASTICO PARA PVC, FRASCO COM *850* GR","Material",null,"UN",1.29E-2,69.25,0.89]
[{"$nulls":4},"MO sem LS =>",10.63,"LS =>",0,"MO com LS =>",10.63]
[{"$nulls":4},"Valor do BDI =>",55.64,null,"Valor com BDI =>",null,267.72000000000003]
[{"$nulls":6},"Quant. =>","1,00","Preço Total =>",267.72000000000003]
[]
[" 13.7 ","Código","Banco","Descrição","Tipo",null,"Und","Quant.","Valor Unit","Total"]
["Composição"," 89613 ","SINAPI","ADAPTADOR CURTO COM BOLSA E ROSCA PARA REGISTRO, PVC, SOLDÁVEL, DN 75MM X 2.1/2\", INSTALADO EM PRUMADA DE ÁGUA - FORNECIMENTO E INSTALAÇÃO. AF_12/2014","INHI - INSTALAÇÕES HIDROS SANITÁRIAS",null,"UN",1,27.88,27.88]
["Composição Auxiliar"," 88248 ","SINAPI","AUXILIAR DE ENCANADOR OU BOMBEIRO HIDRÁULICO COM ENCARGOS COMPLEMENTARES","SEDI - SERVIÇOS DIVERSOS",null,"H",0.11119999999999999,21.35,2.37]
["Composição Auxiliar"," 88267 ","SINAPI","ENCANADOR OU BOMBEIRO HIDRÁULICO COM ENCARGOS COMPLEMENTARES","SEDI - SERVIÇOS DIVERSOS",null,"H",0.11119999999999999,25.5,2.83]
["Insumo"," 00038383 ","SINAPI","LIXA D'AGUA EM FOLHA, COR PRETA, GRAO 100","Material",null,"UN",2.4899999999999999E-2,2.17,0.05]
["Insumo"," 00000122 ","SINAPI","ADESIVO PLASTICO PARA PVC, FRASCO COM *850* GR","Material",null,"UN",2.35E-2,69.25,1.62]
["Insumo"," 00020083 ","SINAPI","SOLUCAO PREPARADORA / LIMPADORA PARA PVC, FRASCO COM 1000 CM3","Material",null,"UN",0.04,78.45,3.13]
["Insumo"," 00000104 ","SINAPI","ADAPTADOR PVC SOLDAVEL CURTO COM BOLSA E ROSCA, 75 MM X 2 1/2\", PARA AGUA FRIA","Material",null,"UN",1,17.88,17.88]
[{"$nulls":4},"MO sem LS =>",4.33,"LS =>",0,"MO com LS =>",4.33]
[{"$nulls":4},"Valor do BDI =>",7.31,null,"Valor com BDI =>",null,35.19]
[{"$nulls":6},"Quant. =>","1,00","Preço Total =>",35.19]
[]
[" 13.8 ","Código","Banco","Descrição","Tipo",null,"Und","Quant.","Valor Unit","Total"]
["Composição"," 89429 ","SINAPI","ADAPTADOR CURTO COM BOLSA E ROSCA PARA REGISTRO, PVC, SOLDÁVEL, DN 25MM X 3/4, INSTALADO EM RAMAL DE DISTRIBUIÇÃO DE ÁGUA - FORNECIMENTO E INSTALAÇÃO. AF_06/2022","INHI - INSTALAÇÕES HIDROS SANITÁRIAS",null,"UN",1,5.77,5.77]
["Composição Auxiliar"," 88248 ","SINAPI","AUXILIAR DE ENCANADOR OU BOMBEIRO HIDRÁULICO COM ENCARGOS COMPLEMENTARES","SEDI - SERVIÇOS DIVERSOS",null,"H",8.4400000000000003E-2,21.35,1.8]
["Composição Auxiliar"," 88267 ","SINAPI","ENCANADOR OU BOMBEIRO HIDRÁULICO COM ENCARGOS COMPLEMENTARES","SEDI - SERVIÇOS DIVERSOS",null,"H",8.4400000000000003E-2,25.5,2.15]
["Insumo"," 00038383 ","SINAPI","LIXA D'AGUA EM FOLHA, COR PRETA, GRAO 100","Material",null,"UN",2.81E-2,2.17,0.06]
["Insumo"," 00000065 ","SINAPI","ADAPTADOR PVC SOLDAVEL CURTO COM BOLSA E ROSCA, 25 MM X 3/4\", PARA AGUA FRIA","Material",null,"UN",1,0.82,0.82]
["Insumo"," 00020083 ","SINAPI","SOLUCAO PREPARADORA / LIMPADORA PARA PVC, FRASCO COM 1000 CM3","Material",null,"UN",7.0000000000000001E-3,78.45,0.54]
["Insumo"," 00000122 ","SINAPI","ADESIVO PLASTICO PARA PVC, FRASCO COM *850* GR","Material",null,"UN",5.8999999999999999E-3,69.25,0.4]
[{"$nulls":4},"MO sem LS =>",3.29,"LS =>",0,"MO com LS =>",3.29]
[{"$nulls":4},"Valor do BDI =>",1.51,null,"Valor com BDI =>",null,7.28]
[{"$nulls":6},"Quant. =>","31,00","Preço Total =>",225.68]
[]
[" 13.9 ","Código","Banco","Descrição","Tipo",null,"Und","Quant.","Valor Unit","Total"]
["Composição"," 89596 ","SINAPI","ADAPTADOR CURTO COM BOLSA E ROSCA PARA REGISTRO, PVC, SOLDÁVEL, DN 50MM X 1.1/2, INSTALADO EM PRUMADA DE ÁGUA - FORNECIMENTO E INSTALAÇÃO. AF_06/2022","INHI - INSTALAÇÕES HIDROS SANITÁRIAS",null,"UN",1,9.74,9.74]
["Composição Auxiliar"," 88248 ","SINAPI","AUXILIAR DE ENCANADOR OU BOMBEIRO HIDRÁULICO COM ENCARGOS COMPLEMENTARES","SEDI - SERVIÇOS DIVERSOS",null,"H",7.3499999999999996E-2,21.35,1.56]
["Composição Auxiliar"," 88267 ","SINAPI","ENCANADOR OU BOMBEIRO HIDRÁULICO COM ENCARGOS COMPLEMENTARES","SEDI - SERVIÇOS DIVERSOS",null,"H",7.3499999999999996E-2,25.5,1.87]
["Insumo"," 00000112 ","SINAPI","ADAPTADOR PVC SOLDAVEL CURTO COM BOLSA E ROSCA, 50 MM X1 1/2\", PARA AGUA FRIA","Material",null,"UN",1,4.0999999999999996,4.0999999999999996]
["Insumo"," 00000122 ","SINAPI","ADESIVO PLASTICO PARA PVC, FRASCO COM *850* GR","Material",null,"UN",1.29E-2,69.25,0.89]
["Insumo"," 00038383 ","SINAPI","LIXA D'AGUA EM FOLHA, COR PRETA, GRAO 100","Material",null,"UN",1.61E-2,2.17,0.03]
["Insumo"," 00020083 ","SINAPI","SOLUCAO PREPARADORA / LIMPADORA PARA PVC, FRASCO COM 1000 CM3","Material",null,"UN",1.6500000000000001E-2,78.45,1.29]
[{"$nulls":4},"MO sem LS =>",2.86,"LS =>",0,"MO com LS =>",2.86]
[{"$nulls":4},"Valor do BDI =>",2.5499999999999998,null,"Valor com BDI =>",null,12.29]
[{"$nulls":6},"Quant. =>","14,00","Preço Total =>",172.06]
[]
[" 13.10 ","Código","Banco","Descrição","Tipo",null,"Und","Quant.","Valor Unit","Total"]
["Composição"," 89595 ","SINAPI","ADAPTADOR CURTO COM BOLSA E ROSCA PARA REGISTRO, PVC, SOLDÁVEL, DN 50MM X 1.1/4, INSTALADO EM PRUMADA DE ÁGUA - FORNECIMENTO E INSTALAÇÃO. AF_06/2022","INHI - INSTALAÇÕES HIDROS SANITÁRIAS",null,"UN",1,13.28,13.28]
["Composição Auxiliar"," 88267 ","SINAPI","ENCANADOR OU BOMBEIRO HIDRÁULICO COM ENCARGOS COMPLEMENTARES","SEDI - SERVIÇOS DIVERSOS",null,"H",7.1199999999999999E-2,25.5,1.81]
["Composição Auxiliar"," 88248 ","SINAPI","AUXILIAR DE ENCANADOR OU BOMBEIRO HIDRÁULICO COM ENCARGOS COMPLEMENTARES","SEDI - SERVIÇOS DIVERSOS",null,"H",7.1199999999999999E-2,21.35,1.52]
["Insumo"," 00020083 ","SINAPI","SOLUCAO PREPARADORA / LIMPADORA PARA PVC, FRASCO COM 1000 CM3","Material",null,"UN",1.6500000000000001E-2,78.45,1.29]
["Insumo"," 00038383 ","SINAPI","LIXA D'AGUA EM FOLHA, COR PRETA, GRAO 100","Material",null,"UN",1.61E-2,2.17,0.03]
["Insumo"," 00000111 ","SINAPI","ADAPTADOR PVC SOLDAVEL CURTO COM BOLSA E ROSCA, 50 MM X 1 1/4\", PARA AGUA FRIA","Material",null,"UN",1,7.74,7.74]
["Insumo"," 00000122 ","SINAPI","ADESIVO PLASTICO PARA PVC, FRASCO COM *850* GR","Material",null,"UN",1.29E-2,69.25,0.89]
[{"$nulls":4},"MO sem LS =>",2.77,"LS =>",0,"MO com LS =>",2.77]
[{"$nulls":4},"Valor do BDI =>",3.48,null,"Valor com BDI =>",null,16.760000000000002]
[{"$nulls":6},"Quant. =>","7,00","Preço Total =>",117.32]
[]
[" 13.11 ","Código","Banco","Descrição","Tipo",null,"Und","Quant.","Valor Unit","Total"]
["Composição"," 89613 ","SINAPI","ADAPTADOR CURTO COM BOLSA E ROSCA PARA REGISTRO, PVC, SOLDÁVEL, DN 75MM X 2.1/2\", INSTALADO EM PRUMADA DE ÁGUA - FORNECIMENTO E INSTALAÇÃO. AF_12/2014","INHI - INSTALAÇÕES HIDROS SANITÁRIAS",null,"UN",1,27.88,27.88]
["Composição Auxiliar"," 88248 ","SINAPI","AUXILIAR DE ENCANADOR OU BOMBEIRO HIDRÁULICO COM ENCARGOS COMPLEMENTARES","SEDI - SERVIÇOS DIVERSOS",null,"H",0.11119999999999999,21.35,2.37]
["Composição Auxiliar"," 88267 ","SINAPI","ENCANADOR OU BOMBEIRO HIDRÁULICO COM ENCARGOS COMPLEMENTARES","SEDI - SERVIÇOS DIVERSOS",null,"H",0.11119999999999999,25.5,2.83]
["Insumo"," 00038383 ","SINAPI","LIXA D'AGUA EM FOLHA, COR PRETA, GRAO 100","Material",null,"UN",2.4899999999999999E-2,2.17,0.05]
["Insumo"," 00000122 ","SINAPI","ADESIVO PLASTICO PARA PVC, FRASCO COM *850* GR","Material",null,"UN",2.35E-2,69.25,1.62]
["Insumo"," 00020083 ","SINAPI","SOLUCAO PREPARADORA / LIMPADORA PARA PVC, FRASCO COM 1000 CM3","Material",null,"UN",0.04,78.45,3.13]
["Insumo"," 00000104 ","SINAPI","ADAPTADOR PVC SOLDAVEL CURTO COM BOLSA E ROSCA, 75 MM X 2 1/2\", PARA AGUA FRIA","Material",null,"UN",1,17.88,17.88]
[{"$nulls":4},"MO sem LS =>",4.33,"LS =>",0,"MO com LS =>",4.33]
[{"$nulls":4},"Valor do BDI =>",7.31,null,"Valor com BDI =>",null,35.19]
[{"$nulls":6},"Quant. =>","2,00","Preço Total =>",70.38]
[]
[" 13.12 ","Código","Banco","Descrição","Tipo",null,"Und","Quant.","Valor Unit","Total"]
["Composição"," 103959 ","SINAPI","BUCHA DE REDUÇÃO, CURTA, PVC, SOLDÁVEL, DN 60 X 50 MM, INSTALADO EM PRUMADA DE ÁGUA - FORNECIMENTO E INSTALAÇÃO. AF_06/2022","INHI - INSTALAÇÕES HIDROS SANITÁRIAS",null,"UN",1,13.96,13.96]
["Composição Auxiliar"," 88267 ","SINAPI","ENCANADOR OU BOMBEIRO HIDRÁULICO COM ENCARGOS COMPLEMENTARES","SEDI - SERVIÇOS DIVERSOS",null,"H",9.2399999999999996E-2,25.5,2.35]
["Composição Auxiliar"," 88248 ","SINAPI","AUXILIAR DE ENCANADOR OU BOMBEIRO HIDRÁULICO COM ENCARGOS COMPLEMENTARES","SEDI - SERVIÇOS DIVERSOS",null,"H",9.2399999999999996E-2,21.35,1.97]
["Insumo"," 00020083 ","SINAPI","SOLUCAO PREPARADORA / LIMPADORA PARA PVC, FRASCO COM 1000 CM3","Material",null,"UN",2.5999999999999999E-2,78.45,2.0299999999999998]
["Insumo"," 00000818 ","SINAPI","BUCHA DE REDUCAO DE PVC, SOLDAVEL, CURTA, COM 60 X 50 MM, PARA AGUA FRIA PREDIAL","Material",null,"UN",1,6.27,6.27]
["Insumo"," 00038383 ","SINAPI","LIXA D'AGUA EM FOLHA, COR PRETA, GRAO 100","Material",null,"UN",2.06E-2,2.17,0.04]
["Insumo"," 00000122 ","SINAPI","ADESIVO PLASTICO PARA PVC, FRASCO COM *850* GR","Material",null,"UN",1.8800000000000001E-2,69.25,1.3]
[{"$nulls":4},"MO sem LS =>",3.6,"LS =>",0,"MO com LS =>",3.6]
[{"$nulls":4},"Valor do BDI =>",3.66,null,"Valor com BDI =>",null,17.62]
[{"$nulls":6},"Quant. =>","3,00","Preço Total =>",52.86]
[]
[" 13.13 ","Código","Banco","Descrição","Tipo",null,"Und","Quant.","Valor Unit","Total"]
["Composição"," 105234 ","SINAPI","BUCHA DE REDUÇÃO PVC, SOLDÁVEL, LONGA, DN 50 X 25 MM, INSTALADO EM RESERVAÇÃO PREDIAL DE ÁGUA - FORNECIMENTO E INSTALAÇÃO. AF_04/2024"," INHI",null,"UN",1,8.98,8.98]
["Composição Auxiliar"," 88267 ","SINAPI","ENCANADOR OU BOMBEIRO HIDRÁULICO COM ENCARGOS COMPLEMENTARES","SEDI - SERVIÇOS DIVERSOS",null,"H",6.59E-2,25.5,1.68]
["Composição Auxiliar"," 88248 ","SINAPI","AUXILIAR DE ENCANADOR OU BOMBEIRO HIDRÁULICO COM ENCARGOS COMPLEMENTARES","SEDI - SERVIÇOS DIVERSOS",null,"H",6.59E-2,21.35,1.4]
["Insumo"," 00020083 ","SINAPI","SOLUCAO PREPARADORA / LIMPADORA PARA PVC, FRASCO COM 1000 CM3","Material",null,"UN",1.4999999999999999E-2,78.45,1.17]
["Insumo"," 00038383 ","SINAPI","LIXA D'AGUA EM FOLHA, COR PRETA, GRAO 100","Material",null,"UN",1.0999999999999999E-2,2.17,0.02]
["Insumo"," 00000813 ","SINAPI","BUCHA DE REDUCAO DE PVC, SOLDAVEL, LONGA, COM 50 X 25 MM, PARA AGUA FRIA PREDIAL","Material",null,"UN",1,3.9,3.9]
["Insumo"," 00000122 ","SINAPI","ADESIVO PLASTICO PARA PVC, FRASCO COM *850* GR","Material",null,"UN",1.18E-2,69.25,0.81]
[{"$nulls":4},"MO sem LS =>",2.56,"LS =>",0,"MO com LS =>",2.56]
[{"$nulls":4},"Valor do BDI =>",2.35,null,"Valor com BDI =>",null,11.33]
[{"$nulls":6},"Quant. =>","3,00","Preço Total =>",33.99]
[]
[" 13.14 ","Código","Banco","Descrição","Tipo",null,"Und","Quant.","Valor Unit","Total"]
["Composição"," 105138 ","SINAPI","BUCHA DE REDUÇÃO PVC, SOLDÁVEL, LONGA, DN 60 X 25 MM, INSTALADO EM RESERVAÇÃO PREDIAL DE ÁGUA - FORNECIMENTO E INSTALAÇÃO. AF_04/2024"," INHI",null,"UN",1,15.69,15.69]
["Composição Auxiliar"," 88267 ","SINAPI","ENCANADOR OU BOMBEIRO HIDRÁULICO COM ENCARGOS COMPLEMENTARES","SEDI - SERVIÇOS DIVERSOS",null,"H",8.2000000000000003E-2,25.5,2.09]
["Composição Auxiliar"," 88248 ","SINAPI","AUXILIAR DE ENCANADOR OU BOMBEIRO HIDRÁULICO COM ENCARGOS COMPLEMENTARES","SEDI - SERVIÇOS DIVERSOS",null,"H",8.2000000000000003E-2,21.35,1.75]
["Insumo"," 00000122 ","SINAPI","ADESIVO PLASTICO PARA PVC, FRASCO COM *850* GR","Material",null,"UN",1.4200000000000001E-2,69.25,0.98]
["Insumo"," 00038383 ","SINAPI","LIXA D'AGUA EM FOLHA, COR PRETA, GRAO 100","Material",null,"UN",1.37E-2,2.17,0.02]
["Insumo"," 00020083 ","SINAPI","SOLUCAO PREPARADORA / LIMPADORA PARA PVC, FRASCO COM 1000 CM3","Material",null,"UN",1.9E-2,78.45,1.49]
["Insumo"," 00000816 ","SINAPI","BUCHA DE REDUCAO DE PVC, SOLDAVEL, LONGA, COM 60 X 25 MM, PARA AGUA FRIA PREDIAL","Material",null,"UN",1,9.36,9.36]
[{"$nulls":4},"MO sem LS =>",3.2,"LS =>",0,"MO com LS =>",3.2]
[{"$nulls":4},"Valor do BDI =>",4.1100000000000003,null,"Valor com BDI =>",null,19.8]
[{"$nulls":6},"Quant. =>","5,00","Preço Total =>",99]
[]
[" 13.15 ","Código","Banco","Descrição","Tipo",null,"Und","Quant.","Valor Unit","Total"]
["Composição"," 105140 ","SINAPI","BUCHA DE REDUÇÃO PVC, SOLDÁVEL, LONGA, DN 60 X 50 MM, INSTALADO EM RESERVAÇÃO PREDIAL DE ÁGUA - FORNECIMENTO E INSTALAÇÃO. AF_04/2024"," INHI",null,"UN",1,23.66,23.66]
["Composição Auxiliar"," 88267 ","SINAPI","ENCANADOR OU BOMBEIRO HIDRÁULICO COM ENCARGOS COMPLEMENTARES","SEDI - SERVIÇOS DIVERSOS",null,"H",0.1095,25.5,2.79]
["Composição Auxiliar"," 88248 ","SINAPI","AUXILIAR DE ENCANADOR OU BOMBEIRO HIDRÁULICO COM ENCARGOS COMPLEMENTARES","SEDI - SERVIÇOS DIVERSOS",null,"H",0.1095,21.35,2.33]
["Insumo"," 00038383 ","SINAPI","LIXA D'AGUA EM FOLHA, COR PRETA, GRAO 100","Material",null,"UN",1.83E-2,2.17,0.03]
["Insumo"," 00000122 ","SINAPI","ADESIVO PLASTICO PARA PVC, FRASCO COM *850* GR","Material",null,"UN",1.89E-2,69.25,1.3]
["Insumo"," 00000822 ","SINAPI","BUCHA DE REDUCAO DE PVC, SOLDAVEL, LONGA, COM 60 X 50 MM, PARA AGUA FRIA PREDIAL","Material",null,"UN",1,15.18,15.18]
["Insumo"," 00020083 ","SINAPI","SOLUCAO PREPARADORA / LIMPADORA PARA PVC, FRASCO COM 1000 CM3","Material",null,"UN",2.5999999999999999E-2,78.45,2.0299999999999998]
[{"$nulls":4},"MO sem LS =>",4.26,"LS =>",0,"MO com LS =>",4.26]
[{"$nulls":4},"Valor do BDI =>",6.2,null,"Valor com BDI =>",null,29.86]
[{"$nulls":6},"Quant. =>","1,00","Preço Total =>",29.86]
[]
[" 13.16 ","Código","Banco","Descrição","Tipo",null,"Und","Quant.","Valor Unit","Total"]
["Composição"," 89485 ","SINAPI","JOELHO 45 GRAUS, PVC, SOLDÁVEL, DN 25MM, INSTALADO EM PRUMADA DE ÁGUA - FORNECIMENTO E INSTALAÇÃO. AF_06/2022","INHI - INSTALAÇÕES HIDROS SANITÁRIAS",null,"UN",1,5.81,5.81]
["Composição Auxiliar"," 88248 ","SINAPI","AUXILIAR DE ENCANADOR OU BOMBEIRO HIDRÁULICO COM ENCARGOS COMPLEMENTARES","SEDI - SERVIÇOS DIVERSOS",null,"H",7.0599999999999996E-2,21.35,1.5]
["Composição Auxiliar"," 88267 ","SINAPI","ENCANADOR OU BOMBEIRO HIDRÁULICO COM ENCARGOS COMPLEMENTARES","SEDI - SERVIÇOS DIVERSOS",null,"H",7.0599999999999996E-2,25.5,1.8]
["Insumo"," 00020083 ","SINAPI","SOLUCAO PREPARADORA / LIMPADORA PARA PVC, FRASCO COM 1000 CM3","Material",null,"UN",8.0000000000000002E-3,78.45,0.62]
["Insumo"," 00003500 ","SINAPI","JOELHO, PVC SOLDAVEL, 45 GRAUS, 25 MM, COR MARROM, PARA AGUA FRIA PREDIAL","Material",null,"UN",1,1.38,1.38]
["Insumo"," 00000122 ","SINAPI","ADESIVO PLASTICO PARA PVC, FRASCO COM *850* GR","Material",null,"UN",7.1000000000000004E-3,69.25,0.49]
["Insumo"," 00038383 ","SINAPI","LIXA D'AGUA EM FOLHA, COR PRETA, GRAO 100","Material",null,"UN",1.0800000000000001E-2,2.17,0.02]
[{"$nulls":4},"MO sem LS =>",2.75,"LS =>",0,"MO com LS =>",2.75]
[{"$nulls":4},"Valor do BDI =>",1.52,null,"Valor com BDI =>",null,7.33]
[{"$nulls":6},"Quant. =>","2,00","Preço Total =>",14.66]
[]
[" 13.17 ","Código","Banco","Descrição","Tipo",null,"Und","Quant.","Valor Unit","Total"]
["Composição"," 89515 ","SINAPI","JOELHO 45 GRAUS, PVC, SOLDÁVEL, DN 75MM, INSTALADO EM PRUMADA DE ÁGUA - FORNECIMENTO E INSTALAÇÃO. AF_06/2022","INHI - INSTALAÇÕES HIDROS SANITÁRIAS",null,"UN",1,74.39,74.39]
["Composição Auxiliar"," 88248 ","SINAPI","AUXILIAR DE ENCANADOR OU BOMBEIRO HIDRÁULICO COM ENCARGOS COMPLEMENTARES","SEDI - SERVIÇOS DIVERSOS",null,"H",0.1847,21.35,3.94]
["Composição Auxiliar"," 88267 ","SINAPI","ENCANADOR OU BOMBEIRO HIDRÁULICO COM ENCARGOS COMPLEMENTARES","SEDI - SERVIÇOS DIVERSOS",null,"H",0.1847,25.5,4.7]
["Insumo"," 00003478 ","SINAPI","JOELHO, PVC SOLDAVEL, 45 GRAUS, 75 MM, COR MARROM, PARA AGUA FRIA PREDIAL","Material",null,"UN",1,59.99,59.99]
["Insumo"," 00020083 ","SINAPI","SOLUCAO PREPARADORA / LIMPADORA PARA PVC, FRASCO COM 1000 CM3","Material",null,"UN",0.05,78.45,3.92]
["Insumo"," 00038383 ","SINAPI","LIXA D'AGUA EM FOLHA, COR PRETA, GRAO 100","Material",null,"UN",2.75E-2,2.17,0.05]
["Insumo"," 00000122 ","SINAPI","ADESIVO PLASTICO PARA PVC, FRASCO COM *850* GR","Material",null,"UN",2.5899999999999999E-2,69.25,1.79]
[{"$nulls":4},"MO sem LS =>",7.2,"LS =>",0,"MO com LS =>",7.2]
[{"$nulls":4},"Valor do BDI =>",19.510000000000002,null,"Valor com BDI =>",null,93.9]
[{"$nulls":6},"Quant. =>","1,00","Preço Total =>",93.9]
[]
[" 13.18 ","Código","Banco","Descrição","Tipo",null,"Und","Quant.","Valor Unit","Total"]
["Composição"," 89362 ","SINAPI","JOELHO 90 GRAUS, PVC, SOLDÁVEL, DN 25MM, INSTALADO EM RAMAL OU SUB-RAMAL DE ÁGUA - FORNECIMENTO E INSTALAÇÃO. AF_06/2022","INHI - INSTALAÇÕES HIDROS SANITÁRIAS",null,"UN",1,8.9600000000000009,8.9600000000000009]
["Composição Auxiliar"," 88248 ","SINAPI","AUXILIAR DE ENCANADOR OU BOMBEIRO HIDRÁULICO COM ENCARGOS COMPLEMENTARES","SEDI - SERVIÇOS DIVERSOS",null,"H",0.152,21.35,3.24]
["Composição Auxiliar"," 88267 ","SINAPI","ENCANADOR OU BOMBEIRO HIDRÁULICO COM ENCARGOS COMPLEMENTARES","SEDI - SERVIÇOS DIVERSOS",null,"H",0.152,25.5,3.87]
["Insumo"," 00000122 ","SINAPI","ADESIVO PLASTICO PARA PVC, FRASCO COM *850* GR","Material",null,"UN",7.1000000000000004E-3,69.25,0.49]
["Insumo"," 00038383 ","SINAPI","LIXA D'AGUA EM FOLHA, COR PRETA, GRAO 100","Material",null,"UN",3.3799999999999997E-2,2.17,7.0000000000000007E-2]
["Insumo"," 00020083 ","SINAPI","SOLUCAO PREPARADORA / LIMPADORA PARA PVC, FRASCO COM 1000 CM3","Material",null,"UN",8.0000000000000002E-3,78.45,0.62]
["Insumo"," 00003529 ","SINAPI","JOELHO PVC, SOLDAVEL, 90 GRAUS, 25 MM, COR MARROM, PARA AGUA FRIA PREDIAL","Material",null,"UN",1,0.67,0.67]
[{"$nulls":4},"MO sem LS =>",5.93,"LS =>",0,"MO com LS =>",5.93]
[{"$nulls":4},"Valor do BDI =>",2.35,null,"Valor com BDI =>",null,11.31]
[{"$nulls":6},"Quant. =>","46,00","Preço Total =>",520.26]
[]
[" 13.19 ","Código","Banco","Descrição","Tipo",null,"Und","Quant.","Valor Unit","Total"]
["Composição"," 89501 ","SINAPI","JOELHO 90 GRAUS, PVC, SOLDÁVEL, DN 50MM, INSTALADO EM PRUMADA DE ÁGUA - FORNECIMENTO E INSTALAÇÃO. AF_06/2022","INHI - INSTALAÇÕES HIDROS SANITÁRIAS",null,"UN",1,13.44,13.44]
["Composição Auxiliar"," 88248 ","SINAPI","AUXILIAR DE ENCANADOR OU BOMBEIRO HIDRÁULICO COM ENCARGOS COMPLEMENTARES","SEDI - SERVIÇOS DIVERSOS",null,"H",0.12709999999999999,21.35,2.71]
["Composição Auxiliar"," 88267 ","SINAPI","ENCANADOR OU BOMBEIRO HIDRÁULICO COM ENCARGOS COMPLEMENTARES","SEDI - SERVIÇOS DIVERSOS",null,"H",0.12709999999999999,25.5,3.24]
["Insumo"," 00038383 ","SINAPI","LIXA D'AGUA EM FOLHA, COR PRETA, GRAO 100","Material",null,"UN",1.9E-2,2.17,0.04]
["Insumo"," 00000122 ","SINAPI","ADESIVO PLASTICO PARA PVC, FRASCO COM *850* GR","Material",null,"UN",1.6500000000000001E-2,69.25,1.1399999999999999]
["Insumo"," 00003540 ","SINAPI","JOELHO PVC, SOLDAVEL, 90 GRAUS, 50 MM, COR MARROM, PARA AGUA FRIA PREDIAL","Material",null,"UN",1,4.59,4.59]
["Insumo"," 00020083 ","SINAPI","SOLUCAO PREPARADORA / LIMPADORA PARA PVC, FRASCO COM 1000 CM3","Material",null,"UN",2.1999999999999999E-2,78.45,1.72]
[{"$nulls":4},"MO sem LS =>",4.95,"LS =>",0,"MO com LS =>",4.95]
[{"$nulls":4},"Valor do BDI =>",3.52,null,"Valor com BDI =>",null,16.96]
[{"$nulls":6},"Quant. =>","7,00","Preço Total =>",118.72]
[]
[" 13.20 ","Código","Banco","Descrição","Tipo",null,"Und","Quant.","Valor Unit","Total"]
["Composição"," 89505 ","SINAPI","JOELHO 90 GRAUS, PVC, SOLDÁVEL, DN 60MM, INSTALADO EM PRUMADA DE ÁGUA - FORNECIMENTO E INSTALAÇÃO. AF_06/2022","INHI - INSTALAÇÕES HIDROS SANITÁRIAS",null,"UN",1,37.520000000000003,37.520000000000003]
["Composição Auxiliar"," 88248 ","SINAPI","AUXILIAR DE ENCANADOR OU BOMBEIRO HIDRÁULICO COM ENCARGOS COMPLEMENTARES","SEDI - SERVIÇOS DIVERSOS",null,"H",0.15060000000000001,21.35,3.21]
["Composição Auxiliar"," 88267 ","SINAPI","ENCANADOR OU BOMBEIRO HIDRÁULICO COM ENCARGOS COMPLEMENTARES","SEDI - SERVIÇOS DIVERSOS",null,"H",0.15060000000000001,25.5,3.84]
["Insumo"," 00003539 ","SINAPI","JOELHO PVC, SOLDAVEL, 90 GRAUS, 60 MM, COR MARROM, PARA AGUA FRIA PREDIAL","Material",null,"UN",1,26.62,26.62]
["Insumo"," 00000122 ","SINAPI","ADESIVO PLASTICO PARA PVC, FRASCO COM *850* GR","Material",null,"UN",2.12E-2,69.25,1.46]
["Insumo"," 00038383 ","SINAPI","LIXA D'AGUA EM FOLHA, COR PRETA, GRAO 100","Material",null,"UN",2.2200000000000001E-2,2.17,0.04]
["Insumo"," 00020083 ","SINAPI","SOLUCAO PREPARADORA / LIMPADORA PARA PVC, FRASCO COM 1000 CM3","Material",null,"UN",0.03,78.45,2.35]
[{"$nulls":4},"MO sem LS =>",5.87,"LS =>",0,"MO com LS =>",5.87]
[{"$nulls":4},"Valor do BDI =>",9.84,null,"Valor com BDI =>",null,47.36]
[{"$nulls":6},"Quant. =>","4,00","Preço Total =>",189.44]
[]
[" 13.21 ","Código","Banco","Descrição","Tipo",null,"Und","Quant.","Valor Unit","Total"]
["Composição"," 89530 ","SINAPI","LUVA DE CORRER, PVC, SOLDÁVEL, DN 25MM, INSTALADO EM PRUMADA DE ÁGUA - FORNECIMENTO E INSTALAÇÃO. AF_06/2022","INHI - INSTALAÇÕES HIDROS SANITÁRIAS",null,"UN",1,14.68,14.68]
["Composição Auxiliar"," 88267 ","SINAPI","ENCANADOR OU BOMBEIRO HIDRÁULICO COM ENCARGOS COMPLEMENTARES","SEDI - SERVIÇOS DIVERSOS",null,"H",4.7100000000000003E-2,25.5,1.2]
["Composição Auxiliar"," 88248 ","SINAPI","AUXILIAR DE ENCANADOR OU BOMBEIRO HIDRÁULICO COM ENCARGOS COMPLEMENTARES","SEDI - SERVIÇOS DIVERSOS",null,"H",4.7100000000000003E-2,21.35,1]
["Insumo"," 00003873 ","SINAPI","LUVA DE CORRER PARA TUBO SOLDAVEL, PVC, 25 MM, PARA AGUA FRIA PREDIAL","Material",null,"UN",1,11.35,11.35]
["Insumo"," 00038383 ","SINAPI","LIXA D'AGUA EM FOLHA, COR PRETA, GRAO 100","Material",null,"UN",1.0800000000000001E-2,2.17,0.02]
["Insumo"," 00020083 ","SINAPI","SOLUCAO PREPARADORA / LIMPADORA PARA PVC, FRASCO COM 1000 CM3","Material",null,"UN",8.0000000000000002E-3,78.45,0.62]
["Insumo"," 00000122 ","SINAPI","ADESIVO PLASTICO PARA PVC, FRASCO COM *850* GR","Material",null,"UN",7.1000000000000004E-3,69.25,0.49]
[{"$nulls":4},"MO sem LS =>",1.83,"LS =>",0,"MO com LS =>",1.83]
[{"$nulls":4},"Valor do BDI =>",3.85,null,"Valor com BDI =>",null,18.53]
[{"$nulls":6},"Quant. =>","13,00","Preço Total =>",240.89]
[]
[" 13.22 ","Código","Banco","Descrição","Tipo",null,"Und","Quant.","Valor Unit","Total"]
["Composição"," 89577 ","SINAPI","LUVA DE CORRER, PVC, SOLDÁVEL, DN 50MM, INSTALADO EM PRUMADA DE ÁGUA - FORNECIMENTO E INSTALAÇÃO. AF_06/2022","INHI - INSTALAÇÕES HIDROS SANITÁRIAS",null,"UN",1,33.119999999999997,33.119999999999997]
["Composição Auxiliar"," 88248 ","SINAPI","AUXILIAR DE ENCANADOR OU BOMBEIRO HIDRÁULICO COM ENCARGOS COMPLEMENTARES","SEDI - SERVIÇOS DIVERSOS",null,"H",8.4699999999999998E-2,21.35,1.8]
["Composição Auxiliar"," 88267 ","SINAPI","ENCANADOR OU BOMBEIRO HIDRÁULICO COM ENCARGOS COMPLEMENTARES","SEDI - SERVIÇOS DIVERSOS",null,"H",8.4699999999999998E-2,25.5,2.15]
["Insumo"," 00020083 ","SINAPI","SOLUCAO PREPARADORA / LIMPADORA PARA PVC, FRASCO COM 1000 CM3","Material",null,"UN",2.1999999999999999E-2,78.45,1.72]
["Insumo"," 00003847 ","SINAPI","LUVA DE CORRER PARA TUBO SOLDAVEL, PVC, 50 MM, PARA AGUA FRIA PREDIAL","Material",null,"UN",1,26.27,26.27]
["Insumo"," 00000122 ","SINAPI","ADESIVO PLASTICO PARA PVC, FRASCO COM *850* GR","Material",null,"UN",1.6500000000000001E-2,69.25,1.1399999999999999]
["Insumo"," 00038383 ","SINAPI","LIXA D'AGUA EM FOLHA, COR PRETA, GRAO 100","Material",null,"UN",1.9E-2,2.17,0.04]
[{"$nulls":4},"MO sem LS =>",3.29,"LS =>",0,"MO com LS =>",3.29]
[{"$nulls":4},"Valor do BDI =>",8.69,null,"Valor com BDI =>",null,41.81]
[{"$nulls":6},"Quant. =>","4,00","Preço Total =>",167.24]
[]
[" 13.23 ","Código","Banco","Descrição","Tipo",null,"Und","Quant.","Valor Unit","Total"]
["Composição"," 89598 ","SINAPI","LUVA DE CORRER, PVC, SOLDÁVEL, DN 60MM, INSTALADO EM PRUMADA DE ÁGUA FORNECIMENTO E INSTALAÇÃO. AF_06/2022","INHI - INSTALAÇÕES HIDROS SANITÁRIAS",null,"UN",1,44.64,44.64]
["Composição Auxiliar"," 88267 ","SINAPI","ENCANADOR OU BOMBEIRO HIDRÁULICO COM ENCARGOS COMPLEMENTARES","SEDI - SERVIÇOS DIVERSOS",null,"H",0.1,25.5,2.5499999999999998]
["Composição Auxiliar"," 88248 ","SINAPI","AUXILIAR DE ENCANADOR OU BOMBEIRO HIDRÁULICO COM ENCARGOS COMPLEMENTARES","SEDI - SERVIÇOS DIVERSOS",null,"H",0.1,21.35,2.13]
["Insumo"," 00038383 ","SINAPI","LIXA D'AGUA EM FOLHA, COR PRETA, GRAO 100","Material",null,"UN",2.2200000000000001E-2,2.17,0.04]
["Insumo"," 00020083 ","SINAPI","SOLUCAO PREPARADORA / LIMPADORA PARA PVC, FRASCO COM 1000 CM3","Material",null,"UN",0.03,78.45,2.35]
["Insumo"," 00000122 ","SINAPI","ADESIVO PLASTICO PARA PVC, FRASCO COM *850* GR","Material",null,"UN",2.12E-2,69.25,1.46]
["Insumo"," 00038022 ","SINAPI","LUVA DE CORRER PARA TUBO SOLDAVEL, PVC, 60 MM, PARA AGUA FRIA PREDIAL","Material",null,"UN",1,36.11,36.11]
[{"$nulls":4},"MO sem LS =>",3.89,"LS =>",0,"MO com LS =>",3.89]
[{"$nulls":4},"Valor do BDI =>",11.71,null,"Valor com BDI =>",null,56.35]
[{"$nulls":6},"Quant. =>","1,00","Preço Total =>",56.35]
[]
[" 13.24 ","Código","Banco","Descrição","Tipo",null,"Und","Quant.","Valor Unit","Total"]
["Composição"," 90373 ","SINAPI","JOELHO 90 GRAUS COM BUCHA DE LATÃO, PVC, SOLDÁVEL, DN 25MM, X 1/2 INSTALADO EM RAMAL OU SUB-RAMAL DE ÁGUA - FORNECIMENTO E INSTALAÇÃO. AF_06/2022","INHI - INSTALAÇÕES HIDROS SANITÁRIAS",null,"UN",1,12.07,12.07]
["Composição Auxiliar"," 88267 ","SINAPI","ENCANADOR OU BOMBEIRO HIDRÁULICO COM ENCARGOS COMPLEMENTARES","SEDI - SERVIÇOS DIVERSOS",null,"H",0.13120000000000001,25.5,3.34]
["Composição Auxiliar"," 88248 ","SINAPI","AUXILIAR DE ENCANADOR OU BOMBEIRO HIDRÁULICO COM ENCARGOS COMPLEMENTARES","SEDI - SERVIÇOS DIVERSOS",null,"H",0.13120000000000001,21.35,2.8]
["Insumo"," 00020147 ","SINAPI","JOELHO PVC, SOLDAVEL, COM BUCHA DE LATAO, 90 GRAUS, 25 MM X 1/2\", PARA AGUA FRIA PREDIAL","Material",null,"UN",1,4.93,4.93]
["Insumo"," 00000122 ","SINAPI","ADESIVO PLASTICO PARA PVC, FRASCO COM *850* GR","Material",null,"UN",5.8999999999999999E-3,69.25,0.4]
["Insumo"," 00020083 ","SINAPI","SOLUCAO PREPARADORA / LIMPADORA PARA PVC, FRASCO COM 1000 CM3","Material",null,"UN",7.0000000000000001E-3,78.45,0.54]
["Insumo"," 00038383 ","SINAPI","LIXA D'AGUA EM FOLHA, COR PRETA, GRAO 100","Material",null,"UN",3.15E-2,2.17,0.06]
[{"$nulls":4},"MO sem LS =>",5.1100000000000003,"LS =>",0,"MO com LS =>",5.1100000000000003]
[{"$nulls":4},"Valor do BDI =>",3.16,null,"Valor com BDI =>",null,15.23]
[{"$nulls":6},"Quant. =>","1,00","Preço Total =>",15.23]
[]
[" 13.25 ","Código","Banco","Descrição","Tipo",null,"Und","Quant.","Valor Unit","Total"]
["Composição"," 90373 ","SINAPI","JOELHO 90 GRAUS COM BUCHA DE LATÃO, PVC, SOLDÁVEL, DN 25MM, X 1/2 INSTALADO EM RAMAL OU SUB-RAMAL DE ÁGUA - FORNECIMENTO E INSTALAÇÃO. AF_06/2022","INHI - INSTALAÇÕES HIDROS SANITÁRIAS",null,"UN",1,12.07,12.07]
["Composição Auxiliar"," 88267 ","SINAPI","ENCANADOR OU BOMBEIRO HIDRÁULICO COM ENCARGOS COMPLEMENTARES","SEDI - SERVIÇOS DIVERSOS",null,"H",0.13120000000000001,25.5,3.34]
["Composição Auxiliar"," 88248 ","SINAPI","AUXILIAR DE ENCANADOR OU BOMBEIRO HIDRÁULICO COM ENCARGOS COMPLEMENTARES","SEDI - SERVIÇOS DIVERSOS",null,"H",0.13120000000000001,21.35,2.8]
["Insumo"," 00020147 ","SINAPI","JOELHO PVC, SOLDAVEL, COM BUCHA DE LATAO, 90 GRAUS, 25 MM X 1/2\", PARA AGUA FRIA PREDIAL","Material",null,"UN",1,4.93,4.93]
["Insumo"," 00000122 ","SINAPI","ADESIVO PLASTICO PARA PVC, FRASCO COM *850* GR","Material",null,"UN",5.8999999999999999E-3,69.25,0.4]
["Insumo"," 00020083 ","SINAPI","SOLUCAO PREPARADORA / LIMPADORA PARA PVC, FRASCO COM 1000 CM3","Material",null,"UN",7.0000000000000001E-3,78.45,0.54]
["Insumo"," 00038383 ","SINAPI","LIXA D'AGUA EM FOLHA, COR PRETA, GRAO 100","Material",null,"UN",3.15E-2,2.17,0.06]
[{"$nulls":4},"MO sem LS =>",5.1100000000000003,"LS =>",0,"MO com LS =>",5.1100000000000003]
[{"$nulls":4},"Valor do BDI =>",3.16,null,"Valor com BDI =>",null,15.23]
[{"$nulls":6},"Quant. =>","10,00","Preço Total =>",152.30000000000001]
[]
[" 13.26 ","Código","Banco","Descrição","Tipo",null,"Und","Quant.","Valor Unit","Total"]
["Composição"," 89645 ","SINAPI","JOELHO DE TRANSIÇÃO, 90 GRAUS, CPVC, SOLDÁVEL, DN 22MM X 3/4\", INSTALADO EM RAMAL OU SUB-RAMAL DE ÁGUA - FORNECIMENTO E INSTALAÇÃO. AF_06/2022","INHI - INSTALAÇÕES HIDROS SANITÁRIAS",null,"UN",1,33.520000000000003,33.520000000000003]
["Composição Auxiliar"," 88248 ","SINAPI","AUXILIAR DE ENCANADOR OU BOMBEIRO HIDRÁULICO COM ENCARGOS COMPLEMENTARES","SEDI - SERVIÇOS DIVERSOS",null,"H",0.1353,21.35,2.88]
["Composição Auxiliar"," 88267 ","SINAPI","ENCANADOR OU BOMBEIRO HIDRÁULICO COM ENCARGOS COMPLEMENTARES","SEDI - SERVIÇOS DIVERSOS",null,"H",0.1353,25.5,3.45]
["Insumo"," 00038430 ","SINAPI","JOELHO DE TRANSICAO, CPVC, SOLDAVEL, 90 GRAUS, 22 MM X 3/4\", PARA AGUA QUENTE","Material",null,"UN",1,24.35,24.35]
["Insumo"," 00021114 ","SINAPI","ADESIVO PARA TUBOS CPVC, *75* G","Material",null,"UN",0.08,35.51,2.84]
[{"$nulls":4},"MO sem LS =>",5.27,"LS =>",0,"MO com LS =>",5.27]
[{"$nulls":4},"Valor do BDI =>",8.7899999999999991,null,"Valor com BDI =>",null,42.31]
[{"$nulls":6},"Quant. =>","7,00","Preço Total =>",296.17]
[]
[" 13.27 ","Código","Banco","Descrição","Tipo",null,"Und","Quant.","Valor Unit","Total"]
["Composição"," 89395 ","SINAPI","TE, PVC, SOLDÁVEL, DN 25MM, INSTALADO EM RAMAL OU SUB-RAMAL DE ÁGUA - FORNECIMENTO E INSTALAÇÃO. AF_06/2022","INHI - INSTALAÇÕES HIDROS SANITÁRIAS",null,"UN",1,12.37,12.37]
["Composição Auxiliar"," 88248 ","SINAPI","AUXILIAR DE ENCANADOR OU BOMBEIRO HIDRÁULICO COM ENCARGOS COMPLEMENTARES","SEDI - SERVIÇOS DIVERSOS",null,"H",0.2026,21.35,4.32]
["Composição Auxiliar"," 88267 ","SINAPI","ENCANADOR OU BOMBEIRO HIDRÁULICO COM ENCARGOS COMPLEMENTARES","SEDI - SERVIÇOS DIVERSOS",null,"H",0.2026,25.5,5.16]
["Insumo"," 00038383 ","SINAPI","LIXA D'AGUA EM FOLHA, COR PRETA, GRAO 100","Material",null,"UN",5.0700000000000002E-2,2.17,0.11]
["Insumo"," 00000122 ","SINAPI","ADESIVO PLASTICO PARA PVC, FRASCO COM *850* GR","Material",null,"UN",1.06E-2,69.25,0.73]
["Insumo"," 00007139 ","SINAPI","TE SOLDAVEL, PVC, 90 GRAUS, 25 MM, PARA AGUA FRIA PREDIAL (NBR 5648)","Material",null,"UN",1,1.1100000000000001,1.1100000000000001]
["Insumo"," 00020083 ","SINAPI","SOLUCAO PREPARADORA / LIMPADORA PARA PVC, FRASCO COM 1000 CM3","Material",null,"UN",1.2E-2,78.45,0.94]
[{"$nulls":4},"MO sem LS =>",7.9,"LS =>",0,"MO com LS =>",7.9]
[{"$nulls":4},"Valor do BDI =>",3.24,null,"Valor com BDI =>",null,15.61]
[{"$nulls":6},"Quant. =>","6,00","Preço Total =>",93.66]
[]
[" 13.28 ","Código","Banco","Descrição","Tipo",null,"Und","Quant.","Valor Unit","Total"]
["Composição"," 89625 ","SINAPI","TE, PVC, SOLDÁVEL, DN 50MM, INSTALADO EM PRUMADA DE ÁGUA - FORNECIMENTO E INSTALAÇÃO. AF_06/2022","INHI - INSTALAÇÕES HIDROS SANITÁRIAS",null,"UN",1,21.14,21.14]
["Composição Auxiliar"," 88248 ","SINAPI","AUXILIAR DE ENCANADOR OU BOMBEIRO HIDRÁULICO COM ENCARGOS COMPLEMENTARES","SEDI - SERVIÇOS DIVERSOS",null,"H",0.1694,21.35,3.61]
["Composição Auxiliar"," 88267 ","SINAPI","ENCANADOR OU BOMBEIRO HIDRÁULICO COM ENCARGOS COMPLEMENTARES","SEDI - SERVIÇOS DIVERSOS",null,"H",0.1694,25.5,4.3099999999999996]
["Insumo"," 00000122 ","SINAPI","ADESIVO PLASTICO PARA PVC, FRASCO COM *850* GR","Material",null,"UN",2.47E-2,69.25,1.71]
["Insumo"," 00038383 ","SINAPI","LIXA D'AGUA EM FOLHA, COR PRETA, GRAO 100","Material",null,"UN",2.8500000000000001E-2,2.17,0.06]
["Insumo"," 00020083 ","SINAPI","SOLUCAO PREPARADORA / LIMPADORA PARA PVC, FRASCO COM 1000 CM3","Material",null,"UN",3.3000000000000002E-2,78.45,2.58]
["Insumo"," 00007142 ","SINAPI","TE SOLDAVEL, PVC, 90 GRAUS,50 MM, PARA AGUA FRIA PREDIAL (NBR 5648)","Material",null,"UN",1,8.8699999999999992,8.8699999999999992]
[{"$nulls":4},"MO sem LS =>",6.6,"LS =>",0,"MO com LS =>",6.6]
[{"$nulls":4},"Valor do BDI =>",5.54,null,"Valor com BDI =>",null,26.68]
[{"$nulls":6},"Quant. =>","2,00","Preço Total =>",53.36]
[]
[" 13.29 ","Código","Banco","Descrição","Tipo",null,"Und","Quant.","Valor Unit","Total"]
["Composição"," 89628 ","SINAPI","TE, PVC, SOLDÁVEL, DN 60MM, INSTALADO EM PRUMADA DE ÁGUA - FORNECIMENTO E INSTALAÇÃO. AF_06/2022","INHI - INSTALAÇÕES HIDROS SANITÁRIAS",null,"UN",1,43.64,43.64]
["Composição Auxiliar"," 88248 ","SINAPI","AUXILIAR DE ENCANADOR OU BOMBEIRO HIDRÁULICO COM ENCARGOS COMPLEMENTARES","SEDI - SERVIÇOS DIVERSOS",null,"H",0.2,21.35,4.2699999999999996]
["Composição Auxiliar"," 88267 ","SINAPI","ENCANADOR OU BOMBEIRO HIDRÁULICO COM ENCARGOS COMPLEMENTARES","SEDI - SERVIÇOS DIVERSOS",null,"H",0.2,25.5,5.0999999999999996]
["Insumo"," 00000122 ","SINAPI","ADESIVO PLASTICO PARA PVC, FRASCO COM *850* GR","Material",null,"UN",3.1800000000000002E-2,69.25,2.2000000000000002]
["Insumo"," 00007143 ","SINAPI","TE SOLDAVEL, PVC, 90 GRAUS, 60 MM, PARA AGUA FRIA PREDIAL (NBR 5648)","Material",null,"UN",1,28.47,28.47]
["Insumo"," 00020083 ","SINAPI","SOLUCAO PREPARADORA / LIMPADORA PARA PVC, FRASCO COM 1000 CM3","Material",null,"UN",4.4999999999999998E-2,78.45,3.53]
["Insumo"," 00038383 ","SINAPI","LIXA D'AGUA EM FOLHA, COR PRETA, GRAO 100","Material",null,"UN",3.3300000000000003E-2,2.17,7.0000000000000007E-2]
[{"$nulls":4},"MO sem LS =>",7.79,"LS =>",0,"MO com LS =>",7.79]
[{"$nulls":4},"Valor do BDI =>",11.45,null,"Valor com BDI =>",null,55.09]
[{"$nulls":6},"Quant. =>","9,00","Preço Total =>",495.81]
[]
[" 13.30 ","Código","Banco","Descrição","Tipo",null,"Und","Quant.","Valor Unit","Total"]
["Composição"," 89629 ","SINAPI","TE, PVC, SOLDÁVEL, DN 75MM, INSTALADO EM PRUMADA DE ÁGUA - FORNECIMENTO E INSTALAÇÃO. AF_06/2022","INHI - INSTALAÇÕES HIDROS SANITÁRIAS",null,"UN",1,72.97,72.97]
["Composição Auxiliar"," 88248 ","SINAPI","AUXILIAR DE ENCANADOR OU BOMBEIRO HIDRÁULICO COM ENCARGOS COMPLEMENTARES","SEDI - SERVIÇOS DIVERSOS",null,"H",0.24590000000000001,21.35,5.24]
["Composição Auxiliar"," 88267 ","SINAPI","ENCANADOR OU BOMBEIRO HIDRÁULICO COM ENCARGOS COMPLEMENTARES","SEDI - SERVIÇOS DIVERSOS",null,"H",0.24590000000000001,25.5,6.27]
["Insumo"," 00000122 ","SINAPI","ADESIVO PLASTICO PARA PVC, FRASCO COM *850* GR","Material",null,"UN",3.8800000000000001E-2,69.25,2.68]
["Insumo"," 00020083 ","SINAPI","SOLUCAO PREPARADORA / LIMPADORA PARA PVC, FRASCO COM 1000 CM3","Material",null,"UN",7.4999999999999997E-2,78.45,5.88]
["Insumo"," 00038383 ","SINAPI","LIXA D'AGUA EM FOLHA, COR PRETA, GRAO 100","Material",null,"UN",4.1300000000000003E-2,2.17,0.08]
["Insumo"," 00007144 ","SINAPI","TE SOLDAVEL, PVC, 90 GRAUS, 75 MM, PARA AGUA FRIA PREDIAL (NBR 5648)","Material",null,"UN",1,52.82,52.82]
[{"$nulls":4},"MO sem LS =>",9.58,"LS =>",0,"MO com LS =>",9.58]
[{"$nulls":4},"Valor do BDI =>",19.14,null,"Valor com BDI =>",null,92.11]
[{"$nulls":6},"Quant. =>","2,00","Preço Total =>",184.22]
[]
[" 13.31 ","Código","Banco","Descrição","Tipo",null,"Und","Quant.","Valor Unit","Total"]
["Composição"," 89627 ","SINAPI","TÊ DE REDUÇÃO, PVC, SOLDÁVEL, DN 50MM X 25MM, INSTALADO EM PRUMADA DE ÁGUA - FORNECIMENTO E INSTALAÇÃO. AF_06/2022","INHI - INSTALAÇÕES HIDROS SANITÁRIAS",null,"UN",1,18.55,18.55]
["Composição Auxiliar"," 88248 ","SINAPI","AUXILIAR DE ENCANADOR OU BOMBEIRO HIDRÁULICO COM ENCARGOS COMPLEMENTARES","SEDI - SERVIÇOS DIVERSOS",null,"H",0.1318,21.35,2.81]
["Composição Auxiliar"," 88267 ","SINAPI","ENCANADOR OU BOMBEIRO HIDRÁULICO COM ENCARGOS COMPLEMENTARES","SEDI - SERVIÇOS DIVERSOS",null,"H",0.1318,25.5,3.36]
["Insumo"," 00020083 ","SINAPI","SOLUCAO PREPARADORA / LIMPADORA PARA PVC, FRASCO COM 1000 CM3","Material",null,"UN",2.2499999999999999E-2,78.45,1.76]
["Insumo"," 00000122 ","SINAPI","ADESIVO PLASTICO PARA PVC, FRASCO COM *850* GR","Material",null,"UN",1.7600000000000001E-2,69.25,1.21]
["Insumo"," 00007129 ","SINAPI","TE DE REDUCAO, PVC, SOLDAVEL, 90 GRAUS, 50 MM X 25 MM, PARA AGUA FRIA PREDIAL","Material",null,"UN",1,9.36,9.36]
["Insumo"," 00038383 ","SINAPI","LIXA D'AGUA EM FOLHA, COR PRETA, GRAO 100","Material",null,"UN",2.4400000000000002E-2,2.17,0.05]
[{"$nulls":4},"MO sem LS =>",5.13,"LS =>",0,"MO com LS =>",5.13]
[{"$nulls":4},"Valor do BDI =>",4.8600000000000003,null,"Valor com BDI =>",null,23.41]
[{"$nulls":6},"Quant. =>","3,00","Preço Total =>",70.23]
[]
[" 13.32 ","Código","Banco","Descrição","Tipo",null,"Und","Quant.","Valor Unit","Total"]
["Composição"," 86884 ","SINAPI","ENGATE FLEXÍVEL EM PLÁSTICO BRANCO, 1/2\" X 30CM - FORNECIMENTO E INSTALAÇÃO. AF_01/2020","INHI - INSTALAÇÕES HIDROS SANITÁRIAS",null,"UN",1,10.78,10.78]
["Composição Auxiliar"," 88316 ","SINAPI","SERVENTE COM ENCARGOS COMPLEMENTARES","SEDI - SERVIÇOS DIVERSOS",null,"H",4.8099999999999997E-2,19.850000000000001,0.95]
["Composição Auxiliar"," 88267 ","SINAPI","ENCANADOR OU BOMBEIRO HIDRÁULICO COM ENCARGOS COMPLEMENTARES","SEDI - SERVIÇOS DIVERSOS",null,"H",0.1525,25.5,3.88]
["Insumo"," 00006141 ","SINAPI","ENGATE/RABICHO FLEXIVEL PLASTICO (PVC OU ABS) BRANCO 1/2\" X 30 CM","Material",null,"UN",1,5.87,5.87]
["Insumo"," 00003146 ","SINAPI","FITA VEDA ROSCA, EM PTFE, ROLO DE 18 MM X 10 M (L X C)","Material",null,"UN",2.1000000000000001E-2,4.24,0.08]
[{"$nulls":4},"MO sem LS =>",4.0199999999999996,"LS =>",0,"MO com LS =>",4.0199999999999996]
[{"$nulls":4},"Valor do BDI =>",2.82,null,"Valor com BDI =>",null,13.6]
[{"$nulls":6},"Quant. =>","10,00","Preço Total =>",136]
[]
[" 13.33 ","Código","Banco","Descrição","Tipo",null,"Und","Quant.","Valor Unit","Total"]
["Composição"," 89630 ","SINAPI","TE DE REDUÇÃO, PVC, SOLDÁVEL, DN 75MM X 50MM, INSTALADO EM PRUMADA DE ÁGUA - FORNECIMENTO E INSTALAÇÃO. AF_06/2022","INHI - INSTALAÇÕES HIDROS SANITÁRIAS",null,"UN",1,55.4,55.4]
["Composição Auxiliar"," 88248 ","SINAPI","AUXILIAR DE ENCANADOR OU BOMBEIRO HIDRÁULICO COM ENCARGOS COMPLEMENTARES","SEDI - SERVIÇOS DIVERSOS",null,"H",0.2077,21.35,4.43]
["Composição Auxiliar"," 88267 ","SINAPI","ENCANADOR OU BOMBEIRO HIDRÁULICO COM ENCARGOS COMPLEMENTARES","SEDI - SERVIÇOS DIVERSOS",null,"H",0.2077,25.5,5.29]
["Insumo"," 00007132 ","SINAPI","TE DE REDUCAO, PVC, SOLDAVEL, 90 GRAUS, 75 MM X 50 MM, PARA AGUA FRIA PREDIAL","Material",null,"UN",1,39.17,39.17]
["Insumo"," 00000122 ","SINAPI","ADESIVO PLASTICO PARA PVC, FRASCO COM *850* GR","Material",null,"UN",3.1800000000000002E-2,69.25,2.2000000000000002]
["Insumo"," 00020083 ","SINAPI","SOLUCAO PREPARADORA / LIMPADORA PARA PVC, FRASCO COM 1000 CM3","Material",null,"UN",5.3999999999999999E-2,78.45,4.2300000000000004]
["Insumo"," 00038383 ","SINAPI","LIXA D'AGUA EM FOLHA, COR PRETA, GRAO 100","Material",null,"UN",3.6999999999999998E-2,2.17,0.08]
[{"$nulls":4},"MO sem LS =>",8.1,"LS =>",0,"MO com LS =>",8.1]
[{"$nulls":4},"Valor do BDI =>",14.53,null,"Valor com BDI =>",null,69.930000000000007]
[{"$nulls":6},"Quant. =>","1,00","Preço Total =>",69.930000000000007]
[]
[" 13.34 ","Código","Banco","Descrição","Tipo",null,"Und","Quant.","Valor Unit","Total"]
["Composição"," 90374 ","SINAPI","TÊ COM BUCHA DE LATÃO NA BOLSA CENTRAL, PVC, SOLDÁVEL, DN 25MM X 3/4, INSTALADO EM RAMAL OU SUB-RAMAL DE ÁGUA - FORNECIMENTO E INSTALAÇÃO. AF_06/2022","INHI - INSTALAÇÕES HIDROS SANITÁRIAS",null,"UN",1,20.48,20.48]
["Composição Auxiliar"," 88267 ","SINAPI","ENCANADOR OU BOMBEIRO HIDRÁULICO COM ENCARGOS COMPLEMENTARES","SEDI - SERVIÇOS DIVERSOS",null,"H",0.18870000000000001,25.5,4.8099999999999996]
["Composição Auxiliar"," 88248 ","SINAPI","AUXILIAR DE ENCANADOR OU BOMBEIRO HIDRÁULICO COM ENCARGOS COMPLEMENTARES","SEDI - SERVIÇOS DIVERSOS",null,"H",0.18870000000000001,21.35,4.0199999999999996]
["Insumo"," 00007122 ","SINAPI","TE PVC, SOLDAVEL, COM BUCHA DE LATAO NA BOLSA CENTRAL, 90 GRAUS, 25 MM X 3/4\", PARA AGUA FRIA PREDIAL","Material",null,"UN",1,10.130000000000001,10.130000000000001]
["Insumo"," 00038383 ","SINAPI","LIXA D'AGUA EM FOLHA, COR PRETA, GRAO 100","Material",null,"UN",4.8399999999999999E-2,2.17,0.1]
["Insumo"," 00020083 ","SINAPI","SOLUCAO PREPARADORA / LIMPADORA PARA PVC, FRASCO COM 1000 CM3","Material",null,"UN",1.0500000000000001E-2,78.45,0.82]
["Insumo"," 00000122 ","SINAPI","ADESIVO PLASTICO PARA PVC, FRASCO COM *850* GR","Material",null,"UN",8.8000000000000005E-3,69.25,0.6]
[{"$nulls":4},"MO sem LS =>",7.36,"LS =>",0,"MO com LS =>",7.36]
[{"$nulls":4},"Valor do BDI =>",5.37,null,"Valor com BDI =>",null,25.85]
[{"$nulls":6},"Quant. =>","3,00","Preço Total =>",77.55]
[]
[" 13.35 ","Código","Banco","Descrição","Tipo",null,"Und","Quant.","Valor Unit","Total"]
["Composição"," 90371 ","SINAPI","REGISTRO DE ESFERA, PVC, ROSCÁVEL, COM VOLANTE, 3/4\" - FORNECIMENTO E INSTALAÇÃO. AF_08/2021","INHI - INSTALAÇÕES HIDROS SANITÁRIAS",null,"UN",1,30.65,30.65]
["Composição Auxiliar"," 88248 ","SINAPI","AUXILIAR DE ENCANADOR OU BOMBEIRO HIDRÁULICO COM ENCARGOS COMPLEMENTARES","SEDI - SERVIÇOS DIVERSOS",null,"H",0.11020000000000001,21.35,2.35]
["Composição Auxiliar"," 88267 ","SINAPI","ENCANADOR OU BOMBEIRO HIDRÁULICO COM ENCARGOS COMPLEMENTARES","SEDI - SERVIÇOS DIVERSOS",null,"H",0.11020000000000001,25.5,2.81]
["Insumo"," 00003148 ","SINAPI","FITA VEDA ROSCA, EM PTFE, ROLO DE 18 MM X 50 M (L X C)","Material",null,"UN",1.06E-2,15.63,0.16]
["Insumo"," 00006032 ","SINAPI","REGISTRO DE ESFERA, PVC, COM VOLANTE, VS, ROSCAVEL, DN 3/4\", COM CORPO DIVIDIDO","Material",null,"UN",1,25.33,25.33]
[{"$nulls":4},"MO sem LS =>",4.29,"LS =>",0,"MO com LS =>",4.29]
[{"$nulls":4},"Valor do BDI =>",8.0399999999999991,null,"Valor com BDI =>",null,38.69]
[{"$nulls":6},"Quant. =>","1,00","Preço Total =>",38.69]
[]
[" 13.36 ","Código","Banco","Descrição","Tipo",null,"Und","Quant.","Valor Unit","Total"]
["Composição"," 94499 ","SINAPI","REGISTRO DE GAVETA BRUTO, LATÃO, ROSCÁVEL, 2 1/2\" - FORNECIMENTO E INSTALAÇÃO. AF_08/2021","INHI - INSTALAÇÕES HIDROS SANITÁRIAS",null,"UN",1,335.31,335.31]
["Composição Auxiliar"," 88248 ","SINAPI","AUXILIAR DE ENCANADOR OU BOMBEIRO HIDRÁULICO COM ENCARGOS COMPLEMENTARES","SEDI - SERVIÇOS DIVERSOS",null,"H",0.4546,21.35,9.6999999999999993]
["Composição Auxiliar"," 88267 ","SINAPI","ENCANADOR OU BOMBEIRO HIDRÁULICO COM ENCARGOS COMPLEMENTARES","SEDI - SERVIÇOS DIVERSOS",null,"H",0.4546,25.5,11.59]
["Insumo"," 00003148 ","SINAPI","FITA VEDA ROSCA, EM PTFE, ROLO DE 18 MM X 50 M (L X C)","Material",null,"UN",3.0200000000000001E-2,15.63,0.47]
["Insumo"," 00006011 ","SINAPI","REGISTRO GAVETA BRUTO EM LATAO FORJADO, BITOLA 2 1/2\"","Material",null,"UN",1,313.55,313.55]
[{"$nulls":4},"MO sem LS =>",17.73,"LS =>",0,"MO com LS =>",17.73]
[{"$nulls":4},"Valor do BDI =>",87.98,null,"Valor com BDI =>",null,423.29]
[{"$nulls":6},"Quant. =>","1,00","Preço Total =>",423.29]
[]
[" 13.37 ","Código","Banco","Descrição","Tipo",null,"Und","Quant.","Valor Unit","Total"]
["Composição"," 94794 ","SINAPI","REGISTRO DE GAVETA BRUTO, LATÃO, ROSCÁVEL, 1 1/2\", COM ACABAMENTO E CANOPLA CROMADOS - FORNECIMENTO E INSTALAÇÃO. AF_08/2021","INHI - INSTALAÇÕES HIDROS SANITÁRIAS",null,"UN",1,191.39,191.39]
["Composição Auxiliar"," 88248 ","SINAPI","AUXILIAR DE ENCANADOR OU BOMBEIRO HIDRÁULICO COM ENCARGOS COMPLEMENTARES","SEDI - SERVIÇOS DIVERSOS",null,"H",0.37430000000000002,21.35,7.99]
["Composição Auxiliar"," 88267 ","SINAPI","ENCANADOR OU BOMBEIRO HIDRÁULICO COM ENCARGOS COMPLEMENTARES","SEDI - SERVIÇOS DIVERSOS",null,"H",0.37430000000000002,25.5,9.5399999999999991]
["Insumo"," 00006015 ","SINAPI","REGISTRO GAVETA COM ACABAMENTO E CANOPLA CROMADOS, SIMPLES, BITOLA 1 1/2\"","Material",null,"UN",1,173.56,173.56]
["Insumo"," 00003148 ","SINAPI","FITA VEDA ROSCA, EM PTFE, ROLO DE 18 MM X 50 M (L X C)","Material",null,"UN",1.9199999999999998E-2,15.63,0.3]
[{"$nulls":4},"MO sem LS =>",14.6,"LS =>",0,"MO com LS =>",14.6]
[{"$nulls":4},"Valor do BDI =>",50.22,null,"Valor com BDI =>",null,241.61]
[{"$nulls":6},"Quant. =>","7,00","Preço Total =>",1691.27]
[]
[" 13.38 ","Código","Banco","Descrição","Tipo",null,"Und","Quant.","Valor Unit","Total"]
["Composição"," 89987 ","SINAPI","REGISTRO DE GAVETA BRUTO, LATÃO, ROSCÁVEL, 3/4\", COM ACABAMENTO E CANOPLA CROMADOS - FORNECIMENTO E INSTALAÇÃO. AF_08/2021","INHI - INSTALAÇÕES HIDROS SANITÁRIAS",null,"UN",1,108.02,108.02]
["Composição Auxiliar"," 88267 ","SINAPI","ENCANADOR OU BOMBEIRO HIDRÁULICO COM ENCARGOS COMPLEMENTARES","SEDI - SERVIÇOS DIVERSOS",null,"H",0.22120000000000001,25.5,5.64]
["Composição Auxiliar"," 88248 ","SINAPI","AUXILIAR DE ENCANADOR OU BOMBEIRO HIDRÁULICO COM ENCARGOS COMPLEMENTARES","SEDI - SERVIÇOS DIVERSOS",null,"H",0.22120000000000001,21.35,4.72]
["Insumo"," 00006005 ","SINAPI","REGISTRO GAVETA COM ACABAMENTO E CANOPLA CROMADOS, SIMPLES, BITOLA 3/4\"","Material",null,"UN",1,97.5,97.5]
["Insumo"," 00003148 ","SINAPI","FITA VEDA ROSCA, EM PTFE, ROLO DE 18 MM X 50 M (L X C)","Material",null,"UN",1.06E-2,15.63,0.16]
[{"$nulls":4},"MO sem LS =>",8.6199999999999992,"LS =>",0,"MO com LS =>",8.6199999999999992]
[{"$nulls":4},"Valor do BDI =>",28.34,null,"Valor com BDI =>",null,136.36000000000001]
[{"$nulls":6},"Quant. =>","15,00","Preço Total =>",2045.4]
[]
[" 13.39 ","Código","Banco","Descrição","Tipo",null,"Und","Quant.","Valor Unit","Total"]
["Composição"," 89985 ","SINAPI","REGISTRO DE PRESSÃO BRUTO, LATÃO, ROSCÁVEL, 3/4\", COM ACABAMENTO E CANOPLA CROMADOS - FORNECIMENTO E INSTALAÇÃO. AF_08/2021","INHI - INSTALAÇÕES HIDROS SANITÁRIAS",null,"UN",1,102.48,102.48]
["Composição Auxiliar"," 88267 ","SINAPI","ENCANADOR OU BOMBEIRO HIDRÁULICO COM ENCARGOS COMPLEMENTARES","SEDI - SERVIÇOS DIVERSOS",null,"H",0.22120000000000001,25.5,5.64]
["Composição Auxiliar"," 88248 ","SINAPI","AUXILIAR DE ENCANADOR OU BOMBEIRO HIDRÁULICO COM ENCARGOS COMPLEMENTARES","SEDI - SERVIÇOS DIVERSOS",null,"H",0.22120000000000001,21.35,4.72]
["Insumo"," 00003148 ","SINAPI","FITA VEDA ROSCA, EM PTFE, ROLO DE 18 MM X 50 M (L X C)","Material",null,"UN",1.06E-2,15.63,0.16]
["Insumo"," 00006024 ","SINAPI","REGISTRO PRESSAO COM ACABAMENTO E CANOPLA CROMADA, SIMPLES, BITOLA 3/4\"","Material",null,"UN",1,91.96,91.96]
[{"$nulls":4},"MO sem LS =>",8.6199999999999992,"LS =>",0,"MO com LS =>",8.6199999999999992]
[{"$nulls":4},"Valor do BDI =>",26.89,null,"Valor com BDI =>",null,129.37]
[{"$nulls":6},"Quant. =>","8,00","Preço Total =>",1034.96]
[]
[" 13.40 ","Código","Banco","Descrição","Tipo",null,"Und","Quant.","Valor Unit","Total"]
["Composição"," 102610 ","SINAPI","CAIXA D´ÁGUA EM POLIETILENO, 3000 LITROS - FORNECIMENTO E INSTALAÇÃO. AF_06/2021","INHI - INSTALAÇÕES HIDROS SANITÁRIAS",null,"UN",1,1920.57,1920.57]
["Composição Auxiliar"," 88248 ","SINAPI","AUXILIAR DE ENCANADOR OU BOMBEIRO HIDRÁULICO COM ENCARGOS COMPLEMENTARES","SEDI - SERVIÇOS DIVERSOS",null,"H",0.33700000000000002,21.35,7.19]
["Composição Auxiliar"," 88267 ","SINAPI","ENCANADOR OU BOMBEIRO HIDRÁULICO COM ENCARGOS COMPLEMENTARES","SEDI - SERVIÇOS DIVERSOS",null,"H",0.33700000000000002,25.5,8.59]
["Insumo"," 00043977 ","SINAPI","CAIXA D'AGUA / RESERVATORIO EM POLIETILENO, 3000 LITROS, COM TAMPA","Material",null,"UN",1,1904.79,1904.79]
[{"$nulls":4},"MO sem LS =>",13.14,"LS =>",0,"MO com LS =>",13.14]
[{"$nulls":4},"Valor do BDI =>",503.95,null,"Valor com BDI =>",null,2424.52]
[{"$nulls":6},"Quant. =>","2,00","Preço Total =>",4849.04]
[]
[" 14 ",null,null,"DRENAGEM DE ÁGUAS PLUVIAIS",{"$nulls":5},14220.89]
[" 14.1 ",null,null,"TUBULAÇÕES E CONEXÕES DE PVC",{"$nulls":5},5287.09]
[" 14.1.1 ","Código","Banco","Descrição","Tipo",null,"Und","Quant.","Valor Unit","Total"]
["Composição"," 89578 ","SINAPI","TUBO PVC, SÉRIE R, ÁGUA PLUVIAL, DN 100 MM, FORNECIDO E INSTALADO EM CONDUTORES VERTICAIS DE ÁGUAS PLUVIAIS. AF_06/2022","INHI - INSTALAÇÕES HIDROS SANITÁRIAS",null,"M",1,24.71,24.71]
["Composição Auxiliar"," 88267 ","SINAPI","ENCANADOR OU BOMBEIRO HIDRÁULICO COM ENCARGOS COMPLEMENTARES","SEDI - SERVIÇOS DIVERSOS",null,"H",7.5800000000000006E-2,25.5,1.93]
["Composição Auxiliar"," 88248 ","SINAPI","AUXILIAR DE ENCANADOR OU BOMBEIRO HIDRÁULICO COM ENCARGOS COMPLEMENTARES","SEDI - SERVIÇOS DIVERSOS",null,"H",7.5800000000000006E-2,21.35,1.61]
["Insumo"," 00038383 ","SINAPI","LIXA D'AGUA EM FOLHA, COR PRETA, GRAO 100","Material",null,"UN",4.2000000000000003E-2,2.17,0.09]
["Insumo"," 00009841 ","SINAPI","TUBO PVC, SERIE R, DN 100 MM, PARA ESGOTO OU AGUAS PLUVIAIS PREDIAL (NBR 5688)","Material",null,"M",1.0353000000000001,20.37,21.08]
[{"$nulls":4},"MO sem LS =>",2.95,"LS =>",0,"MO com LS =>",2.95]
[{"$nulls":4},"Valor do BDI =>",6.48,null,"Valor com BDI =>",null,31.19]
[{"$nulls":6},"Quant. =>","54,00","Preço Total =>",1684.26]
[]
[" 14.1.2 ","Código","Banco","Descrição","Tipo",null,"Und","Quant.","Valor Unit","Total"]
["Composição"," 89580 ","SINAPI","TUBO PVC, SÉRIE R, ÁGUA PLUVIAL, DN 150 MM, FORNECIDO E INSTALADO EM CONDUTORES VERTICAIS DE ÁGUAS PLUVIAIS. AF_06/2022","INHI - INSTALAÇÕES HIDROS SANITÁRIAS",null,"M",1,50.82,50.82]
["Composição Auxiliar"," 88267 ","SINAPI","ENCANADOR OU BOMBEIRO HIDRÁULICO COM ENCARGOS COMPLEMENTARES","SEDI - SERVIÇOS DIVERSOS",null,"H",0.13089999999999999,25.5,3.33]
["Composição Auxiliar"," 88248 ","SINAPI","AUXILIAR DE ENCANADOR OU BOMBEIRO HIDRÁULICO COM ENCARGOS COMPLEMENTARES","SEDI - SERVIÇOS DIVERSOS",null,"H",0.13089999999999999,21.35,2.79]
["Insumo"," 00009840 ","SINAPI","TUBO PVC, SERIE R, DN 150 MM, PARA ESGOTO OU AGUAS PLUVIAIS PREDIAL (NBR 5688)","Material",null,"M",1.0353000000000001,43.04,44.55]
["Insumo"," 00038383 ","SINAPI","LIXA D'AGUA EM FOLHA, COR PRETA, GRAO 100","Material",null,"UN",7.2999999999999995E-2,2.17,0.15]
[{"$nulls":4},"MO sem LS =>",5.0999999999999996,"LS =>",0,"MO com LS =>",5.0999999999999996]
[{"$nulls":4},"Valor do BDI =>",13.33,null,"Valor com BDI =>",null,64.150000000000006]
[{"$nulls":6},"Quant. =>","12,00","Preço Total =>",769.8]
[]
[" 14.1.3 ","Código","Banco","Descrição","Tipo",null,"Und","Quant.","Valor Unit","Total"]
["Composição"," 89580 ","SINAPI","TUBO PVC, SÉRIE R, ÁGUA PLUVIAL, DN 150 MM, FORNECIDO E INSTALADO EM CONDUTORES VERTICAIS DE ÁGUAS PLUVIAIS. AF_06/2022","INHI - INSTALAÇÕES HIDROS SANITÁRIAS",null,"M",1,50.82,50.82]
["Composição Auxiliar"," 88267 ","SINAPI","ENCANADOR OU BOMBEIRO HIDRÁULICO COM ENCARGOS COMPLEMENTARES","SEDI - SERVIÇOS DIVERSOS",null,"H",0.13089999999999999,25.5,3.33]
["Composição Auxiliar"," 88248 ","SINAPI","AUXILIAR DE ENCANADOR OU BOMBEIRO HIDRÁULICO COM ENCARGOS COMPLEMENTARES","SEDI - SERVIÇOS DIVERSOS",null,"H",0.13089999999999999,21.35,2.79]
["Insumo"," 00009840 ","SINAPI","TUBO PVC, SERIE R, DN 150 MM, PARA ESGOTO OU AGUAS PLUVIAIS PREDIAL (NBR 5688)","Material",null,"M",1.0353000000000001,43.04,44.55]
["Insumo"," 00038383 ","SINAPI","LIXA D'AGUA EM FOLHA, COR PRETA, GRAO 100","Material",null,"UN",7.2999999999999995E-2,2.17,0.15]
[{"$nulls":4},"MO sem LS =>",5.0999999999999996,"LS =>",0,"MO com LS =>",5.0999999999999996]
[{"$nulls":4},"Valor do BDI =>",13.33,null,"Valor com BDI =>",null,64.150000000000006]
[{"$nulls":6},"Quant. =>","15,00","Preço Total =>",962.25]
[]
[" 14.1.4 ","Código","Banco","Descrição","Tipo",null,"Und","Quant.","Valor Unit","Total"]
["Composição"," 89746 ","SINAPI","JOELHO 45 GRAUS, PVC, SERIE NORMAL, ESGOTO PREDIAL, DN 100 MM, JUNTA ELÁSTICA, FORNECIDO E INSTALADO EM RAMAL DE DESCARGA OU RAMAL DE ESGOTO SANITÁRIO. AF_08/2022","INHI - INSTALAÇÕES HIDROS SANITÁRIAS",null,"UN",1,26.34,26.34]
["Composição Auxiliar"," 88267 ","SINAPI","ENCANADOR OU BOMBEIRO HIDRÁULICO COM ENCARGOS COMPLEMENTARES","SEDI - SERVIÇOS DIVERSOS",null,"H",0.19259999999999999,25.5,4.91]
["Composição Auxiliar"," 88248 ","SINAPI","AUXILIAR DE ENCANADOR OU BOMBEIRO HIDRÁULICO COM ENCARGOS COMPLEMENTARES","SEDI - SERVIÇOS DIVERSOS",null,"H",0.19259999999999999,21.35,4.1100000000000003]
["Insumo"," 00020078 ","SINAPI","PASTA LUBRIFICANTE PARA TUBOS E CONEXOES COM JUNTA ELASTICA, EMBALAGEM DE *400* GR (USO EM PVC, ACO, POLIETILENO E OUTROS)","Material",null,"UN",0.115,28.58,3.28]
["Insumo"," 00000301 ","SINAPI","ANEL BORRACHA PARA TUBO ESGOTO PREDIAL, DN 100 MM (NBR 5688)","Material",null,"UN",2,3.7,7.4]
["Insumo"," 00003528 ","SINAPI","JOELHO PVC, SOLDAVEL, PB, 45 GRAUS, DN 100 MM, PARA ESGOTO PREDIAL","Material",null,"UN",1,6.64,6.64]
[{"$nulls":4},"MO sem LS =>",7.5,"LS =>",0,"MO com LS =>",7.5]
[{"$nulls":4},"Valor do BDI =>",6.91,null,"Valor com BDI =>",null,33.25]
[{"$nulls":6},"Quant. =>","22,00","Preço Total =>",731.5]
[]
[" 14.1.5 ","Código","Banco","Descrição","Tipo",null,"Und","Quant.","Valor Unit","Total"]
["Composição"," 89744 ","SINAPI","JOELHO 90 GRAUS, PVC, SERIE NORMAL, ESGOTO PREDIAL, DN 100 MM, JUNTA ELÁSTICA, FORNECIDO E INSTALADO EM RAMAL DE DESCARGA OU RAMAL DE ESGOTO SANITÁRIO. AF_08/2022","INHI - INSTALAÇÕES HIDROS SANITÁRIAS",null,"UN",1,25.73,25.73]
["Composição Auxiliar"," 88267 ","SINAPI","ENCANADOR OU BOMBEIRO HIDRÁULICO COM ENCARGOS COMPLEMENTARES","SEDI - SERVIÇOS DIVERSOS",null,"H",0.19259999999999999,25.5,4.91]
["Composição Auxiliar"," 88248 ","SINAPI","AUXILIAR DE ENCANADOR OU BOMBEIRO HIDRÁULICO COM ENCARGOS COMPLEMENTARES","SEDI - SERVIÇOS DIVERSOS",null,"H",0.19259999999999999,21.35,4.1100000000000003]
["Insumo"," 00003520 ","SINAPI","JOELHO PVC, SOLDAVEL, PB, 90 GRAUS, DN 100 MM, PARA ESGOTO PREDIAL","Material",null,"UN",1,6.03,6.03]
["Insumo"," 00000301 ","SINAPI","ANEL BORRACHA PARA TUBO ESGOTO PREDIAL, DN 100 MM (NBR 5688)","Material",null,"UN",2,3.7,7.4]
["Insumo"," 00020078 ","SINAPI","PASTA LUBRIFICANTE PARA TUBOS E CONEXOES COM JUNTA ELASTICA, EMBALAGEM DE *400* GR (USO EM PVC, ACO, POLIETILENO E OUTROS)","Material",null,"UN",0.115,28.58,3.28]
[{"$nulls":4},"MO sem LS =>",7.5,"LS =>",0,"MO com LS =>",7.5]
[{"$nulls":4},"Valor do BDI =>",6.75,null,"Valor com BDI =>",null,32.479999999999997]
[{"$nulls":6},"Quant. =>","30,00","Preço Total =>",974.4]
[]
[" 14.1.6 ","Código","Banco","Descrição","Tipo",null,"Und","Quant.","Valor Unit","Total"]
["Composição"," 89567 ","SINAPI","JUNÇÃO SIMPLES, PVC, SERIE R, ÁGUA PLUVIAL, DN 100 X 100 MM, JUNTA ELÁSTICA, FORNECIDO E INSTALADO EM RAMAL DE ENCAMINHAMENTO. AF_06/2022","INHI - INSTALAÇÕES HIDROS SANITÁRIAS",null,"UN",1,65.31,65.31]
["Composição Auxiliar"," 88267 ","SINAPI","ENCANADOR OU BOMBEIRO HIDRÁULICO COM ENCARGOS COMPLEMENTARES","SEDI - SERVIÇOS DIVERSOS",null,"H",0.17169999999999999,25.5,4.37]
["Composição Auxiliar"," 88248 ","SINAPI","AUXILIAR DE ENCANADOR OU BOMBEIRO HIDRÁULICO COM ENCARGOS COMPLEMENTARES","SEDI - SERVIÇOS DIVERSOS",null,"H",0.17169999999999999,21.35,3.66]
["Insumo"," 00020078 ","SINAPI","PASTA LUBRIFICANTE PARA TUBOS E CONEXOES COM JUNTA ELASTICA, EMBALAGEM DE *400* GR (USO EM PVC, ACO, POLIETILENO E OUTROS)","Material",null,"UN",0.17249999999999999,28.58,4.93]
["Insumo"," 00000299 ","SINAPI","ANEL BORRACHA, DN 100 MM, PARA TUBO SERIE REFORCADA ESGOTO PREDIAL","Material",null,"UN",3,4.34,13.02]
["Insumo"," 00020144 ","SINAPI","JUNCAO SIMPLES, PVC SERIE R, DN 100 X 100 MM, PARA ESGOTO PREDIAL","Material",null,"UN",1,39.33,39.33]
[{"$nulls":4},"MO sem LS =>",6.69,"LS =>",0,"MO com LS =>",6.69]
[{"$nulls":4},"Valor do BDI =>",17.13,null,"Valor com BDI =>",null,82.44]
[{"$nulls":6},"Quant. =>","2,00","Preço Total =>",164.88]
[]
[" 14.2 ",null,null,"ACESSÓRIOS",{"$nulls":5},8933.7999999999993]
[" 14.2.1 ","Código","Banco","Descrição","Tipo",null,"Und","Quant.","Valor Unit","Total"]
["Composição"," 97907 ","SINAPI","CAIXA ENTERRADA HIDRÁULICA RETANGULAR, EM ALVENARIA COM BLOCOS DE CONCRETO, DIMENSÕES INTERNAS: 0,8X0,8X0,6 M PARA REDE DE ESGOTO. AF_12/2020","INHI - INSTALAÇÕES HIDROS SANITÁRIAS",null,"UN",1,707.69,707.69]
["Composição Auxiliar"," 88309 ","SINAPI","PEDREIRO COM ENCARGOS COMPLEMENTARES","SEDI - SERVIÇOS DIVERSOS",null,"H",4.8665000000000003,26.21,127.55]
["Composição Auxiliar"," 88316 ","SINAPI","SERVENTE COM ENCARGOS COMPLEMENTARES","SEDI - SERVIÇOS DIVERSOS",null,"H",3.8237000000000001,19.850000000000001,75.900000000000006]
["Composição Auxiliar"," 5679 ","SINAPI","RETROESCAVADEIRA SOBRE RODAS COM CARREGADEIRA, TRAÇÃO 4X4, POTÊNCIA LÍQ. 88 HP, CAÇAMBA CARREG. CAP. MÍN. 1 M3, CAÇAMBA RETRO CAP. 0,26 M3, PESO OPERACIONAL MÍN. 6.674 KG, PROFUNDIDADE ESCAVAÇÃO MÁX. 4,37 M - CHI DIURNO. AF_06/2014","CHOR - CUSTOS HORÁRIOS DE MÁQUINAS E EQUIPAMENTOS",null,"CHI",2.76E-2,58.88,1.62]
["Composição Auxiliar"," 5678 ","SINAPI","RETROESCAVADEIRA SOBRE RODAS COM CARREGADEIRA, TRAÇÃO 4X4, POTÊNCIA LÍQ. 88 HP, CAÇAMBA CARREG. CAP. MÍN. 1 M3, CAÇAMBA RETRO CAP. 0,26 M3, PESO OPERACIONAL MÍN. 6.674 KG, PROFUNDIDADE ESCAVAÇÃO MÁX. 4,37 M - CHP DIURNO. AF_06/2014","CHOR - CUSTOS HORÁRIOS DE MÁQUINAS E EQUIPAMENTOS",null,"CHP",1.3599999999999999E-2,146.71,1.99]
["Composição Auxiliar"," 87316 ","SINAPI","ARGAMASSA TRAÇO 1:4 (EM VOLUME DE CIMENTO E AREIA GROSSA ÚMIDA) PARA CHAPISCO CONVENCIONAL, PREPARO MECÂNICO COM BETONEIRA 400 L. AF_08/2019","SEDI - SERVIÇOS DIVERSOS",null,"m³",1.9599999999999999E-2,630.34,12.35]
["Composição Auxiliar"," 100475 ","SINAPI","ARGAMASSA TRAÇO 1:3 (EM VOLUME DE CIMENTO E AREIA MÉDIA ÚMIDA) COM ADIÇÃO DE IMPERMEABILIZANTE, PREPARO MECÂNICO COM BETONEIRA 400 L. AF_08/2019","SEDI - SERVIÇOS DIVERSOS",null,"m³",0.10390000000000001,967.72,100.54]
["Composição Auxiliar"," 101616 ","SINAPI","PREPARO DE FUNDO DE VALA COM LARGURA MENOR QUE 1,5 M (ACERTO DO SOLO NATURAL). AF_08/2020","MOVT - MOVIMENTO DE TERRA",null,"m²",1.21,5.97,7.22]
["Composição Auxiliar"," 97735 ","SINAPI","PEÇA RETANGULAR PRÉ-MOLDADA, VOLUME DE CONCRETO DE 30 A 100 LITROS, TAXA DE AÇO APROXIMADA DE 30KG/M³. AF_03/2024","FUES - FUNDAÇÕES E ESTRUTURAS",null,"m³",7.0000000000000007E-2,2742.71,191.98]
["Composição Auxiliar"," 94970 ","SINAPI","CONCRETO FCK = 20MPA, TRAÇO 1:2,7:3 (EM MASSA SECA DE CIMENTO/ AREIA MÉDIA/ BRITA 1) - PREPARO MECÂNICO COM BETONEIRA 600 L. AF_05/2021","FUES - FUNDAÇÕES E ESTRUTURAS",null,"m³",0.1163,738.69,85.9]
["Insumo"," 00005069 ","SINAPI","PREGO DE ACO POLIDO COM CABECA 17 X 27 (2 1/2 X 11)","Material",null,"KG",1.5599999999999999E-2,16.43,0.25]
["Insumo"," 00004491 ","SINAPI","PONTALETE *7,5 X 7,5* CM EM PINUS, MISTA OU EQUIVALENTE DA REGIAO - BRUTA","Material",null,"M",0.14799999999999999,9.42,1.39]
["Insumo"," 00004517 ","SINAPI","SARRAFO *2,5 X 7,5* CM EM PINUS, MISTA OU EQUIVALENTE DA REGIAO - BRUTA","Material",null,"M",0.17599999999999999,3.3,0.57999999999999996]
["Insumo"," 00006193 ","SINAPI","TABUA NAO APARELHADA *2,5 X 20* CM, EM MACARANDUBA/MASSARANDUBA, ANGELIM OU EQUIVALENTE DA REGIAO - BRUTA","Material",null,"M",0.55200000000000005,13.83,7.63]
["Insumo"," 00000650 ","SINAPI","BLOCO DE VEDACAO DE CONCRETO, 9 X 19 X 39 CM (CLASSE C - NBR 6136)","Material",null,"UN",26.494499999999999,3.5,92.73]
["Insumo"," 00002692 ","SINAPI","DESMOLDANTE PROTETOR PARA FORMAS DE MADEIRA, DE BASE OLEOSA EMULSIONADA EM AGUA","Material",null,"L",6.7999999999999996E-3,9.3000000000000007,0.06]
[{"$nulls":4},"MO sem LS =>",263.95999999999998,"LS =>",0,"MO com LS =>",263.95999999999998]
[{"$nulls":4},"Valor do BDI =>",185.69,null,"Valor com BDI =>",null,893.38]
[{"$nulls":6},"Quant. =>","10,00","Preço Total =>",8933.7999999999993]
[]
[" 15 ",null,null,"INSTALAÇÃO SANITÁRIA",{"$nulls":5},5576.11]
[" 15.1 ","Código","Banco","Descrição","Tipo",null,"Und","Quant.","Valor Unit","Total"]
["Composição"," 89714 ","SINAPI","TUBO PVC, SERIE NORMAL, ESGOTO PREDIAL, DN 100 MM, FORNECIDO E INSTALADO EM RAMAL DE DESCARGA OU RAMAL DE ESGOTO SANITÁRIO. AF_08/2022","INHI - INSTALAÇÕES HIDROS SANITÁRIAS",null,"M",1,32.270000000000003,32.270000000000003]
["Composição Auxiliar"," 88267 ","SINAPI","ENCANADOR OU BOMBEIRO HIDRÁULICO COM ENCARGOS COMPLEMENTARES","SEDI - SERVIÇOS DIVERSOS",null,"H",0.44440000000000002,25.5,11.33]
["Composição Auxiliar"," 88248 ","SINAPI","AUXILIAR DE ENCANADOR OU BOMBEIRO HIDRÁULICO COM ENCARGOS COMPLEMENTARES","SEDI - SERVIÇOS DIVERSOS",null,"H",0.44440000000000002,21.35,9.48]
["Insumo"," 00009836 ","SINAPI","TUBO PVC SERIE NORMAL, DN 100 MM, PARA ESGOTO PREDIAL (NBR 5688)","Material",null,"M",1.0548999999999999,10.82,11.41]
["Insumo"," 00038383 ","SINAPI","LIXA D'AGUA EM FOLHA, COR PRETA, GRAO 100","Material",null,"UN",2.47E-2,2.17,0.05]
[{"$nulls":4},"MO sem LS =>",17.34,"LS =>",0,"MO com LS =>",17.34]
[{"$nulls":4},"Valor do BDI =>",8.4600000000000009,null,"Valor com BDI =>",null,40.729999999999997]
[{"$nulls":6},"Quant. =>","25,09","Preço Total =>",1021.91]
[]
[" 15.2 ","Código","Banco","Descrição","Tipo",null,"Und","Quant.","Valor Unit","Total"]
["Composição"," 89711 ","SINAPI","TUBO PVC, SERIE NORMAL, ESGOTO PREDIAL, DN 40 MM, FORNECIDO E INSTALADO EM RAMAL DE DESCARGA OU RAMAL DE ESGOTO SANITÁRIO. AF_08/2022","INHI - INSTALAÇÕES HIDROS SANITÁRIAS",null,"M",1,18.72,18.72]
["Composição Auxiliar"," 88248 ","SINAPI","AUXILIAR DE ENCANADOR OU BOMBEIRO HIDRÁULICO COM ENCARGOS COMPLEMENTARES","SEDI - SERVIÇOS DIVERSOS",null,"H",0.29299999999999998,21.35,6.25]
["Composição Auxiliar"," 88267 ","SINAPI","ENCANADOR OU BOMBEIRO HIDRÁULICO COM ENCARGOS COMPLEMENTARES","SEDI - SERVIÇOS DIVERSOS",null,"H",0.29299999999999998,25.5,7.47]
["Insumo"," 00038383 ","SINAPI","LIXA D'AGUA EM FOLHA, COR PRETA, GRAO 100","Material",null,"UN",1.6299999999999999E-2,2.17,0.03]
["Insumo"," 00009835 ","SINAPI","TUBO PVC SERIE NORMAL, DN 40 MM, PARA ESGOTO PREDIAL (NBR 5688)","Material",null,"M",1.0548999999999999,4.72,4.97]
[{"$nulls":4},"MO sem LS =>",11.42,"LS =>",0,"MO com LS =>",11.42]
[{"$nulls":4},"Valor do BDI =>",4.91,null,"Valor com BDI =>",null,23.63]
[{"$nulls":6},"Quant. =>","29,96","Preço Total =>",707.95]
[]
[" 15.3 ","Código","Banco","Descrição","Tipo",null,"Und","Quant.","Valor Unit","Total"]
["Composição"," 89712 ","SINAPI","TUBO PVC, SERIE NORMAL, ESGOTO PREDIAL, DN 50 MM, FORNECIDO E INSTALADO EM RAMAL DE DESCARGA OU RAMAL DE ESGOTO SANITÁRIO. AF_08/2022","INHI - INSTALAÇÕES HIDROS SANITÁRIAS",null,"M",1,23.15,23.15]
["Composição Auxiliar"," 88248 ","SINAPI","AUXILIAR DE ENCANADOR OU BOMBEIRO HIDRÁULICO COM ENCARGOS COMPLEMENTARES","SEDI - SERVIÇOS DIVERSOS",null,"H",0.31819999999999998,21.35,6.79]
["Composição Auxiliar"," 88267 ","SINAPI","ENCANADOR OU BOMBEIRO HIDRÁULICO COM ENCARGOS COMPLEMENTARES","SEDI - SERVIÇOS DIVERSOS",null,"H",0.31819999999999998,25.5,8.11]
["Insumo"," 00009838 ","SINAPI","TUBO PVC SERIE NORMAL, DN 50 MM, PARA ESGOTO PREDIAL (NBR 5688)","Material",null,"M",1.0548999999999999,7.8,8.2200000000000006]
["Insumo"," 00038383 ","SINAPI","LIXA D'AGUA EM FOLHA, COR PRETA, GRAO 100","Material",null,"UN",1.77E-2,2.17,0.03]
[{"$nulls":4},"MO sem LS =>",12.4,"LS =>",0,"MO com LS =>",12.4]
[{"$nulls":4},"Valor do BDI =>",6.07,null,"Valor com BDI =>",null,29.22]
[{"$nulls":6},"Quant. =>","25,00","Preço Total =>",730.5]
[]
[" 15.4 ","Código","Banco","Descrição","Tipo",null,"Und","Quant.","Valor Unit","Total"]
["Composição"," 89511 ","SINAPI","TUBO PVC, SÉRIE R, ÁGUA PLUVIAL, DN 75 MM, FORNECIDO E INSTALADO EM RAMAL DE ENCAMINHAMENTO. AF_06/2022","INHI - INSTALAÇÕES HIDROS SANITÁRIAS",null,"M",1,31.25,31.25]
["Composição Auxiliar"," 88248 ","SINAPI","AUXILIAR DE ENCANADOR OU BOMBEIRO HIDRÁULICO COM ENCARGOS COMPLEMENTARES","SEDI - SERVIÇOS DIVERSOS",null,"H",0.29389999999999999,21.35,6.27]
["Composição Auxiliar"," 88267 ","SINAPI","ENCANADOR OU BOMBEIRO HIDRÁULICO COM ENCARGOS COMPLEMENTARES","SEDI - SERVIÇOS DIVERSOS",null,"H",0.29389999999999999,25.5,7.49]
["Insumo"," 00009839 ","SINAPI","TUBO PVC, SERIE R, DN 75 MM, PARA ESGOTO OU AGUAS PLUVIAIS PREDIAL (NBR 5688)","Material",null,"M",1.0353000000000001,16.87,17.46]
["Insumo"," 00038383 ","SINAPI","LIXA D'AGUA EM FOLHA, COR PRETA, GRAO 100","Material",null,"UN",1.6299999999999999E-2,2.17,0.03]
[{"$nulls":4},"MO sem LS =>",11.46,"LS =>",0,"MO com LS =>",11.46]
[{"$nulls":4},"Valor do BDI =>",8.1999999999999993,null,"Valor com BDI =>",null,39.450000000000003]
[{"$nulls":6},"Quant. =>","3,66","Preço Total =>",144.38]
[]
[" 15.5 ","Código","Banco","Descrição","Tipo",null,"Und","Quant.","Valor Unit","Total"]
["Composição"," 104341 ","SINAPI","BUCHA DE REDUÇÃO LONGA, PVC, SÉRIE NORMAL, ESGOTO PREDIAL, DN 50 X 40 MM, JUNTA SOLDÁVEL E ELÁSTICA, FORNECIDO E INSTALADO EM RAMAL DE DESCARGA OU RAMAL DE ESGOTO SANITÁRIO. AF_08/2022","INHI - INSTALAÇÕES HIDROS SANITÁRIAS",null,"UN",1,10.09,10.09]
["Composição Auxiliar"," 88248 ","SINAPI","AUXILIAR DE ENCANADOR OU BOMBEIRO HIDRÁULICO COM ENCARGOS COMPLEMENTARES","SEDI - SERVIÇOS DIVERSOS",null,"H",8.8249999999999995E-2,21.35,1.88]
["Composição Auxiliar"," 88267 ","SINAPI","ENCANADOR OU BOMBEIRO HIDRÁULICO COM ENCARGOS COMPLEMENTARES","SEDI - SERVIÇOS DIVERSOS",null,"H",8.8249999999999995E-2,25.5,2.25]
["Insumo"," 00020086 ","SINAPI","BUCHA DE REDUCAO DE PVC, SOLDAVEL, LONGA, 50 X 40 MM, PARA ESGOTO PREDIAL","Material",null,"UN",1,2.2400000000000002,2.2400000000000002]
["Insumo"," 00020083 ","SINAPI","SOLUCAO PREPARADORA / LIMPADORA PARA PVC, FRASCO COM 1000 CM3","Material",null,"UN",7.4999999999999997E-3,78.45,0.57999999999999996]
["Insumo"," 00020078 ","SINAPI","PASTA LUBRIFICANTE PARA TUBOS E CONEXOES COM JUNTA ELASTICA, EMBALAGEM DE *400* GR (USO EM PVC, ACO, POLIETILENO E OUTROS)","Material",null,"UN",2.5000000000000001E-2,28.58,0.71]
["Insumo"," 00038383 ","SINAPI","LIXA D'AGUA EM FOLHA, COR PRETA, GRAO 100","Material",null,"UN",7.4000000000000003E-3,2.17,0.01]
["Insumo"," 00000122 ","SINAPI","ADESIVO PLASTICO PARA PVC, FRASCO COM *850* GR","Material",null,"UN",4.8999999999999998E-3,69.25,0.33]
["Insumo"," 00000296 ","SINAPI","ANEL BORRACHA PARA TUBO ESGOTO PREDIAL, DN 50 MM (NBR 5688)","Material",null,"UN",1,2.09,2.09]
[{"$nulls":4},"MO sem LS =>",3.43,"LS =>",0,"MO com LS =>",3.43]
[{"$nulls":4},"Valor do BDI =>",2.64,null,"Valor com BDI =>",null,12.73]
[{"$nulls":6},"Quant. =>","2,00","Preço Total =>",25.46]
[]
[" 15.6 ","Código","Banco","Descrição","Tipo",null,"Und","Quant.","Valor Unit","Total"]
["Composição"," 89746 ","SINAPI","JOELHO 45 GRAUS, PVC, SERIE NORMAL, ESGOTO PREDIAL, DN 100 MM, JUNTA ELÁSTICA, FORNECIDO E INSTALADO EM RAMAL DE DESCARGA OU RAMAL DE ESGOTO SANITÁRIO. AF_08/2022","INHI - INSTALAÇÕES HIDROS SANITÁRIAS",null,"UN",1,26.34,26.34]
["Composição Auxiliar"," 88267 ","SINAPI","ENCANADOR OU BOMBEIRO HIDRÁULICO COM ENCARGOS COMPLEMENTARES","SEDI - SERVIÇOS DIVERSOS",null,"H",0.19259999999999999,25.5,4.91]
["Composição Auxiliar"," 88248 ","SINAPI","AUXILIAR DE ENCANADOR OU BOMBEIRO HIDRÁULICO COM ENCARGOS COMPLEMENTARES","SEDI - SERVIÇOS DIVERSOS",null,"H",0.19259999999999999,21.35,4.1100000000000003]
["Insumo"," 00020078 ","SINAPI","PASTA LUBRIFICANTE PARA TUBOS E CONEXOES COM JUNTA ELASTICA, EMBALAGEM DE *400* GR (USO EM PVC, ACO, POLIETILENO E OUTROS)","Material",null,"UN",0.115,28.58,3.28]
["Insumo"," 00000301 ","SINAPI","ANEL BORRACHA PARA TUBO ESGOTO PREDIAL, DN 100 MM (NBR 5688)","Material",null,"UN",2,3.7,7.4]
["Insumo"," 00003528 ","SINAPI","JOELHO PVC, SOLDAVEL, PB, 45 GRAUS, DN 100 MM, PARA ESGOTO PREDIAL","Material",null,"UN",1,6.64,6.64]
[{"$nulls":4},"MO sem LS =>",7.5,"LS =>",0,"MO com LS =>",7.5]
[{"$nulls":4},"Valor do BDI =>",6.91,null,"Valor com BDI =>",null,33.25]
[{"$nulls":6},"Quant. =>","3,00","Preço Total =>",99.75]
[]
[" 15.7 ","Código","Banco","Descrição","Tipo",null,"Und","Quant.","Valor Unit","Total"]
["Composição"," 89732 ","SINAPI","JOELHO 45 GRAUS, PVC, SERIE NORMAL, ESGOTO PREDIAL, DN 50 MM, JUNTA ELÁSTICA, FORNECIDO E INSTALADO EM RAMAL DE DESCARGA OU RAMAL DE ESGOTO SANITÁRIO. AF_08/2022","INHI - INSTALAÇÕES HIDROS SANITÁRIAS",null,"UN",1,14.8,14.8]
["Composição Auxiliar"," 88248 ","SINAPI","AUXILIAR DE ENCANADOR OU BOMBEIRO HIDRÁULICO COM ENCARGOS COMPLEMENTARES","SEDI - SERVIÇOS DIVERSOS",null,"H",0.13789999999999999,21.35,2.94]
["Composição Auxiliar"," 88267 ","SINAPI","ENCANADOR OU BOMBEIRO HIDRÁULICO COM ENCARGOS COMPLEMENTARES","SEDI - SERVIÇOS DIVERSOS",null,"H",0.13789999999999999,25.5,3.51]
["Insumo"," 00020078 ","SINAPI","PASTA LUBRIFICANTE PARA TUBOS E CONEXOES COM JUNTA ELASTICA, EMBALAGEM DE *400* GR (USO EM PVC, ACO, POLIETILENO E OUTROS)","Material",null,"UN",0.05,28.58,1.42]
["Insumo"," 00000296 ","SINAPI","ANEL BORRACHA PARA TUBO ESGOTO PREDIAL, DN 50 MM (NBR 5688)","Material",null,"UN",2,2.09,4.18]
["Insumo"," 00003518 ","SINAPI","JOELHO PVC, SOLDAVEL, PB, 45 GRAUS, DN 50 MM, PARA ESGOTO PREDIAL","Material",null,"UN",1,2.75,2.75]
[{"$nulls":4},"MO sem LS =>",5.37,"LS =>",0,"MO com LS =>",5.37]
[{"$nulls":4},"Valor do BDI =>",3.88,null,"Valor com BDI =>",null,18.68]
[{"$nulls":6},"Quant. =>","7,00","Preço Total =>",130.76]
[]
[" 15.8 ","Código","Banco","Descrição","Tipo",null,"Und","Quant.","Valor Unit","Total"]
["Composição"," 89726 ","SINAPI","JOELHO 45 GRAUS, PVC, SERIE NORMAL, ESGOTO PREDIAL, DN 40 MM, JUNTA SOLDÁVEL, FORNECIDO E INSTALADO EM RAMAL DE DESCARGA OU RAMAL DE ESGOTO SANITÁRIO. AF_08/2022","INHI - INSTALAÇÕES HIDROS SANITÁRIAS",null,"UN",1,9.5,9.5]
["Composição Auxiliar"," 88267 ","SINAPI","ENCANADOR OU BOMBEIRO HIDRÁULICO COM ENCARGOS COMPLEMENTARES","SEDI - SERVIÇOS DIVERSOS",null,"H",0.127,25.5,3.23]
["Composição Auxiliar"," 88248 ","SINAPI","AUXILIAR DE ENCANADOR OU BOMBEIRO HIDRÁULICO COM ENCARGOS COMPLEMENTARES","SEDI - SERVIÇOS DIVERSOS",null,"H",0.127,21.35,2.71]
["Insumo"," 00038383 ","SINAPI","LIXA D'AGUA EM FOLHA, COR PRETA, GRAO 100","Material",null,"UN",7.1000000000000004E-3,2.17,0.01]
["Insumo"," 00003516 ","SINAPI","JOELHO PVC, SOLDAVEL, BB, 45 GRAUS, DN 40 MM, PARA ESGOTO PREDIAL","Material",null,"UN",1,1.7,1.7]
["Insumo"," 00000122 ","SINAPI","ADESIVO PLASTICO PARA PVC, FRASCO COM *850* GR","Material",null,"UN",9.9000000000000008E-3,69.25,0.68]
["Insumo"," 00020083 ","SINAPI","SOLUCAO PREPARADORA / LIMPADORA PARA PVC, FRASCO COM 1000 CM3","Material",null,"UN",1.4999999999999999E-2,78.45,1.17]
[{"$nulls":4},"MO sem LS =>",4.95,"LS =>",0,"MO com LS =>",4.95]
[{"$nulls":4},"Valor do BDI =>",2.4900000000000002,null,"Valor com BDI =>",null,11.99]
[{"$nulls":6},"Quant. =>","10,00","Preço Total =>",119.9]
[]
[" 15.9 ","Código","Banco","Descrição","Tipo",null,"Und","Quant.","Valor Unit","Total"]
["Composição"," 89522 ","SINAPI","JOELHO 90 GRAUS, PVC, SERIE R, ÁGUA PLUVIAL, DN 75 MM, JUNTA ELÁSTICA, FORNECIDO E INSTALADO EM RAMAL DE ENCAMINHAMENTO. AF_06/2022","INHI - INSTALAÇÕES HIDROS SANITÁRIAS",null,"UN",1,25.43,25.43]
["Composição Auxiliar"," 88267 ","SINAPI","ENCANADOR OU BOMBEIRO HIDRÁULICO COM ENCARGOS COMPLEMENTARES","SEDI - SERVIÇOS DIVERSOS",null,"H",9.4100000000000003E-2,25.5,2.39]
["Composição Auxiliar"," 88248 ","SINAPI","AUXILIAR DE ENCANADOR OU BOMBEIRO HIDRÁULICO COM ENCARGOS COMPLEMENTARES","SEDI - SERVIÇOS DIVERSOS",null,"H",9.4100000000000003E-2,21.35,2]
["Insumo"," 00020078 ","SINAPI","PASTA LUBRIFICANTE PARA TUBOS E CONEXOES COM JUNTA ELASTICA, EMBALAGEM DE *400* GR (USO EM PVC, ACO, POLIETILENO E OUTROS)","Material",null,"UN",7.4999999999999997E-2,28.58,2.14]
["Insumo"," 00000298 ","SINAPI","ANEL BORRACHA, DN 75 MM, PARA TUBO SERIE REFORCADA ESGOTO PREDIAL","Material",null,"UN",2,3.34,6.68]
["Insumo"," 00020156 ","SINAPI","JOELHO, PVC SERIE R, 90 GRAUS, DN 75 MM, PARA ESGOTO PREDIAL","Material",null,"UN",1,12.22,12.22]
[{"$nulls":4},"MO sem LS =>",3.67,"LS =>",0,"MO com LS =>",3.67]
[{"$nulls":4},"Valor do BDI =>",6.67,null,"Valor com BDI =>",null,32.1]
[{"$nulls":6},"Quant. =>","2,00","Preço Total =>",64.2]
[]
[" 15.10 ","Código","Banco","Descrição","Tipo",null,"Und","Quant.","Valor Unit","Total"]
["Composição"," 89731 ","SINAPI","JOELHO 90 GRAUS, PVC, SERIE NORMAL, ESGOTO PREDIAL, DN 50 MM, JUNTA ELÁSTICA, FORNECIDO E INSTALADO EM RAMAL DE DESCARGA OU RAMAL DE ESGOTO SANITÁRIO. AF_08/2022","INHI - INSTALAÇÕES HIDROS SANITÁRIAS",null,"UN",1,14.27,14.27]
["Composição Auxiliar"," 88248 ","SINAPI","AUXILIAR DE ENCANADOR OU BOMBEIRO HIDRÁULICO COM ENCARGOS COMPLEMENTARES","SEDI - SERVIÇOS DIVERSOS",null,"H",0.13789999999999999,21.35,2.94]
["Composição Auxiliar"," 88267 ","SINAPI","ENCANADOR OU BOMBEIRO HIDRÁULICO COM ENCARGOS COMPLEMENTARES","SEDI - SERVIÇOS DIVERSOS",null,"H",0.13789999999999999,25.5,3.51]
["Insumo"," 00020078 ","SINAPI","PASTA LUBRIFICANTE PARA TUBOS E CONEXOES COM JUNTA ELASTICA, EMBALAGEM DE *400* GR (USO EM PVC, ACO, POLIETILENO E OUTROS)","Material",null,"UN",0.05,28.58,1.42]
["Insumo"," 00003526 ","SINAPI","JOELHO PVC, SOLDAVEL, PB, 90 GRAUS, DN 50 MM, PARA ESGOTO PREDIAL","Material",null,"UN",1,2.2200000000000002,2.2200000000000002]
["Insumo"," 00000296 ","SINAPI","ANEL BORRACHA PARA TUBO ESGOTO PREDIAL, DN 50 MM (NBR 5688)","Material",null,"UN",2,2.09,4.18]
[{"$nulls":4},"MO sem LS =>",5.37,"LS =>",0,"MO com LS =>",5.37]
[{"$nulls":4},"Valor do BDI =>",3.74,null,"Valor com BDI =>",null,18.010000000000002]
[{"$nulls":6},"Quant. =>","3,00","Preço Total =>",54.03]
[]
[" 15.11 ","Código","Banco","Descrição","Tipo",null,"Und","Quant.","Valor Unit","Total"]
["Composição"," 89724 ","SINAPI","JOELHO 90 GRAUS, PVC, SERIE NORMAL, ESGOTO PREDIAL, DN 40 MM, JUNTA SOLDÁVEL, FORNECIDO E INSTALADO EM RAMAL DE DESCARGA OU RAMAL DE ESGOTO SANITÁRIO. AF_08/2022","INHI - INSTALAÇÕES HIDROS SANITÁRIAS",null,"UN",1,9.33,9.33]
["Composição Auxiliar"," 88248 ","SINAPI","AUXILIAR DE ENCANADOR OU BOMBEIRO HIDRÁULICO COM ENCARGOS COMPLEMENTARES","SEDI - SERVIÇOS DIVERSOS",null,"H",0.127,21.35,2.71]
["Composição Auxiliar"," 88267 ","SINAPI","ENCANADOR OU BOMBEIRO HIDRÁULICO COM ENCARGOS COMPLEMENTARES","SEDI - SERVIÇOS DIVERSOS",null,"H",0.127,25.5,3.23]
["Insumo"," 00003517 ","SINAPI","JOELHO PVC, SOLDAVEL, BB, 90 GRAUS, SEM ANEL, DN 40 MM, PARA ESGOTO PREDIAL SECUNDARIO","Material",null,"UN",1,1.53,1.53]
["Insumo"," 00020083 ","SINAPI","SOLUCAO PREPARADORA / LIMPADORA PARA PVC, FRASCO COM 1000 CM3","Material",null,"UN",1.4999999999999999E-2,78.45,1.17]
["Insumo"," 00038383 ","SINAPI","LIXA D'AGUA EM FOLHA, COR PRETA, GRAO 100","Material",null,"UN",7.1000000000000004E-3,2.17,0.01]
["Insumo"," 00000122 ","SINAPI","ADESIVO PLASTICO PARA PVC, FRASCO COM *850* GR","Material",null,"UN",9.9000000000000008E-3,69.25,0.68]
[{"$nulls":4},"MO sem LS =>",4.95,"LS =>",0,"MO com LS =>",4.95]
[{"$nulls":4},"Valor do BDI =>",2.44,null,"Valor com BDI =>",null,11.77]
[{"$nulls":6},"Quant. =>","2,00","Preço Total =>",23.54]
[]
[" 15.12 ","Código","Banco","Descrição","Tipo",null,"Und","Quant.","Valor Unit","Total"]
["Composição"," 89724 ","SINAPI","JOELHO 90 GRAUS, PVC, SERIE NORMAL, ESGOTO PREDIAL, DN 40 MM, JUNTA SOLDÁVEL, FORNECIDO E INSTALADO EM RAMAL DE DESCARGA OU RAMAL DE ESGOTO SANITÁRIO. AF_08/2022","INHI - INSTALAÇÕES HIDROS SANITÁRIAS",null,"UN",1,9.33,9.33]
["Composição Auxiliar"," 88248 ","SINAPI","AUXILIAR DE ENCANADOR OU BOMBEIRO HIDRÁULICO COM ENCARGOS COMPLEMENTARES","SEDI - SERVIÇOS DIVERSOS",null,"H",0.127,21.35,2.71]
["Composição Auxiliar"," 88267 ","SINAPI","ENCANADOR OU BOMBEIRO HIDRÁULICO COM ENCARGOS COMPLEMENTARES","SEDI - SERVIÇOS DIVERSOS",null,"H",0.127,25.5,3.23]
["Insumo"," 00003517 ","SINAPI","JOELHO PVC, SOLDAVEL, BB, 90 GRAUS, SEM ANEL, DN 40 MM, PARA ESGOTO PREDIAL SECUNDARIO","Material",null,"UN",1,1.53,1.53]
["Insumo"," 00020083 ","SINAPI","SOLUCAO PREPARADORA / LIMPADORA PARA PVC, FRASCO COM 1000 CM3","Material",null,"UN",1.4999999999999999E-2,78.45,1.17]
["Insumo"," 00038383 ","SINAPI","LIXA D'AGUA EM FOLHA, COR PRETA, GRAO 100","Material",null,"UN",7.1000000000000004E-3,2.17,0.01]
["Insumo"," 00000122 ","SINAPI","ADESIVO PLASTICO PARA PVC, FRASCO COM *850* GR","Material",null,"UN",9.9000000000000008E-3,69.25,0.68]
[{"$nulls":4},"MO sem LS =>",4.95,"LS =>",0,"MO com LS =>",4.95]
[{"$nulls":4},"Valor do BDI =>",2.44,null,"Valor com BDI =>",null,11.77]
[{"$nulls":6},"Quant. =>","2,00","Preço Total =>",23.54]
[]
[" 15.13 ","Código","Banco","Descrição","Tipo",null,"Und","Quant.","Valor Unit","Total"]
["Composição"," 89569 ","SINAPI","JUNÇÃO SIMPLES, PVC, SERIE R, ÁGUA PLUVIAL, DN 100 X 75 MM, JUNTA ELÁSTICA, FORNECIDO E INSTALADO EM RAMAL DE ENCAMINHAMENTO. AF_06/2022","INHI - INSTALAÇÕES HIDROS SANITÁRIAS",null,"UN",1,74,74]
["Composição Auxiliar"," 88248 ","SINAPI","AUXILIAR DE ENCANADOR OU BOMBEIRO HIDRÁULICO COM ENCARGOS COMPLEMENTARES","SEDI - SERVIÇOS DIVERSOS",null,"H",0.15629999999999999,21.35,3.33]
["Composição Auxiliar"," 88267 ","SINAPI","ENCANADOR OU BOMBEIRO HIDRÁULICO COM ENCARGOS COMPLEMENTARES","SEDI - SERVIÇOS DIVERSOS",null,"H",0.15629999999999999,25.5,3.98]
["Insumo"," 00020078 ","SINAPI","PASTA LUBRIFICANTE PARA TUBOS E CONEXOES COM JUNTA ELASTICA, EMBALAGEM DE *400* GR (USO EM PVC, ACO, POLIETILENO E OUTROS)","Material",null,"UN",0.1525,28.58,4.3499999999999996]
["Insumo"," 00000299 ","SINAPI","ANEL BORRACHA, DN 100 MM, PARA TUBO SERIE REFORCADA ESGOTO PREDIAL","Material",null,"UN",2,4.34,8.68]
["Insumo"," 00020143 ","SINAPI","JUNCAO SIMPLES, PVC SERIE R, DN 100 X 75 MM, PARA ESGOTO PREDIAL","Material",null,"UN",1,50.32,50.32]
["Insumo"," 00000298 ","SINAPI","ANEL BORRACHA, DN 75 MM, PARA TUBO SERIE REFORCADA ESGOTO PREDIAL","Material",null,"UN",1,3.34,3.34]
[{"$nulls":4},"MO sem LS =>",6.09,"LS =>",0,"MO com LS =>",6.09]
[{"$nulls":4},"Valor do BDI =>",19.41,null,"Valor com BDI =>",null,93.41]
[{"$nulls":6},"Quant. =>","1,00","Preço Total =>",93.41]
[]
[" 15.14 ","Código","Banco","Descrição","Tipo",null,"Und","Quant.","Valor Unit","Total"]
["Composição"," 89690 ","SINAPI","JUNÇÃO SIMPLES, PVC, SERIE R, ÁGUA PLUVIAL, DN 100 X 100 MM, JUNTA ELÁSTICA, FORNECIDO E INSTALADO EM CONDUTORES VERTICAIS DE ÁGUAS PLUVIAIS. AF_06/2022","INHI - INSTALAÇÕES HIDROS SANITÁRIAS",null,"UN",1,74.31,74.31]
["Composição Auxiliar"," 88248 ","SINAPI","AUXILIAR DE ENCANADOR OU BOMBEIRO HIDRÁULICO COM ENCARGOS COMPLEMENTARES","SEDI - SERVIÇOS DIVERSOS",null,"H",0.36380000000000001,21.35,7.76]
["Composição Auxiliar"," 88267 ","SINAPI","ENCANADOR OU BOMBEIRO HIDRÁULICO COM ENCARGOS COMPLEMENTARES","SEDI - SERVIÇOS DIVERSOS",null,"H",0.36380000000000001,25.5,9.27]
["Insumo"," 00020078 ","SINAPI","PASTA LUBRIFICANTE PARA TUBOS E CONEXOES COM JUNTA ELASTICA, EMBALAGEM DE *400* GR (USO EM PVC, ACO, POLIETILENO E OUTROS)","Material",null,"UN",0.17249999999999999,28.58,4.93]
["Insumo"," 00000299 ","SINAPI","ANEL BORRACHA, DN 100 MM, PARA TUBO SERIE REFORCADA ESGOTO PREDIAL","Material",null,"UN",3,4.34,13.02]
["Insumo"," 00020144 ","SINAPI","JUNCAO SIMPLES, PVC SERIE R, DN 100 X 100 MM, PARA ESGOTO PREDIAL","Material",null,"UN",1,39.33,39.33]
[{"$nulls":4},"MO sem LS =>",14.19,"LS =>",0,"MO com LS =>",14.19]
[{"$nulls":4},"Valor do BDI =>",19.489999999999998,null,"Valor com BDI =>",null,93.8]
[{"$nulls":6},"Quant. =>","2,00","Preço Total =>",187.6]
[]
[" 15.15 ","Código","Banco","Descrição","Tipo",null,"Und","Quant.","Valor Unit","Total"]
["Composição"," 89785 ","SINAPI","JUNÇÃO SIMPLES, PVC, SERIE NORMAL, ESGOTO PREDIAL, DN 50 X 50 MM, JUNTA ELÁSTICA, FORNECIDO E INSTALADO EM RAMAL DE DESCARGA OU RAMAL DE ESGOTO SANITÁRIO. AF_08/2022","INHI - INSTALAÇÕES HIDROS SANITÁRIAS",null,"UN",1,24.17,24.17]
["Composição Auxiliar"," 88248 ","SINAPI","AUXILIAR DE ENCANADOR OU BOMBEIRO HIDRÁULICO COM ENCARGOS COMPLEMENTARES","SEDI - SERVIÇOS DIVERSOS",null,"H",0.18390000000000001,21.35,3.92]
["Composição Auxiliar"," 88267 ","SINAPI","ENCANADOR OU BOMBEIRO HIDRÁULICO COM ENCARGOS COMPLEMENTARES","SEDI - SERVIÇOS DIVERSOS",null,"H",0.18390000000000001,25.5,4.68]
["Insumo"," 00020078 ","SINAPI","PASTA LUBRIFICANTE PARA TUBOS E CONEXOES COM JUNTA ELASTICA, EMBALAGEM DE *400* GR (USO EM PVC, ACO, POLIETILENO E OUTROS)","Material",null,"UN",7.4999999999999997E-2,28.58,2.14]
["Insumo"," 00000296 ","SINAPI","ANEL BORRACHA PARA TUBO ESGOTO PREDIAL, DN 50 MM (NBR 5688)","Material",null,"UN",3,2.09,6.27]
["Insumo"," 00003662 ","SINAPI","JUNCAO SIMPLES, PVC, 45 GRAUS, DN 50 X 50 MM, SERIE NORMAL PARA ESGOTO PREDIAL","Material",null,"UN",1,7.16,7.16]
[{"$nulls":4},"MO sem LS =>",7.17,"LS =>",0,"MO com LS =>",7.17]
[{"$nulls":4},"Valor do BDI =>",6.34,null,"Valor com BDI =>",null,30.51]
[{"$nulls":6},"Quant. =>","4,00","Preço Total =>",122.04]
[]
[" 15.16 ","Código","Banco","Descrição","Tipo",null,"Und","Quant.","Valor Unit","Total"]
["Composição"," 89561 ","SINAPI","JUNÇÃO SIMPLES, PVC, SERIE R, ÁGUA PLUVIAL, DN 40 MM, JUNTA SOLDÁVEL, FORNECIDO E INSTALADO EM RAMAL DE ENCAMINHAMENTO. AF_06/2022","INHI - INSTALAÇÕES HIDROS SANITÁRIAS",null,"UN",1,12.04,12.04]
["Composição Auxiliar"," 88248 ","SINAPI","AUXILIAR DE ENCANADOR OU BOMBEIRO HIDRÁULICO COM ENCARGOS COMPLEMENTARES","SEDI - SERVIÇOS DIVERSOS",null,"H",6.3299999999999995E-2,21.35,1.35]
["Composição Auxiliar"," 88267 ","SINAPI","ENCANADOR OU BOMBEIRO HIDRÁULICO COM ENCARGOS COMPLEMENTARES","SEDI - SERVIÇOS DIVERSOS",null,"H",6.3299999999999995E-2,25.5,1.61]
["Insumo"," 00020140 ","SINAPI","JUNCAO SIMPLES, PVC SERIE R, DN 40 X 40 MM, PARA ESGOTO PREDIAL","Material",null,"UN",1,6.22,6.22]
["Insumo"," 00020083 ","SINAPI","SOLUCAO PREPARADORA / LIMPADORA PARA PVC, FRASCO COM 1000 CM3","Material",null,"UN",2.2499999999999999E-2,78.45,1.76]
["Insumo"," 00038383 ","SINAPI","LIXA D'AGUA EM FOLHA, COR PRETA, GRAO 100","Material",null,"UN",3.9E-2,2.17,0.08]
["Insumo"," 00000122 ","SINAPI","ADESIVO PLASTICO PARA PVC, FRASCO COM *850* GR","Material",null,"UN",1.4800000000000001E-2,69.25,1.02]
[{"$nulls":4},"MO sem LS =>",2.46,"LS =>",0,"MO com LS =>",2.46]
[{"$nulls":4},"Valor do BDI =>",3.15,null,"Valor com BDI =>",null,15.19]
[{"$nulls":6},"Quant. =>","2,00","Preço Total =>",30.38]
[]
[" 15.17 ","Código","Banco","Descrição","Tipo",null,"Und","Quant.","Valor Unit","Total"]
["Composição"," 89557 ","SINAPI","REDUÇÃO EXCÊNTRICA, PVC, SERIE R, ÁGUA PLUVIAL, DN 100 X 75 MM, JUNTA ELÁSTICA, FORNECIDO E INSTALADO EM RAMAL DE ENCAMINHAMENTO. AF_06/2022","INHI - INSTALAÇÕES HIDROS SANITÁRIAS",null,"UN",1,27.23,27.23]
["Composição Auxiliar"," 88267 ","SINAPI","ENCANADOR OU BOMBEIRO HIDRÁULICO COM ENCARGOS COMPLEMENTARES","SEDI - SERVIÇOS DIVERSOS",null,"H",7.4300000000000005E-2,25.5,1.89]
["Composição Auxiliar"," 88248 ","SINAPI","AUXILIAR DE ENCANADOR OU BOMBEIRO HIDRÁULICO COM ENCARGOS COMPLEMENTARES","SEDI - SERVIÇOS DIVERSOS",null,"H",7.4300000000000005E-2,21.35,1.58]
["Insumo"," 00020046 ","SINAPI","REDUCAO EXCENTRICA PVC, SERIE R, DN 100 X 75 MM, PARA ESGOTO PREDIAL","Material",null,"UN",1,13.37,13.37]
["Insumo"," 00020078 ","SINAPI","PASTA LUBRIFICANTE PARA TUBOS E CONEXOES COM JUNTA ELASTICA, EMBALAGEM DE *400* GR (USO EM PVC, ACO, POLIETILENO E OUTROS)","Material",null,"UN",9.5000000000000001E-2,28.58,2.71]
["Insumo"," 00000298 ","SINAPI","ANEL BORRACHA, DN 75 MM, PARA TUBO SERIE REFORCADA ESGOTO PREDIAL","Material",null,"UN",1,3.34,3.34]
["Insumo"," 00000299 ","SINAPI","ANEL BORRACHA, DN 100 MM, PARA TUBO SERIE REFORCADA ESGOTO PREDIAL","Material",null,"UN",1,4.34,4.34]
[{"$nulls":4},"MO sem LS =>",2.89,"LS =>",0,"MO com LS =>",2.89]
[{"$nulls":4},"Valor do BDI =>",7.14,null,"Valor com BDI =>",null,34.369999999999997]
[{"$nulls":6},"Quant. =>","2,00","Preço Total =>",68.739999999999995]
[]
[" 15.18 ","Código","Banco","Descrição","Tipo",null,"Und","Quant.","Valor Unit","Total"]
["Composição"," 89784 ","SINAPI","TE, PVC, SERIE NORMAL, ESGOTO PREDIAL, DN 50 X 50 MM, JUNTA ELÁSTICA, FORNECIDO E INSTALADO EM RAMAL DE DESCARGA OU RAMAL DE ESGOTO SANITÁRIO. AF_08/2022","INHI - INSTALAÇÕES HIDROS SANITÁRIAS",null,"UN",1,22.46,22.46]
["Composição Auxiliar"," 88248 ","SINAPI","AUXILIAR DE ENCANADOR OU BOMBEIRO HIDRÁULICO COM ENCARGOS COMPLEMENTARES","SEDI - SERVIÇOS DIVERSOS",null,"H",0.18390000000000001,21.35,3.92]
["Composição Auxiliar"," 88267 ","SINAPI","ENCANADOR OU BOMBEIRO HIDRÁULICO COM ENCARGOS COMPLEMENTARES","SEDI - SERVIÇOS DIVERSOS",null,"H",0.18390000000000001,25.5,4.68]
["Insumo"," 00000296 ","SINAPI","ANEL BORRACHA PARA TUBO ESGOTO PREDIAL, DN 50 MM (NBR 5688)","Material",null,"UN",3,2.09,6.27]
["Insumo"," 00020078 ","SINAPI","PASTA LUBRIFICANTE PARA TUBOS E CONEXOES COM JUNTA ELASTICA, EMBALAGEM DE *400* GR (USO EM PVC, ACO, POLIETILENO E OUTROS)","Material",null,"UN",7.4999999999999997E-2,28.58,2.14]
["Insumo"," 00007097 ","SINAPI","TE SANITARIO, PVC, DN 50 X 50 MM, SERIE NORMAL, PARA ESGOTO PREDIAL","Material",null,"UN",1,5.45,5.45]
[{"$nulls":4},"MO sem LS =>",7.17,"LS =>",0,"MO com LS =>",7.17]
[{"$nulls":4},"Valor do BDI =>",5.89,null,"Valor com BDI =>",null,28.35]
[{"$nulls":6},"Quant. =>","3,00","Preço Total =>",85.05]
[]
[" 15.19 ","Código","Banco","Descrição","Tipo",null,"Und","Quant.","Valor Unit","Total"]
["Composição"," 89687 ","SINAPI","TÊ, PVC, SERIE R, ÁGUA PLUVIAL, DN 75 X 75 MM, JUNTA ELÁSTICA, FORNECIDO E INSTALADO EM CONDUTORES VERTICAIS DE ÁGUAS PLUVIAIS. AF_06/2022","INHI - INSTALAÇÕES HIDROS SANITÁRIAS",null,"UN",1,44.89,44.89]
["Composição Auxiliar"," 88267 ","SINAPI","ENCANADOR OU BOMBEIRO HIDRÁULICO COM ENCARGOS COMPLEMENTARES","SEDI - SERVIÇOS DIVERSOS",null,"H",0.2316,25.5,5.9]
["Composição Auxiliar"," 88248 ","SINAPI","AUXILIAR DE ENCANADOR OU BOMBEIRO HIDRÁULICO COM ENCARGOS COMPLEMENTARES","SEDI - SERVIÇOS DIVERSOS",null,"H",0.2316,21.35,4.9400000000000004]
["Insumo"," 00020078 ","SINAPI","PASTA LUBRIFICANTE PARA TUBOS E CONEXOES COM JUNTA ELASTICA, EMBALAGEM DE *400* GR (USO EM PVC, ACO, POLIETILENO E OUTROS)","Material",null,"UN",0.1125,28.58,3.21]
["Insumo"," 00000298 ","SINAPI","ANEL BORRACHA, DN 75 MM, PARA TUBO SERIE REFORCADA ESGOTO PREDIAL","Material",null,"UN",3,3.34,10.02]
["Insumo"," 00020177 ","SINAPI","TE, PVC, SERIE R, 75 X 75 MM, PARA ESGOTO PREDIAL","Material",null,"UN",1,20.82,20.82]
[{"$nulls":4},"MO sem LS =>",9.0299999999999994,"LS =>",0,"MO com LS =>",9.0299999999999994]
[{"$nulls":4},"Valor do BDI =>",11.77,null,"Valor com BDI =>",null,56.66]
[{"$nulls":6},"Quant. =>","2,00","Preço Total =>",113.32]
[]
[" 15.20 ","Código","Banco","Descrição","Tipo",null,"Und","Quant.","Valor Unit","Total"]
["Composição"," 89748 ","SINAPI","CURVA CURTA 90 GRAUS, PVC, SERIE NORMAL, ESGOTO PREDIAL, DN 100 MM, JUNTA ELÁSTICA, FORNECIDO E INSTALADO EM RAMAL DE DESCARGA OU RAMAL DE ESGOTO SANITÁRIO. AF_08/2022","INHI - INSTALAÇÕES HIDROS SANITÁRIAS",null,"UN",1,36.630000000000003,36.630000000000003]
["Composição Auxiliar"," 88267 ","SINAPI","ENCANADOR OU BOMBEIRO HIDRÁULICO COM ENCARGOS COMPLEMENTARES","SEDI - SERVIÇOS DIVERSOS",null,"H",0.19259999999999999,25.5,4.91]
["Composição Auxiliar"," 88248 ","SINAPI","AUXILIAR DE ENCANADOR OU BOMBEIRO HIDRÁULICO COM ENCARGOS COMPLEMENTARES","SEDI - SERVIÇOS DIVERSOS",null,"H",0.19259999999999999,21.35,4.1100000000000003]
["Insumo"," 00000301 ","SINAPI","ANEL BORRACHA PARA TUBO ESGOTO PREDIAL, DN 100 MM (NBR 5688)","Material",null,"UN",2,3.7,7.4]
["Insumo"," 00001966 ","SINAPI","CURVA PVC CURTA 90 GRAUS, DN 100 MM, PARA ESGOTO PREDIAL","Material",null,"UN",1,16.93,16.93]
["Insumo"," 00020078 ","SINAPI","PASTA LUBRIFICANTE PARA TUBOS E CONEXOES COM JUNTA ELASTICA, EMBALAGEM DE *400* GR (USO EM PVC, ACO, POLIETILENO E OUTROS)","Material",null,"UN",0.115,28.58,3.28]
[{"$nulls":4},"MO sem LS =>",7.5,"LS =>",0,"MO com LS =>",7.5]
[{"$nulls":4},"Valor do BDI =>",9.61,null,"Valor com BDI =>",null,46.24]
[{"$nulls":6},"Quant. =>","7,00","Preço Total =>",323.68]
[]
[" 15.21 ","Código","Banco","Descrição","Tipo",null,"Und","Quant.","Valor Unit","Total"]
["Composição"," 89728 ","SINAPI","CURVA CURTA 90 GRAUS, PVC, SERIE NORMAL, ESGOTO PREDIAL, DN 40 MM, JUNTA SOLDÁVEL, FORNECIDO E INSTALADO EM RAMAL DE DESCARGA OU RAMAL DE ESGOTO SANITÁRIO. AF_08/2022","INHI - INSTALAÇÕES HIDROS SANITÁRIAS",null,"UN",1,11.45,11.45]
["Composição Auxiliar"," 88267 ","SINAPI","ENCANADOR OU BOMBEIRO HIDRÁULICO COM ENCARGOS COMPLEMENTARES","SEDI - SERVIÇOS DIVERSOS",null,"H",0.127,25.5,3.23]
["Composição Auxiliar"," 88248 ","SINAPI","AUXILIAR DE ENCANADOR OU BOMBEIRO HIDRÁULICO COM ENCARGOS COMPLEMENTARES","SEDI - SERVIÇOS DIVERSOS",null,"H",0.127,21.35,2.71]
["Insumo"," 00020083 ","SINAPI","SOLUCAO PREPARADORA / LIMPADORA PARA PVC, FRASCO COM 1000 CM3","Material",null,"UN",1.4999999999999999E-2,78.45,1.17]
["Insumo"," 00000122 ","SINAPI","ADESIVO PLASTICO PARA PVC, FRASCO COM *850* GR","Material",null,"UN",9.9000000000000008E-3,69.25,0.68]
["Insumo"," 00038383 ","SINAPI","LIXA D'AGUA EM FOLHA, COR PRETA, GRAO 100","Material",null,"UN",7.1000000000000004E-3,2.17,0.01]
["Insumo"," 00001933 ","SINAPI","CURVA PVC CURTA 90 GRAUS, DN 40 MM, PARA ESGOTO PREDIAL","Material",null,"UN",1,3.65,3.65]
[{"$nulls":4},"MO sem LS =>",4.95,"LS =>",0,"MO com LS =>",4.95]
[{"$nulls":4},"Valor do BDI =>",3,null,"Valor com BDI =>",null,14.45]
[{"$nulls":6},"Quant. =>","12,00","Preço Total =>",173.4]
[]
[" 15.22 ","Código","Banco","Descrição","Tipo",null,"Und","Quant.","Valor Unit","Total"]
["Composição"," 89735 ","SINAPI","CURVA LONGA 90 GRAUS, PVC, SERIE NORMAL, ESGOTO PREDIAL, DN 50 MM, JUNTA ELÁSTICA, FORNECIDO E INSTALADO EM RAMAL DE DESCARGA OU RAMAL DE ESGOTO SANITÁRIO. AF_08/2022","INHI - INSTALAÇÕES HIDROS SANITÁRIAS",null,"UN",1,21.98,21.98]
["Composição Auxiliar"," 88267 ","SINAPI","ENCANADOR OU BOMBEIRO HIDRÁULICO COM ENCARGOS COMPLEMENTARES","SEDI - SERVIÇOS DIVERSOS",null,"H",0.13789999999999999,25.5,3.51]
["Composição Auxiliar"," 88248 ","SINAPI","AUXILIAR DE ENCANADOR OU BOMBEIRO HIDRÁULICO COM ENCARGOS COMPLEMENTARES","SEDI - SERVIÇOS DIVERSOS",null,"H",0.13789999999999999,21.35,2.94]
["Insumo"," 00001968 ","SINAPI","CURVA PVC LONGA 90 GRAUS, DN 50 MM, PARA ESGOTO PREDIAL","Material",null,"UN",1,9.93,9.93]
["Insumo"," 00000296 ","SINAPI","ANEL BORRACHA PARA TUBO ESGOTO PREDIAL, DN 50 MM (NBR 5688)","Material",null,"UN",2,2.09,4.18]
["Insumo"," 00020078 ","SINAPI","PASTA LUBRIFICANTE PARA TUBOS E CONEXOES COM JUNTA ELASTICA, EMBALAGEM DE *400* GR (USO EM PVC, ACO, POLIETILENO E OUTROS)","Material",null,"UN",0.05,28.58,1.42]
[{"$nulls":4},"MO sem LS =>",5.37,"LS =>",0,"MO com LS =>",5.37]
[{"$nulls":4},"Valor do BDI =>",5.76,null,"Valor com BDI =>",null,27.74]
[{"$nulls":6},"Quant. =>","3,00","Preço Total =>",83.22]
[]
[" 15.23 ","Código","Banco","Descrição","Tipo",null,"Und","Quant.","Valor Unit","Total"]
["Composição"," 89743 ","SINAPI","CURVA LONGA 90 GRAUS, PVC, SERIE NORMAL, ESGOTO PREDIAL, DN 75 MM, JUNTA ELÁSTICA, FORNECIDO E INSTALADO EM RAMAL DE DESCARGA OU RAMAL DE ESGOTO SANITÁRIO. AF_08/2022","INHI - INSTALAÇÕES HIDROS SANITÁRIAS",null,"UN",1,48.34,48.34]
["Composição Auxiliar"," 88267 ","SINAPI","ENCANADOR OU BOMBEIRO HIDRÁULICO COM ENCARGOS COMPLEMENTARES","SEDI - SERVIÇOS DIVERSOS",null,"H",0.16520000000000001,25.5,4.21]
["Composição Auxiliar"," 88248 ","SINAPI","AUXILIAR DE ENCANADOR OU BOMBEIRO HIDRÁULICO COM ENCARGOS COMPLEMENTARES","SEDI - SERVIÇOS DIVERSOS",null,"H",0.16520000000000001,21.35,3.52]
["Insumo"," 00000297 ","SINAPI","ANEL BORRACHA PARA TUBO ESGOTO PREDIAL, DN 75 MM (NBR 5688)","Material",null,"UN",2,3.07,6.14]
["Insumo"," 00020078 ","SINAPI","PASTA LUBRIFICANTE PARA TUBOS E CONEXOES COM JUNTA ELASTICA, EMBALAGEM DE *400* GR (USO EM PVC, ACO, POLIETILENO E OUTROS)","Material",null,"UN",7.4999999999999997E-2,28.58,2.14]
["Insumo"," 00001969 ","SINAPI","CURVA PVC LONGA 90 GRAUS, DN 75 MM, PARA ESGOTO PREDIAL","Material",null,"UN",1,32.33,32.33]
[{"$nulls":4},"MO sem LS =>",6.44,"LS =>",0,"MO com LS =>",6.44]
[{"$nulls":4},"Valor do BDI =>",12.68,null,"Valor com BDI =>",null,61.02]
[{"$nulls":6},"Quant. =>","2,00","Preço Total =>",122.04]
[]
[" 15.24 ","Código","Banco","Descrição","Tipo",null,"Und","Quant.","Valor Unit","Total"]
["Composição"," 89707 ","SINAPI","CAIXA SIFONADA, PVC, DN 100 X 100 X 50 MM, JUNTA ELÁSTICA, FORNECIDA E INSTALADA EM RAMAL DE DESCARGA OU EM RAMAL DE ESGOTO SANITÁRIO. AF_08/2022","INHI - INSTALAÇÕES HIDROS SANITÁRIAS",null,"UN",1,47.04,47.04]
["Composição Auxiliar"," 88248 ","SINAPI","AUXILIAR DE ENCANADOR OU BOMBEIRO HIDRÁULICO COM ENCARGOS COMPLEMENTARES","SEDI - SERVIÇOS DIVERSOS",null,"H",0.3987,21.35,8.51]
["Composição Auxiliar"," 88267 ","SINAPI","ENCANADOR OU BOMBEIRO HIDRÁULICO COM ENCARGOS COMPLEMENTARES","SEDI - SERVIÇOS DIVERSOS",null,"H",0.3987,25.5,10.16]
["Insumo"," 00005103 ","SINAPI","CAIXA SIFONADA PVC, 100 X 100 X 50 MM, COM GRELHA REDONDA, BRANCA","Material",null,"UN",1,22.87,22.87]
["Insumo"," 00020083 ","SINAPI","SOLUCAO PREPARADORA / LIMPADORA PARA PVC, FRASCO COM 1000 CM3","Material",null,"UN",4.3999999999999997E-2,78.45,3.45]
["Insumo"," 00000122 ","SINAPI","ADESIVO PLASTICO PARA PVC, FRASCO COM *850* GR","Material",null,"UN",2.92E-2,69.25,2.02]
["Insumo"," 00038383 ","SINAPI","LIXA D'AGUA EM FOLHA, COR PRETA, GRAO 100","Material",null,"UN",1.54E-2,2.17,0.03]
[{"$nulls":4},"MO sem LS =>",15.55,"LS =>",0,"MO com LS =>",15.55]
[{"$nulls":4},"Valor do BDI =>",12.34,null,"Valor com BDI =>",null,59.38]
[{"$nulls":6},"Quant. =>","6,00","Preço Total =>",356.28]
[]
[" 15.25 ","Código","Banco","Descrição","Tipo",null,"Und","Quant.","Valor Unit","Total"]
["Composição"," 104328 ","SINAPI","CAIXA SIFONADA, COM GRELHA QUADRADA, PVC, DN 150 X 150 X 50 MM, JUNTA SOLDÁVEL, FORNECIDA E INSTALADA EM RAMAL DE DESCARGA OU EM RAMAL DE ESGOTO SANITÁRIO. AF_08/2022","INHI - INSTALAÇÕES HIDROS SANITÁRIAS",null,"UN",1,68.11,68.11]
["Composição Auxiliar"," 88267 ","SINAPI","ENCANADOR OU BOMBEIRO HIDRÁULICO COM ENCARGOS COMPLEMENTARES","SEDI - SERVIÇOS DIVERSOS",null,"H",0.42309999999999998,25.5,10.78]
["Composição Auxiliar"," 88248 ","SINAPI","AUXILIAR DE ENCANADOR OU BOMBEIRO HIDRÁULICO COM ENCARGOS COMPLEMENTARES","SEDI - SERVIÇOS DIVERSOS",null,"H",0.42309999999999998,21.35,9.0299999999999994]
["Insumo"," 00000122 ","SINAPI","ADESIVO PLASTICO PARA PVC, FRASCO COM *850* GR","Material",null,"UN",2.92E-2,69.25,2.02]
["Insumo"," 00020083 ","SINAPI","SOLUCAO PREPARADORA / LIMPADORA PARA PVC, FRASCO COM 1000 CM3","Material",null,"UN",4.3999999999999997E-2,78.45,3.45]
["Insumo"," 00038383 ","SINAPI","LIXA D'AGUA EM FOLHA, COR PRETA, GRAO 100","Material",null,"UN",1.54E-2,2.17,0.03]
["Insumo"," 00011712 ","SINAPI","CAIXA SIFONADA, PVC, 150 X 150 X 50 MM, COM GRELHA QUADRADA, BRANCA (NBR 5688)","Material",null,"UN",1,42.8,42.8]
[{"$nulls":4},"MO sem LS =>",16.5,"LS =>",0,"MO com LS =>",16.5]
[{"$nulls":4},"Valor do BDI =>",17.87,null,"Valor com BDI =>",null,85.98]
[{"$nulls":6},"Quant. =>","1,00","Preço Total =>",85.98]
[]
[" 15.26 ","Código","Banco","Descrição","Tipo",null,"Und","Quant.","Valor Unit","Total"]
["Composição"," 89491 ","SINAPI","CAIXA SIFONADA, PVC, DN 150 X 185 X 75 MM, FORNECIDA E INSTALADA EM RAMAIS DE ENCAMINHAMENTO DE ÁGUA PLUVIAL. AF_06/2022","INHI - INSTALAÇÕES HIDROS SANITÁRIAS",null,"UN",1,98.3,98.3]
["Composição Auxiliar"," 88248 ","SINAPI","AUXILIAR DE ENCANADOR OU BOMBEIRO HIDRÁULICO COM ENCARGOS COMPLEMENTARES","SEDI - SERVIÇOS DIVERSOS",null,"H",0.33700000000000002,21.35,7.19]
["Composição Auxiliar"," 88267 ","SINAPI","ENCANADOR OU BOMBEIRO HIDRÁULICO COM ENCARGOS COMPLEMENTARES","SEDI - SERVIÇOS DIVERSOS",null,"H",0.33700000000000002,25.5,8.59]
["Insumo"," 00011714 ","SINAPI","CAIXA SIFONADA, PVC, 150 X *185* X 75 MM, COM GRELHA QUADRADA, BRANCA","Material",null,"UN",1,65.540000000000006,65.540000000000006]
["Insumo"," 00038383 ","SINAPI","LIXA D'AGUA EM FOLHA, COR PRETA, GRAO 100","Material",null,"UN",1.04E-2,2.17,0.02]
["Insumo"," 00000298 ","SINAPI","ANEL BORRACHA, DN 75 MM, PARA TUBO SERIE REFORCADA ESGOTO PREDIAL","Material",null,"UN",1,3.34,3.34]
["Insumo"," 00020078 ","SINAPI","PASTA LUBRIFICANTE PARA TUBOS E CONEXOES COM JUNTA ELASTICA, EMBALAGEM DE *400* GR (USO EM PVC, ACO, POLIETILENO E OUTROS)","Material",null,"UN",0.03,28.58,0.85]
["Insumo"," 00000122 ","SINAPI","ADESIVO PLASTICO PARA PVC, FRASCO COM *850* GR","Material",null,"UN",6.6799999999999998E-2,69.25,4.62]
["Insumo"," 00020083 ","SINAPI","SOLUCAO PREPARADORA / LIMPADORA PARA PVC, FRASCO COM 1000 CM3","Material",null,"UN",0.104,78.45,8.15]
[{"$nulls":4},"MO sem LS =>",13.14,"LS =>",0,"MO com LS =>",13.14]
[{"$nulls":4},"Valor do BDI =>",25.79,null,"Valor com BDI =>",null,124.09]
[{"$nulls":6},"Quant. =>","2,00","Preço Total =>",248.18]
[]
[" 15.27 ","Código","Banco","Descrição","Tipo",null,"Und","Quant.","Valor Unit","Total"]
["Composição"," 98111 ","SINAPI","CAIXA DE INSPEÇÃO PARA ATERRAMENTO, CIRCULAR, EM POLIETILENO, DIÂMETRO INTERNO = 0,3 M. AF_12/2020","INHI - INSTALAÇÕES HIDROS SANITÁRIAS",null,"UN",1,51.37,51.37]
["Composição Auxiliar"," 88316 ","SINAPI","SERVENTE COM ENCARGOS COMPLEMENTARES","SEDI - SERVIÇOS DIVERSOS",null,"H",0.10879999999999999,19.850000000000001,2.15]
["Composição Auxiliar"," 88309 ","SINAPI","PEDREIRO COM ENCARGOS COMPLEMENTARES","SEDI - SERVIÇOS DIVERSOS",null,"H",0.1384,26.21,3.62]
["Composição Auxiliar"," 101618 ","SINAPI","PREPARO DE FUNDO DE VALA COM LARGURA MENOR QUE 1,5 M, COM CAMADA DE AREIA, LANÇAMENTO MANUAL. AF_08/2020","MOVT - MOVIMENTO DE TERRA",null,"m³",1.41E-2,283.57,3.99]
["Insumo"," 00034643 ","SINAPI","CAIXA DE INSPECAO PARA ATERRAMENTO E PARA RAIOS, EM POLIPROPILENO, DIAMETRO = 300 MM X ALTURA = 400 MM (INCLUIDA TAMPA SEM ESCOTILHA)","Material",null,"UN",1,41.61,41.61]
[{"$nulls":4},"MO sem LS =>",5.99,"LS =>",0,"MO com LS =>",5.99]
[{"$nulls":4},"Valor do BDI =>",13.47,null,"Valor com BDI =>",null,64.84]
[{"$nulls":6},"Quant. =>","4,00","Preço Total =>",259.36]
[]
[" 15.28 ","Código","Banco","Descrição","Tipo",null,"Und","Quant.","Valor Unit","Total"]
["Composição"," 104348 ","SINAPI","TERMINAL DE VENTILAÇÃO, PVC, SÉRIE NORMAL, ESGOTO PREDIAL, DN 50 MM, JUNTA SOLDÁVEL, FORNECIDO E INSTALADO EM PRUMADA DE ESGOTO SANITÁRIO OU VENTILAÇÃO. AF_08/2022","INHI - INSTALAÇÕES HIDROS SANITÁRIAS",null,"UN",1,8.52,8.52]
["Composição Auxiliar"," 88248 ","SINAPI","AUXILIAR DE ENCANADOR OU BOMBEIRO HIDRÁULICO COM ENCARGOS COMPLEMENTARES","SEDI - SERVIÇOS DIVERSOS",null,"H",1.14E-2,21.35,0.24]
["Composição Auxiliar"," 88267 ","SINAPI","ENCANADOR OU BOMBEIRO HIDRÁULICO COM ENCARGOS COMPLEMENTARES","SEDI - SERVIÇOS DIVERSOS",null,"H",1.14E-2,25.5,0.28999999999999998]
["Insumo"," 00039319 ","SINAPI","TERMINAL DE VENTILACAO, 50 MM, SERIE NORMAL, ESGOTO PREDIAL","Material",null,"UN",1,6.62,6.62]
["Insumo"," 00000122 ","SINAPI","ADESIVO PLASTICO PARA PVC, FRASCO COM *850* GR","Material",null,"UN",7.3000000000000001E-3,69.25,0.5]
["Insumo"," 00020083 ","SINAPI","SOLUCAO PREPARADORA / LIMPADORA PARA PVC, FRASCO COM 1000 CM3","Material",null,"UN",1.0999999999999999E-2,78.45,0.86]
["Insumo"," 00038383 ","SINAPI","LIXA D'AGUA EM FOLHA, COR PRETA, GRAO 100","Material",null,"UN",8.0000000000000002E-3,2.17,0.01]
[{"$nulls":4},"MO sem LS =>",0.43,"LS =>",0,"MO com LS =>",0.43]
[{"$nulls":4},"Valor do BDI =>",2.23,null,"Valor com BDI =>",null,10.75]
[{"$nulls":6},"Quant. =>","3,00","Preço Total =>",32.25]
[]
[" 15.29 ","Código","Banco","Descrição","Tipo",null,"Und","Quant.","Valor Unit","Total"]
["Composição"," 104351 ","SINAPI","TERMINAL DE VENTILAÇÃO, PVC, SÉRIE NORMAL, ESGOTO PREDIAL, DN 75 MM, JUNTA SOLDÁVEL, FORNECIDO E INSTALADO EM PRUMADA DE ESGOTO SANITÁRIO OU VENTILAÇÃO. AF_08/2022","INHI - INSTALAÇÕES HIDROS SANITÁRIAS",null,"UN",1,17.93,17.93]
["Composição Auxiliar"," 88267 ","SINAPI","ENCANADOR OU BOMBEIRO HIDRÁULICO COM ENCARGOS COMPLEMENTARES","SEDI - SERVIÇOS DIVERSOS",null,"H",4.19E-2,25.5,1.06]
["Composição Auxiliar"," 88248 ","SINAPI","AUXILIAR DE ENCANADOR OU BOMBEIRO HIDRÁULICO COM ENCARGOS COMPLEMENTARES","SEDI - SERVIÇOS DIVERSOS",null,"H",4.19E-2,21.35,0.89]
["Insumo"," 00000122 ","SINAPI","ADESIVO PLASTICO PARA PVC, FRASCO COM *850* GR","Material",null,"UN",1.67E-2,69.25,1.1499999999999999]
["Insumo"," 00039320 ","SINAPI","TERMINAL DE VENTILACAO, 75 MM, SERIE NORMAL, ESGOTO PREDIAL","Material",null,"UN",1,12.74,12.74]
["Insumo"," 00038383 ","SINAPI","LIXA D'AGUA EM FOLHA, COR PRETA, GRAO 100","Material",null,"UN",3.1E-2,2.17,0.06]
["Insumo"," 00020083 ","SINAPI","SOLUCAO PREPARADORA / LIMPADORA PARA PVC, FRASCO COM 1000 CM3","Material",null,"UN",2.5999999999999999E-2,78.45,2.0299999999999998]
[{"$nulls":4},"MO sem LS =>",1.63,"LS =>",0,"MO com LS =>",1.63]
[{"$nulls":4},"Valor do BDI =>",4.7,null,"Valor com BDI =>",null,22.63]
[{"$nulls":6},"Quant. =>","2,00","Preço Total =>",45.26]
[]
[" 16 ",null,null,"LOUÇAS, ACESSÓRIOS E METAIS",{"$nulls":5},28075.73]
[" 16.1 ","Código","Banco","Descrição","Tipo",null,"Und","Quant.","Valor Unit","Total"]
["Composição"," 95470 ","SINAPI","VASO SANITARIO SIFONADO CONVENCIONAL COM LOUÇA BRANCA, INCLUSO CONJUNTO DE LIGAÇÃO PARA BACIA SANITÁRIA AJUSTÁVEL - FORNECIMENTO E INSTALAÇÃO. AF_01/2020","INHI - INSTALAÇÕES HIDROS SANITÁRIAS",null,"UN",1,284.63,284.63]
["Composição Auxiliar"," 95469 ","SINAPI","VASO SANITARIO SIFONADO CONVENCIONAL COM LOUÇA BRANCA - FORNECIMENTO E INSTALAÇÃO. AF_01/2020","INHI - INSTALAÇÕES HIDROS SANITÁRIAS",null,"UN",1,276.02,276.02]
["Insumo"," 00006142 ","SINAPI","CONJUNTO DE LIGACAO AJUSTAVEL, PARA VASO / BACIA SANITARIA, EM PLASTICO BRANCO, COM TUBO, CANOPLA E ESPUDE","Material",null,"UN",1,8.61,8.61]
[{"$nulls":4},"MO sem LS =>",16.09,"LS =>",0,"MO com LS =>",16.09]
[{"$nulls":4},"Valor do BDI =>",74.680000000000007,null,"Valor com BDI =>",null,359.31]
[{"$nulls":6},"Quant. =>","5,00","Preço Total =>",1796.55]
[]
[" 16.2 ","Código","Banco","Descrição","Tipo",null,"Und","Quant.","Valor Unit","Total"]
["Composição"," 100858 ","SINAPI","MICTÓRIO SIFONADO LOUÇA BRANCA - PADRÃO MÉDIO - FORNECIMENTO E INSTALAÇÃO. AF_01/2020","INHI - INSTALAÇÕES HIDROS SANITÁRIAS",null,"UN",1,720.35,720.35]
["Composição Auxiliar"," 88316 ","SINAPI","SERVENTE COM ENCARGOS COMPLEMENTARES","SEDI - SERVIÇOS DIVERSOS",null,"H",0.31790000000000002,19.850000000000001,6.31]
["Composição Auxiliar"," 88267 ","SINAPI","ENCANADOR OU BOMBEIRO HIDRÁULICO COM ENCARGOS COMPLEMENTARES","SEDI - SERVIÇOS DIVERSOS",null,"H",1.0089999999999999,25.5,25.72]
["Insumo"," 00006142 ","SINAPI","CONJUNTO DE LIGACAO AJUSTAVEL, PARA VASO / BACIA SANITARIA, EM PLASTICO BRANCO, COM TUBO, CANOPLA E ESPUDE","Material",null,"UN",1,8.61,8.61]
["Insumo"," 00004351 ","SINAPI","PARAFUSO NIQUELADO 3 1/2\" COM ACABAMENTO CROMADO PARA FIXAR PECA SANITARIA, INCLUI PORCA CEGA, ARRUELA E BUCHA DE NYLON TAMANHO S-8","Material",null,"UN",2,20.329999999999998,40.659999999999997]
["Insumo"," 00003146 ","SINAPI","FITA VEDA ROSCA, EM PTFE, ROLO DE 18 MM X 10 M (L X C)","Material",null,"UN",3.6499999999999998E-2,4.24,0.15]
["Insumo"," 00010432 ","SINAPI","MICTORIO INDIVIDUAL, SIFONADO, DE LOUCA BRANCA, SEM COMPLEMENTOS","Material",null,"UN",1,313.39,313.39]
["Insumo"," 00021112 ","SINAPI","VALVULA DE DESCARGA EM METAL CROMADO PARA MICTORIO COM ACIONAMENTO POR PRESSAO E FECHAMENTO AUTOMATICO","Material",null,"UN",1,325.51,325.51]
[{"$nulls":4},"MO sem LS =>",26.66,"LS =>",0,"MO com LS =>",26.66]
[{"$nulls":4},"Valor do BDI =>",189.01,null,"Valor com BDI =>",null,909.36]
[{"$nulls":6},"Quant. =>","2,00","Preço Total =>",1818.72]
[]
[" 16.3 ","Código","Banco","Descrição","Tipo",null,"Und","Quant.","Valor Unit","Total"]
["Composição"," 99635 ","SINAPI","VÁLVULA DE DESCARGA METÁLICA, BASE 1 1/2\", ACABAMENTO METALICO CROMADO - FORNECIMENTO E INSTALAÇÃO. AF_08/2021","INHI - INSTALAÇÕES HIDROS SANITÁRIAS",null,"UN",1,421.77,421.77]
["Composição Auxiliar"," 88248 ","SINAPI","AUXILIAR DE ENCANADOR OU BOMBEIRO HIDRÁULICO COM ENCARGOS COMPLEMENTARES","SEDI - SERVIÇOS DIVERSOS",null,"H",0.92490000000000006,21.35,19.739999999999998]
["Composição Auxiliar"," 88267 ","SINAPI","ENCANADOR OU BOMBEIRO HIDRÁULICO COM ENCARGOS COMPLEMENTARES","SEDI - SERVIÇOS DIVERSOS",null,"H",0.92490000000000006,25.5,23.58]
["Insumo"," 00010228 ","SINAPI","VALVULA DE DESCARGA METALICA, BASE 1 1/2\" E ACABAMENTO METALICO CROMADO","Material",null,"UN",1,378.15,378.15]
["Insumo"," 00003148 ","SINAPI","FITA VEDA ROSCA, EM PTFE, ROLO DE 18 MM X 50 M (L X C)","Material",null,"UN",1.9199999999999998E-2,15.63,0.3]
[{"$nulls":4},"MO sem LS =>",36.090000000000003,"LS =>",0,"MO com LS =>",36.090000000000003]
[{"$nulls":4},"Valor do BDI =>",110.67,null,"Valor com BDI =>",null,532.44000000000005]
[{"$nulls":6},"Quant. =>","5,00","Preço Total =>",2662.2]
[]
[" 16.4 ","Código","Banco","Descrição","Tipo",null,"Und","Quant.","Valor Unit","Total"]
["Composição"," 99635 ","SINAPI","VÁLVULA DE DESCARGA METÁLICA, BASE 1 1/2\", ACABAMENTO METALICO CROMADO - FORNECIMENTO E INSTALAÇÃO. AF_08/2021","INHI - INSTALAÇÕES HIDROS SANITÁRIAS",null,"UN",1,421.77,421.77]
["Composição Auxiliar"," 88248 ","SINAPI","AUXILIAR DE ENCANADOR OU BOMBEIRO HIDRÁULICO COM ENCARGOS COMPLEMENTARES","SEDI - SERVIÇOS DIVERSOS",null,"H",0.92490000000000006,21.35,19.739999999999998]
["Composição Auxiliar"," 88267 ","SINAPI","ENCANADOR OU BOMBEIRO HIDRÁULICO COM ENCARGOS COMPLEMENTARES","SEDI - SERVIÇOS DIVERSOS",null,"H",0.92490000000000006,25.5,23.58]
["Insumo"," 00010228 ","SINAPI","VALVULA DE DESCARGA METALICA, BASE 1 1/2\" E ACABAMENTO METALICO CROMADO","Material",null,"UN",1,378.15,378.15]
["Insumo"," 00003148 ","SINAPI","FITA VEDA ROSCA, EM PTFE, ROLO DE 18 MM X 50 M (L X C)","Material",null,"UN",1.9199999999999998E-2,15.63,0.3]
[{"$nulls":4},"MO sem LS =>",36.090000000000003,"LS =>",0,"MO com LS =>",36.090000000000003]
[{"$nulls":4},"Valor do BDI =>",110.67,null,"Valor com BDI =>",null,532.44000000000005]
[{"$nulls":6},"Quant. =>","2,00","Preço Total =>",1064.8800000000001]
[]
[" 16.5 ","Código","Banco","Descrição","Tipo",null,"Und","Quant.","Valor Unit","Total"]
["Composição"," 86901 ","SINAPI","CUBA DE EMBUTIR OVAL EM LOUÇA BRANCA, 35 X 50CM OU EQUIVALENTE - FORNECIMENTO E INSTALAÇÃO. AF_01/2020","INHI - INSTALAÇÕES HIDROS SANITÁRIAS",null,"UN",1,136.29,136.29]
["Composição Auxiliar"," 88316 ","SINAPI","SERVENTE COM ENCARGOS COMPLEMENTARES","SEDI - SERVIÇOS DIVERSOS",null,"H",0.26650000000000001,19.850000000000001,5.29]
["Composição Auxiliar"," 88274 ","SINAPI","MARMORISTA/GRANITEIRO COM ENCARGOS COMPLEMENTARES","SEDI - SERVIÇOS DIVERSOS",null,"H",0.8458,27.43,23.2]
["Insumo"," 00020269 ","SINAPI","LAVATORIO / CUBA DE EMBUTIR, OVAL, DE LOUCA BRANCA, SEM LADRAO, DIMENSOES *50 X 35* CM (L X C)","Material",null,"UN",1,84.68,84.68]
["Insumo"," 00004823 ","SINAPI","MASSA PLASTICA PARA MARMORE/GRANITO","Material",null,"KG",0.52710000000000001,43.87,23.12]
[{"$nulls":4},"MO sem LS =>",23.43,"LS =>",0,"MO com LS =>",23.43]
[{"$nulls":4},"Valor do BDI =>",35.76,null,"Valor com BDI =>",null,172.05]
[{"$nulls":6},"Quant. =>","6,00","Preço Total =>",1032.3]
[]
[" 16.6 ","Código","Banco","Descrição","Tipo",null,"Und","Quant.","Valor Unit","Total"]
["Composição"," 86904 ","SINAPI","LAVATÓRIO LOUÇA BRANCA SUSPENSO, 29,5 X 39CM OU EQUIVALENTE, PADRÃO POPULAR - FORNECIMENTO E INSTALAÇÃO. AF_01/2020","INHI - INSTALAÇÕES HIDROS SANITÁRIAS",null,"UN",1,139.38999999999999,139.38999999999999]
["Composição Auxiliar"," 88267 ","SINAPI","ENCANADOR OU BOMBEIRO HIDRÁULICO COM ENCARGOS COMPLEMENTARES","SEDI - SERVIÇOS DIVERSOS",null,"H",0.38700000000000001,25.5,9.86]
["Composição Auxiliar"," 88316 ","SINAPI","SERVENTE COM ENCARGOS COMPLEMENTARES","SEDI - SERVIÇOS DIVERSOS",null,"H",0.18859999999999999,19.850000000000001,3.74]
["Insumo"," 00010425 ","SINAPI","LAVATORIO DE LOUCA BRANCA, SUSPENSO (SEM COLUNA), DIMENSOES *40 X 30* CM","Material",null,"UN",1,81.489999999999995,81.489999999999995]
["Insumo"," 00004351 ","SINAPI","PARAFUSO NIQUELADO 3 1/2\" COM ACABAMENTO CROMADO PARA FIXAR PECA SANITARIA, INCLUI PORCA CEGA, ARRUELA E BUCHA DE NYLON TAMANHO S-8","Material",null,"UN",2,20.329999999999998,40.659999999999997]
["Insumo"," 00037329 ","SINAPI","REJUNTE EPOXI, QUALQUER COR","Material",null,"KG",3.04E-2,119.96,3.64]
[{"$nulls":4},"MO sem LS =>",11.25,"LS =>",0,"MO com LS =>",11.25]
[{"$nulls":4},"Valor do BDI =>",36.57,null,"Valor com BDI =>",null,175.96]
[{"$nulls":6},"Quant. =>","2,00","Preço Total =>",351.92]
[]
[" 16.7 ","Código","Banco","Descrição","Tipo",null,"Und","Quant.","Valor Unit","Total"]
["Composição"," 100860 ","SINAPI","CHUVEIRO ELÉTRICO COMUM CORPO PLÁSTICO, TIPO DUCHA - FORNECIMENTO E INSTALAÇÃO. AF_01/2020","INHI - INSTALAÇÕES HIDROS SANITÁRIAS",null,"UN",1,104.26,104.26]
["Composição Auxiliar"," 88316 ","SINAPI","SERVENTE COM ENCARGOS COMPLEMENTARES","SEDI - SERVIÇOS DIVERSOS",null,"H",0.14069999999999999,19.850000000000001,2.79]
["Composição Auxiliar"," 88267 ","SINAPI","ENCANADOR OU BOMBEIRO HIDRÁULICO COM ENCARGOS COMPLEMENTARES","SEDI - SERVIÇOS DIVERSOS",null,"H",0.44669999999999999,25.5,11.39]
["Insumo"," 00003146 ","SINAPI","FITA VEDA ROSCA, EM PTFE, ROLO DE 18 MM X 10 M (L X C)","Material",null,"UN",2.1000000000000001E-2,4.24,0.08]
["Insumo"," 00001368 ","SINAPI","CHUVEIRO COMUM EM PLASTICO BRANCO, COM CANO, 3 TEMPERATURAS, 5500 W (110/220 V)","Material",null,"UN",1,90,90]
[{"$nulls":4},"MO sem LS =>",11.8,"LS =>",0,"MO com LS =>",11.8]
[{"$nulls":4},"Valor do BDI =>",27.35,null,"Valor com BDI =>",null,131.61000000000001]
[{"$nulls":6},"Quant. =>","8,00","Preço Total =>",1052.8800000000001]
[]
[" 16.8 ","Código","Banco","Descrição","Tipo",null,"Und","Quant.","Valor Unit","Total"]
["Composição"," C1151 ","SEINFRA","DUCHA P/ WC CROMADO (INSTALADO)",0,null,"UN",1,75.150000000000006,75.150000000000006]
["Insumo"," I2320 ","SEINFRA","ENCANADOR","Mão de Obra",null,"H",0.5,26.18,13.09]
["Insumo"," I0797 ","SEINFRA","CHUVEIRO-DUCHA CROMADO 1/2''","Material",null,"UN",1,51.41,51.41]
["Insumo"," I0043 ","SEINFRA","AJUDANTE DE ENCANADOR","Mão de Obra",null,"H",0.5,21.1,10.55]
["Insumo"," I1180 ","SEINFRA","FITA DE VEDAÇÃO","Material",null,"M",0.28000000000000003,0.36,0.1]
[{"$nulls":4},"MO sem LS =>",23.64,"LS =>",0,"MO com LS =>",23.64]
[{"$nulls":4},"Valor do BDI =>",19.71,null,"Valor com BDI =>",null,94.86]
[{"$nulls":6},"Quant. =>","2,00","Preço Total =>",189.72]
[]
[" 16.9 ","Código","Banco","Descrição","Tipo",null,"Und","Quant.","Valor Unit","Total"]
["Composição"," 86906 ","SINAPI","TORNEIRA CROMADA DE MESA, 1/2\" OU 3/4\", PARA LAVATÓRIO, PADRÃO POPULAR - FORNECIMENTO E INSTALAÇÃO. AF_01/2020","INHI - INSTALAÇÕES HIDROS SANITÁRIAS",null,"UN",1,142.82,142.82]
["Composição Auxiliar"," 88267 ","SINAPI","ENCANADOR OU BOMBEIRO HIDRÁULICO COM ENCARGOS COMPLEMENTARES","SEDI - SERVIÇOS DIVERSOS",null,"H",9.6000000000000002E-2,25.5,2.44]
["Composição Auxiliar"," 88316 ","SINAPI","SERVENTE COM ENCARGOS COMPLEMENTARES","SEDI - SERVIÇOS DIVERSOS",null,"H",3.0300000000000001E-2,19.850000000000001,0.6]
["Insumo"," 00013415 ","SINAPI","TORNEIRA DE MESA/BANCADA, PARA LAVATORIO, FIXA, METALICA CROMADA, PADRAO POPULAR, 1/2\" OU 3/4\"","Material",null,"UN",1,139.69999999999999,139.69999999999999]
["Insumo"," 00003146 ","SINAPI","FITA VEDA ROSCA, EM PTFE, ROLO DE 18 MM X 10 M (L X C)","Material",null,"UN",2.1000000000000001E-2,4.24,0.08]
[{"$nulls":4},"MO sem LS =>",2.5299999999999998,"LS =>",0,"MO com LS =>",2.5299999999999998]
[{"$nulls":4},"Valor do BDI =>",37.47,null,"Valor com BDI =>",null,180.29]
[{"$nulls":6},"Quant. =>","6,00","Preço Total =>",1081.74]
[]
[" 16.10 ","Código","Banco","Descrição","Tipo",null,"Und","Quant.","Valor Unit","Total"]
["Composição"," 86906 ","SINAPI","TORNEIRA CROMADA DE MESA, 1/2\" OU 3/4\", PARA LAVATÓRIO, PADRÃO POPULAR - FORNECIMENTO E INSTALAÇÃO. AF_01/2020","INHI - INSTALAÇÕES HIDROS SANITÁRIAS",null,"UN",1,142.82,142.82]
["Composição Auxiliar"," 88267 ","SINAPI","ENCANADOR OU BOMBEIRO HIDRÁULICO COM ENCARGOS COMPLEMENTARES","SEDI - SERVIÇOS DIVERSOS",null,"H",9.6000000000000002E-2,25.5,2.44]
["Composição Auxiliar"," 88316 ","SINAPI","SERVENTE COM ENCARGOS COMPLEMENTARES","SEDI - SERVIÇOS DIVERSOS",null,"H",3.0300000000000001E-2,19.850000000000001,0.6]
["Insumo"," 00013415 ","SINAPI","TORNEIRA DE MESA/BANCADA, PARA LAVATORIO, FIXA, METALICA CROMADA, PADRAO POPULAR, 1/2\" OU 3/4\"","Material",null,"UN",1,139.69999999999999,139.69999999999999]
["Insumo"," 00003146 ","SINAPI","FITA VEDA ROSCA, EM PTFE, ROLO DE 18 MM X 10 M (L X C)","Material",null,"UN",2.1000000000000001E-2,4.24,0.08]
[{"$nulls":4},"MO sem LS =>",2.5299999999999998,"LS =>",0,"MO com LS =>",2.5299999999999998]
[{"$nulls":4},"Valor do BDI =>",37.47,null,"Valor com BDI =>",null,180.29]
[{"$nulls":6},"Quant. =>","2,00","Preço Total =>",360.58]
[]
[" 16.11 ","Código","Banco","Descrição","Tipo",null,"Und","Quant.","Valor Unit","Total"]
["Composição"," 100866 ","SINAPI","BARRA DE APOIO RETA, EM ACO INOX POLIDO, COMPRIMENTO 60CM, FIXADA NA PAREDE - FORNECIMENTO E INSTALAÇÃO. AF_01/2020","INHI - INSTALAÇÕES HIDROS SANITÁRIAS",null,"UN",1,381.25,381.25]
["Composição Auxiliar"," 88316 ","SINAPI","SERVENTE COM ENCARGOS COMPLEMENTARES","SEDI - SERVIÇOS DIVERSOS",null,"H",0.29880000000000001,19.850000000000001,5.93]
["Composição Auxiliar"," 88267 ","SINAPI","ENCANADOR OU BOMBEIRO HIDRÁULICO COM ENCARGOS COMPLEMENTARES","SEDI - SERVIÇOS DIVERSOS",null,"H",0.94850000000000001,25.5,24.18]
["Insumo"," 00036204 ","SINAPI","BARRA DE APOIO RETA, EM ACO INOX POLIDO, COMPRIMENTO 60CM, DIAMETRO MINIMO 3 CM","Material",null,"UN",1,229.16,229.16]
["Insumo"," 00004351 ","SINAPI","PARAFUSO NIQUELADO 3 1/2\" COM ACABAMENTO CROMADO PARA FIXAR PECA SANITARIA, INCLUI PORCA CEGA, ARRUELA E BUCHA DE NYLON TAMANHO S-8","Material",null,"UN",6,20.329999999999998,121.98]
[{"$nulls":4},"MO sem LS =>",25.06,"LS =>",0,"MO com LS =>",25.06]
[{"$nulls":4},"Valor do BDI =>",100.04,null,"Valor com BDI =>",null,481.29]
[{"$nulls":6},"Quant. =>","6,00","Preço Total =>",2887.74]
[]
[" 16.12 ","Código","Banco","Descrição","Tipo",null,"Und","Quant.","Valor Unit","Total"]
["Composição"," 100866 ","SINAPI","BARRA DE APOIO RETA, EM ACO INOX POLIDO, COMPRIMENTO 60CM, FIXADA NA PAREDE - FORNECIMENTO E INSTALAÇÃO. AF_01/2020","INHI - INSTALAÇÕES HIDROS SANITÁRIAS",null,"UN",1,381.25,381.25]
["Composição Auxiliar"," 88316 ","SINAPI","SERVENTE COM ENCARGOS COMPLEMENTARES","SEDI - SERVIÇOS DIVERSOS",null,"H",0.29880000000000001,19.850000000000001,5.93]
["Composição Auxiliar"," 88267 ","SINAPI","ENCANADOR OU BOMBEIRO HIDRÁULICO COM ENCARGOS COMPLEMENTARES","SEDI - SERVIÇOS DIVERSOS",null,"H",0.94850000000000001,25.5,24.18]
["Insumo"," 00036204 ","SINAPI","BARRA DE APOIO RETA, EM ACO INOX POLIDO, COMPRIMENTO 60CM, DIAMETRO MINIMO 3 CM","Material",null,"UN",1,229.16,229.16]
["Insumo"," 00004351 ","SINAPI","PARAFUSO NIQUELADO 3 1/2\" COM ACABAMENTO CROMADO PARA FIXAR PECA SANITARIA, INCLUI PORCA CEGA, ARRUELA E BUCHA DE NYLON TAMANHO S-8","Material",null,"UN",6,20.329999999999998,121.98]
[{"$nulls":4},"MO sem LS =>",25.06,"LS =>",0,"MO com LS =>",25.06]
[{"$nulls":4},"Valor do BDI =>",100.04,null,"Valor com BDI =>",null,481.29]
[{"$nulls":6},"Quant. =>","3,00","Preço Total =>",1443.87]
[]
[" 16.13 ","Código","Banco","Descrição","Tipo",null,"Und","Quant.","Valor Unit","Total"]
["Composição"," 100867 ","SINAPI","BARRA DE APOIO RETA, EM ACO INOX POLIDO, COMPRIMENTO 70 CM, FIXADA NA PAREDE - FORNECIMENTO E INSTALAÇÃO. AF_01/2020","INHI - INSTALAÇÕES HIDROS SANITÁRIAS",null,"UN",1,406.6,406.6]
["Composição Auxiliar"," 88267 ","SINAPI","ENCANADOR OU BOMBEIRO HIDRÁULICO COM ENCARGOS COMPLEMENTARES","SEDI - SERVIÇOS DIVERSOS",null,"H",0.94850000000000001,25.5,24.18]
["Composição Auxiliar"," 88316 ","SINAPI","SERVENTE COM ENCARGOS COMPLEMENTARES","SEDI - SERVIÇOS DIVERSOS",null,"H",0.29880000000000001,19.850000000000001,5.93]
["Insumo"," 00004351 ","SINAPI","PARAFUSO NIQUELADO 3 1/2\" COM ACABAMENTO CROMADO PARA FIXAR PECA SANITARIA, INCLUI PORCA CEGA, ARRUELA E BUCHA DE NYLON TAMANHO S-8","Material",null,"UN",6,20.329999999999998,121.98]
["Insumo"," 00036205 ","SINAPI","BARRA DE APOIO RETA, EM ACO INOX POLIDO, COMPRIMENTO 70CM, DIAMETRO MINIMO 3 CM","Material",null,"UN",1,254.51,254.51]
[{"$nulls":4},"MO sem LS =>",25.06,"LS =>",0,"MO com LS =>",25.06]
[{"$nulls":4},"Valor do BDI =>",106.69,null,"Valor com BDI =>",null,513.29]
[{"$nulls":6},"Quant. =>","11,00","Preço Total =>",5646.19]
[]
[" 16.14 ","Código","Banco","Descrição","Tipo",null,"Und","Quant.","Valor Unit","Total"]
["Composição"," 100868 ","SINAPI","BARRA DE APOIO RETA, EM ACO INOX POLIDO, COMPRIMENTO 80 CM, FIXADA NA PAREDE - FORNECIMENTO E INSTALAÇÃO. AF_01/2020","INHI - INSTALAÇÕES HIDROS SANITÁRIAS",null,"UN",1,423.46,423.46]
["Composição Auxiliar"," 88316 ","SINAPI","SERVENTE COM ENCARGOS COMPLEMENTARES","SEDI - SERVIÇOS DIVERSOS",null,"H",0.29880000000000001,19.850000000000001,5.93]
["Composição Auxiliar"," 88267 ","SINAPI","ENCANADOR OU BOMBEIRO HIDRÁULICO COM ENCARGOS COMPLEMENTARES","SEDI - SERVIÇOS DIVERSOS",null,"H",0.94850000000000001,25.5,24.18]
["Insumo"," 00036081 ","SINAPI","BARRA DE APOIO RETA, EM ACO INOX POLIDO, COMPRIMENTO 80CM, DIAMETRO MINIMO 3 CM","Material",null,"UN",1,271.37,271.37]
["Insumo"," 00004351 ","SINAPI","PARAFUSO NIQUELADO 3 1/2\" COM ACABAMENTO CROMADO PARA FIXAR PECA SANITARIA, INCLUI PORCA CEGA, ARRUELA E BUCHA DE NYLON TAMANHO S-8","Material",null,"UN",6,20.329999999999998,121.98]
[{"$nulls":4},"MO sem LS =>",25.06,"LS =>",0,"MO com LS =>",25.06]
[{"$nulls":4},"Valor do BDI =>",111.11,null,"Valor com BDI =>",null,534.57000000000005]
[{"$nulls":6},"Quant. =>","6,00","Preço Total =>",3207.42]
[]
[" 16.15 ","Código","Banco","Descrição","Tipo",null,"Und","Quant.","Valor Unit","Total"]
["Composição"," 100875 ","SINAPI","BANCO ARTICULADO, EM ACO INOX, PARA PCD, FIXADO NA PAREDE - FORNECIMENTO E INSTALAÇÃO. AF_01/2020","INHI - INSTALAÇÕES HIDROS SANITÁRIAS",null,"UN",1,1377.94,1377.94]
["Composição Auxiliar"," 88267 ","SINAPI","ENCANADOR OU BOMBEIRO HIDRÁULICO COM ENCARGOS COMPLEMENTARES","SEDI - SERVIÇOS DIVERSOS",null,"H",1.2646999999999999,25.5,32.24]
["Composição Auxiliar"," 88316 ","SINAPI","SERVENTE COM ENCARGOS COMPLEMENTARES","SEDI - SERVIÇOS DIVERSOS",null,"H",0.39850000000000002,19.850000000000001,7.91]
["Insumo"," 00036215 ","SINAPI","BANCO ARTICULADO PARA BANHO, EM ACO INOX POLIDO, 70* CM X 45* CM","Material",null,"UN",1,1175.1500000000001,1175.1500000000001]
["Insumo"," 00004351 ","SINAPI","PARAFUSO NIQUELADO 3 1/2\" COM ACABAMENTO CROMADO PARA FIXAR PECA SANITARIA, INCLUI PORCA CEGA, ARRUELA E BUCHA DE NYLON TAMANHO S-8","Material",null,"UN",8,20.329999999999998,162.63999999999999]
[{"$nulls":4},"MO sem LS =>",33.42,"LS =>",0,"MO com LS =>",33.42]
[{"$nulls":4},"Valor do BDI =>",361.57,null,"Valor com BDI =>",null,1739.51]
[{"$nulls":6},"Quant. =>","2,00","Preço Total =>",3479.02]
[]
[" 17 ",null,null,"SISTEMA DE PROTEÇÃO CONTRA INCÊNDIO",{"$nulls":5},1919.7]
[" 17.1 ","Código","Banco","Descrição","Tipo",null,"Und","Quant.","Valor Unit","Total"]
["Composição"," 97599 ","SINAPI","LUMINÁRIA DE EMERGÊNCIA, COM 30 LÂMPADAS LED DE 2 W, SEM REATOR - FORNECIMENTO E INSTALAÇÃO. AF_09/2024","INEL - INSTALAÇÃO ELÉTRICA/ELETRIFICAÇÃO E ILUMINAÇÃO EXTERNA",null,"UN",1,19.73,19.73]
["Composição Auxiliar"," 88264 ","SINAPI","ELETRICISTA COM ENCARGOS COMPLEMENTARES","SEDI - SERVIÇOS DIVERSOS",null,"H",0.17649999999999999,26.59,4.6900000000000004]
["Composição Auxiliar"," 88247 ","SINAPI","AUXILIAR DE ELETRICISTA COM ENCARGOS COMPLEMENTARES","SEDI - SERVIÇOS DIVERSOS",null,"H",5.5156200000000002E-2,22.36,1.23]
["Insumo"," 00038774 ","SINAPI","LUMINARIA DE EMERGENCIA 30 LEDS, POTENCIA 2 W, BATERIA DE LITIO, AUTONOMIA DE 6 HORAS","Material",null,"UN",1,13.81,13.81]
[{"$nulls":4},"MO sem LS =>",4.8600000000000003,"LS =>",0,"MO com LS =>",4.8600000000000003]
[{"$nulls":4},"Valor do BDI =>",5.17,null,"Valor com BDI =>",null,24.9]
[{"$nulls":6},"Quant. =>","15,00","Preço Total =>",373.5]
[]
[null,"Código","Banco","Descrição","Tipo",null,"Und","Quant.","Valor Unit","Total"]
["Insumo"," 00037558 ","SINAPI","PLACA DE SINALIZACAO DE SEGURANCA CONTRA INCENDIO, FOTOLUMINESCENTE, RETANGULAR, *20 X 40* CM, EM PVC *2* MM ANTI-CHAMAS (SIMBOLOS, CORES E PICTOGRAMAS CONFORME NBR 16820)","Material",null,"UN",1,68.05,68.05]
[{"$nulls":4},"MO sem LS =>",0,"LS =>",0,"MO com LS =>",0]
[{"$nulls":4},"Valor do BDI =>",null,null,"Valor com BDI =>",null,85.9]
[{"$nulls":6},"Quant. =>","18,00","Preço Total =>",1546.2]
[]
[" 18 ",null,null,"INSTALAÇÃO ELÉTRICA - 220V",{"$nulls":5},53775.12]
[" 18.1 ",null,null,"CENTRO DE DISTRIBUIÇÃO",{"$nulls":5},13186.76]
[" 18.1.1 ","Código","Banco","Descrição","Tipo",null,"Und","Quant.","Valor Unit","Total"]
["Composição"," 101875 ","SINAPI","QUADRO DE DISTRIBUIÇÃO DE ENERGIA EM CHAPA DE AÇO GALVANIZADO, DE EMBUTIR, COM BARRAMENTO TRIFÁSICO, PARA 12 DISJUNTORES DIN 100A - FORNECIMENTO E INSTALAÇÃO. AF_10/2020","INEL - INSTALAÇÃO ELÉTRICA/ELETRIFICAÇÃO E ILUMINAÇÃO EXTERNA",null,"UN",1,370.02,370.02]
["Composição Auxiliar"," 88264 ","SINAPI","ELETRICISTA COM ENCARGOS COMPLEMENTARES","SEDI - SERVIÇOS DIVERSOS",null,"H",0.48110000000000003,26.59,12.79]
["Composição Auxiliar"," 87367 ","SINAPI","ARGAMASSA TRAÇO 1:1:6 (EM VOLUME DE CIMENTO, CAL E AREIA MÉDIA ÚMIDA) PARA EMBOÇO/MASSA ÚNICA/ASSENTAMENTO DE ALVENARIA DE VEDAÇÃO, PREPARO MANUAL. AF_08/2019","SEDI - SERVIÇOS DIVERSOS",null,"m³",1.17E-2,834.55,9.76]
["Composição Auxiliar"," 88247 ","SINAPI","AUXILIAR DE ELETRICISTA COM ENCARGOS COMPLEMENTARES","SEDI - SERVIÇOS DIVERSOS",null,"H",0.48110000000000003,22.36,10.75]
["Insumo"," 00013393 ","SINAPI","QUADRO DE DISTRIBUICAO COM BARRAMENTO TRIFASICO, DE EMBUTIR, EM CHAPA DE ACO GALVANIZADO, PARA 12 DISJUNTORES DIN, 100 A","Material",null,"UN",1,336.72,336.72]
[{"$nulls":4},"MO sem LS =>",21.14,"LS =>",0,"MO com LS =>",21.14]
[{"$nulls":4},"Valor do BDI =>",97.09,null,"Valor com BDI =>",null,467.11]
[{"$nulls":6},"Quant. =>","1,00","Preço Total =>",467.11]
[]
[" 18.1.2 ","Código","Banco","Descrição","Tipo",null,"Und","Quant.","Valor Unit","Total"]
["Composição"," 101883 ","SINAPI","QUADRO DE DISTRIBUIÇÃO DE ENERGIA EM CHAPA DE AÇO GALVANIZADO, DE EMBUTIR, COM BARRAMENTO TRIFÁSICO, PARA 18 DISJUNTORES DIN 100A - FORNECIMENTO E INSTALAÇÃO. AF_10/2020","INEL - INSTALAÇÃO ELÉTRICA/ELETRIFICAÇÃO E ILUMINAÇÃO EXTERNA",null,"UN",1,509.15,509.15]
["Composição Auxiliar"," 88247 ","SINAPI","AUXILIAR DE ELETRICISTA COM ENCARGOS COMPLEMENTARES","SEDI - SERVIÇOS DIVERSOS",null,"H",0.53349999999999997,22.36,11.92]
["Composição Auxiliar"," 88264 ","SINAPI","ELETRICISTA COM ENCARGOS COMPLEMENTARES","SEDI - SERVIÇOS DIVERSOS",null,"H",0.53349999999999997,26.59,14.18]
["Composição Auxiliar"," 87367 ","SINAPI","ARGAMASSA TRAÇO 1:1:6 (EM VOLUME DE CIMENTO, CAL E AREIA MÉDIA ÚMIDA) PARA EMBOÇO/MASSA ÚNICA/ASSENTAMENTO DE ALVENARIA DE VEDAÇÃO, PREPARO MANUAL. AF_08/2019","SEDI - SERVIÇOS DIVERSOS",null,"m³",1.34E-2,834.55,11.18]
["Insumo"," 00013395 ","SINAPI","QUADRO DE DISTRIBUICAO COM BARRAMENTO TRIFASICO, DE EMBUTIR, EM CHAPA DE ACO GALVANIZADO, PARA 18 DISJUNTORES DIN, 100 A","Material",null,"UN",1,471.87,471.87]
[{"$nulls":4},"MO sem LS =>",23.52,"LS =>",0,"MO com LS =>",23.52]
[{"$nulls":4},"Valor do BDI =>",133.6,null,"Valor com BDI =>",null,642.75]
[{"$nulls":6},"Quant. =>","1,00","Preço Total =>",642.75]
[]
[" 18.1.3 ","Código","Banco","Descrição","Tipo",null,"Und","Quant.","Valor Unit","Total"]
["Composição"," 97361 ","SINAPI","QUADRO DE MEDIÇÃO GERAL DE ENERGIA COM 16 MEDIDORES - FORNECIMENTO E INSTALAÇÃO. AF_10/2020","INEL - INSTALAÇÃO ELÉTRICA/ELETRIFICAÇÃO E ILUMINAÇÃO EXTERNA",null,"UN",1,9566.6200000000008,9566.6200000000008]
["Composição Auxiliar"," 88264 ","SINAPI","ELETRICISTA COM ENCARGOS COMPLEMENTARES","SEDI - SERVIÇOS DIVERSOS",null,"H",7.3205,26.59,194.65]
["Composição Auxiliar"," 88247 ","SINAPI","AUXILIAR DE ELETRICISTA COM ENCARGOS COMPLEMENTARES","SEDI - SERVIÇOS DIVERSOS",null,"H",7.3205,22.36,163.68]
["Insumo"," 00043092 ","SINAPI","CENTRO DE MEDICAO AGRUPADA, EM POLICARBONATO / PVC, COM 16 MEDIDORES E PROTECAO GERAL (INCLUI BARRAMENTO, DISJUNTORES E ACESSORIOS DE FIXACAO) (PADRAO CONCESSIONARIA LOCAL)","Material",null,"UN",1,9208.2900000000009,9208.2900000000009]
[{"$nulls":4},"MO sem LS =>",291.13,"LS =>",0,"MO com LS =>",291.13]
[{"$nulls":4},"Valor do BDI =>",2510.2800000000002,null,"Valor com BDI =>",null,12076.9]
[{"$nulls":6},"Quant. =>","1,00","Preço Total =>",12076.9]
[]
[" 18.2 ",null,null,"DISJUNTORES",{"$nulls":5},897.48]
[" 18.2.1 ","Código","Banco","Descrição","Tipo",null,"Und","Quant.","Valor Unit","Total"]
["Composição"," 93653 ","SINAPI","DISJUNTOR MONOPOLAR TIPO DIN, CORRENTE NOMINAL DE 10A - FORNECIMENTO E INSTALAÇÃO. AF_10/2020","INEL - INSTALAÇÃO ELÉTRICA/ELETRIFICAÇÃO E ILUMINAÇÃO EXTERNA",null,"UN",1,12.42,12.42]
["Composição Auxiliar"," 88247 ","SINAPI","AUXILIAR DE ELETRICISTA COM ENCARGOS COMPLEMENTARES","SEDI - SERVIÇOS DIVERSOS",null,"H",3.5200000000000002E-2,22.36,0.78]
["Composição Auxiliar"," 88264 ","SINAPI","ELETRICISTA COM ENCARGOS COMPLEMENTARES","SEDI - SERVIÇOS DIVERSOS",null,"H",3.5200000000000002E-2,26.59,0.93]
["Insumo"," 00034653 ","SINAPI","DISJUNTOR TERMOMAGNETICO PARA TRILHO DIN (IEC), MONOPOLAR, 6 - 32 A","Material",null,"UN",1,9.49,9.49]
["Insumo"," 00001570 ","SINAPI","TERMINAL A COMPRESSAO EM COBRE ESTANHADO PARA CABO 2,5 MM2, 1 FURO E 1 COMPRESSAO, PARA PARAFUSO DE FIXACAO M5","Material",null,"UN",1,1.22,1.22]
[{"$nulls":4},"MO sem LS =>",1.39,"LS =>",0,"MO com LS =>",1.39]
[{"$nulls":4},"Valor do BDI =>",3.25,null,"Valor com BDI =>",null,15.67]
[{"$nulls":6},"Quant. =>","13,00","Preço Total =>",203.71]
[]
[" 18.2.2 ","Código","Banco","Descrição","Tipo",null,"Und","Quant.","Valor Unit","Total"]
["Composição"," 93654 ","SINAPI","DISJUNTOR MONOPOLAR TIPO DIN, CORRENTE NOMINAL DE 16A - FORNECIMENTO E INSTALAÇÃO. AF_10/2020","INEL - INSTALAÇÃO ELÉTRICA/ELETRIFICAÇÃO E ILUMINAÇÃO EXTERNA",null,"UN",1,13.03,13.03]
["Composição Auxiliar"," 88247 ","SINAPI","AUXILIAR DE ELETRICISTA COM ENCARGOS COMPLEMENTARES","SEDI - SERVIÇOS DIVERSOS",null,"H",4.7600000000000003E-2,22.36,1.06]
["Composição Auxiliar"," 88264 ","SINAPI","ELETRICISTA COM ENCARGOS COMPLEMENTARES","SEDI - SERVIÇOS DIVERSOS",null,"H",4.7600000000000003E-2,26.59,1.26]
["Insumo"," 00001570 ","SINAPI","TERMINAL A COMPRESSAO EM COBRE ESTANHADO PARA CABO 2,5 MM2, 1 FURO E 1 COMPRESSAO, PARA PARAFUSO DE FIXACAO M5","Material",null,"UN",1,1.22,1.22]
["Insumo"," 00034653 ","SINAPI","DISJUNTOR TERMOMAGNETICO PARA TRILHO DIN (IEC), MONOPOLAR, 6 - 32 A","Material",null,"UN",1,9.49,9.49]
[{"$nulls":4},"MO sem LS =>",1.88,"LS =>",0,"MO com LS =>",1.88]
[{"$nulls":4},"Valor do BDI =>",3.41,null,"Valor com BDI =>",null,16.440000000000001]
[{"$nulls":6},"Quant. =>","1,00","Preço Total =>",16.440000000000001]
[]
[" 18.2.3 ","Código","Banco","Descrição","Tipo",null,"Und","Quant.","Valor Unit","Total"]
["Composição"," 93657 ","SINAPI","DISJUNTOR MONOPOLAR TIPO DIN, CORRENTE NOMINAL DE 32A - FORNECIMENTO E INSTALAÇÃO. AF_10/2020","INEL - INSTALAÇÃO ELÉTRICA/ELETRIFICAÇÃO E ILUMINAÇÃO EXTERNA",null,"UN",1,15.83,15.83]
["Composição Auxiliar"," 88264 ","SINAPI","ELETRICISTA COM ENCARGOS COMPLEMENTARES","SEDI - SERVIÇOS DIVERSOS",null,"H",9.11E-2,26.59,2.42]
["Composição Auxiliar"," 88247 ","SINAPI","AUXILIAR DE ELETRICISTA COM ENCARGOS COMPLEMENTARES","SEDI - SERVIÇOS DIVERSOS",null,"H",9.11E-2,22.36,2.0299999999999998]
["Insumo"," 00034653 ","SINAPI","DISJUNTOR TERMOMAGNETICO PARA TRILHO DIN (IEC), MONOPOLAR, 6 - 32 A","Material",null,"UN",1,9.49,9.49]
["Insumo"," 00001573 ","SINAPI","TERMINAL A COMPRESSAO EM COBRE ESTANHADO PARA CABO 6 MM2, 1 FURO E 1 COMPRESSAO, PARA PARAFUSO DE FIXACAO M6","Material",null,"UN",1,1.89,1.89]
[{"$nulls":4},"MO sem LS =>",3.61,"LS =>",0,"MO com LS =>",3.61]
[{"$nulls":4},"Valor do BDI =>",4.1500000000000004,null,"Valor com BDI =>",null,19.98]
[{"$nulls":6},"Quant. =>","8,00","Preço Total =>",159.84]
[]
[" 18.2.4 ","Código","Banco","Descrição","Tipo",null,"Und","Quant.","Valor Unit","Total"]
["Composição"," 93663 ","SINAPI","DISJUNTOR BIPOLAR TIPO DIN, CORRENTE NOMINAL DE 25A - FORNECIMENTO E INSTALAÇÃO. AF_10/2020","INEL - INSTALAÇÃO ELÉTRICA/ELETRIFICAÇÃO E ILUMINAÇÃO EXTERNA",null,"UN",1,64.08,64.08]
["Composição Auxiliar"," 88247 ","SINAPI","AUXILIAR DE ELETRICISTA COM ENCARGOS COMPLEMENTARES","SEDI - SERVIÇOS DIVERSOS",null,"H",0.13250000000000001,22.36,2.96]
["Composição Auxiliar"," 88264 ","SINAPI","ELETRICISTA COM ENCARGOS COMPLEMENTARES","SEDI - SERVIÇOS DIVERSOS",null,"H",0.13250000000000001,26.59,3.52]
["Insumo"," 00034616 ","SINAPI","DISJUNTOR TERMOMAGNETICO PARA TRILHO DIN (IEC), BIPOLAR, 6 - 32 A","Material",null,"UN",1,54.44,54.44]
["Insumo"," 00001571 ","SINAPI","TERMINAL A COMPRESSAO EM COBRE ESTANHADO PARA CABO 4 MM2, 1 FURO E 1 COMPRESSAO, PARA PARAFUSO DE FIXACAO M5","Material",null,"UN",2,1.58,3.16]
[{"$nulls":4},"MO sem LS =>",5.26,"LS =>",0,"MO com LS =>",5.26]
[{"$nulls":4},"Valor do BDI =>",16.809999999999999,null,"Valor com BDI =>",null,80.89]
[{"$nulls":6},"Quant. =>","1,00","Preço Total =>",80.89]
[]
[" 18.2.5 ","Código","Banco","Descrição","Tipo",null,"Und","Quant.","Valor Unit","Total"]
["Composição"," 93669 ","SINAPI","DISJUNTOR TRIPOLAR TIPO DIN, CORRENTE NOMINAL DE 20A - FORNECIMENTO E INSTALAÇÃO. AF_10/2020","INEL - INSTALAÇÃO ELÉTRICA/ELETRIFICAÇÃO E ILUMINAÇÃO EXTERNA",null,"UN",1,81.16,81.16]
["Composição Auxiliar"," 88247 ","SINAPI","AUXILIAR DE ELETRICISTA COM ENCARGOS COMPLEMENTARES","SEDI - SERVIÇOS DIVERSOS",null,"H",0.1988,22.36,4.4400000000000004]
["Composição Auxiliar"," 88264 ","SINAPI","ELETRICISTA COM ENCARGOS COMPLEMENTARES","SEDI - SERVIÇOS DIVERSOS",null,"H",0.1988,26.59,5.28]
["Insumo"," 00034709 ","SINAPI","DISJUNTOR TERMOMAGNETICO PARA TRILHO DIN (IEC), TRIPOLAR, 10 - 50 A","Material",null,"UN",1,66.7,66.7]
["Insumo"," 00001571 ","SINAPI","TERMINAL A COMPRESSAO EM COBRE ESTANHADO PARA CABO 4 MM2, 1 FURO E 1 COMPRESSAO, PARA PARAFUSO DE FIXACAO M5","Material",null,"UN",3,1.58,4.74]
[{"$nulls":4},"MO sem LS =>",7.9,"LS =>",0,"MO com LS =>",7.9]
[{"$nulls":4},"Valor do BDI =>",21.29,null,"Valor com BDI =>",null,102.45]
[{"$nulls":6},"Quant. =>","1,00","Preço Total =>",102.45]
[]
[" 18.2.6 ","Código","Banco","Descrição","Tipo",null,"Und","Quant.","Valor Unit","Total"]
["Composição"," 93673 ","SINAPI","DISJUNTOR TRIPOLAR TIPO DIN, CORRENTE NOMINAL DE 50A - FORNECIMENTO E INSTALAÇÃO. AF_10/2020","INEL - INSTALAÇÃO ELÉTRICA/ELETRIFICAÇÃO E ILUMINAÇÃO EXTERNA",null,"UN",1,101.74,101.74]
["Composição Auxiliar"," 88264 ","SINAPI","ELETRICISTA COM ENCARGOS COMPLEMENTARES","SEDI - SERVIÇOS DIVERSOS",null,"H",0.56769999999999998,26.59,15.09]
["Composição Auxiliar"," 88247 ","SINAPI","AUXILIAR DE ELETRICISTA COM ENCARGOS COMPLEMENTARES","SEDI - SERVIÇOS DIVERSOS",null,"H",0.56769999999999998,22.36,12.69]
["Insumo"," 00034709 ","SINAPI","DISJUNTOR TERMOMAGNETICO PARA TRILHO DIN (IEC), TRIPOLAR, 10 - 50 A","Material",null,"UN",1,66.7,66.7]
["Insumo"," 00001575 ","SINAPI","TERMINAL A COMPRESSAO EM COBRE ESTANHADO PARA CABO 16 MM2, 1 FURO E 1 COMPRESSAO, PARA PARAFUSO DE FIXACAO M6","Material",null,"UN",3,2.42,7.26]
[{"$nulls":4},"MO sem LS =>",22.56,"LS =>",0,"MO com LS =>",22.56]
[{"$nulls":4},"Valor do BDI =>",26.69,null,"Valor com BDI =>",null,128.43]
[{"$nulls":6},"Quant. =>","1,00","Preço Total =>",128.43]
[]
[" 18.2.7 ","Código","Banco","Descrição","Tipo",null,"Und","Quant.","Valor Unit","Total"]
["Composição"," C4530 ","SEINFRA","DISJUNTOR DIFERENCIAL DR-16A - 40A, 30mA",0,null,"UN",1,162.96,162.96]
["Insumo"," I2312 ","SEINFRA","ELETRICISTA","Mão de Obra",null,"H",0.6,26.85,16.11]
["Insumo"," I0037 ","SEINFRA","AJUDANTE","Mão de Obra",null,"H",0.6,21.1,12.66]
["Insumo"," I8365 ","SEINFRA","DISJUNTOR DIFERENCIAL DR-16A - 40A, 30mA","Material",null,"UN",1,134.19,134.19]
[{"$nulls":4},"MO sem LS =>",28.77,"LS =>",0,"MO com LS =>",28.77]
[{"$nulls":4},"Valor do BDI =>",42.76,null,"Valor com BDI =>",null,205.72]
[{"$nulls":6},"Quant. =>","1,00","Preço Total =>",205.72]
[]
[" 18.3 ",null,null,"ELETRODUTOS E ACESSÓRIOS",{"$nulls":5},17332.22]
[" 18.3.1 ","Código","Banco","Descrição","Tipo",null,"Und","Quant.","Valor Unit","Total"]
["Composição"," 91834 ","SINAPI","ELETRODUTO FLEXÍVEL CORRUGADO, PVC, DN 25 MM (3/4\"), PARA CIRCUITOS TERMINAIS, INSTALADO EM FORRO - FORNECIMENTO E INSTALAÇÃO. AF_03/2023","INEL - INSTALAÇÃO ELÉTRICA/ELETRIFICAÇÃO E ILUMINAÇÃO EXTERNA",null,"M",1,20.260000000000002,20.260000000000002]
["Composição Auxiliar"," 88264 ","SINAPI","ELETRICISTA COM ENCARGOS COMPLEMENTARES","SEDI - SERVIÇOS DIVERSOS",null,"H",9.0999999999999998E-2,26.59,2.41]
["Composição Auxiliar"," 91170 ","SINAPI","FIXAÇÃO DE TUBOS HORIZONTAIS DE PVC ÁGUA, PVC ESGOTO, PVC ÁGUA PLUVIAL, CPVC, PPR, COBRE OU AÇO, DIÂMETROS MENORES OU IGUAIS A 40 MM, COM ABRAÇADEIRA METÁLICA RÍGIDA TIPO U PERFIL 1 1/4\", FIXADA EM PERFILADO EM LAJE. AF_09/2023_PS","INHI - INSTALAÇÕES HIDROS SANITÁRIAS",null,"M",1,12.23,12.23]
["Composição Auxiliar"," 88247 ","SINAPI","AUXILIAR DE ELETRICISTA COM ENCARGOS COMPLEMENTARES","SEDI - SERVIÇOS DIVERSOS",null,"H",9.0999999999999998E-2,22.36,2.0299999999999998]
["Insumo"," 00002688 ","SINAPI","ELETRODUTO PVC FLEXIVEL CORRUGADO, COR AMARELA, DE 25 MM","Material",null,"M",1.1000000000000001,3.27,3.59]
[{"$nulls":4},"MO sem LS =>",9,"LS =>",0,"MO com LS =>",9]
[{"$nulls":4},"Valor do BDI =>",5.31,null,"Valor com BDI =>",null,25.57]
[{"$nulls":6},"Quant. =>","370,40","Preço Total =>",9471.1200000000008]
[]
[" 18.3.2 ","Código","Banco","Descrição","Tipo",null,"Und","Quant.","Valor Unit","Total"]
["Composição"," 91873 ","SINAPI","ELETRODUTO RÍGIDO ROSCÁVEL, PVC, DN 40 MM (1 1/4\"), PARA CIRCUITOS TERMINAIS, INSTALADO EM PAREDE - FORNECIMENTO E INSTALAÇÃO. AF_03/2023","INEL - INSTALAÇÃO ELÉTRICA/ELETRIFICAÇÃO E ILUMINAÇÃO EXTERNA",null,"M",1,23.88,23.88]
["Composição Auxiliar"," 88247 ","SINAPI","AUXILIAR DE ELETRICISTA COM ENCARGOS COMPLEMENTARES","SEDI - SERVIÇOS DIVERSOS",null,"H",0.219,22.36,4.8899999999999997]
["Composição Auxiliar"," 88264 ","SINAPI","ELETRICISTA COM ENCARGOS COMPLEMENTARES","SEDI - SERVIÇOS DIVERSOS",null,"H",0.219,26.59,5.82]
["Insumo"," 00002684 ","SINAPI","ELETRODUTO DE PVC RIGIDO ROSCAVEL DE 1 1/4 \", SEM LUVA","Material",null,"M",1.0169999999999999,12.95,13.17]
[{"$nulls":4},"MO sem LS =>",8.6999999999999993,"LS =>",0,"MO com LS =>",8.6999999999999993]
[{"$nulls":4},"Valor do BDI =>",6.26,null,"Valor com BDI =>",null,30.14]
[{"$nulls":6},"Quant. =>","11,70","Preço Total =>",352.63]
[]
[" 18.3.3 ","Código","Banco","Descrição","Tipo",null,"Und","Quant.","Valor Unit","Total"]
["Composição"," 93011 ","SINAPI","ELETRODUTO RÍGIDO ROSCÁVEL, PVC, DN 85 MM (3\"), PARA REDE ENTERRADA DE DISTRIBUIÇÃO DE ENERGIA ELÉTRICA - FORNECIMENTO E INSTALAÇÃO. AF_12/2021","INEL - INSTALAÇÃO ELÉTRICA/ELETRIFICAÇÃO E ILUMINAÇÃO EXTERNA",null,"M",1,55.18,55.18]
["Composição Auxiliar"," 88247 ","SINAPI","AUXILIAR DE ELETRICISTA COM ENCARGOS COMPLEMENTARES","SEDI - SERVIÇOS DIVERSOS",null,"H",0.17100000000000001,22.36,3.82]
["Composição Auxiliar"," 88264 ","SINAPI","ELETRICISTA COM ENCARGOS COMPLEMENTARES","SEDI - SERVIÇOS DIVERSOS",null,"H",0.17100000000000001,26.59,4.54]
["Insumo"," 00002686 ","SINAPI","ELETRODUTO DE PVC RIGIDO ROSCAVEL DE 3 \", SEM LUVA","Material",null,"M",1.1000000000000001,42.57,46.82]
[{"$nulls":4},"MO sem LS =>",6.79,"LS =>",0,"MO com LS =>",6.79]
[{"$nulls":4},"Valor do BDI =>",14.47,null,"Valor com BDI =>",null,69.650000000000006]
[{"$nulls":6},"Quant. =>","60,00","Preço Total =>",4179]
[]
[" 18.3.4 ","Código","Banco","Descrição","Tipo",null,"Und","Quant.","Valor Unit","Total"]
["Composição"," 91884 ","SINAPI","LUVA PARA ELETRODUTO, PVC, ROSCÁVEL, DN 25 MM (3/4\"), PARA CIRCUITOS TERMINAIS, INSTALADA EM PAREDE - FORNECIMENTO E INSTALAÇÃO. AF_03/2023","INEL - INSTALAÇÃO ELÉTRICA/ELETRIFICAÇÃO E ILUMINAÇÃO EXTERNA",null,"UN",1,11.06,11.06]
["Composição Auxiliar"," 88247 ","SINAPI","AUXILIAR DE ELETRICISTA COM ENCARGOS COMPLEMENTARES","SEDI - SERVIÇOS DIVERSOS",null,"H",0.19700000000000001,22.36,4.4000000000000004]
["Composição Auxiliar"," 88264 ","SINAPI","ELETRICISTA COM ENCARGOS COMPLEMENTARES","SEDI - SERVIÇOS DIVERSOS",null,"H",0.19700000000000001,26.59,5.23]
["Insumo"," 00001891 ","SINAPI","LUVA EM PVC RIGIDO ROSCAVEL, DE 3/4\", PARA ELETRODUTO","Material",null,"UN",1,1.43,1.43]
[{"$nulls":4},"MO sem LS =>",7.83,"LS =>",0,"MO com LS =>",7.83]
[{"$nulls":4},"Valor do BDI =>",2.9,null,"Valor com BDI =>",null,13.96]
[{"$nulls":6},"Quant. =>","2,00","Preço Total =>",27.92]
[]
[" 18.3.5 ","Código","Banco","Descrição","Tipo",null,"Und","Quant.","Valor Unit","Total"]
["Composição"," 91886 ","SINAPI","LUVA PARA ELETRODUTO, PVC, ROSCÁVEL, DN 40 MM (1 1/4\"), PARA CIRCUITOS TERMINAIS, INSTALADA EM PAREDE - FORNECIMENTO E INSTALAÇÃO. AF_03/2023","INEL - INSTALAÇÃO ELÉTRICA/ELETRIFICAÇÃO E ILUMINAÇÃO EXTERNA",null,"UN",1,15.02,15.02]
["Composição Auxiliar"," 88247 ","SINAPI","AUXILIAR DE ELETRICISTA COM ENCARGOS COMPLEMENTARES","SEDI - SERVIÇOS DIVERSOS",null,"H",0.24399999999999999,22.36,5.45]
["Composição Auxiliar"," 88264 ","SINAPI","ELETRICISTA COM ENCARGOS COMPLEMENTARES","SEDI - SERVIÇOS DIVERSOS",null,"H",0.24399999999999999,26.59,6.48]
["Insumo"," 00001902 ","SINAPI","LUVA EM PVC RIGIDO ROSCAVEL, DE 1 1/4\", PARA ELETRODUTO","Material",null,"UN",1,3.09,3.09]
[{"$nulls":4},"MO sem LS =>",9.69,"LS =>",0,"MO com LS =>",9.69]
[{"$nulls":4},"Valor do BDI =>",3.94,null,"Valor com BDI =>",null,18.96]
[{"$nulls":6},"Quant. =>","103,00","Preço Total =>",1952.88]
[]
[" 18.3.6 ","Código","Banco","Descrição","Tipo",null,"Und","Quant.","Valor Unit","Total"]
["Composição"," 93016 ","SINAPI","LUVA PARA ELETRODUTO, PVC, ROSCÁVEL, DN 85 MM (3\"), PARA REDE ENTERRADA DE DISTRIBUIÇÃO DE ENERGIA ELÉTRICA - FORNECIMENTO E INSTALAÇÃO. AF_12/2021","INEL - INSTALAÇÃO ELÉTRICA/ELETRIFICAÇÃO E ILUMINAÇÃO EXTERNA",null,"UN",1,35.11,35.11]
["Composição Auxiliar"," 88264 ","SINAPI","ELETRICISTA COM ENCARGOS COMPLEMENTARES","SEDI - SERVIÇOS DIVERSOS",null,"H",0.34200000000000003,26.59,9.09]
["Composição Auxiliar"," 88247 ","SINAPI","AUXILIAR DE ELETRICISTA COM ENCARGOS COMPLEMENTARES","SEDI - SERVIÇOS DIVERSOS",null,"H",0.34200000000000003,22.36,7.64]
["Insumo"," 00001896 ","SINAPI","LUVA EM PVC RIGIDO ROSCAVEL, DE 3\", PARA ELETRODUTO","Material",null,"UN",1,18.38,18.38]
[{"$nulls":4},"MO sem LS =>",13.59,"LS =>",0,"MO com LS =>",13.59]
[{"$nulls":4},"Valor do BDI =>",9.2100000000000009,null,"Valor com BDI =>",null,44.32]
[{"$nulls":6},"Quant. =>","13,00","Preço Total =>",576.16]
[]
[" 18.3.7 ","Código","Banco","Descrição","Tipo",null,"Und","Quant.","Valor Unit","Total"]
["Composição"," 91920 ","SINAPI","CURVA 90 GRAUS PARA ELETRODUTO, PVC, ROSCÁVEL, DN 40 MM (1 1/4\"), PARA CIRCUITOS TERMINAIS, INSTALADA EM PAREDE - FORNECIMENTO E INSTALAÇÃO. AF_03/2023","INEL - INSTALAÇÃO ELÉTRICA/ELETRIFICAÇÃO E ILUMINAÇÃO EXTERNA",null,"UN",1,23.49,23.49]
["Composição Auxiliar"," 88264 ","SINAPI","ELETRICISTA COM ENCARGOS COMPLEMENTARES","SEDI - SERVIÇOS DIVERSOS",null,"H",0.36499999999999999,26.59,9.6999999999999993]
["Composição Auxiliar"," 88247 ","SINAPI","AUXILIAR DE ELETRICISTA COM ENCARGOS COMPLEMENTARES","SEDI - SERVIÇOS DIVERSOS",null,"H",0.36499999999999999,22.36,8.16]
["Insumo"," 00001874 ","SINAPI","CURVA 90 GRAUS, LONGA, DE PVC RIGIDO ROSCAVEL, DE 1 1/4\", PARA ELETRODUTO","Material",null,"UN",1,5.63,5.63]
[{"$nulls":4},"MO sem LS =>",14.51,"LS =>",0,"MO com LS =>",14.51]
[{"$nulls":4},"Valor do BDI =>",6.16,null,"Valor com BDI =>",null,29.65]
[{"$nulls":6},"Quant. =>","1,00","Preço Total =>",29.65]
[]
[" 18.3.8 ","Código","Banco","Descrição","Tipo",null,"Und","Quant.","Valor Unit","Total"]
["Composição"," 91943 ","SINAPI","CAIXA RETANGULAR 4\" X 4\" MÉDIA (1,30 M DO PISO), PVC, INSTALADA EM PAREDE - FORNECIMENTO E INSTALAÇÃO. AF_03/2023","INEL - INSTALAÇÃO ELÉTRICA/ELETRIFICAÇÃO E ILUMINAÇÃO EXTERNA",null,"UN",1,21.42,21.42]
["Composição Auxiliar"," 88264 ","SINAPI","ELETRICISTA COM ENCARGOS COMPLEMENTARES","SEDI - SERVIÇOS DIVERSOS",null,"H",0.30099999999999999,26.59,8]
["Composição Auxiliar"," 88629 ","SINAPI","ARGAMASSA TRAÇO 1:3 (EM VOLUME DE CIMENTO E AREIA MÉDIA ÚMIDA), PREPARO MANUAL. AF_08/2019","SEDI - SERVIÇOS DIVERSOS",null,"m³",1.1999999999999999E-3,871.52,1.04]
["Composição Auxiliar"," 88247 ","SINAPI","AUXILIAR DE ELETRICISTA COM ENCARGOS COMPLEMENTARES","SEDI - SERVIÇOS DIVERSOS",null,"H",0.30099999999999999,22.36,6.73]
["Insumo"," 00001873 ","SINAPI","CAIXA DE PASSAGEM, EM PVC, DE 4\" X 4\", PARA ELETRODUTO FLEXIVEL CORRUGADO","Material",null,"UN",1,5.65,5.65]
[{"$nulls":4},"MO sem LS =>",12.11,"LS =>",0,"MO com LS =>",12.11]
[{"$nulls":4},"Valor do BDI =>",5.62,null,"Valor com BDI =>",null,27.04]
[{"$nulls":6},"Quant. =>","17,00","Preço Total =>",459.68]
[]
[" 18.3.9 ","Código","Banco","Descrição","Tipo",null,"Und","Quant.","Valor Unit","Total"]
["Composição"," 92865 ","SINAPI","CAIXA OCTOGONAL 4\" X 4\", METÁLICA, INSTALADA EM LAJE - FORNECIMENTO E INSTALAÇÃO. AF_03/2023","INEL - INSTALAÇÃO ELÉTRICA/ELETRIFICAÇÃO E ILUMINAÇÃO EXTERNA",null,"UN",1,14,14]
["Composição Auxiliar"," 88264 ","SINAPI","ELETRICISTA COM ENCARGOS COMPLEMENTARES","SEDI - SERVIÇOS DIVERSOS",null,"H",0.222,26.59,5.9]
["Composição Auxiliar"," 88247 ","SINAPI","AUXILIAR DE ELETRICISTA COM ENCARGOS COMPLEMENTARES","SEDI - SERVIÇOS DIVERSOS",null,"H",0.222,22.36,4.96]
["Insumo"," 00010569 ","SINAPI","CAIXA DE PASSAGEM / DERIVACAO / LUZ, OCTOGONAL 4 X4, EM ACO ESMALTADA, COM FUNDO MOVEL SIMPLES (FMS)","Material",null,"UN",1,3.14,3.14]
[{"$nulls":4},"MO sem LS =>",8.82,"LS =>",0,"MO com LS =>",8.82]
[{"$nulls":4},"Valor do BDI =>",3.67,null,"Valor com BDI =>",null,17.670000000000002]
[{"$nulls":6},"Quant. =>","2,00","Preço Total =>",35.340000000000003]
[]
[" 18.3.10 ","Código","Banco","Descrição","Tipo",null,"Und","Quant.","Valor Unit","Total"]
["Composição"," C0627 ","SEINFRA","CAIXA DE PASSAGEM COM TAMPA PARAFUSADA 150X150X80mm",0,null,"UN",1,53.78,53.78]
["Insumo"," I0042 ","SEINFRA","AJUDANTE DE ELETRICISTA","Mão de Obra",null,"H",0.7,21.1,14.77]
["Insumo"," I2312 ","SEINFRA","ELETRICISTA","Mão de Obra",null,"H",0.7,26.85,18.79]
["Insumo"," I0429 ","SEINFRA","CAIXA PASSAG. CHAPA C/TAMPA PARAF. 150X150X800MM","Material",null,"UN",1,20.22,20.22]
[{"$nulls":4},"MO sem LS =>",33.56,"LS =>",0,"MO com LS =>",33.56]
[{"$nulls":4},"Valor do BDI =>",14.11,null,"Valor com BDI =>",null,67.89]
[{"$nulls":6},"Quant. =>","2,00","Preço Total =>",135.78]
[]
[" 18.3.11 ","Código","Banco","Descrição","Tipo",null,"Und","Quant.","Valor Unit","Total"]
["Composição"," C0628 ","SEINFRA","CAIXA DE PASSAGEM COM TAMPA PARAFUSADA 200X200X100mm",0,null,"UN",1,88.77,88.77]
["Insumo"," I2312 ","SEINFRA","ELETRICISTA","Mão de Obra",null,"H",1.25,26.85,33.56]
["Insumo"," I0430 ","SEINFRA","CAIXA PASSAG. CHAPA C/TAMPA PARAF. 200X200X100MM","Material",null,"UN",1,28.84,28.84]
["Insumo"," I0042 ","SEINFRA","AJUDANTE DE ELETRICISTA","Mão de Obra",null,"H",1.25,21.1,26.37]
[{"$nulls":4},"MO sem LS =>",59.93,"LS =>",0,"MO com LS =>",59.93]
[{"$nulls":4},"Valor do BDI =>",23.29,null,"Valor com BDI =>",null,112.06]
[{"$nulls":6},"Quant. =>","1,00","Preço Total =>",112.06]
[]
[" 18.4 ",null,null,"CABOS E FIOS (CONDUTORES)",{"$nulls":5},19299.560000000001]
[" 18.4.1 ","Código","Banco","Descrição","Tipo",null,"Und","Quant.","Valor Unit","Total"]
["Composição"," 91926 ","SINAPI","CABO DE COBRE FLEXÍVEL ISOLADO, 2,5 MM², ANTI-CHAMA 450/750 V, PARA CIRCUITOS TERMINAIS - FORNECIMENTO E INSTALAÇÃO. AF_03/2023","INEL - INSTALAÇÃO ELÉTRICA/ELETRIFICAÇÃO E ILUMINAÇÃO EXTERNA",null,"M",1,4.91,4.91]
["Composição Auxiliar"," 88247 ","SINAPI","AUXILIAR DE ELETRICISTA COM ENCARGOS COMPLEMENTARES","SEDI - SERVIÇOS DIVERSOS",null,"H",2.9000000000000001E-2,22.36,0.64]
["Composição Auxiliar"," 88264 ","SINAPI","ELETRICISTA COM ENCARGOS COMPLEMENTARES","SEDI - SERVIÇOS DIVERSOS",null,"H",2.9000000000000001E-2,26.59,0.77]
["Insumo"," 00001014 ","SINAPI","CABO DE COBRE, FLEXIVEL, CLASSE 4 OU 5, ISOLACAO EM PVC/A, ANTICHAMA BWF-B, 1 CONDUTOR, 450/750 V, SECAO NOMINAL 2,5 MM2","Material",null,"M",1.2434000000000001,2.74,3.4]
["Insumo"," 00021127 ","SINAPI","FITA ISOLANTE ADESIVA ANTICHAMA, USO ATE 750 V, EM ROLO DE 19 MM X 5 M","Material",null,"UN",9.4000000000000004E-3,11.58,0.1]
[{"$nulls":4},"MO sem LS =>",1.1399999999999999,"LS =>",0,"MO com LS =>",1.1399999999999999]
[{"$nulls":4},"Valor do BDI =>",1.28,null,"Valor com BDI =>",null,6.19]
[{"$nulls":6},"Quant. =>","1.072,50","Preço Total =>",6638.77]
[]
[" 18.4.2 ","Código","Banco","Descrição","Tipo",null,"Und","Quant.","Valor Unit","Total"]
["Composição"," 91928 ","SINAPI","CABO DE COBRE FLEXÍVEL ISOLADO, 4 MM², ANTI-CHAMA 450/750 V, PARA CIRCUITOS TERMINAIS - FORNECIMENTO E INSTALAÇÃO. AF_03/2023","INEL - INSTALAÇÃO ELÉTRICA/ELETRIFICAÇÃO E ILUMINAÇÃO EXTERNA",null,"M",1,7.65,7.65]
["Composição Auxiliar"," 88247 ","SINAPI","AUXILIAR DE ELETRICISTA COM ENCARGOS COMPLEMENTARES","SEDI - SERVIÇOS DIVERSOS",null,"H",3.9E-2,22.36,0.87]
["Composição Auxiliar"," 88264 ","SINAPI","ELETRICISTA COM ENCARGOS COMPLEMENTARES","SEDI - SERVIÇOS DIVERSOS",null,"H",3.9E-2,26.59,1.03]
["Insumo"," 00021127 ","SINAPI","FITA ISOLANTE ADESIVA ANTICHAMA, USO ATE 750 V, EM ROLO DE 19 MM X 5 M","Material",null,"UN",9.4000000000000004E-3,11.58,0.1]
["Insumo"," 00000981 ","SINAPI","CABO DE COBRE, FLEXIVEL, CLASSE 4 OU 5, ISOLACAO EM PVC/A, ANTICHAMA BWF-B, 1 CONDUTOR, 450/750 V, SECAO NOMINAL 4 MM2","Material",null,"M",1.2434000000000001,4.55,5.65]
[{"$nulls":4},"MO sem LS =>",1.54,"LS =>",0,"MO com LS =>",1.54]
[{"$nulls":4},"Valor do BDI =>",2,null,"Valor com BDI =>",null,9.65]
[{"$nulls":6},"Quant. =>","66,00","Preço Total =>",636.9]
[]
[" 18.4.3 ","Código","Banco","Descrição","Tipo",null,"Und","Quant.","Valor Unit","Total"]
["Composição"," 91930 ","SINAPI","CABO DE COBRE FLEXÍVEL ISOLADO, 6 MM², ANTI-CHAMA 450/750 V, PARA CIRCUITOS TERMINAIS - FORNECIMENTO E INSTALAÇÃO. AF_03/2023","INEL - INSTALAÇÃO ELÉTRICA/ELETRIFICAÇÃO E ILUMINAÇÃO EXTERNA",null,"M",1,10.72,10.72]
["Composição Auxiliar"," 88264 ","SINAPI","ELETRICISTA COM ENCARGOS COMPLEMENTARES","SEDI - SERVIÇOS DIVERSOS",null,"H",5.0999999999999997E-2,26.59,1.35]
["Composição Auxiliar"," 88247 ","SINAPI","AUXILIAR DE ELETRICISTA COM ENCARGOS COMPLEMENTARES","SEDI - SERVIÇOS DIVERSOS",null,"H",5.0999999999999997E-2,22.36,1.1399999999999999]
["Insumo"," 00000982 ","SINAPI","CABO DE COBRE, FLEXIVEL, CLASSE 4 OU 5, ISOLACAO EM PVC/A, ANTICHAMA BWF-B, 1 CONDUTOR, 450/750 V, SECAO NOMINAL 6 MM2","Material",null,"M",1.2434000000000001,6.54,8.1300000000000008]
["Insumo"," 00021127 ","SINAPI","FITA ISOLANTE ADESIVA ANTICHAMA, USO ATE 750 V, EM ROLO DE 19 MM X 5 M","Material",null,"UN",9.4000000000000004E-3,11.58,0.1]
[{"$nulls":4},"MO sem LS =>",2.02,"LS =>",0,"MO com LS =>",2.02]
[{"$nulls":4},"Valor do BDI =>",2.81,null,"Valor com BDI =>",null,13.53]
[{"$nulls":6},"Quant. =>","286,75","Preço Total =>",3879.72]
[]
[" 18.4.4 ","Código","Banco","Descrição","Tipo",null,"Und","Quant.","Valor Unit","Total"]
["Composição"," 91934 ","SINAPI","CABO DE COBRE FLEXÍVEL ISOLADO, 16 MM², ANTI-CHAMA 450/750 V, PARA CIRCUITOS TERMINAIS - FORNECIMENTO E INSTALAÇÃO. AF_03/2023","INEL - INSTALAÇÃO ELÉTRICA/ELETRIFICAÇÃO E ILUMINAÇÃO EXTERNA",null,"M",1,27.87,27.87]
["Composição Auxiliar"," 88247 ","SINAPI","AUXILIAR DE ELETRICISTA COM ENCARGOS COMPLEMENTARES","SEDI - SERVIÇOS DIVERSOS",null,"H",0.114,22.36,2.54]
["Composição Auxiliar"," 88264 ","SINAPI","ELETRICISTA COM ENCARGOS COMPLEMENTARES","SEDI - SERVIÇOS DIVERSOS",null,"H",0.114,26.59,3.03]
["Insumo"," 00000979 ","SINAPI","CABO DE COBRE, FLEXIVEL, CLASSE 4 OU 5, ISOLACAO EM PVC/A, ANTICHAMA BWF-B, 1 CONDUTOR, 450/750 V, SECAO NOMINAL 16 MM2","Material",null,"M",1.2434000000000001,17.86,22.2]
["Insumo"," 00021127 ","SINAPI","FITA ISOLANTE ADESIVA ANTICHAMA, USO ATE 750 V, EM ROLO DE 19 MM X 5 M","Material",null,"UN",9.4000000000000004E-3,11.58,0.1]
[{"$nulls":4},"MO sem LS =>",4.5199999999999996,"LS =>",0,"MO com LS =>",4.5199999999999996]
[{"$nulls":4},"Valor do BDI =>",7.31,null,"Valor com BDI =>",null,35.18]
[{"$nulls":6},"Quant. =>","231,50","Preço Total =>",8144.17]
[]
[" 18.5 ",null,null,"ILUMINAÇÃO E TOMADAS",{"$nulls":5},3059.1]
[" 18.5.1 ","Código","Banco","Descrição","Tipo",null,"Und","Quant.","Valor Unit","Total"]
["Composição"," 91996 ","SINAPI","TOMADA MÉDIA DE EMBUTIR (1 MÓDULO), 2P+T 10 A, INCLUINDO SUPORTE E PLACA - FORNECIMENTO E INSTALAÇÃO. AF_03/2023","INEL - INSTALAÇÃO ELÉTRICA/ELETRIFICAÇÃO E ILUMINAÇÃO EXTERNA",null,"UN",1,36.270000000000003,36.270000000000003]
["Composição Auxiliar"," 91946 ","SINAPI","SUPORTE PARAFUSADO COM PLACA DE ENCAIXE 4\" X 2\" MÉDIO (1,30 M DO PISO) PARA PONTO ELÉTRICO - FORNECIMENTO E INSTALAÇÃO. AF_03/2023","INEL - INSTALAÇÃO ELÉTRICA/ELETRIFICAÇÃO E ILUMINAÇÃO EXTERNA",null,"UN",1,11.5,11.5]
["Composição Auxiliar"," 91994 ","SINAPI","TOMADA MÉDIA DE EMBUTIR (1 MÓDULO), 2P+T 10 A, SEM SUPORTE E SEM PLACA - FORNECIMENTO E INSTALAÇÃO. AF_03/2023","INEL - INSTALAÇÃO ELÉTRICA/ELETRIFICAÇÃO E ILUMINAÇÃO EXTERNA",null,"UN",1,24.77,24.77]
[{"$nulls":4},"MO sem LS =>",17.68,"LS =>",0,"MO com LS =>",17.68]
[{"$nulls":4},"Valor do BDI =>",9.51,null,"Valor com BDI =>",null,45.78]
[{"$nulls":6},"Quant. =>","7,00","Preço Total =>",320.45999999999998]
[]
[" 18.5.2 ","Código","Banco","Descrição","Tipo",null,"Und","Quant.","Valor Unit","Total"]
["Composição"," 95817 ","SINAPI","CONDULETE DE PVC, TIPO X, PARA ELETRODUTO DE PVC SOLDÁVEL DN 25 MM (3/4\"), APARENTE - FORNECIMENTO E INSTALAÇÃO. AF_10/2022","INEL - INSTALAÇÃO ELÉTRICA/ELETRIFICAÇÃO E ILUMINAÇÃO EXTERNA",null,"UN",1,37.979999999999997,37.979999999999997]
["Composição Auxiliar"," 88264 ","SINAPI","ELETRICISTA COM ENCARGOS COMPLEMENTARES","SEDI - SERVIÇOS DIVERSOS",null,"H",0.44900000000000001,26.59,11.93]
["Composição Auxiliar"," 88247 ","SINAPI","AUXILIAR DE ELETRICISTA COM ENCARGOS COMPLEMENTARES","SEDI - SERVIÇOS DIVERSOS",null,"H",0.44900000000000001,22.36,10.029999999999999]
["Insumo"," 00011950 ","SINAPI","BUCHA DE NYLON SEM ABA S6, COM PARAFUSO DE 4,20 X 40 MM EM ACO ZINCADO COM ROSCA SOBERBA, CABECA CHATA E FENDA PHILLIPS","Material",null,"UN",2,0.2,0.4]
["Insumo"," 00039344 ","SINAPI","CONDULETE EM PVC, TIPO \"X\", SEM TAMPA, DE 3/4\"","Material",null,"UN",1,15.62,15.62]
[{"$nulls":4},"MO sem LS =>",17.84,"LS =>",0,"MO com LS =>",17.84]
[{"$nulls":4},"Valor do BDI =>",9.9600000000000009,null,"Valor com BDI =>",null,47.94]
[{"$nulls":6},"Quant. =>","6,00","Preço Total =>",287.64]
[]
[" 18.5.3 ","Código","Banco","Descrição","Tipo",null,"Und","Quant.","Valor Unit","Total"]
["Composição"," 95814 ","SINAPI","CONDULETE DE PVC, TIPO TB, PARA ELETRODUTO DE PVC SOLDÁVEL DN 25 MM (3/4''), APARENTE - FORNECIMENTO E INSTALAÇÃO. AF_10/2022","INEL - INSTALAÇÃO ELÉTRICA/ELETRIFICAÇÃO E ILUMINAÇÃO EXTERNA",null,"UN",1,24.74,24.74]
["Composição Auxiliar"," 88247 ","SINAPI","AUXILIAR DE ELETRICISTA COM ENCARGOS COMPLEMENTARES","SEDI - SERVIÇOS DIVERSOS",null,"H",0.20930000000000001,22.36,4.67]
["Composição Auxiliar"," 88264 ","SINAPI","ELETRICISTA COM ENCARGOS COMPLEMENTARES","SEDI - SERVIÇOS DIVERSOS",null,"H",0.20930000000000001,26.59,5.56]
["Insumo"," 00012025 ","SINAPI","CONDULETE EM PVC, TIPO \"TB\", SEM TAMPA, DE 1/2\" OU 3/4\"","Material",null,"UN",1,14.51,14.51]
[{"$nulls":4},"MO sem LS =>",8.31,"LS =>",0,"MO com LS =>",8.31]
[{"$nulls":4},"Valor do BDI =>",6.49,null,"Valor com BDI =>",null,31.23]
[{"$nulls":6},"Quant. =>","20,00","Preço Total =>",624.6]
[]
[" 18.5.4 ","Código","Banco","Descrição","Tipo",null,"Und","Quant.","Valor Unit","Total"]
["Composição"," 95817 ","SINAPI","CONDULETE DE PVC, TIPO X, PARA ELETRODUTO DE PVC SOLDÁVEL DN 25 MM (3/4\"), APARENTE - FORNECIMENTO E INSTALAÇÃO. AF_10/2022","INEL - INSTALAÇÃO ELÉTRICA/ELETRIFICAÇÃO E ILUMINAÇÃO EXTERNA",null,"UN",1,37.979999999999997,37.979999999999997]
["Composição Auxiliar"," 88264 ","SINAPI","ELETRICISTA COM ENCARGOS COMPLEMENTARES","SEDI - SERVIÇOS DIVERSOS",null,"H",0.44900000000000001,26.59,11.93]
["Composição Auxiliar"," 88247 ","SINAPI","AUXILIAR DE ELETRICISTA COM ENCARGOS COMPLEMENTARES","SEDI - SERVIÇOS DIVERSOS",null,"H",0.44900000000000001,22.36,10.029999999999999]
["Insumo"," 00011950 ","SINAPI","BUCHA DE NYLON SEM ABA S6, COM PARAFUSO DE 4,20 X 40 MM EM ACO ZINCADO COM ROSCA SOBERBA, CABECA CHATA E FENDA PHILLIPS","Material",null,"UN",2,0.2,0.4]
["Insumo"," 00039344 ","SINAPI","CONDULETE EM PVC, TIPO \"X\", SEM TAMPA, DE 3/4\"","Material",null,"UN",1,15.62,15.62]
[{"$nulls":4},"MO sem LS =>",17.84,"LS =>",0,"MO com LS =>",17.84]
[{"$nulls":4},"Valor do BDI =>",9.9600000000000009,null,"Valor com BDI =>",null,47.94]
[{"$nulls":6},"Quant. =>","6,00","Preço Total =>",287.64]
[]
[" 18.5.5 ","Código","Banco","Descrição","Tipo",null,"Und","Quant.","Valor Unit","Total"]
["Composição"," 91953 ","SINAPI","INTERRUPTOR SIMPLES (1 MÓDULO), 10A/250V, INCLUINDO SUPORTE E PLACA - FORNECIMENTO E INSTALAÇÃO. AF_03/2023","INEL - INSTALAÇÃO ELÉTRICA/ELETRIFICAÇÃO E ILUMINAÇÃO EXTERNA",null,"UN",1,30.99,30.99]
["Composição Auxiliar"," 91946 ","SINAPI","SUPORTE PARAFUSADO COM PLACA DE ENCAIXE 4\" X 2\" MÉDIO (1,30 M DO PISO) PARA PONTO ELÉTRICO - FORNECIMENTO E INSTALAÇÃO. AF_03/2023","INEL - INSTALAÇÃO ELÉTRICA/ELETRIFICAÇÃO E ILUMINAÇÃO EXTERNA",null,"UN",1,11.5,11.5]
["Composição Auxiliar"," 91952 ","SINAPI","INTERRUPTOR SIMPLES (1 MÓDULO), 10A/250V, SEM SUPORTE E SEM PLACA - FORNECIMENTO E INSTALAÇÃO. AF_03/2023","INEL - INSTALAÇÃO ELÉTRICA/ELETRIFICAÇÃO E ILUMINAÇÃO EXTERNA",null,"UN",1,19.489999999999998,19.489999999999998]
[{"$nulls":4},"MO sem LS =>",14.3,"LS =>",0,"MO com LS =>",14.3]
[{"$nulls":4},"Valor do BDI =>",8.1300000000000008,null,"Valor com BDI =>",null,39.119999999999997]
[{"$nulls":6},"Quant. =>","6,00","Preço Total =>",234.72]
[]
[" 18.5.6 ","Código","Banco","Descrição","Tipo",null,"Und","Quant.","Valor Unit","Total"]
["Composição"," 91996 ","SINAPI","TOMADA MÉDIA DE EMBUTIR (1 MÓDULO), 2P+T 10 A, INCLUINDO SUPORTE E PLACA - FORNECIMENTO E INSTALAÇÃO. AF_03/2023","INEL - INSTALAÇÃO ELÉTRICA/ELETRIFICAÇÃO E ILUMINAÇÃO EXTERNA",null,"UN",1,36.270000000000003,36.270000000000003]
["Composição Auxiliar"," 91946 ","SINAPI","SUPORTE PARAFUSADO COM PLACA DE ENCAIXE 4\" X 2\" MÉDIO (1,30 M DO PISO) PARA PONTO ELÉTRICO - FORNECIMENTO E INSTALAÇÃO. AF_03/2023","INEL - INSTALAÇÃO ELÉTRICA/ELETRIFICAÇÃO E ILUMINAÇÃO EXTERNA",null,"UN",1,11.5,11.5]
["Composição Auxiliar"," 91994 ","SINAPI","TOMADA MÉDIA DE EMBUTIR (1 MÓDULO), 2P+T 10 A, SEM SUPORTE E SEM PLACA - FORNECIMENTO E INSTALAÇÃO. AF_03/2023","INEL - INSTALAÇÃO ELÉTRICA/ELETRIFICAÇÃO E ILUMINAÇÃO EXTERNA",null,"UN",1,24.77,24.77]
[{"$nulls":4},"MO sem LS =>",17.68,"LS =>",0,"MO com LS =>",17.68]
[{"$nulls":4},"Valor do BDI =>",9.51,null,"Valor com BDI =>",null,45.78]
[{"$nulls":6},"Quant. =>","8,00","Preço Total =>",366.24]
[]
[" 18.5.7 ","Código","Banco","Descrição","Tipo",null,"Und","Quant.","Valor Unit","Total"]
["Composição"," 105921 ","SINAPI","LUMINÁRIA REFLETOR LED PARA ILUMINAÇÃO PÚBLICA, 200 W - FORNECIMENTO E INSTALAÇÃO. AF_02/2025","Luminárias Externas",null,"UN",1,37.15,37.15]
["Composição Auxiliar"," 88264 ","SINAPI","ELETRICISTA COM ENCARGOS COMPLEMENTARES","SEDI - SERVIÇOS DIVERSOS",null,"H",0.72889999999999999,26.59,19.38]
["Composição Auxiliar"," 88247 ","SINAPI","AUXILIAR DE ELETRICISTA COM ENCARGOS COMPLEMENTARES","SEDI - SERVIÇOS DIVERSOS",null,"H",0.72889999999999999,22.36,16.29]
["Insumo"," 00021127 ","SINAPI","FITA ISOLANTE ADESIVA ANTICHAMA, USO ATE 750 V, EM ROLO DE 19 MM X 5 M","Material",null,"UN",4.2000000000000003E-2,11.58,0.48]
["Insumo"," 00045271 ","SINAPI","LUMINARIA LED REFLETOR RETANGULAR BIVOLT, LUZ BRANCA, 200 W","Material",null,"UN",1,1,1]
[{"$nulls":4},"MO sem LS =>",28.98,"LS =>",0,"MO com LS =>",28.98]
[{"$nulls":4},"Valor do BDI =>",9.74,null,"Valor com BDI =>",null,46.89]
[{"$nulls":6},"Quant. =>","20,00","Preço Total =>",937.8]
[]
[" 19 ",null,null,"SISTEMA DE PROTEÇÃO CONTRA DESCARGAS ATMOSFÉRICAS (SPDA)",{"$nulls":5},35633.199999999997]
[" 19.1 ","Código","Banco","Descrição","Tipo",null,"Und","Quant.","Valor Unit","Total"]
["Composição"," 104750 ","SINAPI","CONECTOR GRAMPO METÁLICO TIPO OLHAL, PARA SPDA, PARA HASTE DE ATERRAMENTO DE 5/8'' E CABOS DE 10 A 50 MM2 - FORNECIMENTO E INSTALAÇÃO. AF_08/2023","INEL - INSTALAÇÃO ELÉTRICA/ELETRIFICAÇÃO E ILUMINAÇÃO EXTERNA",null,"UN",1,16.91,16.91]
["Composição Auxiliar"," 88247 ","SINAPI","AUXILIAR DE ELETRICISTA COM ENCARGOS COMPLEMENTARES","SEDI - SERVIÇOS DIVERSOS",null,"H",0.18629999999999999,22.36,4.16]
["Composição Auxiliar"," 88264 ","SINAPI","ELETRICISTA COM ENCARGOS COMPLEMENTARES","SEDI - SERVIÇOS DIVERSOS",null,"H",0.18629999999999999,26.59,4.95]
["Insumo"," 00000425 ","SINAPI","GRAMPO METALICO TIPO OLHAL PARA HASTE DE ATERRAMENTO DE 5/8\", CONDUTOR DE *10* A 50 MM2","Material",null,"UN",1,7.8,7.8]
[{"$nulls":4},"MO sem LS =>",7.4,"LS =>",0,"MO com LS =>",7.4]
[{"$nulls":4},"Valor do BDI =>",4.43,null,"Valor com BDI =>",null,21.34]
[{"$nulls":6},"Quant. =>","15,00","Preço Total =>",320.10000000000002]
[]
[" 19.2 ","Código","Banco","Descrição","Tipo",null,"Und","Quant.","Valor Unit","Total"]
["Composição"," 98463 ","SINAPI","SUPORTE ISOLADOR PARA FIXAÇÃO DA CORDOALHA DE COBRE EM ALVENARIA OU CONCRETO - FORNECIMENTO E INSTALAÇÃO. AF_08/2023","INEL - INSTALAÇÃO ELÉTRICA/ELETRIFICAÇÃO E ILUMINAÇÃO EXTERNA",null,"UN",1,25.39,25.39]
["Composição Auxiliar"," 88264 ","SINAPI","ELETRICISTA COM ENCARGOS COMPLEMENTARES","SEDI - SERVIÇOS DIVERSOS",null,"H",0.31059999999999999,26.59,8.25]
["Composição Auxiliar"," 88247 ","SINAPI","AUXILIAR DE ELETRICISTA COM ENCARGOS COMPLEMENTARES","SEDI - SERVIÇOS DIVERSOS",null,"H",0.31059999999999999,22.36,6.94]
["Insumo"," 00007568 ","SINAPI","BUCHA DE NYLON SEM ABA S10, COM PARAFUSO DE 6,10 X 65 MM EM ACO ZINCADO COM ROSCA SOBERBA, CABECA CHATA E FENDA PHILLIPS","Material",null,"UN",1,0.61,0.61]
["Insumo"," 00011267 ","SINAPI","ARRUELA LISA, REDONDA, DE LATAO POLIDO, DIAMETRO NOMINAL 5/8\", DIAMETRO EXTERNO = 34 MM, DIAMETRO DO FURO = 17 MM, ESPESSURA = *2,5* MM","Material",null,"UN",1,1.43,1.43]
["Insumo"," 00007572 ","SINAPI","SUPORTE ISOLADOR REFORCADO DIAMETRO NOMINAL 5/16\", COM ROSCA SOBERBA E BUCHA","Material",null,"UN",1,8.16,8.16]
[{"$nulls":4},"MO sem LS =>",12.34,"LS =>",0,"MO com LS =>",12.34]
[{"$nulls":4},"Valor do BDI =>",6.66,null,"Valor com BDI =>",null,32.049999999999997]
[{"$nulls":6},"Quant. =>","18,00","Preço Total =>",576.9]
[]
[" 19.3 ","Código","Banco","Descrição","Tipo",null,"Und","Quant.","Valor Unit","Total"]
["Composição"," 96985 ","SINAPI","HASTE DE ATERRAMENTO, DIÂMETRO 5/8\", COM 3 METROS - FORNECIMENTO E INSTALAÇÃO. AF_08/2023","INEL - INSTALAÇÃO ELÉTRICA/ELETRIFICAÇÃO E ILUMINAÇÃO EXTERNA",null,"UN",1,94.41,94.41]
["Composição Auxiliar"," 88264 ","SINAPI","ELETRICISTA COM ENCARGOS COMPLEMENTARES","SEDI - SERVIÇOS DIVERSOS",null,"H",0.24840000000000001,26.59,6.6]
["Composição Auxiliar"," 88247 ","SINAPI","AUXILIAR DE ELETRICISTA COM ENCARGOS COMPLEMENTARES","SEDI - SERVIÇOS DIVERSOS",null,"H",0.24840000000000001,22.36,5.55]
["Insumo"," 00003379 ","SINAPI","HASTE DE ATERRAMENTO EM ACO COM 3,00 M DE COMPRIMENTO E DN = 5/8\", REVESTIDA COM BAIXA CAMADA DE COBRE, SEM CONECTOR","Material",null,"UN",1,82.26,82.26]
[{"$nulls":4},"MO sem LS =>",9.8699999999999992,"LS =>",0,"MO com LS =>",9.8699999999999992]
[{"$nulls":4},"Valor do BDI =>",24.77,null,"Valor com BDI =>",null,119.18]
[{"$nulls":6},"Quant. =>","18,00","Preço Total =>",2145.2399999999998]
[]
[" 19.4 ","Código","Banco","Descrição","Tipo",null,"Und","Quant.","Valor Unit","Total"]
["Composição"," 96974 ","SINAPI","CORDOALHA DE COBRE NU 50 MM², NÃO ENTERRADA, COM ISOLADOR - FORNECIMENTO E INSTALAÇÃO. AF_08/2023","INEL - INSTALAÇÃO ELÉTRICA/ELETRIFICAÇÃO E ILUMINAÇÃO EXTERNA",null,"M",1,100.41,100.41]
["Composição Auxiliar"," 88264 ","SINAPI","ELETRICISTA COM ENCARGOS COMPLEMENTARES","SEDI - SERVIÇOS DIVERSOS",null,"H",0.31890000000000002,26.59,8.4700000000000006]
["Composição Auxiliar"," 88247 ","SINAPI","AUXILIAR DE ELETRICISTA COM ENCARGOS COMPLEMENTARES","SEDI - SERVIÇOS DIVERSOS",null,"H",0.31890000000000002,22.36,7.13]
["Composição Auxiliar"," 98463 ","SINAPI","SUPORTE ISOLADOR PARA FIXAÇÃO DA CORDOALHA DE COBRE EM ALVENARIA OU CONCRETO - FORNECIMENTO E INSTALAÇÃO. AF_08/2023","INEL - INSTALAÇÃO ELÉTRICA/ELETRIFICAÇÃO E ILUMINAÇÃO EXTERNA",null,"UN",0.66669999999999996,25.39,16.920000000000002]
["Insumo"," 00000867 ","SINAPI","CABO DE COBRE NU 50 MM2 MEIO-DURO","Material",null,"M",1.05,64.66,67.89]
[{"$nulls":4},"MO sem LS =>",20.89,"LS =>",0,"MO com LS =>",20.89]
[{"$nulls":4},"Valor do BDI =>",26.34,null,"Valor com BDI =>",null,126.75]
[{"$nulls":6},"Quant. =>","255,00","Preço Total =>",32321.25]
[]
[" 19.5 ","Código","Banco","Descrição","Tipo",null,"Und","Quant.","Valor Unit","Total"]
["Composição"," 98111 ","SINAPI","CAIXA DE INSPEÇÃO PARA ATERRAMENTO, CIRCULAR, EM POLIETILENO, DIÂMETRO INTERNO = 0,3 M. AF_12/2020","INHI - INSTALAÇÕES HIDROS SANITÁRIAS",null,"UN",1,51.37,51.37]
["Composição Auxiliar"," 88316 ","SINAPI","SERVENTE COM ENCARGOS COMPLEMENTARES","SEDI - SERVIÇOS DIVERSOS",null,"H",0.10879999999999999,19.850000000000001,2.15]
["Composição Auxiliar"," 88309 ","SINAPI","PEDREIRO COM ENCARGOS COMPLEMENTARES","SEDI - SERVIÇOS DIVERSOS",null,"H",0.1384,26.21,3.62]
["Composição Auxiliar"," 101618 ","SINAPI","PREPARO DE FUNDO DE VALA COM LARGURA MENOR QUE 1,5 M, COM CAMADA DE AREIA, LANÇAMENTO MANUAL. AF_08/2020","MOVT - MOVIMENTO DE TERRA",null,"m³",1.41E-2,283.57,3.99]
["Insumo"," 00034643 ","SINAPI","CAIXA DE INSPECAO PARA ATERRAMENTO E PARA RAIOS, EM POLIPROPILENO, DIAMETRO = 300 MM X ALTURA = 400 MM (INCLUIDA TAMPA SEM ESCOTILHA)","Material",null,"UN",1,41.61,41.61]
[{"$nulls":4},"MO sem LS =>",5.99,"LS =>",0,"MO com LS =>",5.99]
[{"$nulls":4},"Valor do BDI =>",13.47,null,"Valor com BDI =>",null,64.84]
[{"$nulls":6},"Quant. =>","4,00","Preço Total =>",259.36]
[]
[null,"Código","Banco","Descrição","Tipo",null,"Und","Quant.","Valor Unit","Total"]
["Insumo"," 00013246 ","SINAPI","PARAFUSO DE ACO ZINCADO, SEXTAVADO, COM ROSCA INTEIRA, DIAMETRO 5/16\", COMPRIMENTO 3/4\", COM PORCA E ARRUELA LISA LEVE","Material",null,"UN",1,0.55000000000000004,0.55000000000000004]
[{"$nulls":4},"MO sem LS =>",0,"LS =>",0,"MO com LS =>",0]
[{"$nulls":4},"Valor do BDI =>",null,null,"Valor com BDI =>",null,0.69]
[{"$nulls":6},"Quant. =>","15,00","Preço Total =>",10.35]
[]
[" 20 ",null,null,"SERVIÇOS COMPLEMENTARES PARA MASTRO",{"$nulls":5},6539.64]
[" 20.1 ","Código","Banco","Descrição","Tipo",null,"Und","Quant.","Valor Unit","Total"]
["Composição"," 4426 ","ORSE","Implantação de estrutura de concreto tipo B2 para rede de distribuição aérea - Rev 01_2023","Subestação Transformadora em Poste",null,"un",1,979.89,979.89]
["Item","Código","Banco","Descrição","Tipo",null,"Und","Quant.","Valor Unit","Total"]
["Insumo"," 1695 ","ORSE","Parafuso rosca dupla 16 x 350mm","Material",null,"un",3,"19,65","58,95"]
["Insumo"," 00000406/SINAPI ","ORSE","Fita aco inox para cintar poste, l = 19 mm, e = 0,5 mm (rolo de 30m)","Material",null,"un",0.25,"82,69","20,67"]
["Insumo"," 55 ","ORSE","Unidade de Serviço padrao Energisa","Serviços",null,"us",5.93,"15,14","89,78"]
["Insumo"," 00000444/SINAPI ","ORSE","Pino rosca externa, em aco galvanizado, para isolador de 15kv, diametro 25 mm, comprimento *290* mm","Material",null,"un",6,"47,06","282,36"]
["Insumo"," 958 ","ORSE","Fio alumínio recozido para amarração 6 awg","Material",null,"kg",0.39,"52,50","20,47"]
["Insumo"," 1682 ","ORSE","Parafuso cabeça quadrada 16 x 350mm","Material",null,"un",2,"19,25","38,50"]
["Insumo"," 00003406/SINAPI ","ORSE","Isolador de porcelana, tipo pino monocorpo, para tensao de *15* kv","Material",null,"un",6,"9,30","55,80"]
["Insumo"," 713 ","ORSE","Cruzeta concreto tipo \"L\", 1700mm","Material",null,"un",2,"195,00","390,00"]
["Insumo"," 00000379/SINAPI ","ORSE","Arruela quadrada em aco galvanizado, dimensao = 38 mm, espessura = 3mm, diametro do furo= 18 mm","Material",null,"un",16,"1,46","23,36"]
["Detalhamento de Cálculo ORSE"]
["Item","Código","Banco","Descrição","Tipo",null,"Und","Quant.","Valor Unit","Total"]
["Insumo"," 1695 ","ORSE","Parafuso rosca dupla 16 x 350mm","Material",null,"un",3,"19,65","58,95"]
["Insumo"," 00000406/SINAPI ","ORSE","Fita aco inox para cintar poste, l = 19 mm, e = 0,5 mm (rolo de 30m)","Material",null,"un",0.25,"82,69","20,67"]
["Insumo"," 55 ","ORSE","Unidade de Serviço padrao Energisa","Serviços",null,"us",5.93,"15,14","89,78"]
["Insumo"," 00000444/SINAPI ","ORSE","Pino rosca externa, em aco galvanizado, para isolador de 15kv, diametro 25 mm, comprimento *290* mm","Material",null,"un",6,"47,06","282,36"]
["Insumo"," 958 ","ORSE","Fio alumínio recozido para amarração 6 awg","Material",null,"kg",0.39,"52,50","20,47"]
["Insumo"," 1682 ","ORSE","Parafuso cabeça quadrada 16 x 350mm","Material",null,"un",2,"19,25","38,50"]
["Insumo"," 00003406/SINAPI ","ORSE","Isolador de porcelana, tipo pino monocorpo, para tensao de *15* kv","Material",null,"un",6,"9,30","55,80"]
["Insumo"," 713 ","ORSE","Cruzeta concreto tipo \"L\", 1700mm","Material",null,"un",2,"195,00","390,00"]
["Insumo"," 00000379/SINAPI ","ORSE","Arruela quadrada em aco galvanizado, dimensao = 38 mm, espessura = 3mm, diametro do furo= 18 mm","Material",null,"un",16,"1,46","23,36"]
[{"$nulls":4},"MO sem LS =>",0,"LS =>",0,"MO com LS =>",0]
[{"$nulls":4},"Valor do BDI =>",257.12,null,"Valor com BDI =>",null,1237.01]
[{"$nulls":6},"Quant. =>","1,00","Preço Total =>",1237.01]
[]
[" 20.2 ","Código","Banco","Descrição","Tipo",null,"Und","Quant.","Valor Unit","Total"]
["Composição"," C0864 ","SEINFRA","CONJUNTO DE MASTRO P/ TRÊS BANDEIRAS E PEDESTAL",0,null,"UN",1,4200.4399999999996,4200.4399999999996]
["Insumo"," I0965 ","SEINFRA","DESMOLDANTE PARA FORMAS","Material",null,"L",1.8,8.4499999999999993,15.21]
["Insumo"," I1061 ","SEINFRA","ELETRODOS","Material",null,"KG",0.85,32.44,27.57]
["Insumo"," I1332 ","SEINFRA","LADRILHO HIDRAULICO DE UMA COR","Material",null,"m²",4.3499999999999996,72.900000000000006,317.11]
["Insumo"," I0280 ","SEINFRA","BRITA","Material",null,"m³",0.16,100.5,16.079999999999998]
["Insumo"," I0163 ","SEINFRA","AÇO CA-50","Material",null,"KG",33.5,7.1,237.85]
["Insumo"," I2391 ","SEINFRA","PEDREIRO","Mão de Obra",null,"H",1.91,26.86,51.3]
["Insumo"," I1846 ","SEINFRA","SARRAFO DE 1\"X4\"","Material",null,"M",2.25,6.05,13.61]
["Insumo"," I0103 ","SEINFRA","ARAME RECOZIDO N.18 BWG","Material",null,"KG",0.59,16.53,9.75]
["Insumo"," I0526 ","SEINFRA","CHAPA COMPENSADO PLASTIFICADO 12MM (1.22 X 2.44M)","Material",null,"m²",3.3,69.64,229.81]
["Insumo"," I0498 ","SEINFRA","CARPINTEIRO","Mão de Obra",null,"H",3.5,26.86,94.01]
["Insumo"," I2172 ","SEINFRA","TUBO AÇO GALVANIZADO DE 65MM (2 1/2')","Material",null,"M",11,90.42,994.62]
["Insumo"," I1605 ","SEINFRA","PEDRISCO","Material",null,"m³",0.38,100.5,38.19]
["Insumo"," I0108 ","SEINFRA","AREIA GROSSA","Material",null,"m³",0.5,119.58,59.79]
["Insumo"," I1100 ","SEINFRA","ESMALTE SINTETICO","Material",null,"L",1.1000000000000001,31.88,35.06]
["Insumo"," I0121 ","SEINFRA","ARMADOR/FERREIRO","Mão de Obra",null,"H",2.34,26.86,62.85]
["Insumo"," I0805 ","SEINFRA","CIMENTO PORTLAND","Material",null,"KG",112,0.71,79.52]
["Insumo"," I1328 ","SEINFRA","LADRILHISTA","Mão de Obra",null,"H",5.5,26.86,147.72999999999999]
["Insumo"," I1728 ","SEINFRA","PREGO 18X27 (2.1/2\" X 10) (APROXIMADAMENTE 198UN/KG)","Material",null,"KG",0.45,14.2,6.39]
["Insumo"," I2173 ","SEINFRA","TUBO AÇO GALVANIZADO DE 80MM (3')","Material",null,"M",10.5,121.68,1277.6400000000001]
["Insumo"," I2543 ","SEINFRA","SERVENTE","Mão de Obra",null,"H",12.5,20.260000000000002,253.25]
["Insumo"," I0045 ","SEINFRA","AJUDANTE DE PINTOR","Mão de Obra",null,"H",3.5,21.1,73.849999999999994]
["Insumo"," I0441 ","SEINFRA","CAL HIDRATADA","Material",null,"KG",7.28,0.96,6.98]
["Insumo"," I2293 ","SEINFRA","ZARCÃO","Material",null,"L",0.85,28.81,24.48]
["Insumo"," I0041 ","SEINFRA","AJUDANTE DE CARPINTEIRO","Mão de Obra",null,"H",3.5,21.1,73.849999999999994]
["Insumo"," I1346 ","SEINFRA","LIXA PARA FERRO","Material",null,"UN",2.1,2.14,4.49]
["Insumo"," I0040 ","SEINFRA","AJUDANTE DE ARMADOR/FERREIRO","Mão de Obra",null,"H",2.34,21.1,49.37]
["Insumo"," I0749 ","SEINFRA","MÁQUINA DE SOLDA (CHP)","Equipamento",null,"H",0.85,0.1,0.08]
[{"$nulls":4},"MO sem LS =>",806.21,"LS =>",0,"MO com LS =>",806.21]
[{"$nulls":4},"Valor do BDI =>",1102.19,null,"Valor com BDI =>",null,5302.63]
[{"$nulls":6},"Quant. =>","1,00","Preço Total =>",5302.63]
[]
[" 21 ",null,null,"SERVIÇOS FINAIS",{"$nulls":5},11532.84]
[" 21.1 ","Código","Banco","Descrição","Tipo",null,"Und","Quant.","Valor Unit","Total"]
["Composição"," 270220 ","SEDOP","Limpeza geral e entrega da obra",0,null,"m²",1,9.9499999999999993,9.9499999999999993]
["Composição Auxiliar"," 280026 ","SEDOP","SERVENTE COM ENCARGOS COMPLEMENTARES",0,null,"h",0.4,24.89,9.9499999999999993]
[{"$nulls":4},"MO sem LS =>",6.05,"LS =>",0,"MO com LS =>",6.05]
[{"$nulls":4},"Valor do BDI =>",2.61,null,"Valor com BDI =>",null,12.56]
[{"$nulls":6},"Quant. =>","918,22","Preço Total =>",11532.84]
["VALOR UNITÁRIO COM BDI",{"$nulls":7},{"$f":"SINTÉTICO!J49","v":4385354.28}]

{"sheet":"MEMÓRIA DE CÁLCULO","index":4,"n_rows":31,"n_cols":5,"rows_kept":31,"cut":false,"hidden":false,"merged":[[30,0,30,2],[30,3,30,4],[6,12,6,14],[7,12,7,13],[1,0,1,1],[2,0,2,2],[4,0,4,4],[5,0,8,4]]}
[]
["Ministério do Desenvolvimento Regional - MDR"]
["Companhia de Desenvolvimento dos Vales do São Francisco e do Parnaíba"]
[]
["MEMÓRIA DE CÁLCULO"]
["OBJETO: FORNECIMENTO, TRANSPORTE, INSTALAÇÃO E HOMOLOGAÇÃO, POR SISTEMA DE REGISTRO DE PREÇOS (SRP), DE SISTEMAS DE GERAÇÃO DE ENERGIA SOLAR FOTOVOLTAICA ON-GRID, DESTINADOS A ATENDER MUNICÍPIOS DA ÁREA DE ATUAÇÃO DA 11ª SUPERINTENDÊNCIA REGIONAL DA CODEVASF NO ESTADO DO AMAPÁ"]
[]
[]
[]
["ITEM","SERVIÇO","UND","MEMÓRIA","TOTAL UNITÁRIO"]
[{"$f":"SINTÉTICO!A15","v":2},{"$f":"SINTÉTICO!D15","v":"SERVIÇOS COMPLEMENTARES AO SISTEMA DE GERAÇÃO DE 4,5 KWP"}]
[{"$f":"SINTÉTICO!A16","v":"2.1"},{"$f":"SINTÉTICO!D16","v":"TRANSPORTE DE MÃO DE OBRA, MATERIAIS E EQUIPAMENTOS PARA EXECUÇÃO DOS SERVIÇOS COMPLEMENTARES"},{"$f":"SINTÉTICO!E16","v":"KM"},"DMT ENTRE OS MUNICÍPIOS DO AMAPÁ, PARTINDO DA AV. FAB, MACAPÁ: [101 (ITAUBAL) + 2 (MACAPÁ) + 36,1 (MAZAGÃO) + 23,5 (SANTANA) + 273 (LARANJAL DO JARI) + 302 (VITÓRIA DO JARI) + 301 (AMAPÁ) + 364 (CALÇOENE) + 139 (CUTIAS) + 579 (OIAPOQUE) + 273 (PRACUÚBA) + 228 (TARTARUGALZINHO) + 137 (FERREIRA GOMES) + 187 (PEDRA BRANCA DO AMAPARI) + 112 (PORTO GRANDE) + 206 (SERRA DO NAVIO)] / 16",{"$f":"SINTÉTICO!F16","v":203.97}]
[{"$f":"SINTÉTICO!A17","v":"2.2"},{"$f":"SINTÉTICO!D17","v":"CERCA COM MOURÕES DE CONCRETO, RETO, H=2,30 M, ESPAÇAMENTO DE 2,5 M, CRAVADOS 0,5 M, ESCORAS DE 10 X 10 CM NOS CANTOS, COM 8 FIOS DE ARAME FARPADO Nº 14 CLASSE 250 - FORNECIMENTO E INSTALAÇÃO"},{"$f":"SINTÉTICO!E17","v":"M"},"PERÍMETRO CERCADO, CONFORME TABELA DO ITEM 2.12.e) DA ESPECIFICAÇÃO TÉCNICA: 5,54 (LARGURA DA CERCA) x 2 + 9,07 (COMPRIMENTO DA CERCA) x 2",{"$f":"SINTÉTICO!F17","v":29.22}]
[{"$f":"SINTÉTICO!A18","v":"2.3"},{"$f":"SINTÉTICO!D18","v":"LASTRO COM MATERIAL GRANULAR (PEDRA BRITADA N.3), APLICADO EM PISOS OU LAJES SOBRE SOLO, ESPESSURA DE *10 CM*. AF_01/2024"},{"$f":"SINTÉTICO!E18","v":"M³"},"ÁREA CERCADA x ESPESSURA DA CAMADA DE BRITA, CONFORME TABELA DO ITEM 2.12.e) DA ESPECIFICAÇÃO TÉCNICA: 5,54 (LARGURA) x 9,07 (COMPRIMENTO) x 0,10 (ESPESSURA CAMADA DE BRITA)",{"$f":"SINTÉTICO!F18","v":5.0199999999999996}]
[{"$f":"SINTÉTICO!A19","v":"2.4"},{"$f":"SINTÉTICO!D19","v":"PORTAO FERRO ABRIR COM PINTURA EM DUAS FACES"},{"$f":"SINTÉTICO!E19","v":"M²"},"1,50 (LARGURA) X 2,00 (ALTURA)",{"$f":"SINTÉTICO!F19","v":3}]
[{"$f":"SINTÉTICO!A24","v":4},{"$f":"SINTÉTICO!D24","v":"SERVIÇOS COMPLEMENTARES AO SISTEMA DE GERAÇÃO DE 9,0 KWP"}]
[{"$f":"SINTÉTICO!A25","v":"4.1"},{"$f":"SINTÉTICO!D25","v":"TRANSPORTE DE MÃO DE OBRA, MATERIAIS E EQUIPAMENTOS PARA EXECUÇÃO DOS SERVIÇOS COMPLEMENTARES"},{"$f":"SINTÉTICO!E25","v":"KM"},"DMT ENTRE OS MUNICÍPIOS DO AMAPÁ, PARTINDO DA AV. FAB, MACAPÁ: [101 (ITAUBAL) + 2 (MACAPÁ) + 36,1 (MAZAGÃO) + 23,5 (SANTANA) + 273 (LARANJAL DO JARI) + 302 (VITÓRIA DO JARI) + 301 (AMAPÁ) + 364 (CALÇOENE) + 139 (CUTIAS) + 579 (OIAPOQUE) + 273 (PRACUÚBA) + 228 (TARTARUGALZINHO) + 137 (FERREIRA GOMES) + 187 (PEDRA BRANCA DO AMAPARI) + 112 (PORTO GRANDE) + 206 (SERRA DO NAVIO)] / 16",{"$f":"SINTÉTICO!F25","v":203.97}]
[{"$f":"SINTÉTICO!A26","v":"4.2"},{"$f":"SINTÉTICO!D26","v":"CERCA COM MOURÕES DE CONCRETO, RETO, H=2,30 M, ESPAÇAMENTO DE 2,5 M, CRAVADOS 0,5 M, ESCORAS DE 10 X 10 CM NOS CANTOS, COM 8 FIOS DE ARAME FARPADO Nº 14 CLASSE 250 - FORNECIMENTO E INSTALAÇÃO"},{"$f":"SINTÉTICO!E26","v":"M"},"PERÍMETRO CERCADO, CONFORME TABELA DO ITEM 2.12.e) DA ESPECIFICAÇÃO TÉCNICA: 7,00 (LARGURA DA CERCA) x 2 + 12,00 (COMPRIMENTO DA CERCA) x 2",{"$f":"SINTÉTICO!F26","v":38}]
[{"$f":"SINTÉTICO!A27","v":"4.3"},{"$f":"SINTÉTICO!D27","v":"LASTRO COM MATERIAL GRANULAR (PEDRA BRITADA N.3), APLICADO EM PISOS OU LAJES SOBRE SOLO, ESPESSURA DE *10 CM*. AF_01/2024"},{"$f":"SINTÉTICO!E27","v":"M³"},"ÁREA CERCADA x ESPESSURA DA CAMADA DE BRITA, CONFORME TABELA DO ITEM 2.12.e) DA ESPECIFICAÇÃO TÉCNICA: 7,00 (LARGURA) x 12,00 (COMPRIMENTO) x 0,10 (ESPESSURA CAMADA DE BRITA)",{"$f":"SINTÉTICO!F27","v":8.4}]
[{"$f":"SINTÉTICO!A28","v":"4.4"},{"$f":"SINTÉTICO!D28","v":"PORTAO FERRO ABRIR COM PINTURA EM DUAS FACES"},{"$f":"SINTÉTICO!E28","v":"M²"},"1,50 (LARGURA) X 2,00 (ALTURA)",{"$f":"SINTÉTICO!F28","v":3}]
[{"$f":"SINTÉTICO!A33","v":6},{"$f":"SINTÉTICO!D33","v":"SERVIÇOS COMPLEMENTARES AO SISTEMA DE GERAÇÃO DE 13,5 KWP"}]
[{"$f":"SINTÉTICO!A34","v":"6.1"},{"$f":"SINTÉTICO!D34","v":"TRANSPORTE DE MÃO DE OBRA, MATERIAIS E EQUIPAMENTOS PARA EXECUÇÃO DOS SERVIÇOS COMPLEMENTARES"},{"$f":"SINTÉTICO!E34","v":"KM"},"DMT ENTRE OS MUNICÍPIOS DO AMAPÁ, PARTINDO DA AV. FAB, MACAPÁ: [101 (ITAUBAL) + 2 (MACAPÁ) + 36,1 (MAZAGÃO) + 23,5 (SANTANA) + 273 (LARANJAL DO JARI) + 302 (VITÓRIA DO JARI) + 301 (AMAPÁ) + 364 (CALÇOENE) + 139 (CUTIAS) + 579 (OIAPOQUE) + 273 (PRACUÚBA) + 228 (TARTARUGALZINHO) + 137 (FERREIRA GOMES) + 187 (PEDRA BRANCA DO AMAPARI) + 112 (PORTO GRANDE) + 206 (SERRA DO NAVIO)] / 16",{"$f":"SINTÉTICO!F34","v":203.97}]
[{"$f":"SINTÉTICO!A35","v":"6.2"},{"$f":"SINTÉTICO!D35","v":"CERCA COM MOURÕES DE CONCRETO, RETO, H=2,30 M, ESPAÇAMENTO DE 2,5 M, CRAVADOS 0,5 M, ESCORAS DE 10 X 10 CM NOS CANTOS, COM 8 FIOS DE ARAME FARPADO Nº 14 CLASSE 250 - FORNECIMENTO E INSTALAÇÃO"},{"$f":"SINTÉTICO!E35","v":"M"},"PERÍMETRO CERCADO, CONFORME TABELA DO ITEM 2.12.e) DA ESPECIFICAÇÃO TÉCNICA: 7,92 (LARGURA DA CERCA) x 2 + 13,83 (COMPRIMENTO DA CERCA) x 2",{"$f":"SINTÉTICO!F35","v":43.5}]
[{"$f":"SINTÉTICO!A36","v":"6.3"},{"$f":"SINTÉTICO!D36","v":"LASTRO COM MATERIAL GRANULAR (PEDRA BRITADA N.3), APLICADO EM PISOS OU LAJES SOBRE SOLO, ESPESSURA DE *10 CM*. AF_01/2024"},{"$f":"SINTÉTICO!E36","v":"M³"},"ÁREA CERCADA x ESPESSURA DA CAMADA DE BRITA, CONFORME TABELA DO ITEM 2.12.e) DA ESPECIFICAÇÃO TÉCNICA: 7,92 (LARGURA) x 13,83 (COMPRIMENTO) x 0,10 (ESPESSURA CAMADA DE BRITA)",{"$f":"SINTÉTICO!F36","v":10.95}]
[{"$f":"SINTÉTICO!A37","v":"6.4"},{"$f":"SINTÉTICO!D37","v":"PORTAO FERRO ABRIR COM PINTURA EM DUAS FACES"},{"$f":"SINTÉTICO!E37","v":"M²"},"1,50 (LARGURA) X 2,00 (ALTURA)",{"$f":"SINTÉTICO!F37","v":3}]
[{"$f":"SINTÉTICO!A42","v":8},{"$f":"SINTÉTICO!D42","v":"SERVIÇOS COMPLEMENTARES AO SISTEMA DE GERAÇÃO DE 18,0 KWP"}]
[{"$f":"SINTÉTICO!A43","v":"8.1"},{"$f":"SINTÉTICO!D43","v":"TRANSPORTE DE MÃO DE OBRA, MATERIAIS E EQUIPAMENTOS PARA EXECUÇÃO DOS SERVIÇOS COMPLEMENTARES"},{"$f":"SINTÉTICO!E43","v":"KM"},"DMT ENTRE OS MUNICÍPIOS DO AMAPÁ, PARTINDO DA AV. FAB, MACAPÁ: [101 (ITAUBAL) + 2 (MACAPÁ) + 36,1 (MAZAGÃO) + 23,5 (SANTANA) + 273 (LARANJAL DO JARI) + 302 (VITÓRIA DO JARI) + 301 (AMAPÁ) + 364 (CALÇOENE) + 139 (CUTIAS) + 579 (OIAPOQUE) + 273 (PRACUÚBA) + 228 (TARTARUGALZINHO) + 137 (FERREIRA GOMES) + 187 (PEDRA BRANCA DO AMAPARI) + 112 (PORTO GRANDE) + 206 (SERRA DO NAVIO)] / 16",{"$f":"SINTÉTICO!F43","v":203.97}]
[{"$f":"SINTÉTICO!A44","v":"8.2"},{"$f":"SINTÉTICO!D44","v":"CERCA COM MOURÕES DE CONCRETO, RETO, H=2,30 M, ESPAÇAMENTO DE 2,5 M, CRAVADOS 0,5 M, ESCORAS DE 10 X 10 CM NOS CANTOS, COM 8 FIOS DE ARAME FARPADO Nº 14 CLASSE 250 - FORNECIMENTO E INSTALAÇÃO"},{"$f":"SINTÉTICO!E44","v":"M"},"PERÍMETRO CERCADO, CONFORME TABELA DO ITEM 2.12.e) DA ESPECIFICAÇÃO TÉCNICA: 8,71 (LARGURA DA CERCA) x 2 + 15,42 (COMPRIMENTO DA CERCA) x 2",{"$f":"SINTÉTICO!F44","v":48.26}]
[{"$f":"SINTÉTICO!A45","v":"8.3"},{"$f":"SINTÉTICO!D45","v":"LASTRO COM MATERIAL GRANULAR (PEDRA BRITADA N.3), APLICADO EM PISOS OU LAJES SOBRE SOLO, ESPESSURA DE *10 CM*. AF_01/2024"},{"$f":"SINTÉTICO!E45","v":"M³"},"ÁREA CERCADA x ESPESSURA DA CAMADA DE BRITA, CONFORME TABELA DO ITEM 2.12.e) DA ESPECIFICAÇÃO TÉCNICA: 8,71 (LARGURA) x 15,42 (COMPRIMENTO) x 0,1 (ESPESSURA CAMADA DE BRITA)",{"$f":"SINTÉTICO!F45","v":13.43}]
[{"$f":"SINTÉTICO!A46","v":"8.4"},{"$f":"SINTÉTICO!D46","v":"PORTAO FERRO ABRIR COM PINTURA EM DUAS FACES"},{"$f":"SINTÉTICO!E46","v":"M²"},"1,50 (LARGURA) X 2,00 (ALTURA)",{"$f":"SINTÉTICO!F46","v":3}]
[{"$f":"SINTÉTICO!A49","v":"VALOR GLOBAL TOTAL COM BDI"},null,null,{"$f":"SINTÉTICO!J49","v":4385354.28}]

{"sheet":"BDI","index":5,"n_rows":26,"n_cols":12,"rows_kept":26,"cut":false,"hidden":false,"merged":[[13,2,13,4],[2,3,2,12],[4,0,4,12],[5,0,5,12],[6,2,6,3],[8,2,8,3],[15,2,15,3],[17,2,17,3],[19,2,19,3],[21,1,21,10],[24,0,25,1],[25,2,25,12]]}
[]
[null,null,null,"Ministério do Desenvolvimento Regional - MDR"]
[null,null,null,"Companhia de Desenvolvimento dos Vales do São Francisco e do Parnaíba"]
[]
["DETALHAMENTO DO BDI"]
["Serviços"]
[null,1,"Administração Central ",{"$nulls":8},0.04]
[]
[null,2,"Impostos e Taxas (I)",{"$nulls":8},{"$f":"SUM(L10:L12)","v":7.1500000000000008E-2}]
[null,"2.1","ISS",{"$nulls":8},3.5000000000000003E-2]
[null,"2.2","PIS",{"$nulls":8},6.4999999999999997E-3]
[null,"2.3","COFINS",{"$nulls":8},0.03]
[]
[null,3,"Seguro + Garantia",{"$nulls":8},8.0000000000000002E-3]
[]
[null,4,"Risco",{"$nulls":8},1.2699999999999999E-2]
[]
[null,5,"Despesa Financeira",{"$nulls":8},1.23E-2]
[]
[null,6,"Lucro",{"$nulls":8},7.3999999999999996E-2]
[]
[null,"BDI (%)",{"$nulls":9},{"$f":"(((1+L7+L14+L16)*(1+L18)*(1+L20))/(1-L9))-1","v":0.24200738733441041}]
[null,"Fonte: Acórdão n° 2622/2013 - TCU - Plenário"]
[]
["Notas:",null,"Pode haver garantia desde que previsto no Edital da licitação e no contrato de execução."]
[null,null,"Podem ser aceitos outros percentuais de ISSQN desde que devidamente embasados na legislação municipal."]

{"sheet":"CPUs","index":6,"n_rows":31,"n_cols":9,"rows_kept":31,"cut":false,"hidden":false,"merged":[[4,12,4,14],[5,12,5,13],[30,0,30,7],[29,1,29,3],[15,1,15,3],[16,1,16,3],[17,1,17,3],[18,1,18,3],[19,0,19,7],[26,1,26,3],[27,1,27,3],[28,1,28,3],[21,0,21,8],[24,1,24,3],[25,1,25,3],[23,1,23,3],[22,1,22,3],[12,0,12,8],[14,1,14,3],[13,1,13,3],[1,2,1,8],[2,2,2,8],[4,0,8,8],[10,0,10,8]]}
[]
[null,null,"Ministério do Desenvolvimento Regional - MDR"]
[null,null,"Companhia de Desenvolvimento dos Vales do São Francisco e do Parnaíba"]
[]
["OBJETO: FORNECIMENTO, TRANSPORTE, INSTALAÇÃO E HOMOLOGAÇÃO, POR SISTEMA DE REGISTRO DE PREÇOS (SRP), DE SISTEMAS DE GERAÇÃO DE ENERGIA SOLAR FOTOVOLTAICA ON-GRID, DESTINADOS A ATENDER MUNICÍPIOS DA ÁREA DE ATUAÇÃO DA 11ª SUPERINTENDÊNCIA REGIONAL DA CODEVASF NO ESTADO DO AMAPÁ"]
[]
[]
[]
[]
[]
["COMPOSIÇÕES PRÓPRIAS"]
[]
["CPU 01 - TRANSPORTE DE MÃO DE OBRA, MATERIAIS E EQUIPAMENTOS PARA EXECUÇÃO DOS SERVIÇOS COMPLEMENTARES"]
["CÓDIGO","DESCRIÇÃO",null,null,"FONTE","UNID","COEFICIENTE","PREÇO UNITÁRIO","TOTAL"]
[" 5894 ","CAMINHÃO TOCO, PESO BRUTO TOTAL 16.000 KG, CARGA ÚTIL MÁXIMA DE 10.685 KG, DISTÂNCIA ENTRE EIXOS 4,80 M, POTÊNCIA 189 CV EXCLUSIVE CARROCERIA - CHP DIURNO. AF_06/2014","CAMINHÃO TOCO, PESO BRUTO TOTAL 16.000 KG, CARGA ÚTIL MÁXIMA DE 10.685 KG, DISTÂNCIA ENTRE EIXOS 4,80 M, POTÊNCIA 189 CV EXCLUSIVE CARROCERIA - CHP DIURNO. AF_06/2014","CAMINHÃO TOCO, PESO BRUTO TOTAL 16.000 KG, CARGA ÚTIL MÁXIMA DE 10.685 KG, DISTÂNCIA ENTRE EIXOS 4,80 M, POTÊNCIA 189 CV EXCLUSIVE CARROCERIA - CHP DIURNO. AF_06/2014","SINAPI","CHP",0.01,218.3,2.1800000000000002]
[" 88282 ","MOTORISTA DE CAMINHÃO COM ENCARGOS COMPLEMENTARES","MOTORISTA DE CAMINHÃO COM ENCARGOS COMPLEMENTARES","MOTORISTA DE CAMINHÃO COM ENCARGOS COMPLEMENTARES","SINAPI","H",0.01,26.25,0.26]
[" 88316 ","SERVENTE COM ENCARGOS COMPLEMENTARES","SERVENTE COM ENCARGOS COMPLEMENTARES","SERVENTE COM ENCARGOS COMPLEMENTARES","SINAPI","H",0.1,19.850000000000001,1.98]
[" 00004227 ","OLEO LUBRIFICANTE MINERAL MONOVISCOSO, SAE 40, PARA MOTORES DE EQUIPAMENTOS PESADOS (CAMINHOES, TRATORES, RETROS E ETC)","OLEO LUBRIFICANTE MINERAL MONOVISCOSO, SAE 40, PARA MOTORES DE EQUIPAMENTOS PESADOS (CAMINHOES, TRATORES, RETROS E ETC)","OLEO LUBRIFICANTE MINERAL MONOVISCOSO, SAE 40, PARA MOTORES DE EQUIPAMENTOS PESADOS (CAMINHOES, TRATORES, RETROS E ETC)","SINAPI","L",5.0000000000000001E-3,29.8,0.14000000000000001]
[" 00004221 ","OLEO DIESEL COMBUSTIVEL COMUM METROPOLITANO S-10 OU S-500","OLEO DIESEL COMBUSTIVEL COMUM METROPOLITANO S-10 OU S-500","OLEO DIESEL COMBUSTIVEL COMUM METROPOLITANO S-10 OU S-500","SINAPI","L",0.3,6.39,{"$f":"1.91","v":1.91}]
["TOTAL SEM BDI",{"$nulls":7},6.47]
[]
["CPU 02 - CERCA COM MOURÕES DE CONCRETO, RETO, H=2,30 M, ESPAÇAMENTO DE 2,5 M, CRAVADOS 0,5 M,  ESCORAS DE 10 X 10 CM NOS CANTOS, COM 8 FIOS DE ARAME FARPADO Nº 14 CLASSE 250 -  FORNECIMENTO E INSTALAÇÃO"]
["CÓDIGO","DESCRIÇÃO",null,null,"FONTE","UNID","COEFICIENTE","PREÇO UNITÁRIO","TOTAL"]
[" 88309 ","PEDREIRO COM ENCARGOS COMPLEMENTARES","PEDREIRO COM ENCARGOS COMPLEMENTARES","PEDREIRO COM ENCARGOS COMPLEMENTARES","SINAPI","H",0.52800000000000002,26.21,13.83]
[" 94962 ","CONCRETO MAGRO PARA LASTRO, TRAÇO 1:4,5:4,5 (EM MASSA SECA DE CIMENTO/ AREIA MÉDIA/ BRITA 1) - PREPARO MECÂNICO COM BETONEIRA 400 L. AF_05/2021","CONCRETO MAGRO PARA LASTRO, TRAÇO 1:4,5:4,5 (EM MASSA SECA DE CIMENTO/ AREIA MÉDIA/ BRITA 1) - PREPARO MECÂNICO COM BETONEIRA 400 L. AF_05/2021","CONCRETO MAGRO PARA LASTRO, TRAÇO 1:4,5:4,5 (EM MASSA SECA DE CIMENTO/ AREIA MÉDIA/ BRITA 1) - PREPARO MECÂNICO COM BETONEIRA 400 L. AF_05/2021","SINAPI","M³",8.9999999999999993E-3,610.41999999999996,5.49]
[" 88316 ","SERVENTE COM ENCARGOS COMPLEMENTARES","SERVENTE COM ENCARGOS COMPLEMENTARES","SERVENTE COM ENCARGOS COMPLEMENTARES","SINAPI","H",0.52800000000000002,19.850000000000001,10.48]
[" 00004107 ","MOURAO DE CONCRETO RETO, SECAO QUADRADA *10 X 10* CM, H= *2,30* M","MOURAO DE CONCRETO RETO, SECAO QUADRADA *10 X 10* CM, H= *2,30* M","MOURAO DE CONCRETO RETO, SECAO QUADRADA *10 X 10* CM, H= *2,30* M","SINAPI","UN",0.4,73.319999999999993,29.32]
[" 00043130 ","ARAME GALVANIZADO 12 BWG, D = 2,76 MM (0,048 KG/M) OU 14 BWG, D = 2,11 MM (0,026 KG/M)","ARAME GALVANIZADO 12 BWG, D = 2,76 MM (0,048 KG/M) OU 14 BWG, D = 2,11 MM (0,026 KG/M)","ARAME GALVANIZADO 12 BWG, D = 2,76 MM (0,048 KG/M) OU 14 BWG, D = 2,11 MM (0,026 KG/M)","SINAPI","KG",0.28699999999999998,26,7.46]
[" 00000339 ","ARAME FARPADO GALVANIZADO, 14 BWG (2,11 MM), CLASSE 250","ARAME FARPADO GALVANIZADO, 14 BWG (2,11 MM), CLASSE 250","ARAME FARPADO GALVANIZADO, 14 BWG (2,11 MM), CLASSE 250","SINAPI","M",8,1.59,12.72]
[" 00004111 ","ESCORA PRE-MOLDADA EM CONCRETO, *10 X 10* CM, H = 2,30M","ESCORA PRE-MOLDADA EM CONCRETO, *10 X 10* CM, H = 2,30M","ESCORA PRE-MOLDADA EM CONCRETO, *10 X 10* CM, H = 2,30M","SINAPI","UN",0.16,61.52,{"$f":"G30*H30","v":9.8432000000000013}]
["TOTAL SEM BDI",{"$nulls":7},{"$f":"SUM(I24:I30)","v":89.143199999999993}]

{"sheet":"CRONOGRAMA 1","index":7,"n_rows":26,"n_cols":12,"rows_kept":26,"cut":false,"hidden":false,"merged":[[1,3,1,10],[2,3,2,10],[4,0,4,10],[6,0,8,10],[9,0,10,0],[9,2,10,2],[9,3,10,3],[9,1,10,1],[11,0,18,0],[11,2,14,2],[11,3,12,3],[11,4,12,4],[11,5,12,5],[11,1,14,1],[15,1,18,1],[11,7,12,7],[11,8,12,8],[11,9,12,9],[11,10,12,10],[13,3,14,3],[13,4,14,4],[13,5,14,5],[13,6,14,6],[13,7,14,7],[13,8,14,8],[11,6,12,6],[13,9,14,9],[13,10,14,10],[15,2,18,2],[15,3,16,3],[15,4,16,4],[15,5,16,5],[15,6,16,6],[15,7,16,7],[15,8,16,8],[15,9,16,9],[15,10,16,10],[17,3,18,3],[17,4,18,4],[17,5,18,5],[17,6,18,6],[17,7,18,7],[17,8,18,8],[17,9,18,9],[17,10,18,10],[19,0,19,2],[21,0,21,2],[22,0,22,2],[23,0,23,2],[20,0,20,2]]}
[]
[null,null,null,"Ministério do Desenvolvimento Regional - MDR"]
[null,null,null,"Companhia de Desenvolvimento dos Vales do São Francisco e do Parnaíba"]
[]
["CRONOGRAMA FÍSICO FINANCEIRO"]
[]
["OBJETO: FORNECIMENTO, TRANSPORTE, INSTALAÇÃO E HOMOLOGAÇÃO, POR SISTEMA DE REGISTRO DE PREÇOS (SRP), DE SISTEMAS DE GERAÇÃO DE ENERGIA SOLAR FOTOVOLTAICA ON-GRID, DESTINADOS A ATENDER MUNICÍPIOS DA ÁREA DE ATUAÇÃO DA 11ª SUPERINTENDÊNCIA REGIONAL DA CODEVASF NO ESTADO DO AMAPÁ"]
[]
[]
["GRUPO Nº","ITEM","DESCRIÇÃO","VALOR","DIAS","DIAS","DIAS","DIAS","DIAS","DIAS","DIAS"]
[{"$nulls":4},30,60,{"$f":"F11+30","v":90},120,150,180,210]
[1,1,{"$f":"RESUMO!C12","v":"SISTEMA DE GERAÇÃO FOTOVOLTAICA ON-GRID, COM ESTRUTURA PARA SOLO, COM POTÊNCIA MÍNIMA DE 4,5 KWP"},{"$f":"RESUMO!K12","v":19000},{"$f":"$D$12*E14","v":0},950,0,8550,0,{"$f":"$D$12*J14","v":9500},0,{"$f":"SUM(E12:K13)","v":19000}]
[]
[null,null,null,{"$f":"SUM(E14:K14)","v":1},0,0.05,0,0.45,0,0.5,0]
[]
[null,2,{"$f":"RESUMO!C14","v":"SERVIÇOS COMPLEMENTARES AO SISTEMA DE GERAÇÃO DE 4,5 KWP"},{"$f":"RESUMO!K14","v":10616.51},{"$f":"$D$16*E18","v":0},{"$f":"$D$16*F18","v":0},2123.3020000000001,2123.3020000000001,2123.3020000000001,2123.3020000000001,2123.3020000000001,{"$f":"SUM(E16:K17)","v":10616.51}]
[]
[null,null,null,{"$f":"SUM(E18:K18)","v":1},0,0,0.2,0.2,0.2,0.2,0.2]
[]
["Desembolso Mensal Unitário (Com BDI)",null,null,{"$f":"D12+D16","v":29616.510000000002},{"$f":"TRUNC(E12+E16,3)","v":0},{"$f":"TRUNC(F12+F16,3)","v":950},{"$f":"TRUNC(G12+G16,3)","v":2123.3020000000001},10673.302,2123.3020000000001,11623.302,2123.3020000000001,{"$f":"SUM(E20:K20)","v":29616.51}]
["Desembolso Mensal Global (Com BDI)",null,null,{"$f":"RESUMO!O12","v":1332743.69},{"$f":"TRUNC(E20*45,3)","v":0},{"$f":"$D$21*F22","v":42750.023736760333},{"$f":"$D$21*G22","v":95548.643052958621},480298.85668380163,95548.643052958621,523048.880420562,95548.643052958621,{"$f":"TRUNC(SUM(F21:K21),2)","v":1332743.69}]
["Total Mensal (%)",null,null,1,{"$f":"ROUND(E20/$D$20,3)","v":0},{"$f":"F20/$D$20","v":3.2076703163201874E-2},{"$f":"G20/$D$20","v":7.1693187347192489E-2},0.36038351581600936,7.1693187347192489E-2,0.39246021897921124,7.1693187347192489E-2]
["Total Acumulado",null,null,{"$f":"D21","v":1332743.69},{"$f":"E20","v":0},{"$f":"F21+E23","v":42750.023736760333},{"$f":"G21+F23","v":138298.66678971896},{"$f":"H21+G23","v":618597.52347352053},{"$f":"I21+H23","v":714146.16652647918},{"$f":"J21+I23","v":1237195.0469470411},{"$f":"K21+J23","v":1332743.6899999997}]
["Total Acumulado (%)",null,null,1,{"$f":"E22","v":0},{"$f":"F22+E24","v":3.2076703163201874E-2},{"$f":"G22+F24","v":0.10376989051039437},0.46415340632640373,0.53584659367359622,0.92830681265280746,{"$f":"K22+J24","v":1}]
[]
[null,null,null,{"$f":"TRUNC(SUM(D12,D16),2)","v":29616.51}]

{"sheet":"CRONOGRAMA 2","index":8,"n_rows":26,"n_cols":12,"rows_kept":26,"cut":false,"hidden":false,"merged":[[1,3,1,10],[2,3,2,10],[4,0,4,10],[6,0,8,10],[9,0,10,0],[9,1,10,1],[9,2,10,2],[9,3,10,3],[11,6,12,6],[11,7,12,7],[11,8,12,8],[11,9,12,9],[11,10,12,10],[13,8,14,8],[13,9,14,9],[13,10,14,10],[15,1,18,1],[15,2,18,2],[15,3,16,3],[15,4,16,4],[15,5,16,5],[15,6,16,6],[15,7,16,7],[13,3,14,3],[13,4,14,4],[13,5,14,5],[13,6,14,6],[13,7,14,7],[11,1,14,1],[23,0,23,2],[15,8,16,8],[15,9,16,9],[15,10,16,10],[17,3,18,3],[17,4,18,4],[17,5,18,5],[17,6,18,6],[17,7,18,7],[17,8,18,8],[17,9,18,9],[11,0,18,0],[11,2,14,2],[11,3,12,3],[11,4,12,4],[11,5,12,5],[17,10,18,10],[19,0,19,2],[20,0,20,2],[21,0,21,2],[22,0,22,2]]}
[]
[null,null,null,"Ministério do Desenvolvimento Regional - MDR"]
[null,null,null,"Companhia de Desenvolvimento dos Vales do São Francisco e do Parnaíba"]
[]
["CRONOGRAMA FÍSICO FINANCEIRO"]
[]
["OBJETO: FORNECIMENTO, TRANSPORTE, INSTALAÇÃO E HOMOLOGAÇÃO, POR SISTEMA DE REGISTRO DE PREÇOS (SRP), DE SISTEMAS DE GERAÇÃO DE ENERGIA SOLAR FOTOVOLTAICA ON-GRID, DESTINADOS A ATENDER MUNICÍPIOS DA ÁREA DE ATUAÇÃO DA 11ª SUPERINTENDÊNCIA REGIONAL DA CODEVASF NO ESTADO DO AMAPÁ"]
[]
[]
["GRUPO Nº","ITEM","DESCRIÇÃO","VALOR","DIAS","DIAS","DIAS","DIAS","DIAS","DIAS","DIAS"]
[{"$nulls":4},30,60,{"$f":"F11+30","v":90},120,150,180,210]
[2,3,{"$f":"RESUMO!C15","v":"SISTEMA DE GERAÇÃO FOTOVOLTAICA ON-GRID, COM ESTRUTURA PARA SOLO, COM POTÊNCIA MÍNIMA DE 9,0 KWP"},{"$f":"RESUMO!K15","v":31622.63},{"$f":"$D$12*E14","v":0},1581.1315000000002,0,14230.183500000001,0,{"$f":"$D$12*J14","v":15811.315000000001},0,{"$f":"SUM(E12:K13)","v":31622.63}]
[]
[null,null,null,{"$f":"SUM(E14:K14)","v":1},0,0.05,0,0.45,0,0.5,0]
[]
[null,4,{"$f":"RESUMO!C17","v":"SERVIÇOS COMPLEMENTARES AO SISTEMA DE GERAÇÃO DE 9,0 KWP"},{"$f":"RESUMO!K17","v":13224.74},{"$f":"$D$16*E18","v":0},{"$f":"$D$16*F18","v":0},2644.9480000000003,2644.9480000000003,2644.9480000000003,2644.9480000000003,2644.9480000000003,{"$f":"SUM(E16:K17)","v":13224.740000000002}]
[]
[null,null,null,{"$f":"SUM(E18:K18)","v":1},0,0,0.2,0.2,0.2,0.2,0.2]
[]
["Desembolso Mensal Unitário (Com BDI)",null,null,{"$f":"D12+D16","v":44847.37},{"$f":"TRUNC(E12+E16,3)","v":0},{"$f":"TRUNC(F12+F16,5)","v":1581.1315},{"$f":"TRUNC(G12+G16,5)","v":2644.9479999999999},16875.1315,2644.9479999999999,18456.262999999999,2644.9479999999999,{"$f":"SUM(E20:K20)","v":44847.369999999995}]
["Desembolso Mensal Global (Com BDI)",null,null,{"$f":"RESUMO!O15","v":1345421.43},{"$f":"TRUNC(E20*45,3)","v":0},{"$f":"$D$21*F22","v":47433.956634425711},{"$f":"$D$21*G22","v":79348.459462297105},506254.06917212851,79348.459462297105,553688.02580655424,79348.459462297105,{"$f":"TRUNC(SUM(F21:K21),5)","v":1345421.43}]
["Total Mensal (%)",null,null,1,{"$f":"ROUND(E20/$D$20,3)","v":0},{"$f":"F20/$D$20","v":3.5255835514992291E-2},{"$f":"G20/$D$20","v":5.8976657940030812E-2},0.37627917757496143,5.8976657940030812E-2,0.41153501308995372,5.8976657940030812E-2]
["Total Acumulado",null,null,{"$f":"D21","v":1345421.43},{"$f":"E20","v":0},{"$f":"F21+E23","v":47433.956634425711},{"$f":"G21+F23","v":126782.41609672282},{"$f":"H21+G23","v":633036.48526885128},{"$f":"I21+H23","v":712384.94473114843},{"$f":"J21+I23","v":1266072.9705377026},{"$f":"K21+J23","v":1345421.4299999997}]
["Total Acumulado (%)",null,null,1,{"$f":"E22","v":0},{"$f":"F22+E24","v":3.5255835514992291E-2},{"$f":"G22+F24","v":9.4232493455023103E-2},0.47051167102998454,0.5294883289700153,0.94102334205996896,{"$f":"K22+J24","v":0.99999999999999978}]
[]
[null,null,null,{"$f":"TRUNC(SUM(D12,D16),2)","v":44847.37}]

{"sheet":"CRONOGRAMA 3","index":9,"n_rows":26,"n_cols":12,"rows_kept":26,"cut":false,"hidden":false,"merged":[[1,3,1,10],[2,3,2,10],[4,0,4,10],[6,0,8,10],[9,0,10,0],[9,1,10,1],[9,2,10,2],[9,3,10,3],[11,6,12,6],[11,7,12,7],[11,8,12,8],[11,9,12,9],[11,10,12,10],[13,8,14,8],[13,9,14,9],[13,10,14,10],[15,1,18,1],[15,2,18,2],[15,3,16,3],[15,4,16,4],[15,5,16,5],[15,6,16,6],[15,7,16,7],[13,3,14,3],[13,4,14,4],[13,5,14,5],[13,6,14,6],[13,7,14,7],[11,1,14,1],[23,0,23,2],[15,8,16,8],[15,9,16,9],[15,10,16,10],[17,3,18,3],[17,4,18,4],[17,5,18,5],[17,6,18,6],[17,7,18,7],[17,8,18,8],[17,9,18,9],[11,0,18,0],[11,2,14,2],[11,3,12,3],[11,4,12,4],[11,5,12,5],[17,10,18,10],[19,0,19,2],[20,0,20,2],[21,0,21,2],[22,0,22,2]]}
[]
[null,null,null,"Ministério do Desenvolvimento Regional - MDR"]
[null,null,null,"Companhia de Desenvolvimento dos Vales do São Francisco e do Parnaíba"]
[]
["CRONOGRAMA FÍSICO FINANCEIRO"]
[]
["OBJETO: FORNECIMENTO, TRANSPORTE, INSTALAÇÃO E HOMOLOGAÇÃO, POR SISTEMA DE REGISTRO DE PREÇOS (SRP), DE SISTEMAS DE GERAÇÃO DE ENERGIA SOLAR FOTOVOLTAICA ON-GRID, DESTINADOS A ATENDER MUNICÍPIOS DA ÁREA DE ATUAÇÃO DA 11ª SUPERINTENDÊNCIA REGIONAL DA CODEVASF NO ESTADO DO AMAPÁ"]
[]
[]
["GRUPO Nº","ITEM","DESCRIÇÃO","VALOR","DIAS","DIAS","DIAS","DIAS","DIAS","DIAS","DIAS"]
[{"$nulls":4},30,60,{"$f":"F11+30","v":90},120,150,180,210]
[3,5,{"$f":"RESUMO!C18","v":"SISTEMA DE GERAÇÃO FOTOVOLTAICA ON-GRID, COM ESTRUTURA PARA SOLO, COM POTÊNCIA MÍNIMA DE 13,5 KWP"},{"$f":"RESUMO!K18","v":47433.94},{"$f":"$D$12*E14","v":0},2371.6970000000001,0,21345.273000000001,0,{"$f":"$D$12*J14","v":23716.97},0,{"$f":"SUM(E12:K13)","v":47433.94}]
[]
[null,null,null,{"$f":"SUM(E14:K14)","v":1},0,0.05,0,0.45,0,0.5,0]
[]
[null,6,{"$f":"RESUMO!C20","v":"SERVIÇOS COMPLEMENTARES AO SISTEMA DE GERAÇÃO DE 13,5 KWP"},{"$f":"RESUMO!K20","v":15068.04},{"$f":"$D$16*E18","v":0},{"$f":"$D$16*F18","v":0},3013.6080000000002,3013.6080000000002,3013.6080000000002,3013.6080000000002,3013.6080000000002,{"$f":"SUM(E16:K17)","v":15068.04}]
[]
[null,null,null,{"$f":"SUM(E18:K18)","v":1},0,0,0.2,0.2,0.2,0.2,0.2]
[]
["Desembolso Mensal Unitário (Com BDI)",null,null,{"$f":"D12+D16","v":62501.98},{"$f":"TRUNC(E12+E16,3)","v":0},{"$f":"TRUNC(F12+F16,5)","v":2371.6970000000001},{"$f":"TRUNC(G12+G16,5)","v":3013.6080000000002},24358.881000000001,3013.6080000000002,26730.578000000001,3013.6080000000002,{"$f":"SUM(E20:K20)","v":62501.98}]
["Desembolso Mensal Global (Com BDI)",null,null,{"$f":"RESUMO!O18","v":937529.99},{"$f":"TRUNC(E20*45,3)","v":0},{"$f":"$D$21*F22","v":35575.466004325463},{"$f":"$D$21*G22","v":45204.133982698149},365383.32802162727,45204.133982698149,400958.79402595281,45204.133982698149,{"$f":"TRUNC(SUM(F21:K21),5)","v":937529.99}]
["Total Mensal (%)",null,null,1,{"$f":"ROUND(E20/$D$20,3)","v":0},{"$f":"F20/$D$20","v":3.7945949872308045E-2},{"$f":"G20/$D$20","v":4.8216200510767818E-2},0.3897297493615402,4.8216200510767818E-2,0.42767569923384829,4.8216200510767818E-2]
["Total Acumulado",null,null,{"$f":"D21","v":937529.99},{"$f":"E20","v":0},{"$f":"F21+E23","v":35575.466004325463},{"$f":"G21+F23","v":80779.599987023612},{"$f":"H21+G23","v":446162.9280086509},{"$f":"I21+H23","v":491367.06199134904},{"$f":"J21+I23","v":892325.85601730179},{"$f":"K21+J23","v":937529.99}]
["Total Acumulado (%)",null,null,1,{"$f":"E22","v":0},{"$f":"F22+E24","v":3.7945949872308045E-2},{"$f":"G22+F24","v":8.6162150383075869E-2},0.4758918997446161,0.5241081002553839,0.9517837994892322,{"$f":"K22+J24","v":1}]
[]
[null,null,null,{"$f":"TRUNC(SUM(D12,D16),2)","v":62501.98}]

{"sheet":"CRONOGRAMA 4","index":10,"n_rows":26,"n_cols":12,"rows_kept":26,"cut":false,"hidden":false,"merged":[[1,3,1,10],[2,3,2,10],[4,0,4,10],[6,0,8,10],[9,0,10,0],[9,1,10,1],[9,2,10,2],[9,3,10,3],[11,6,12,6],[11,7,12,7],[11,8,12,8],[11,9,12,9],[11,10,12,10],[13,8,14,8],[13,9,14,9],[13,10,14,10],[15,1,18,1],[15,2,18,2],[15,3,16,3],[15,4,16,4],[15,5,16,5],[15,6,16,6],[15,7,16,7],[13,3,14,3],[13,4,14,4],[13,5,14,5],[13,6,14,6],[13,7,14,7],[11,1,14,1],[23,0,23,2],[15,8,16,8],[15,9,16,9],[15,10,16,10],[17,3,18,3],[17,4,18,4],[17,5,18,5],[17,6,18,6],[17,7,18,7],[17,8,18,8],[17,9,18,9],[11,0,18,0],[11,2,14,2],[11,3,12,3],[11,4,12,4],[11,5,12,5],[17,10,18,10],[19,0,19,2],[20,0,20,2],[21,0,21,2],[22,0,22,2]]}
[]
[null,null,null,"Ministério do Desenvolvimento Regional - MDR"]
[null,null,null,"Companhia de Desenvolvimento dos Vales do São Francisco e do Parnaíba"]
[]
["CRONOGRAMA FÍSICO FINANCEIRO"]
[]
["OBJETO: FORNECIMENTO, TRANSPORTE, INSTALAÇÃO E HOMOLOGAÇÃO, POR SISTEMA DE REGISTRO DE PREÇOS (SRP), DE SISTEMAS DE GERAÇÃO DE ENERGIA SOLAR FOTOVOLTAICA ON-GRID, DESTINADOS A ATENDER MUNICÍPIOS DA ÁREA DE ATUAÇÃO DA 11ª SUPERINTENDÊNCIA REGIONAL DA CODEVASF NO ESTADO DO AMAPÁ"]
[]
[]
["GRUPO Nº","ITEM","DESCRIÇÃO","VALOR","DIAS","DIAS","DIAS","DIAS","DIAS","DIAS","DIAS"]
[{"$nulls":4},30,60,{"$f":"F11+30","v":90},120,150,180,210]
[4,7,{"$f":"RESUMO!C21","v":"SISTEMA DE GERAÇÃO FOTOVOLTAICA ON-GRID, COM ESTRUTURA PARA SOLO, COM POTÊNCIA MÍNIMA DE 18,0 KWP"},{"$f":"RESUMO!K21","v":60170.36},{"$f":"$D$12*E14","v":0},3008.518,0,27076.662,0,{"$f":"$D$12*J14","v":30085.18},0,{"$f":"SUM(E12:K13)","v":60170.36}]
[]
[null,null,null,{"$f":"SUM(E14:K14)","v":1},0,0.05,0,0.45,0,0.5,0]
[]
[null,8,{"$f":"RESUMO!C23","v":"SERVIÇOS COMPLEMENTARES AO SISTEMA DE GERAÇÃO DE 18,0 KWP"},{"$f":"RESUMO!K23","v":16795.54},{"$f":"$D$16*E18","v":0},{"$f":"$D$16*F18","v":0},3359.1080000000002,3359.1080000000002,3359.1080000000002,3359.1080000000002,3359.1080000000002,{"$f":"SUM(E16:K17)","v":16795.54}]
[]
[null,null,null,{"$f":"SUM(E18:K18)","v":1},0,0,0.2,0.2,0.2,0.2,0.2]
[]
["Desembolso Mensal Unitário (Com BDI)",null,null,{"$f":"D12+D16","v":76965.899999999994},{"$f":"TRUNC(E12+E16,3)","v":0},{"$f":"TRUNC(F12+F16,5)","v":3008.518},{"$f":"TRUNC(G12+G16,5)","v":3359.1080000000002},30435.77,3359.1080000000002,33444.288,3359.1080000000002,{"$f":"SUM(E20:K20)","v":76965.899999999994}]
["Desembolso Mensal Global (Com BDI)",null,null,{"$f":"RESUMO!O21","v":769659.17},{"$f":"TRUNC(E20*45,3)","v":0},{"$f":"$D$21*F22","v":30085.186645125439},{"$f":"$D$21*G22","v":33591.087419498246},304357.76722562721,33591.087419498246,334442.95387075265,33591.087419498246,{"$f":"TRUNC(SUM(F21:K21),5)","v":769659.17}]
["Total Mensal (%)",null,null,1,{"$f":"ROUND(E20/$D$20,3)","v":0},{"$f":"F20/$D$20","v":3.908897316863702E-2},{"$f":"G20/$D$20","v":4.3644107325451924E-2},0.39544486584318511,4.3644107325451924E-2,0.43453383901182213,4.3644107325451924E-2]
["Total Acumulado",null,null,{"$f":"D21","v":769659.17},{"$f":"E20","v":0},{"$f":"F21+E23","v":30085.186645125439},{"$f":"G21+F23","v":63676.274064623685},{"$f":"H21+G23","v":368034.0412902509},{"$f":"I21+H23","v":401625.12870974914},{"$f":"J21+I23","v":736068.0825805018},{"$f":"K21+J23","v":769659.17}]
["Total Acumulado (%)",null,null,1,{"$f":"E22","v":0},{"$f":"F22+E24","v":3.908897316863702E-2},{"$f":"G22+F24","v":8.2733080494088951E-2},0.47817794633727406,0.52182205366272594,0.95635589267454812,{"$f":"K22+J24","v":1}]
[]
[null,null,null,{"$f":"TRUNC(SUM(D12,D16),2)","v":76965.899999999994}]